{"text_format":"3","workbook":"xlsx","n_sheets":38,"sheets":["COVER","SPE","A.M","input data","Abstract","MAIN","SUB-1","SUB-2","SUB-3","SUB-4","sub-5","sub-6","seigneorage","lead 2025-26","data 2025-26","CD WORK DATA","field notes","Data Road safety","CS","CR","R-1","R-2","C-1","CC f -2","ccbc  (2)","seigneorage (2)","CERTI ","RE-DE","voucer part","1","2","3","M-1 ","M-2","work list","CON 2025-26","CC f","ccbc "],"not_rendered":{"images":1,"external_links":4,"defined_names":697},"read":"whole","date_system":"1900"}

{"sheet":"COVER","index":0,"n_rows":54,"n_cols":11,"rows_kept":54,"merged":[[0,0,1,10],[2,0,2,10],[3,0,52,0],[3,10,52,10],[24,2,24,8],[27,1,27,9],[31,1,31,9],[32,1,32,9],[33,1,33,4],[33,5,33,9],[35,2,35,4],[35,6,35,9],[39,2,39,4],[39,6,39,7],[42,2,42,4],[42,6,42,7],[45,2,45,4],[45,6,45,8],[47,2,47,4],[47,6,47,8],[49,2,49,4],[49,6,49,8],[51,2,51,4],[51,6,51,8],[53,0,53,10]]}
[]
[]
["llllllllllllllllllllllllllllllllllllllllllllllllllll"]
["llllllllllllllllllllllllllllllllllllllllllllllllllllllllllllllllllllllllllllllllllllllllllllllllllllllllllllllllll",{"$nulls":9},"llllllllllllllllllllllllllllllllllllllllllllllllllllllllllllllllllllllllllllllllllllllllllllllllllllllllllllllllllllllllllllllllllllllllllllll"]
{"$rows_empty":20}
[null,null,"PANCHAYATI RAJ ENGINEERING DEPARTMENT"]
[]
[]
[null,"DETAILED ESTIMATE CUM ABSTRACT"]
[]
[]
[]
[null,"Grant: FOR ADMINISTRATIVE SANCTION"]
[]
[]
[]
[null,null,"NAME OF THE WORK: ",null,null,":",{"$f":"'lead 2025-26'!C3","v":"Providing BT Surface to the road from Inimerla SC colony to National Highway at Nuchupoda in Inimerla GP of Pamuru Mandal."}]
[]
[]
[]
[null,null,"ESTIMATE COST",null,null,":",{"$f":"'lead 2025-26'!K4","v":"140.00 Lakhs"}]
[]
[]
[null,null,"NAME OF THE MANDAL",null,null,":",{"$f":"'lead 2025-26'!J39","v":"Pamuru"}]
[{"$nulls":8}," "]
[]
[null,null,"NAME OF SUB. DIVISION",null,null,":","KANIGIRI"]
[]
[null,null,"NAME OF THE DIVISION",null,null,":","KANDUKUR"]
[]
[null,null,"NAME OF THE CIRCLE",null,null,":","ONGOLE"]
[]
[]
[]
["llllllllllllllllllllllllllllllllllllllllllllllllllllllllllllllllllllllllllllllllll"]

{"sheet":"SPE","index":1,"n_rows":29,"n_cols":8,"rows_kept":29,"merged":[[0,0,0,8],[2,0,2,8],[3,0,3,8],[4,5,4,6],[6,0,6,8],[7,0,7,8],[8,1,8,8],[9,1,9,8],[10,1,10,8],[11,1,11,8],[12,1,12,8],[13,1,13,8],[14,1,14,8],[15,1,15,8],[16,1,16,8],[17,1,17,8],[18,1,18,8],[19,1,19,8],[20,1,20,8],[21,0,21,8],[22,0,22,8]]}
["SPECIFICATION REPORT"]
[]
["                             Specification Report to accompany the  estimate for the work \""]
[{"$f":"'lead 2025-26'!C3","v":"Providing BT Surface to the road from Inimerla SC colony to National Highway at Nuchupoda in Inimerla GP of Pamuru Mandal."}]
[{"$nulls":5},"Estt. Rs.",null,{"$f":"'lead 2025-26'!K4","v":"140.00 Lakhs"}]
[]
["                              It is proposed to provide base layer with Granular sub base with 100mm thick and Wet mix mecadam 150mm thick compacted successively. It is proposed to provide shoulders of 100mm thick compacted using selected earth extending the full width of 1.00 Mts on either side of the carriage way, single coat surface dressing is proposed in place of prime coat to protect the WBM surface from damage due to traffic. Black topping is proposed with 25mm thick  semi dense bituminous concrete  as per code"]
["                               Hence the estimate is prepared with upto BT standards with following provisions. "]
[1,"Unskilled Labour Charges for Earthwork excavation"]
[2,"Clearing and grubbing road land "]
[3,"Construction of embankment with approved material"]
[4,"Scarifyting the existing Granular sub base"]
[5,"Construction of Subgrade with selected earth"]
[6,"Construction of Granular Sub base "]
[7,"Construction of Wet Mix Mecadam"]
[8,"Providing Primary coat with Emusion SS-1"]
[9,"Providing Tak coat with Emusion RS-1"]
[10,"Providing and laying bituminous macadam with 40-60 TPH"]
[11,"Providing and laying semi dense bituminous concrete "]
[12,"Construction of selected earth shoulders"]
[13,"Construction of Culverts"]
["                             Necessary provisions are shown for Q.C Charges @ 0.50% , GST charges @ 18%, and seigneorage charges are also shown in the estimate."]
["                            The estimate is prepared as per the current schedule of rates for the year  2025-26 and the work will be executed as per APSS."]
[]
[]
[]
[{"$nulls":4},{"$f":"'lead 2025-26'!$G$37","v":"Deputy Executive Engineer"},null,null,{"$f":"'lead 2025-26'!J37","v":"Assistant   Engineer"}]
[{"$nulls":4},{"$f":"'lead 2025-26'!$G$38","v":"PRI Sub Division: Kanigiri"},null,null,{"$f":"'lead 2025-26'!J38","v":"Mandal Praja Parishad"}]
[{"$nulls":7},{"$f":"'lead 2025-26'!J39","v":"Pamuru"}]

{"sheet":"A.M","index":2,"n_rows":54,"n_cols":9,"rows_kept":54,"hidden":true,"merged":[[0,0,0,7],[1,0,1,7],[2,5,2,6],[3,0,4,0],[3,1,4,1],[3,2,4,2],[3,3,4,4],[3,5,4,5],[3,6,4,6],[3,7,4,7],[5,3,5,4]]}
["ACTIVITY MASTER"]
[{"$f":"'lead 2025-26'!B3&'lead 2025-26'!C3","v":"Name of the work : Providing BT Surface to the road from Inimerla SC colony to National Highway at Nuchupoda in Inimerla GP of Pamuru Mandal."}]
[{"$nulls":5},"Est.Rs.",null,{"$f":"'lead 2025-26'!K4","v":"140.00 Lakhs"}]
["Sl. No","Material Task No.","Description of Item","Quantity",null,"Rate","Per","Amount  Rs."]
[]
[1,2,3,4,null,5,6,7]
[null,null,"Wage Component",{"$nulls":4},{"$f":"0.000001","v":{"v":1e-06,"d":"0.00"}}]
[{"$f":"IF(B8<>\"\",SUBTOTAL(103,$B8:B$8),\"\")","v":1},"ACT0011","Unskilled Labour Charges for Earthwork excavation by manual means exceeding 1.5 m in width taking out the excavated soil and disposal as directed by engineer in charge in Ordinary soil, with an Initial Lead up to 10 m and lift up to 1.5 m",{"$f":"MAIN!I10","v":{"v":0,"d":"0.00"}},"Cum",{"$f":"MAIN!K10","v":144.26},"1Cum",{"$f":"ROUND(D8*F8/1,0)","v":{"v":0,"d":"0.00"}}]
[{"$f":"IF(B9<>\"\",SUBTOTAL(103,$B$8:B9),\"\")","v":1},"ACT0616","Unskilled labour for Curing of CC Pavament",{"$f":"'SUB-1'!I59","v":{"v":0,"d":"0.00"}},"Cum",{"$f":"'SUB-1'!K59","v":{"v":150,"d":"150.00"}},"1Cum",{"$f":"ROUND(D9*F9/1,0)","v":{"v":0,"d":"0.00"}}]
[null,null,"Material Component",{"$nulls":4},{"$f":"0.000001","v":{"v":1e-06,"d":"0.00"}}]
[{"$f":"IF(B11<>\"\",SUBTOTAL(103,$B$8:B11),\"\")","v":2},"ACT0009","Clearing and grubbing road land including uprooting wild vegetation, grass, bushes, shrubs, saplings and trees of girth up to 300 mm, removal of stumps of such trees cut earlier and disposal of unserviceable materials and stacking of serviceable material to be used or auctioned, up to a lead of 1000 m including removal and disposal of top organic soil not exceeding 150 mm in thickness (in area of non thorny /light jungle) as per Technical Specification Clause 201 MORD.",{"$f":"MAIN!I17","v":{"v":4032,"d":"4032.00"}},"Sqm",{"$f":"MAIN!K17","v":2.25},"1Sqm",{"$f":"ROUND(D11*F11/1,0)","v":{"v":9072,"d":"9072.00"}}]
[{"$f":"IF(B12<>\"\",SUBTOTAL(103,$B$8:B12),\"\")","v":3},"ACT0011","Earthwork in excavation for structures as per drawing and technical specifications Clause 305.1 including setting out, construction of shoring and bracing, removal of stumps and other deleterious material and disposal upto a lead of 50 m, dressing of sides and bottom and backfilling in trenches with excavated suitable material as per Technical Specification 305 MORD / 304 MORTH",{"$f":"'SUB-1'!I19+'SUB-2'!I15+'SUB-3'!I12+'SUB-4'!I12+'sub-5'!I11","v":78.24},"Cum",{"$f":"'SUB-1'!K19","v":126.69},"1Cum",{"$f":"ROUND(D12*F12/1,0)","v":{"v":9912,"d":"9912.00"}}]
[{"$f":"IF(B13<>\"\",SUBTOTAL(103,$B$8:B13),\"\")","v":4},"ACT0026","Providing concrete for plain concrete M10 Grade in open foundations using 40 mm nominal size Graded hard stone aggregate, mechanically mixed, placed in foundation and compacted by vibration including curing for 14 days complete as per drawings and technical specifications Clause 802, 803, 1202 & 1203 MORD and 1500, 1700 & 2100 MORTH",{"$f":"'SUB-1'!I26+'SUB-2'!I27+'SUB-3'!I22+'SUB-4'!I22+'sub-5'!I18","v":17.53},"Cum",{"$f":"'SUB-1'!K26","v":5600.99},"1Cum",{"$f":"ROUND(D13*F13/1,0)","v":{"v":98185,"d":"98185.00"}}]
[{"$f":"IF(B14<>\"\",SUBTOTAL(103,$B$8:B14),\"\")","v":5},"ACT0024","Plain cement concrete M 15 grade  using 40,20 & 12mm metal mechanically mixed in Substructures complete as per drawings and technical specification Clauses 802, 804, 805, 806, 807, 1202 and 1204 MORD and 1500, 1700 & 2200 MORTH. ",{"$f":"'SUB-1'!I37+'SUB-2'!I44+'SUB-3'!I32+'SUB-4'!I32","v":{"v":41.489999999999995,"d":"41.49"}},"Cum",{"$f":"'SUB-1'!K37","v":{"v":5954.5599999999995,"d":"5954.56"}},"1Cum",{"v":247055,"d":"247055.00"}]
[{"$f":"IF(B15<>\"\",SUBTOTAL(103,$B$8:B15),\"\")","v":6},"ACT0193","Construction of embankment with approved material obtained from borrow pits with all lifts, transporting to site, spreading, grading to required slope and compacting to meet requirement of Tables 300.1 and 300.2 with a lead upto 1000 m as per Technical Specification Clause 301.5 MORD / 305 MORTH",{"$f":"MAIN!I25","v":{"v":3360,"d":"3360.00"}},"Cum",{"$f":"MAIN!K25","v":236.56},"1Cum",{"$f":"ROUND(D15*F15/1,0)","v":{"v":794842,"d":"794842.00"}}]
[{"$f":"IF(B16<>\"\",SUBTOTAL(103,$B$8:B16),\"\")","v":7},"ACT0217","Dismantling of cement concrete pavements by mechanical means using pneumatic tools breaking to pieces not exceeding 0.02 cum in volume and stock piling at designated locations and disposal of dismantled materials upto a lead of 1000 m, stacking serviceable and unserviceable materials separately.",{"$f":"MAIN!I29+'SUB-1'!I10","v":{"v":0,"d":"0.00"}},"Cum",{"$f":"MAIN!K29","v":{"v":1526.0100000000002,"d":"1526.01"}},"1Cum",{"$f":"ROUND(D16*F16/1,0)","v":{"v":0,"d":"0.00"}}]
[{"$f":"IF(B17<>\"\",SUBTOTAL(103,$B$8:B17),\"\")","v":8},"ACT0504","Dismantling of existing structures  comprising of stone masonry, including disposal of unserviceable material and stacking the serviceable material with all lifts and lead of 1000 m as per Technical Specification Clause 202 MORD / MORTH",{"$f":"'SUB-1'!I14","v":{"v":0,"d":"0.00"}},"Cum",{"$f":"'SUB-1'!K14","v":500.62},"1Cum",{"$f":"ROUND(D17*F17/1,0)","v":{"v":0,"d":"0.00"}}]
[{"$f":"IF(B18<>\"\",SUBTOTAL(103,$B$8:B18),\"\")","v":8},"ACT0231","Providing and laying reinforced cement concrete M20 grade  using 20 & 12mm metal mechanically mixed in superstructure as per  drawing and technical specification Clauses 800, 1205.4 and 1205.4 MORD / sections 1500, 1600 & 1700 MORTH for deck slab",null,"Cum",null,"1Cum",{"$f":"ROUND(D18*F18/1,0)","v":{"v":0,"d":"0.00"}}]
[{"$f":"IF(B19<>\"\",SUBTOTAL(103,$B$8:B19),\"\")","v":8},"ACT0492","Providing  RCC M-25 grade cement concrete using  using 20 mm to 12 mm Graded HBG crushed Metal ( 66% of 20 mm and 34% of 12mm )s from approved source including cost of all ,materials, machinery, labour, formwork,  scaffolding,placing in position, levelling, vibrating, finishing, curing etc., complete with initial lead upto 50 m and all lifts. for Guide Posts",{"$f":"'SUB-1'!I42+'SUB-2'!I48+'SUB-3'!I36+'SUB-4'!I36","v":{"v":0,"d":"0.00"}},"Cum",{"$f":"'SUB-1'!K42","v":{"v":7542,"d":"7542.00"}},"1Cum",{"v":0,"d":"0.00"}]
[{"$f":"IF(B20<>\"\",SUBTOTAL(103,$B$8:B20),\"\")","v":8},"ACT0493","Supplying, fitting and placing HYSD bar reinforcement in foundation complete as per drawings and technical specifications Clauses 1000 and 1202  MORD & 1100, 1600 MORTH for Bars below 36 mm dia including over laps and wastage, where they are not welded",{"$f":"'SUB-1'!I46+'SUB-2'!I52+'SUB-3'!I40+'SUB-4'!I40","v":{"v":0,"d":"0.00"}},"MT",{"$f":"'SUB-1'!K46","v":86540.55},"1MT",{"$f":"ROUND(D20*F20/1,0)","v":{"v":0,"d":"0.00"}}]
[{"$f":"IF(B21<>\"\",SUBTOTAL(103,$B$8:B21),\"\")","v":8},"ACT0446","Providing and laying reinforced cement concrete pipe 600 NP3 for culverts on first class bedding of granular  material but excluding excavation, protection works, backfilling, concrete and masonry works in head wall and parapets. Tech Specification Clause 1106 MORD.",{"$f":"'sub-5'!I22","v":{"v":0,"d":"0.00"}},"Rm",{"$f":"'sub-5'!K22","v":3804.82},"1Rm",{"v":0,"d":"0.00"}]
[{"$f":"IF(B22<>\"\",SUBTOTAL(103,$B$8:B22),\"\")","v":9},"ACT0486","Providing and laying reinforced cement concrete pipe 1000 NP3 for culverts on first class bedding of granular  material but excluding excavation, protection works, backfilling, concrete and masonry works in head wall and parapets. Tech Specification Clause 1106 MORD.",{"$f":"'SUB-1'!I30+'SUB-2'!I32+'SUB-3'!I26+'SUB-4'!I26","v":{"v":22.5,"d":"22.50"}},"Rm",{"$f":"'SUB-1'!K30","v":9006.27},"1Rm",{"$f":"ROUND(D22*F22/1,0)","v":{"v":202641,"d":"202641.00"}}]
[{"$f":"IF(B23<>\"\",SUBTOTAL(103,$B$8:B23),\"\")","v":9},"ACT0594","Brick Masonary for Superstructure with CM (1:6) proportion using 2nd class traditional bricks of size 23X11X7 cms having minimum crushing strength of 40kg/cm2  including c/c of all materials like Cement, Sand, Bricks, water etc including seigniorage, sales and other taxes on all marerilas including all operational, incidental and labour charges such as mixing cement mortar , Scaffolding charges, etc complete for finished item of work (APSS No 501 & 504).",null,"Cum",null,"1Cum",{"$f":"ROUND(D23*F23/1,0)","v":{"v":0,"d":"0.00"}}]
[{"$f":"IF(B24<>\"\",SUBTOTAL(103,$B$8:B24),\"\")","v":9},"ACT0061","Plastering with CM (1:5), 12 mm thick including Cost and Conveyance  of all materials and labour charges etc., complete",null,"Sqm",null,"1Sqm",{"$f":"ROUND(D24*F24/1,0)","v":{"v":0,"d":"0.00"}}]
[{"$f":"IF(B25<>\"\",SUBTOTAL(103,$B$8:B25),\"\")","v":9},"ACT0409","Filling with selected earth in trenches, sides of foundations & basement by watering and ramming including all operational, incidental, labour charges, hire charges of T&P etc complete including cost and conveyance of material and labour charges etc complete for finished item of the work (APSS No 309& 310) per 1 Cum",{"$f":"'SUB-1'!I50+'SUB-2'!I57+'SUB-3'!I45+'SUB-4'!I45","v":{"v":40.7,"d":"40.70"}},"Cum",{"$f":"'SUB-1'!K50","v":279.78},"1Cum",{"v":11387,"d":"11387.00"}]
[{"$f":"IF(B26<>\"\",SUBTOTAL(103,$B$8:B26),\"\")","v":10},"ACT0494","Scarifying existing granular surface to a depth of 50 mm and disposal of scarified material with a lift upto 3 m and leads upto 1000 m as per Technical Specification Clause 301.4. MORD",{"$f":"MAIN!I33","v":{"v":6720,"d":"6720.00"}},"Sqm",{"$f":"MAIN!K33","v":38.49},"1Sqm",{"$f":"ROUND(D26*F26/1,0)","v":{"v":258653,"d":"258653.00"}},{"$f":"I50","v":{"v":0,"d":"0.00"}}]
[{"$f":"IF(B27<>\"\",SUBTOTAL(103,$B$8:B27),\"\")","v":11},"ACT0181","Construction of Granular Sub Base using well graded material, spreading in uniform layers with tractor  mounted grader on prepared surface , mixing by mix in place  method with   rotovator at OMC and compacting  with Smooth wheel roller  to achive the desired  density , Complete as per technical speficaction clause 401 of MORD",{"$f":"MAIN!I47","v":{"v":672,"d":"672.00"}},{"$f":"MAIN!J47","v":"Cum"},{"$f":"MAIN!K47","v":2928.41},{"$f":"MAIN!L47","v":"1Cum"},{"v":1967892,"d":"1967892.00"}]
[{"$f":"IF(B28<>\"\",SUBTOTAL(103,$B$8:B28),\"\")","v":12},"ACT0182","Providing, laying, spreading and compacting graded stone aggregate to wet mix macadam specification including premixing the  material with water at OMC in mechanical mixer (Pug Mill), carriage of mixed material by tipper to site, laying  in uniform layers in sub-base/base course on a well prepared sub-base and compacting with smooth  wheel roller of 80 to 100kN / Vibratory Roller 80-100 kN weight to achieve the desired density including lighting, barricading and maintenance of diversion, etc as per Tables 400.11 & 400.12 and Technical Specification Clause 406 MORD / MORTH. ",{"$f":"MAIN!I51","v":{"v":945,"d":"945.00"}},{"$f":"MAIN!J51","v":"Cum"},{"$f":"MAIN!K51","v":3982.34},{"$f":"MAIN!L51","v":"1Cum"},{"$f":"ROUND(D28*F28/1,0)","v":{"v":3763311,"d":"3763311.00"}}]
[{"$f":"IF(B29<>\"\",SUBTOTAL(103,$B$8:B29),\"\")","v":13},"ACT0183","Providing and applying primer coat with bitumen emulsion (SS-1) on prepared surface of granular base including cleaning of road surface and spraying primer at the rate of 0.70-1.0 kg/sqm using mechanical means as per Technical Specification Clause 502 MORD (for use on Wet mix macadam & WBM)",{"$f":"MAIN!I55","v":{"v":6300,"d":"6300.00"}},{"$f":"MAIN!J55","v":"Sqm"},{"$f":"MAIN!K55","v":42.54},{"$f":"MAIN!L55","v":"1Sqm"},{"$f":"ROUND(D29*F29/1,0)","v":{"v":268002,"d":"268002.00"}}]
[{"$f":"IF(B30<>\"\",SUBTOTAL(103,$B$8:B30),\"\")","v":14},"ACT0184","Providing and applying tack coat with Bitumen emulsion (RS-1)  using emulsion  distributor at the rate of 0.25 to 0.30 kg per sqm on the prepared granular surfaces treated with primer & cleaned with Hydraulic broom as per Technical Specification Clause 503 MORD,",{"$f":"MAIN!I59","v":{"v":6300,"d":"6300.00"}},{"$f":"MAIN!J59","v":"Sqm"},{"$f":"MAIN!K59","v":16.24},{"$f":"MAIN!L59","v":"1Sqm"},{"$f":"ROUND(D30*F30/1,0)","v":{"v":102312,"d":"102312.00"}}]
[{"$f":"IF(B31<>\"\",SUBTOTAL(103,$B$8:B31),\"\")","v":""},null,"Providing and laying bituminous macadam with 40-60 TPH hot mix plant using crushed aggregates of  grading as per Table 500.4 premixed with bituminous binder, transported to site upto a lead of 1000 m laid over a previously prepared surface with paver finisher to the required grade, level and alignment and rolled to achieved the desired compaction as per Technical Specification Clause 504 MORD (using vibratory Roller 80-100 KN for intermediate rolling and 3 wheel roller 80-100 KN for initial and final rolling).",{"$f":"MAIN!I69","v":{"v":0,"d":"0.00"}},"Cum",{"$f":"MAIN!K69","v":10500.24},"1Cum",{"v":0,"d":"0.00"}]
[{"$f":"IF(B32<>\"\",SUBTOTAL(103,$B$8:B32),\"\")","v":15},"ACT0184","Providing and laying semi dense bituminous concrete with 40-60 TPH batch type HMP producing an average output of 37.5 tonnes per hour using crushed aggregates of specified grading, premixed with bituminous binder @ 4.5 to 5  per cent  of mix and filler, transporting the hot mix to work site, laying with a hydrostatic paver finisher with sensor control to the required grade, level and alignment, rolling with smooth wheeled, vibratory and tandem rollers to achieve the desired compaction as per MoRTH specification clause No. 508 complete in all respects",{"$f":"MAIN!I73","v":{"v":157.5,"d":"157.50"}},{"$f":"MAIN!J73","v":"Cum"},{"$f":"MAIN!K73","v":11856.57},{"$f":"MAIN!L73","v":"1Cum"},{"$f":"ROUND(D32*F32/1,0)","v":{"v":1867410,"d":"1867410.00"}}]
[{"$f":"IF(B33<>\"\",SUBTOTAL(103,$B$8:B33),\"\")","v":16},"ACT0186","Construction of improved shoulders by provided selected earth having minimum CBR of 10% MD not less than 1.85 G/CC with LL & PI not more than 40% and 20 respectively and spreading in uniform layers with tractor grader on prepared surface and compacted at OMC with vibratory roller 80-100 KN to meet requirement of table 00.2 with as per technical specification clause 303 MORD, 305 MORTH by using machinery",{"$f":"MAIN!I77+MAIN!I43","v":{"v":907.2,"d":"907.20"}},{"$f":"MAIN!J77","v":"Cum"},{"$f":"MAIN!K77","v":384.05},{"$f":"MAIN!L77","v":"1Cum"},{"v":348410,"d":"348410.00"}]
[{"$f":"IF(B34<>\"\",SUBTOTAL(103,$B$8:B34),\"\")","v":17},"ACT0407","Plain cement concrete for CC  pavement, thickness as per design, over a prepared sub base, with 43 grade cement or any other type as per Clause 1501.2.2 M20 (Grade), coarse and fine aggregates conforming to IS : 383, maximum in a concrete mixer of not less than 0.2 cum capacity and appropeiate weigh batcher using approved mix design, laid in approved fixed side formwork (steel channel, laying and fixing of 125 mictron thick polythene film, wedges, steel plates including levelling the formwork as per drawing), spreading the concrete with sholvels, rakes, compacted using needle, scareed and plate vibrators and finished in continuous operation including provision of contraction and expansion, construction joints, applying debonding strips, primer, sealant, dowel bars, near approaches to bridge / culvert and construction joints, admixtures as approved, curing of concrete slabs for 28- days, curing compound (where specified) and water finishing to lines and grade as per drawing  and Technical Specification Clause 1501 MORD",{"$f":"'SUB-1'!I55+'SUB-2'!I61+'SUB-3'!I49+'SUB-4'!I49+MAIN!I81","v":{"v":0,"d":"0.00"}},"Cum",{"$f":"'SUB-1'!K55","v":7873.37},"1Cum",{"v":0,"d":"0.00"}]
[{"$f":"IF(B35<>\"\",SUBTOTAL(103,$B$8:B35),\"\")","v":17},"ACT0409","Collection and supply of Selected earth for shoulders including cost and conveyance of all materials and stacking at site to dept gauge",null,"Cum",null,"1Cum",{"v":0,"d":"0.00"}]
[{"$f":"IF(B36<>\"\",SUBTOTAL(103,$B$8:B36),\"\")","v":18},"ACT0196","Providing and construction of name board of specified size with brick masonary including painting and required  lettering etc complete.",{"v":1,"d":"1.00"},"No",{"$f":"Abstract!M19","v":{"v":0,"d":"0.00"}},"1Cum",{"v":0,"d":"0.00"}]
[{"$f":"IF(B37<>\"\",SUBTOTAL(103,$B$8:B37),\"\")","v":19},"ACT0194","Supply and fixing of KM Stones including painting and required  lettering.",{"$f":"'sub-6'!I11","v":{"v":3,"d":"3.00"}},"No",{"$f":"'sub-6'!K11","v":3148.81},"No",{"v":9446,"d":"9446.00"}]
[{"$f":"IF(B38<>\"\",SUBTOTAL(103,$B$8:B38),\"\")","v":20},"ACT0195","Supply and fixing of HM Stones including painting and required  lettering.",{"$f":"'sub-6'!I15","v":{"v":7,"d":"7.00"}},"No",{"$f":"'sub-6'!K15","v":883.73},"No",{"v":6186,"d":"6186.00"}]
[{"$f":"IF(B39<>\"\",SUBTOTAL(103,$B$8:B39),\"\")","v":20},"ACT0485","S&F of retro-reflective cautionary, mandatory & informatory sign as per IRC:67 made of encapsulated lens type reflective sheeting vide clause 1701.2.3 MORD fixed over aluminium sheeting 1.5mm thick supported on a mild steel iron post 75x75x6 mm firmly fixed to the ground by means of properly designed foundation with M20 cement concrete 450x450x600mm,600 mm below ground level as per drawings and technical spec. clause 1701 MORD Cautionary warning signs Equilateral traiangle of size 600 mm ",{"$f":"'sub-6'!I19","v":{"v":0,"d":"0.00"}},"No",{"$f":"'sub-6'!K19","v":{"v":2623.842,"d":"2623.84"}},"No",{"v":0,"d":"0.00"}]
[{"$f":"IF(B40<>\"\",SUBTOTAL(103,$B$8:B40),\"\")","v":20},"ACT0481","S/&F Direction&Place identi. retrorefl. sign boards as per as per IRC67 made of 2mm thick MS sheet duly stove enameled paint white colour in front&grey colour on back with refl.border of 70mm width&required message let.&fig. with refl. tape engg. grade as per clause 1701 of req. shade&colour supported&welded on two nos.47X47X12mm SWG sheet tube of 3050mm ht.strengthened by 25x5mm MS flat on edges on back fixed to ground fn. in M-20 CC 450X600X600mm below G.L Main info. Board of size 1500 x1200",{"$f":"'sub-6'!I23","v":{"v":0,"d":"0.00"}},"No",{"$f":"'sub-6'!K23","v":2222.59},"No",{"v":0,"d":"0.00"}]
[{"$f":"IF(B41<>\"\",SUBTOTAL(103,$B$8:B41),\"\")","v":20},"ACT0482","S/&F Direction&Place identi.semi reflective Village boards as per as per IRC67 made of 2mm thick MS sheet duly stove enameled paint white colour in front&grey colour on back with refl.border of 70mm width&required message let.&fig. with refl. tape engg. grade as per clause 1701 of req. shade&colour supported&welded on two nos.47X47X12mm SWG sheet tube of 3050mm ht.strengthened by 25x5mm MS flat on edges on back fixed to ground fn. in M-20 CC 450X600X600mm below GL vill. board of size 900X600 mm ",{"$f":"'sub-6'!I27","v":{"v":0,"d":"0.00"}},"No",{"$f":"'sub-6'!K27","v":{"v":2222.6556666666665,"d":"2222.66"}},"No",{"v":0,"d":"0.00"}]
[{"$f":"IF(B42<>\"\",SUBTOTAL(103,$B$8:B42),\"\")","v":21},"ACT0483","Pavement markings with hot line applied Thermo plastic compound 2.5mm thick incl. refl. glass beads at 250 gms/sqm, thickness of 2.5mm is exclusive of surface applied glass beads for providing centerline marking 300 cms length and 10cm width with a gap of 450 cms including C&C of all mat.  equip.&labour with all leads&lifts loading&unloading charges confirming to IS 164-1981 (1st revison reaffirmed in 1986)&clause 803 of MOST spec. for R&Bworks and also confirming to IRC 35-1997.Road marking",{"$f":"'sub-6'!I31","v":{"v":336,"d":"336.00"}},"Sqm",{"$f":"'sub-6'!K31","v":636.24},"1Sqm",{"v":213777,"d":"213777.00"}]
[{"$f":"IF(B43<>\"\",SUBTOTAL(103,$B$8:B43),\"\")","v":22},"ACT0212","Provision for Seigneorage charges ",{"$nulls":4},{"$f":"Abstract!M15","v":{"v":960158,"d":"960158.00"}}]
[{"$f":"IF(B44<>\"\",SUBTOTAL(103,$B$8:B44),\"\")","v":23},"ACT0211","Provision QC charges @ 0.50%",{"$nulls":4},{"$f":"Abstract!M17","v":{"v":50892,"d":"50892.00"}}]
[{"$f":"IF(B45<>\"\",SUBTOTAL(103,$B$8:B45),\"\")","v":24},"ACT0210","Provision for work wise file",{"$nulls":4},{"$f":"Abstract!M20","v":{"v":0,"d":"0.00"}}]
[{"$f":"IF(B46<>\"\",SUBTOTAL(103,$B$8:B46),\"\")","v":25},"ACT0214","Provision GST charges",{"$nulls":4},{"$f":"Abstract!M18","v":{"v":2004957,"d":"2004957.00"}}]
[{"$f":"IF(B47<>\"\",SUBTOTAL(103,$B$8:B47),\"\")","v":26},"ACT0216","Provision towards unforeseen items of work",{"$nulls":4},{"$f":"Abstract!M21","v":{"v":805500,"d":"805500.00"}}]
[null,null,"Total",{"$nulls":4},{"$f":"SUM(H7:H47)+1","v":{"v":14000001.000002,"d":"14000001.00"}}]
[]
[]
[]
[null,null,{"$f":"'lead 2025-26'!G37","v":"Deputy Executive Engineer"},{"$nulls":3},{"$f":"'lead 2025-26'!J37","v":"Assistant   Engineer"}]
[null,null,{"$f":"'lead 2025-26'!G38","v":"PRI Sub Division: Kanigiri"},{"$nulls":3},{"$f":"'lead 2025-26'!J38","v":"Mandal Praja Parishad"}]
[{"$nulls":6},{"$f":"'lead 2025-26'!J39","v":"Pamuru"}]

{"sheet":"input data","index":3,"n_rows":35,"n_cols":9,"rows_kept":35,"hidden":true,"merged":[[1,0,1,6],[2,0,2,6],[28,0,28,2]]}
[]
["NIC MATERIAL MASTER"]
[{"$f":"'lead 2025-26'!B3&'lead 2025-26'!C3","v":"Name of the work : Providing BT Surface to the road from Inimerla SC colony to National Highway at Nuchupoda in Inimerla GP of Pamuru Mandal."},{"$nulls":7},18]
[null,"Name of the District:",":","Prakasam",{"$nulls":4},229]
[null,"Name of the Constituency",":","Kanigiri",{"$nulls":4},{"$f":"MAIN!#REF!","v":{"$error":"#REF!"}}]
[null,"Name of the Mandal",":","P.C.Palli"]
[null,"Name of the GP / Habitation",":","Vengalayapalli"]
[{"$nulls":4},"Es.Rs.",{"$f":"'lead 2025-26'!K4","v":"140.00 Lakhs"}]
["S No","Task Name","Unit","Task Code","Qty","Rate per Unit in Rs","Amount in Rs"]
[1,"Cost of Cement (OPC-53)","MT","MAT-0001 ",{"$f":"seigneorage!O77","v":15.27},{"$f":"'lead 2025-26'!K26","v":{"v":4218.8,"d":"4218.80"}},{"$f":"ROUND(E10*F10,0)","v":{"v":64421,"d":"64421.00"}}]
[2,"Cost of Sand for Concrete","cum","MAT -0010",{"$f":"seigneorage!I77","v":{"v":27.810000000000002,"d":"27.81"}},{"$f":"'lead 2025-26'!H9","v":{"v":0,"d":"0.00"}},{"$f":"ROUND(E11*F11,0)","v":{"v":0,"d":"0.00"}}]
[2,"Cost of 40 mm HBG Metal ","cum","MAT-0013",{"$f":"seigneorage!K77","v":{"v":35.7,"d":"35.70"}},{"$f":"'lead 2025-26'!H16+'lead 2025-26'!I16+'lead 2025-26'!J16","v":{"v":1032.5,"d":"1032.50"}},{"$f":"ROUND(E12*F12,0)","v":{"v":36860,"d":"36860.00"}}]
[3,"Cost of 20 mm HBG Metal ","cum","MAT-0014 ",{"$f":"seigneorage!L77","v":9.96},{"$f":"'lead 2025-26'!H12+'lead 2025-26'!I12+'lead 2025-26'!J12","v":1676.25},{"$f":"ROUND(E13*F13,0)","v":{"v":16695,"d":"16695.00"}}]
[4,"Cost of 12 mm HBG Metal ","cum","MAT -0015",{"$f":"seigneorage!M77","v":3.32},{"$f":"'lead 2025-26'!H13+'lead 2025-26'!I13+'lead 2025-26'!J13","v":{"v":1350,"d":"1350.00"}},{"$f":"ROUND(E14*F14,0)","v":{"v":4482,"d":"4482.00"}}]
[5,"Granular Material","cum","MAT-0030 ",{"$f":"A.M!D27","v":{"v":672,"d":"672.00"}},{"$f":"A.M!F27","v":2928.41},{"$f":"ROUND(E15*F15,0)","v":{"v":1967892,"d":"1967892.00"}}]
[6,"Cost of Selected earth","cum","MAT-0039",{"$f":"MAIN!I77","v":{"v":907.2,"d":"907.20"}},{"$f":"MAIN!K77","v":384.05},{"$f":"ROUND(E16*F16,0)","v":{"v":348410,"d":"348410.00"}}]
[7,"Cost and supply of NP3 pipes 1000mm","cum","MAT-0052",{"$f":"A.M!D22","v":{"v":22.5,"d":"22.50"}},{"$f":"A.M!F22","v":9006.27},{"$f":"ROUND(E17*F17,0)","v":{"v":202641,"d":"202641.00"}}]
[8,"Cost and supply of NP3 pipes 600mm","cum",null,{"$f":"A.M!D21","v":{"v":0,"d":"0.00"}},{"$f":"A.M!F21","v":3804.82},{"$f":"ROUND(E18*F18,0)","v":{"v":0,"d":"0.00"}}]
[8,"Conveyance charges for Sand","cum","MAT-0060",{"$f":"E11","v":{"v":27.810000000000002,"d":"27.81"}},{"$f":"'lead 2025-26'!G9","v":{"v":1287.1899999999978,"d":"1287.19"}},{"$f":"ROUND(E19*F19,0)","v":{"v":35797,"d":"35797.00"}}]
[9,"Conveyance charges for Metal, Stone, Bricks","LS","MAT-0061",null,null,{"$f":"ROUND((E12*'lead 2025-26'!G16)+('input data'!E13*'lead 2025-26'!G12)+('input data'!E14*'lead 2025-26'!G13)+(seigneorage!N9*'lead 2025-26'!G17)+(seigneorage!N11*'lead 2025-26'!G17),0)","v":{"v":1993028,"d":"1993028.00"}}]
[10,"Citizen information Board/Name board","Each","MAT-0063",null,null,{"$f":"A.M!H36","v":{"v":0,"d":"0.00"}}]
[11,"GST charges","Each","MAT-0062",null,null,{"$f":"A.M!H46","v":{"v":2004957,"d":"2004957.00"}}]
[12,"Provision for work wise file","Each","MAT- 0064",null,null,{"$f":"A.M!H45","v":{"v":0,"d":"0.00"}}]
[13,"Provision for Seigneorage charges",null,"A11592 CW-13",null,null,{"$f":"A.M!H43","v":{"v":960158,"d":"960158.00"}}]
[14,"Provision QC charges @ 0.50%",null,"A11591 CW-12",null,null,{"$f":"A.M!H44","v":{"v":50892,"d":"50892.00"}},{"$f":"SUM(G10:G25)","v":{"v":7686233,"d":"7686233.00"}}]
[15,"Contingency and unforeseen items","LS","MAT-0073",null,null,{"$f":"H26-H25","v":{"v":6313767,"d":"6313767.00"}},{"$f":"Abstract!M22-MAIN!M10-'SUB-1'!M59","v":{"v":14000000,"d":"14000000.00"}}]
[]
[]
[" Total excluding Wage component",{"$nulls":5},{"$f":"SUM(G10:G28)","v":{"v":14000000,"d":"14000000.00"}},{"$f":"G29+A.M!H8+A.M!H9","v":14000000}]
[]
[]
[]
[null,null,{"$f":"'lead 2025-26'!G37","v":"Deputy Executive Engineer"},null,null,{"$f":"'lead 2025-26'!J37","v":"Assistant   Engineer"}]
[null,null,{"$f":"'lead 2025-26'!G38","v":"PRI Sub Division: Kanigiri"},null,null,{"$f":"'lead 2025-26'!J38","v":"Mandal Praja Parishad"}]
[{"$nulls":5},{"$f":"'lead 2025-26'!J39","v":"Pamuru"}]

{"sheet":"Abstract","index":4,"n_rows":29,"n_cols":15,"rows_kept":29,"merged":[[0,0,0,12],[1,0,1,1],[1,2,1,12],[2,10,2,11],[3,0,4,0],[3,1,4,7],[3,8,4,9],[3,10,4,10],[3,11,4,11],[3,12,4,12],[5,1,5,7],[5,8,5,9],[6,1,6,7],[7,1,7,7],[8,1,8,7],[9,1,9,7],[10,1,10,7],[11,1,11,7],[12,1,12,7],[13,1,13,7],[14,1,14,7],[16,1,16,7],[17,1,17,7],[18,1,18,7],[19,1,19,7],[20,1,20,7],[21,1,21,7],[21,8,21,10]]}
["GENERAL ABSTRACT"]
[{"$f":"'lead 2025-26'!B3","v":"Name of the work : "},null,{"$f":"'lead 2025-26'!C3","v":"Providing BT Surface to the road from Inimerla SC colony to National Highway at Nuchupoda in Inimerla GP of Pamuru Mandal."}]
[{"$nulls":10},"Est.Rs.",null,{"$f":"'lead 2025-26'!K4","v":"140.00 Lakhs"}]
["Sl. No","Description of Item",{"$nulls":6},"Quantity",null,"Rate","Per","Amount  Rs."]
[]
[1,2,{"$nulls":6},3,null,4,5,6]
[1,"Cost of Road work",{"$nulls":10},{"$f":"MAIN!M83","v":{"v":9379904,"d":"9379904.00"}}]
[2,"Construction of 3 rows of 1000mm dia  pipe culvert - 3Nos",{"$nulls":10},{"$f":"'SUB-1'!M61","v":{"v":0,"d":"0.00"}}]
[3,"Construction of 2 rows of 1000mm dia vented road dam @ 2/8 to 3/0 & 3/2 to 3/4.",{"$nulls":10},{"$f":"'SUB-2'!M63","v":{"v":0,"d":"0.00"}}]
[2,"Construction of 1 row of 1000mm dia Pipe culvert - 3 Nos",{"$nulls":10},{"$f":"'SUB-3'!M51","v":{"v":569180,"d":"569180.00"}}]
[5,"Construction of 1 row of 1000mm dia Pipe culvert @ 1/2 to 1/4.",{"$nulls":10},{"$f":"'SUB-4'!M51","v":{"v":0,"d":"0.00"}}]
[6,"Construction of 1 row of 600mm dia Pipe culvert @ 1/6 to 1/8.",{"$nulls":10},{"$f":"'sub-5'!M24","v":{"v":0,"d":"0.00"}}]
[3,"Construction of Road Safety interventions",{"$nulls":10},{"$f":"'sub-6'!M33","v":{"v":229409,"d":"229409.00"}}]
[null,"Total",{"$nulls":10},{"$f":"SUM(M7:M13)","v":{"v":10178493,"d":"10178493.00"}}]
[4,"Provision for Seigneorage charges",{"$nulls":10},{"$f":"seigneorage!J84","v":{"v":960158,"d":"960158.00"}}]
[{"$nulls":12},{"$f":"SUM(M14:M15)","v":{"v":11138651,"d":"11138651.00"}}]
[5,"Provision for QC charges @ 0.50%",{"$nulls":8},{"$f":"M14","v":10178493},"x0.50%",{"$f":"ROUND(K17*0.5%,0)","v":{"v":50892,"d":"50892.00"}}]
[6,"Provision for GST charges @ 18%",{"$nulls":8},{"$f":"M16","v":11138651},"x18%",{"$f":"ROUND(K18*18%,0)","v":{"v":2004957,"d":"2004957.00"}}]
[6,"Provision for Name board",{"$nulls":10},{"v":0,"d":"0.00"}]
[6,"Provision for work file "]
[7,"Unforseen items ",{"$nulls":10},{"$f":"O21","v":{"v":805500,"d":"805500.00"}},null,{"$f":"O22-M16-M17-M18-M19-M20","v":{"v":805500,"d":"805500.00"}}]
[{"$nulls":8},"Grand Total:-",{"$nulls":3},{"$f":"SUM(M16:M21)","v":{"v":14000000,"d":"14000000.00"}},null,14000000]
[]
[]
[]
[]
[{"$nulls":6},{"$f":"'lead 2025-26'!$G$37","v":"Deputy Executive Engineer"},{"$nulls":4},{"$f":"'lead 2025-26'!J37","v":"Assistant   Engineer"}]
[{"$nulls":6},{"$f":"'lead 2025-26'!$G$38","v":"PRI Sub Division: Kanigiri"},{"$nulls":4},{"$f":"'lead 2025-26'!J38","v":"Mandal Praja Parishad"}]
[{"$nulls":11},{"$f":"'lead 2025-26'!J39","v":"Pamuru"}]

{"sheet":"MAIN","index":5,"n_rows":90,"n_cols":15,"rows_kept":90,"merged":[[0,0,0,12],[1,0,1,1],[1,2,1,12],[2,10,2,11],[3,0,4,0],[3,1,4,1],[3,2,4,4],[3,5,3,7],[3,8,4,9],[3,10,4,10],[3,11,4,11],[3,12,4,12],[5,2,5,4],[5,8,5,9],[6,1,6,7],[10,1,10,7],[17,1,17,7],[21,1,21,7],[25,1,25,7],[29,1,29,7],[33,1,33,7],[43,1,43,7],[47,1,47,7],[51,1,51,7],[55,1,55,7],[59,1,59,7],[69,1,69,7],[73,1,73,7],[77,1,77,7],[82,1,82,7]]}
["DETAILED ESTIMATE CUM ABSTRACT"]
[{"$f":"'lead 2025-26'!B3","v":"Name of the work : "},null,{"$f":"'lead 2025-26'!C3","v":"Providing BT Surface to the road from Inimerla SC colony to National Highway at Nuchupoda in Inimerla GP of Pamuru Mandal."}]
[{"$nulls":10},"Est.Rs.",null,{"$f":"'lead 2025-26'!K4","v":"140.00 Lakhs"}]
["Sl. No","Description of Item","No.",null,null,"Measurements",null,null,"Quantity",null,"Rate","Per","Amount  Rs."]
[{"$nulls":5},"L","B","D"]
[1,2,3,null,null,4,5,6,7,null,8,9,10]
[1,"Unskilled Labour Charges for Earthwork excavation by manual means exceeding 1.5 m in width taking out the excavated soil and disposal as directed by engineer in charge in Ordinary soil, with an Initial Lead up to 10 m and lift up to 1.5 m"]
[null,"High berm cutting",1,"x",1,{"v":20,"d":"20.00"},{"v":0.3,"d":"0.30"},{"v":0.3,"d":"0.300"},{"$f":"ROUND(IF(AND(F8:H8),C8*E8*F8*G8*H8,IF(AND(F8,G8),C8*E8*F8*G8,IF(AND(F8,H8),C8*E8*F8*H8,IF(AND(G8,H8),C8*E8*G8*H8,IF(F8,C8*E8*F8,IF(G8,C8*E8*G8,IF(H8,C8*E8*H8,C8*E8))))))),2)","v":{"v":1.8,"d":"1.80"}},"Cum"]
[]
[{"$nulls":9},"Cum",{"$f":"'data 2025-26'!H8","v":144.26},"1Cum",{"$f":"ROUND(I10*K10/1,0)","v":{"v":0,"d":"0.00"}}]
[1,"Clearing and grubbing road land including uprooting wild vegetation, grass, bushes, shrubs, saplings and trees of girth up to 300 mm, removal of stumps of such trees cut earlier and disposal of unserviceable materials and stacking of serviceable material to be used or auctioned, up to a lead of 1000 m including removal and disposal of top organic soil not exceeding 150 mm in thickness (in area of non thorny /light jungle) as per Technical Specification Clause 201 MORD.",{"$nulls":11},{"$f":"N88","v":{"v":0,"d":"0.00"}},{"$f":"N83","v":{"v":0,"d":"0.00"}}]
[null,"Km 0/0 to 1/6 + 80",1,"x",2,{"v":1680,"d":"1680.00"},{"v":2,"d":"2.00"},{"v":0,"d":"0.000"},{"$f":"ROUND(IF(AND(F12:H12),C12*E12*F12*G12*H12,IF(AND(F12,G12),C12*E12*F12*G12,IF(AND(F12,H12),C12*E12*F12*H12,IF(AND(G12,H12),C12*E12*G12*H12,IF(F12,C12*E12*F12,IF(G12,C12*E12*G12,IF(H12,C12*E12*H12,C12*E12))))))),2)","v":{"v":6720,"d":"6720.00"}},"Sqm",{"$nulls":3},{"$f":"Abstract!M21","v":{"v":805500,"d":"805500.00"}}]
[]
[{"$nulls":8},{"$f":"SUM(I12:I13)","v":{"v":6720,"d":"6720.00"}},"Sqm"]
[null,"Deduct voids @ 40%",{"$nulls":6},{"$f":"-ROUND(I14*40%,2)","v":{"v":-2688,"d":"-2688.00"}},"Sqm"]
[]
[{"$nulls":8},{"$f":"SUM(I14:I16)","v":{"v":4032,"d":"4032.00"}},"Sqm",{"$f":"'data 2025-26'!H21","v":2.25},"1Sqm",{"$f":"ROUND(I17*K17/1,0)","v":{"v":9072,"d":"9072.00"}}]
[3,"Construction of embankment with approved materials deposited at site from roadway cutting and excavation from drain (not exceeding 0.6 m depth) and foundation of other structures graded and compacted to meet requirement of Tables 300.1 and 300.2 as per Technical Specification Clause 301.5 MORD / 305 MORTH",{"$nulls":11},{"$f":"N92","v":{"v":0,"d":"0.00"}},{"$f":"N89","v":{"v":0,"d":"0.00"}}]
[null,null,1,"x",2,{"v":2100,"d":"2100.00"},{"v":1.7,"d":"1.70"},{"v":0.6,"d":"0.600"},{"$f":"ROUND(IF(AND(F19:H19),C19*E19*F19*G19*H19,IF(AND(F19,G19),C19*E19*F19*G19,IF(AND(F19,H19),C19*E19*F19*H19,IF(AND(G19,H19),C19*E19*G19*H19,IF(F19,C19*E19*F19,IF(G19,C19*E19*G19,IF(H19,C19*E19*H19,C19*E19))))))),2)","v":{"v":4284,"d":"4284.00"}},"Cum"]
[]
[{"$nulls":9},"Cum",{"$f":"'data 2025-26'!H53","v":98.65},"1Cum",{"$f":"ROUND(I21*K21/1,0)","v":{"v":0,"d":"0.00"}}]
[2,"Construction of embankment with approved material obtained from borrow pits with all lifts, transporting to site, spreading, grading to required slope and compacting with vibratory roller 80-100 KN to meet requirement of Tables 300.1 and 300.2 with a lead upto 1000 m as per Technical Specification Clause 301.5 MORD/305 MORTH.",{"$nulls":11},{"$f":"N96","v":{"v":0,"d":"0.00"}},{"$f":"N93","v":{"v":0,"d":"0.00"}}]
[null,{"$f":"B12","v":"Km 0/0 to 1/6 + 80"},{"$nulls":6},{"$f":"F12*2","v":{"v":3360,"d":"3360.00"}},"Cum",{"$nulls":4},{"$f":"N12","v":{"v":805500,"d":"805500.00"}}]
[]
[{"$nulls":8},{"$f":"SUM(I23:I24)","v":{"v":3360,"d":"3360.00"}},"Cum",{"$f":"'data 2025-26'!H70","v":236.56},"1Cum",{"$f":"ROUND(I25*K25/1,0)","v":{"v":794842,"d":"794842.00"}}]
[4,"Dismantling of cement concrete pavements by mechanical means using pneumatic tools breaking to pieces not exceeding 0.02 cum in volume and stock piling at designated locations and disposal of dismantled materials upto a lead of 1000 m, stacking serviceable and unserviceable materials separately.",{"$nulls":11},{"$f":"#REF!","v":{"$error":"#REF!"}},{"$f":"#REF!","v":{"$error":"#REF!"}}]
[null,"Damaged existing CC road",1,"x",1,{"v":103,"d":"103.00"},{"v":2.5,"d":"2.50"},{"v":0.17,"d":"0.170"},{"$f":"ROUND(IF(AND(F27:H27),C27*E27*F27*G27*H27,IF(AND(F27,G27),C27*E27*F27*G27,IF(AND(F27,H27),C27*E27*F27*H27,IF(AND(G27,H27),C27*E27*G27*H27,IF(F27,C27*E27*F27,IF(G27,C27*E27*G27,IF(H27,C27*E27*H27,C27*E27))))))),2)","v":43.78},"Cum"]
[]
[{"$nulls":9},"Cum",{"$f":"'CD WORK DATA'!H15","v":{"v":1526.0100000000002,"d":"1526.01"}},"1Cum",{"$f":"ROUND(I29*K29/1,0)","v":{"v":0,"d":"0.00"}}]
[3,"Scarifying existing granular surface to a depth of 50 mm and disposal of scarified material with a lift upto 3 m and leads upto 1000 m as per Technical Specification Clause 301.4. MORD",{"$nulls":11},{"$f":"N104","v":{"v":0,"d":"0.00"}},{"$f":"N101","v":{"v":0,"d":"0.00"}}]
[null,{"$f":"B12","v":"Km 0/0 to 1/6 + 80"},1,"x",1,{"$f":"F12","v":{"v":1680,"d":"1680.00"}},{"v":4,"d":"4.00"},{"v":0,"d":"0.000"},{"$f":"ROUND(IF(AND(F31:H31),C31*E31*F31*G31*H31,IF(AND(F31,G31),C31*E31*F31*G31,IF(AND(F31,H31),C31*E31*F31*H31,IF(AND(G31,H31),C31*E31*G31*H31,IF(F31,C31*E31*F31,IF(G31,C31*E31*G31,IF(H31,C31*E31*H31,C31*E31))))))),2)","v":{"v":6720,"d":"6720.00"}},"Sqm"]
[]
[{"$nulls":8},{"$f":"SUM(I31:I32)","v":{"v":6720,"d":"6720.00"}},"Sqm",{"$f":"'data 2025-26'!H38","v":38.49},"1Sqm",{"$f":"ROUND(I33*K33/1,0)","v":{"v":258653,"d":"258653.00"}}]
[6,"Construction of improved subgrade by provided selected earth  and spreading in uniform layers with tractor grader on prepared surface and compacted at OMC with vibratory roller 80-100 KN to meet requirement of table 00.2 with as per technical specification clause 303 MORD, 305 MORTH by using machinery"]
[null,{"$f":"B31","v":"Km 0/0 to 1/6 + 80"},1,"x",1,{"v":145,"d":"145.00"},{"v":7.5,"d":"7.50"},0.225,{"$f":"ROUND(IF(AND(F35:H35),C35*E35*F35*G35*H35,IF(AND(F35,G35),C35*E35*F35*G35,IF(AND(F35,H35),C35*E35*F35*H35,IF(AND(G35,H35),C35*E35*G35*H35,IF(F35,C35*E35*F35,IF(G35,C35*E35*G35,IF(H35,C35*E35*H35,C35*E35))))))),2)","v":244.69},"Cum"]
[null,"Deduct CD work 1/0 to 1/2",1,"x",1,{"v":5.6,"d":"5.60"},{"v":7.5,"d":"7.50"},0.225,{"$f":"-ROUND(IF(AND(F36:H36),C36*E36*F36*G36*H36,IF(AND(F36,G36),C36*E36*F36*G36,IF(AND(F36,H36),C36*E36*F36*H36,IF(AND(G36,H36),C36*E36*G36*H36,IF(F36,C36*E36*F36,IF(G36,C36*E36*G36,IF(H36,C36*E36*H36,C36*E36))))))),2)","v":-9.45},"Cum"]
[null,"Km 1/2 to 1/4",1,"x",1,{"v":200,"d":"200.00"},{"v":7.5,"d":"7.50"},0.225,{"$f":"ROUND(IF(AND(F37:H37),C37*E37*F37*G37*H37,IF(AND(F37,G37),C37*E37*F37*G37,IF(AND(F37,H37),C37*E37*F37*H37,IF(AND(G37,H37),C37*E37*G37*H37,IF(F37,C37*E37*F37,IF(G37,C37*E37*G37,IF(H37,C37*E37*H37,C37*E37))))))),2)","v":{"v":337.5,"d":"337.50"}},"Cum"]
[null,"Km 1/4 to 1/6",1,"x",1,{"v":200,"d":"200.00"},{"v":7.5,"d":"7.50"},0.225,{"v":337.5,"d":"337.50"},"Cum"]
[null,"Km 1/6 to 1/8",1,"x",1,{"v":200,"d":"200.00"},{"v":7.5,"d":"7.50"},0.225,{"v":337.5,"d":"337.50"},"Cum"]
[null,"Km 1/8 to 2/0",1,"x",1,{"v":200,"d":"200.00"},{"v":7.5,"d":"7.50"},0.225,{"v":337.5,"d":"337.50"},"Cum"]
[null,"Km 2/0 to 2/0+137",1,"x",1,{"$f":"#REF!","v":{"$error":"#REF!"}},{"v":7.5,"d":"7.50"},0.225,{"$error":"#REF!"},"Cum"]
[]
[{"$nulls":9},"Cum",{"$f":"'data 2025-26'!H228","v":384.05},"1Cum",{"$f":"ROUND(I43*K43/1,0)","v":{"v":0,"d":"0.00"}}]
[4,"Construction of Granular Sub Base using well graded material, spreading in uniform layers with tractor  mounted grader on prepared surface , mixing by mix in place  method with   rotovator at OMC and compacting  with Smooth wheel roller  to achive the desired  density , Complete as per technical speficaction clause 401 of MORD"]
[null,{"$f":"B31","v":"Km 0/0 to 1/6 + 80"},1,"x",1,{"$f":"F31","v":{"v":1680,"d":"1680.00"}},{"v":4,"d":"4.00"},{"v":0.1,"d":"0.100"},{"$f":"ROUND(IF(AND(F45:H45),C45*E45*F45*G45*H45,IF(AND(F45,G45),C45*E45*F45*G45,IF(AND(F45,H45),C45*E45*F45*H45,IF(AND(G45,H45),C45*E45*G45*H45,IF(F45,C45*E45*F45,IF(G45,C45*E45*G45,IF(H45,C45*E45*H45,C45*E45))))))),2)","v":{"v":672,"d":"672.00"}},"Cum"]
[]
[{"$nulls":8},{"$f":"SUM(I45:I46)","v":{"v":672,"d":"672.00"}},"Cum",{"$f":"'data 2025-26'!H88","v":2928.41},"1Cum",{"$f":"ROUND(I47*K47/1,0)","v":{"v":1967892,"d":"1967892.00"}}]
[5,"Providing, laying, spreading and compacting graded stone aggregate to wet mix macadam specification including premixing the  material with water at OMC in mechanical mixer (Pug Mill), carriage of mixed material by tipper to site, laying  in uniform layers in sub-base/base course on a well prepared sub-base and compacting with smooth  wheel roller of 80 to 100kN / Vibratory Roller 80-100 kN weight to achieve the desired density including lighting, barricading and maintenance of diversion, etc as per Tables 400.11 & 400.12 and Technical Specification Clause 406 MORD / MORTH. "]
[null,{"$f":"B45","v":"Km 0/0 to 1/6 + 80"},1,"x",1,{"$f":"F45","v":{"v":1680,"d":"1680.00"}},3.75,{"v":0.15,"d":"0.150"},{"$f":"ROUND(IF(AND(F49:H49),C49*E49*F49*G49*H49,IF(AND(F49,G49),C49*E49*F49*G49,IF(AND(F49,H49),C49*E49*F49*H49,IF(AND(G49,H49),C49*E49*G49*H49,IF(F49,C49*E49*F49,IF(G49,C49*E49*G49,IF(H49,C49*E49*H49,C49*E49))))))),2)","v":{"v":945,"d":"945.00"}},"Cum"]
[]
[{"$nulls":8},{"$f":"SUM(I49:I50)","v":{"v":945,"d":"945.00"}},"Cum",{"$f":"'data 2025-26'!H113","v":3982.34},"1Cum",{"$f":"ROUND(I51*K51/1,0)","v":{"v":3763311,"d":"3763311.00"}}]
[6,"Providing and applying primer coat with bitumen emulsion (SS-1) on prepared surface of granular base including cleaning of road surface and spraying primer at the rate of 0.70-1.0 kg/sqm using mechanical means as per Technical Specification Clause 502 MORD (for use on Wet mix macadam & WBM)"]
[null,{"$f":"B49","v":"Km 0/0 to 1/6 + 80"},1,"x",1,{"$f":"F49","v":{"v":1680,"d":"1680.00"}},3.75,{"v":0,"d":"0.000"},{"$f":"ROUND(IF(AND(F53:H53),C53*E53*F53*G53*H53,IF(AND(F53,G53),C53*E53*F53*G53,IF(AND(F53,H53),C53*E53*F53*H53,IF(AND(G53,H53),C53*E53*G53*H53,IF(F53,C53*E53*F53,IF(G53,C53*E53*G53,IF(H53,C53*E53*H53,C53*E53))))))),2)","v":{"v":6300,"d":"6300.00"}},"Sqm"]
[]
[{"$nulls":8},{"$f":"SUM(I53:I54)","v":{"v":6300,"d":"6300.00"}},"Sqm",{"$f":"'data 2025-26'!H131","v":42.54},"1Sqm",{"$f":"ROUND(I55*K55/1,0)","v":{"v":268002,"d":"268002.00"}}]
[7,"Providing and applying tack coat with Bitumen emulsion (RS-1)  using emulsion  distributor at the rate of 0.25 to 0.30 kg per sqm on the prepared granular surfaces treated with primer & cleaned with Hydraulic broom as per Technical Specification Clause 503 MORD,"]
[null,{"$f":"B53","v":"Km 0/0 to 1/6 + 80"},1,"x",1,{"$f":"F53","v":{"v":1680,"d":"1680.00"}},3.75,{"v":0,"d":"0.000"},{"$f":"ROUND(IF(AND(F57:H57),C57*E57*F57*G57*H57,IF(AND(F57,G57),C57*E57*F57*G57,IF(AND(F57,H57),C57*E57*F57*H57,IF(AND(G57,H57),C57*E57*G57*H57,IF(F57,C57*E57*F57,IF(G57,C57*E57*G57,IF(H57,C57*E57*H57,C57*E57))))))),2)","v":{"v":6300,"d":"6300.00"}},"Sqm"]
[]
[{"$nulls":8},{"$f":"SUM(I57:I58)","v":{"v":6300,"d":"6300.00"}},"Sqm",{"$f":"'data 2025-26'!H146","v":16.24},"1Sqm",{"$f":"ROUND(I59*K59/1,0)","v":{"v":102312,"d":"102312.00"}}]
[11,"Providing and laying bituminous macadam with 40-60 TPH hot mix plant using crushed aggregates of  grading as per Table 500.4 premixed with bituminous binder, transported to site upto a lead of 1000 m laid over a previously prepared surface with paver finisher to the required grade, level and alignment and rolled to achieved the desired compaction as per Technical Specification Clause 504 MORD (using vibratory Roller 80-100 KN for intermediate rolling and 3 wheel roller 80-100 KN for initial and final rolling)."]
[null,"Km 1/0 + 55 to 1/2",1,"x",1,{"v":145,"d":"145.00"},3.75,{"v":0.05,"d":"0.050"},{"$f":"ROUND(IF(AND(F61:H61),C61*E61*F61*G61*H61,IF(AND(F61,G61),C61*E61*F61*G61,IF(AND(F61,H61),C61*E61*F61*H61,IF(AND(G61,H61),C61*E61*G61*H61,IF(F61,C61*E61*F61,IF(G61,C61*E61*G61,IF(H61,C61*E61*H61,C61*E61))))))),2)","v":27.19},"Cum"]
[null,"Deduct CD work 1/0 to 1/2",1,"x",1,{"v":5.6,"d":"5.60"},3.75,{"v":0.05,"d":"0.050"},{"$f":"-ROUND(IF(AND(F62:H62),C62*E62*F62*G62*H62,IF(AND(F62,G62),C62*E62*F62*G62,IF(AND(F62,H62),C62*E62*F62*H62,IF(AND(G62,H62),C62*E62*G62*H62,IF(F62,C62*E62*F62,IF(G62,C62*E62*G62,IF(H62,C62*E62*H62,C62*E62))))))),2)","v":-1.05},"Cum"]
[null,"Km 1/2 to 1/4",1,"x",1,{"v":200,"d":"200.00"},3.75,{"v":0.05,"d":"0.050"},{"$f":"ROUND(IF(AND(F63:H63),C63*E63*F63*G63*H63,IF(AND(F63,G63),C63*E63*F63*G63,IF(AND(F63,H63),C63*E63*F63*H63,IF(AND(G63,H63),C63*E63*G63*H63,IF(F63,C63*E63*F63,IF(G63,C63*E63*G63,IF(H63,C63*E63*H63,C63*E63))))))),2)","v":{"v":37.5,"d":"37.50"}},"Cum"]
[null,"Km 1/4 to 1/6",1,"x",1,{"v":200,"d":"200.00"},3.75,{"v":0.05,"d":"0.050"},{"v":37.5,"d":"37.50"},"Cum"]
[null,"Km 1/6 to 1/8",1,"x",1,{"v":200,"d":"200.00"},3.75,{"v":0.05,"d":"0.050"},{"v":37.5,"d":"37.50"},"Cum"]
[null,"Km 1/8 to 2/0",1,"x",1,{"v":200,"d":"200.00"},3.75,{"v":0.05,"d":"0.050"},{"v":37.5,"d":"37.50"},"Cum"]
[null,"Km 2/0 to 2/0 + 137",1,"x",1,{"$f":"#REF!","v":{"$error":"#REF!"}},3.75,{"v":0.05,"d":"0.050"},{"$error":"#REF!"},"Cum"]
[]
[{"$nulls":9},"Cum",{"$f":"'data 2025-26'!H179","v":10500.24},"1Cum",{"$f":"ROUND(I69*K69/1,0)","v":{"v":0,"d":"0.00"}}]
[8,"Providing and laying semi dense bituminous concrete with 40-60 TPH batch type HMP producing an average output of 37.5 tonnes per hour using crushed aggregates of specified grading, premixed with bituminous binder @ 4.5 to 5  per cent  of mix and filler, transporting the hot mix to work site, laying with a hydrostatic paver finisher with sensor control to the required grade, level and alignment, rolling with smooth wheeled, vibratory and tandem rollers to achieve the desired compaction as per MoRTH specification clause No. 508 complete in all respects"]
[null,{"$f":"B57","v":"Km 0/0 to 1/6 + 80"},1,"x",1,{"$f":"F57","v":{"v":1680,"d":"1680.00"}},3.75,0.025,{"$f":"ROUND(IF(AND(F71:H71),C71*E71*F71*G71*H71,IF(AND(F71,G71),C71*E71*F71*G71,IF(AND(F71,H71),C71*E71*F71*H71,IF(AND(G71,H71),C71*E71*G71*H71,IF(F71,C71*E71*F71,IF(G71,C71*E71*G71,IF(H71,C71*E71*H71,C71*E71))))))),2)","v":{"v":157.5,"d":"157.50"}},"Cum"]
[]
[{"$nulls":8},{"$f":"SUM(I71:I72)","v":{"v":157.5,"d":"157.50"}},"Cum",{"$f":"'data 2025-26'!H212","v":11856.57},"1Cum",{"$f":"ROUND(I73*K73/1,0)","v":{"v":1867410,"d":"1867410.00"}}]
[9,"Construction of improved shoulders by provided selected earth having minimum CBR of 10% MD not less than 1.85 G/CC with LL & PI not more than 40% and 20 respectively and spreading in uniform layers with tractor grader on prepared surface and compacted at OMC with vibratory roller 80-100 KN to meet requirement of table 00.2 with as per technical specification clause 303 MORD, 305 MORTH by using machinery"]
[null,{"$f":"B71","v":"Km 0/0 to 1/6 + 80"},1,"x",2,{"$f":"F71","v":{"v":1680,"d":"1680.00"}},{"v":1,"d":"1.00"},{"v":0.27,"d":"0.270"},{"$f":"ROUND(IF(AND(F75:H75),C75*E75*F75*G75*H75,IF(AND(F75,G75),C75*E75*F75*G75,IF(AND(F75,H75),C75*E75*F75*H75,IF(AND(G75,H75),C75*E75*G75*H75,IF(F75,C75*E75*F75,IF(G75,C75*E75*G75,IF(H75,C75*E75*H75,C75*E75))))))),2)","v":{"v":907.2,"d":"907.20"}},"Cum"]
[]
[{"$nulls":8},{"$f":"SUM(I75:I76)","v":{"v":907.2,"d":"907.20"}},"Cum",{"$f":"'data 2025-26'!H228","v":384.05},"1Cum",{"$f":"ROUND(I77*K77/1,0)","v":{"v":348410,"d":"348410.00"}}]
[14,"Plain cement concrete for cc pavement over a prepared sub base, with 43 grade cement or any other type as per Clause 1501.2.2 M20 (Grade), coarse and fine aggregates conforming to IS : 383, mixed in a concrete mixer of not less than 0.2 cum capacity and appropriate weigh batcher , laid in approved fixed side formwork (laying and fixing of 125 micron thick polythene film, wedges,  including levelling the formwork as per drawing), spreading the concrete with sholvels, rakes, compacted using needle and plate vibrators and finished in continuous operation including provision of joints, curing of concrete slabs for 14- days, and water finishing to lines and grade as per drawing  and Technical Specification Clause 1501 MORD "]
[null,"Extension of Existing cc road at Km 0/8 +152 to 1/0+ 55",1,"x",1,{"v":103,"d":"103.00"},{"v":4,"d":"4.00"},{"v":0.17,"d":"0.170"},{"$f":"ROUND(IF(AND(F79:H79),C79*E79*F79*G79*H79,IF(AND(F79,G79),C79*E79*F79*G79,IF(AND(F79,H79),C79*E79*F79*H79,IF(AND(G79,H79),C79*E79*G79*H79,IF(F79,C79*E79*F79,IF(G79,C79*E79*G79,IF(H79,C79*E79*H79,C79*E79))))))),2)","v":70.04},"Cum"]
[]
[{"$nulls":9},"Cum",{"$f":"'CD WORK DATA'!H223","v":7873.37},"1Cum",{"$f":"ROUND(I81*K81/1,0)","v":{"v":0,"d":"0.00"}}]
[]
[null,"Total",{"$nulls":10},{"$f":"SUM(M7:M82)","v":{"v":9379904,"d":"9379904.00"}}]
[]
[]
[]
[]
[{"$nulls":6},{"$f":"'lead 2025-26'!$G$37","v":"Deputy Executive Engineer"},{"$nulls":4},{"$f":"'lead 2025-26'!J37","v":"Assistant   Engineer"}]
[{"$nulls":6},{"$f":"'lead 2025-26'!$G$38","v":"PRI Sub Division: Kanigiri"},{"$nulls":4},{"$f":"'lead 2025-26'!J38","v":"Mandal Praja Parishad"}]
[{"$nulls":11},{"$f":"'lead 2025-26'!J39","v":"Pamuru"}]

{"sheet":"SUB-1","index":6,"n_rows":68,"n_cols":15,"rows_kept":68,"hidden":true,"merged":[[0,0,0,12],[1,0,1,1],[1,2,1,12],[2,0,2,1],[2,2,2,12],[3,0,4,0],[3,1,4,1],[3,2,4,4],[3,5,3,7],[3,8,4,9],[3,10,4,10],[3,11,4,11],[3,12,4,12],[5,2,5,4],[5,8,5,9],[6,1,6,7],[10,1,10,7],[14,1,14,7],[19,1,19,7],[26,1,26,7],[30,1,30,7],[37,1,37,7],[42,1,42,7],[46,1,46,7],[50,1,50,7],[55,1,55,7],[60,1,60,7]]}
["SUB ESTIMATE-1"]
[{"$f":"'lead 2025-26'!B3","v":"Name of the work : "},null,{"$f":"'lead 2025-26'!C3","v":"Providing BT Surface to the road from Inimerla SC colony to National Highway at Nuchupoda in Inimerla GP of Pamuru Mandal."}]
["Name of the Sub work : ",null,"Construction of 3 rows of 1000mm dia vented road dam @ Km 1/0 to 1/2"]
["Sl. No","Description of Item","No.",null,null,"Measurements",null,null,"Quantity",null,"Rate","Per","Amount  Rs."]
[{"$nulls":5},"L","B","D"]
[1,2,3,null,null,4,5,6,7,null,8,9,10]
[1,"Dismantling of cement concrete pavements by mechanical means using pneumatic tools breaking to pieces not exceeding 0.02 cum in volume and stock piling at designated locations and disposal of dismantled materials upto a lead of 1000 m, stacking serviceable and unserviceable materials separately.",{"$nulls":11},{"$f":"N76","v":{"v":0,"d":"0.00"}},{"$f":"N73","v":{"v":0,"d":"0.00"}}]
[null,"RCC slab",1,"x",1,{"v":6,"d":"6.00"},{"v":2.9,"d":"2.90"},{"v":0.2,"d":"0.200"},{"$f":"ROUND(IF(AND(F8:H8),C8*E8*F8*G8*H8,IF(AND(F8,G8),C8*E8*F8*G8,IF(AND(F8,H8),C8*E8*F8*H8,IF(AND(G8,H8),C8*E8*G8*H8,IF(F8,C8*E8*F8,IF(G8,C8*E8*G8,IF(H8,C8*E8*H8,C8*E8))))))),2)","v":3.48},"Cum"]
[]
[{"$nulls":9},"Cum",{"$f":"'CD WORK DATA'!H15","v":{"v":1526.0100000000002,"d":"1526.01"}},"1Cum",{"$f":"ROUND(I10*K10/1,0)","v":{"v":0,"d":"0.00"}}]
[2,"Dismantling of existing structures  comprising of stone masonry, including disposal of unserviceable material and stacking the serviceable material with all lifts and lead of 1000 m as per Technical Specification Clause 202 MORD / MORTH",{"$nulls":11},{"$f":"N80","v":{"v":0,"d":"0.00"}},{"$f":"N77","v":{"v":0,"d":"0.00"}}]
[null,"RCC slab",1,"x",2,{"v":6,"d":"6.00"},0.45,{"v":0.6,"d":"0.600"},{"$f":"ROUND(IF(AND(F12:H12),C12*E12*F12*G12*H12,IF(AND(F12,G12),C12*E12*F12*G12,IF(AND(F12,H12),C12*E12*F12*H12,IF(AND(G12,H12),C12*E12*G12*H12,IF(F12,C12*E12*F12,IF(G12,C12*E12*G12,IF(H12,C12*E12*H12,C12*E12))))))),2)","v":3.24},"Cum"]
[]
[{"$nulls":9},"Cum",{"$f":"'CD WORK DATA'!H26","v":500.62},"1Cum",{"$f":"ROUND(I14*K14/1,0)","v":{"v":0,"d":"0.00"}}]
[3,"Earthwork in excavation for structures as per drawing and technical specifications Clause 305.1 including setting out, construction of shoring and bracing, removal of stumps and other deleterious material and disposal upto a lead of 50 m, dressing of sides and bottom and backfilling in trenches with excavated suitable material as per Technical Specification 305 MORD / 304 MORTH"]
[null,"Pipe portion",1,"x",1,{"v":5.6,"d":"5.60"},{"v":5.3,"d":"5.30"},{"v":1,"d":"1.000"},{"$f":"ROUND(IF(AND(F16:H16),C16*E16*F16*G16*H16,IF(AND(F16,G16),C16*E16*F16*G16,IF(AND(F16,H16),C16*E16*F16*H16,IF(AND(G16,H16),C16*E16*G16*H16,IF(F16,C16*E16*F16,IF(G16,C16*E16*G16,IF(H16,C16*E16*H16,C16*E16))))))),2)","v":29.68},"Cum"]
[null,"Body walls",2,"x",1,{"v":20,"d":"20.00"},{"v":1.1,"d":"1.10"},{"v":1.3,"d":"1.300"},{"$f":"ROUND(IF(AND(F17:H17),C17*E17*F17*G17*H17,IF(AND(F17,G17),C17*E17*F17*G17,IF(AND(F17,H17),C17*E17*F17*H17,IF(AND(G17,H17),C17*E17*G17*H17,IF(F17,C17*E17*F17,IF(G17,C17*E17*G17,IF(H17,C17*E17*H17,C17*E17))))))),2)","v":{"v":57.2,"d":"57.20"}},"Cum",{"$nulls":4},{"$f":"Abstract!M21","v":{"v":805500,"d":"805500.00"}}]
[]
[{"$nulls":9},"Cum",{"$f":"'CD WORK DATA'!H37","v":126.69},"1Cum",{"$f":"ROUND(I19*K19/1,0)","v":{"v":0,"d":"0.00"}}]
[4,"Providing concrete for plain concrete M10 Grade in open foundations using 40 mm nominal size Graded hard stone aggregate, mechanically mixed, placed in foundation and compacted by vibration including curing for 14 days complete as per drawings and technical specifications Clause 802, 803, 1202 & 1203 MORD and 1500, 1700 & 2100 MORTH",{"$nulls":11},{"$f":"N70","v":{"v":0,"d":"0.00"}},{"$f":"N67","v":{"v":0,"d":"0.00"}}]
[null,"Pipe portion",1,"x",1,{"$f":"$F$16","v":{"v":5.6,"d":"5.60"}},{"v":5.3,"d":"5.30"},{"v":0.3,"d":"0.300"},{"$f":"ROUND(IF(AND(F21:H21),C21*E21*F21*G21*H21,IF(AND(F21,G21),C21*E21*F21*G21,IF(AND(F21,H21),C21*E21*F21*H21,IF(AND(G21,H21),C21*E21*G21*H21,IF(F21,C21*E21*F21,IF(G21,C21*E21*G21,IF(H21,C21*E21*H21,C21*E21))))))),2)","v":{"v":8.9,"d":"8.90"}},"Cum"]
[null,"Body walls",2,"x",1,{"$f":"$F$17","v":{"v":20,"d":"20.00"}},{"v":1.1,"d":"1.10"},{"v":0.3,"d":"0.300"},{"$f":"ROUND(IF(AND(F22:H22),C22*E22*F22*G22*H22,IF(AND(F22,G22),C22*E22*F22*G22,IF(AND(F22,H22),C22*E22*F22*H22,IF(AND(G22,H22),C22*E22*G22*H22,IF(F22,C22*E22*F22,IF(G22,C22*E22*G22,IF(H22,C22*E22*H22,C22*E22))))))),2)","v":{"v":13.2,"d":"13.20"}},"Cum"]
[null,"Encasement of pipes",1,"x",1,{"$f":"$F$16","v":{"v":5.6,"d":"5.60"}},"5.76+6.48/2",{"v":1.4,"d":"1.400"},{"$f":"ROUND(C23*E23*F23*H23*(5.76+6.48)/2,2)","v":47.98},"Cum"]
[null,"Deduct pipe portion",3,"x",0.785,"5.76+6.48/2",{"v":1.2,"d":"1.20"},{"v":1.2,"d":"1.200"},{"$f":"-ROUND(C24*E24*G24*H24*(5.76+6.48)/2,2)","v":-20.75},"Cum"]
[]
[{"$nulls":9},"Cum",{"$f":"'CD WORK DATA'!H54","v":5600.99},"1Cum",{"$f":"ROUND(I26*K26/1,0)","v":{"v":0,"d":"0.00"}}]
[5,"Providing and laying reinforced cement concrete pipe 1000 dia NP3 for culverts on first class bedding of granular  material but excluding excavation, protection works, backfilling, concrete and masonry works in head wall and parapets. Tech Specification Clause 1106 MORD.",{"$nulls":11},{"$f":"N70","v":{"v":0,"d":"0.00"}},{"$f":"N67","v":{"v":0,"d":"0.00"}}]
[null,null,3,"x",3,{"v":2.5,"d":"2.50"},{"v":0,"d":"0.00"},{"v":0,"d":"0.000"},{"$f":"ROUND(IF(AND(F28:H28),C28*E28*F28*G28*H28,IF(AND(F28,G28),C28*E28*F28*G28,IF(AND(F28,H28),C28*E28*F28*H28,IF(AND(G28,H28),C28*E28*G28*H28,IF(F28,C28*E28*F28,IF(G28,C28*E28*G28,IF(H28,C28*E28*H28,C28*E28))))))),2)","v":{"v":22.5,"d":"22.50"}},"Rm"]
[]
[{"$nulls":9},"Rm",{"$f":"'CD WORK DATA'!H164","v":9006.27},"1Rm",{"$f":"ROUND(I30*K30/1,0)","v":{"v":0,"d":"0.00"}}]
[6,"Plain cement concrete M 15 grade  using 40,20 & 12mm metal mechanically mixed in Open foundations complete as per drawings and technical specification Clauses 802, 804, 805, 806, 807, 1202 and 1204 MORD and 1500, 1700 & 2200 MORTH ",{"$nulls":11},{"$f":"N75","v":{"v":0,"d":"0.00"}},{"$f":"N72","v":{"v":0,"d":"0.00"}}]
[null,"Body walls",1,"x",2,{"$f":"$F$17","v":{"v":20,"d":"20.00"}},{"v":1.1,"d":"1.10"},{"v":0.3,"d":"0.300"},{"$f":"ROUND(IF(AND(F32:H32),C32*E32*F32*G32*H32,IF(AND(F32,G32),C32*E32*F32*G32,IF(AND(F32,H32),C32*E32*F32*H32,IF(AND(G32,H32),C32*E32*G32*H32,IF(F32,C32*E32*F32,IF(G32,C32*E32*G32,IF(H32,C32*E32*H32,C32*E32))))))),2)","v":{"v":13.2,"d":"13.20"}},"Cum"]
[null,"Body walls",1,"x",2,{"$f":"$F$17","v":{"v":20,"d":"20.00"}},"0.90+0.45/2",{"v":1.4,"d":"1.400"},{"$f":"ROUND(C33*E33*F33*H33*(0.9+0.45)/2,2)","v":{"v":37.8,"d":"37.80"}},"Cum"]
[null,"Deduct pipe portion",6,"x",0.785,{"v":1.2,"d":"1.20"},"0.87+0.51/2",{"v":1.2,"d":"1.200"},{"$f":"-ROUND(C34*E34*F34*H34*(0.87+0.51)/2,2)","v":-4.68},"Cum"]
[null,"Parapet wall",1,"x",2,{"$f":"$F$16","v":{"v":5.6,"d":"5.60"}},0.23,{"v":0.6,"d":"0.600"},{"$f":"ROUND(IF(AND(F35:H35),C35*E35*F35*G35*H35,IF(AND(F35,G35),C35*E35*F35*G35,IF(AND(F35,H35),C35*E35*F35*H35,IF(AND(G35,H35),C35*E35*G35*H35,IF(F35,C35*E35*F35,IF(G35,C35*E35*G35,IF(H35,C35*E35*H35,C35*E35))))))),2)","v":1.55},"Cum"]
[]
[{"$nulls":9},"Cum",{"$f":"'CD WORK DATA'!H74","v":{"v":5954.5599999999995,"d":"5954.56"}},"1Cum",{"$f":"ROUND(I37*K37/1,0)","v":{"v":0,"d":"0.00"}}]
[4,"Providing  RCC M-25 grade cement concrete using  using 20 mm to 12 mm Graded HBG crushed Metal ( 66% of 20 mm and 34% of 12mm )s from approved source including cost of all ,materials, machinery, labour, formwork,  scaffolding,placing in position, levelling, vibrating, finishing, curing etc., complete with initial lead upto 50 m and all lifts. for Guide Posts",{"$nulls":11},{"$f":"N81","v":{"v":0,"d":"0.00"}},{"$f":"N78","v":{"v":0,"d":"0.00"}}]
[null,null,14,"x",0.785,{"v":0.2,"d":"0.20"},{"v":0.2,"d":"0.20"},{"v":0.6,"d":"0.60"},{"$f":"ROUND(IF(AND(F39:H39),C39*E39*F39*G39*H39,IF(AND(F39,G39),C39*E39*F39*G39,IF(AND(F39,H39),C39*E39*F39*H39,IF(AND(G39,H39),C39*E39*G39*H39,IF(F39,C39*E39*F39,IF(G39,C39*E39*G39,IF(H39,C39*E39*H39,C39*E39))))))),2)","v":0.26},"Cum"]
[null,null,14,"x",0.785,{"v":0.2,"d":"0.20"},{"v":0.2,"d":"0.20"},{"v":0.6,"d":"0.60"},{"$f":"ROUND(IF(AND(F40:H40),C40*E40*F40*G40*H40,IF(AND(F40,G40),C40*E40*F40*G40,IF(AND(F40,H40),C40*E40*F40*H40,IF(AND(G40,H40),C40*E40*G40*H40,IF(F40,C40*E40*F40,IF(G40,C40*E40*G40,IF(H40,C40*E40*H40,C40*E40))))))),2)","v":0.26},"Cum"]
[]
[{"$nulls":9},"Cum",{"$f":"'CD WORK DATA'!H114","v":{"v":7542,"d":"7542.00"}},"1Cum",{"$f":"ROUND(I42*K42/1,0)","v":{"v":0,"d":"0.00"}}]
[8,"Supplying, fitting and placing HYSD bar reinforcement in foundation complete as per drawings and technical specifications Clauses 1000 and 1202  MORD & 1100, 1600 MORTH for Bars below 36 mm dia including over laps and wastage, where they are not welded."]
[null,"Guide posts",{"$nulls":6},{"$f":"ROUND((I42*0.2)/0.38,2)","v":{"v":0,"d":"0.00"}},"MT"]
[]
[{"$nulls":8},{"$f":"SUM(I44:I45)","v":{"v":0,"d":"0.00"}},"MT",{"$f":"'CD WORK DATA'!H147","v":86540.55},"1MT",{"$f":"ROUND(I46*K46,0)","v":{"v":0,"d":"0.00"}}]
[5,"Filling with selected earth in trenches, sides of foundations & basement by watering and ramming  including cost and conveyance of material and labour charges etc complete for finished item of the work (APSS No 309& 310) per 1 Cum"]
[null,"Inbetween body walls",1,"x",2,{"v":2,"d":"2.00"},"6.3+5.1/2",{"v":0.7,"d":"0.70"},{"$f":"ROUND(C48*E48*F48*H48*(6.3+5.1)/2,2)","v":15.96},"Cum"]
[]
[{"$nulls":9},"Cum",{"$f":"'CD WORK DATA'!H189","v":279.78},"1Cum",{"$f":"ROUND(I50*K50,0)","v":{"v":0,"d":"0.00"}}]
[6,"Plain cement concrete for cc pavement over a prepared sub base, with 43 grade cement or any other type as per Clause 1501.2.2 M20 (Grade), coarse and fine aggregates conforming to IS : 383, mixed in a concrete mixer of not less than 0.2 cum capacity and appropriate weigh batcher , laid in approved fixed side formwork (laying and fixing of 125 micron thick polythene film, wedges,  including levelling the formwork as per drawing), spreading the concrete with sholvels, rakes, compacted using needle and plate vibrators and finished in continuous operation including provision of joints, curing of concrete slabs for 14- days, and water finishing to lines and grade as per drawing  and Technical Specification Clause 1501 MORD "]
[null,"inbetween body walls",1,"x",1,{"$f":"F48","v":{"v":2,"d":"2.00"}},{"v":7.5,"d":"7.50"},{"v":0.17,"d":"0.170"},{"$f":"ROUND(IF(AND(F52:H52),C52*E52*F52*G52*H52,IF(AND(F52,G52),C52*E52*F52*G52,IF(AND(F52,H52),C52*E52*F52*H52,IF(AND(G52,H52),C52*E52*G52*H52,IF(F52,C52*E52*F52,IF(G52,C52*E52*G52,IF(H52,C52*E52*H52,C52*E52))))))),2)","v":2.55},"Cum"]
[null,"inbetween body walls",1,"x",1,{"v":10,"d":"10.00"},{"v":7.5,"d":"7.50"},{"v":0.17,"d":"0.170"},{"$f":"ROUND(IF(AND(F53:H53),C53*E53*F53*G53*H53,IF(AND(F53,G53),C53*E53*F53*G53,IF(AND(F53,H53),C53*E53*F53*H53,IF(AND(G53,H53),C53*E53*G53*H53,IF(F53,C53*E53*F53,IF(G53,C53*E53*G53,IF(H53,C53*E53*H53,C53*E53))))))),2)","v":12.75},"Cum"]
[]
[{"$nulls":9},"Cum",{"$f":"'CD WORK DATA'!H223","v":7873.37},"1Cum",{"$f":"ROUND(I55*K55/1,0)","v":{"v":0,"d":"0.00"}}]
[7,"Unskilled labour for Curing of CC Pavament"]
[{"$nulls":8},{"$f":"I55","v":{"v":0,"d":"0.00"}},"Cum"]
[]
[{"$nulls":9},"Cum",{"v":150,"d":"150.00"},"1Cum",{"$f":"ROUND(I59*K59/1,0)","v":{"v":0,"d":"0.00"}}]
[]
[null,"Total",{"$nulls":10},{"$f":"SUM(M7:M60)","v":{"v":0,"d":"0.00"}}]
[]
[]
[]
[]
[{"$nulls":6},{"$f":"'lead 2025-26'!$G$37","v":"Deputy Executive Engineer"},{"$nulls":4},{"$f":"'lead 2025-26'!J37","v":"Assistant   Engineer"}]
[{"$nulls":6},{"$f":"'lead 2025-26'!$G$38","v":"PRI Sub Division: Kanigiri"},{"$nulls":4},{"$f":"'lead 2025-26'!J38","v":"Mandal Praja Parishad"}]
[{"$nulls":11},{"$f":"'lead 2025-26'!J39","v":"Pamuru"}]

{"sheet":"SUB-2","index":7,"n_rows":70,"n_cols":15,"rows_kept":70,"hidden":true,"merged":[[0,0,0,12],[1,0,1,1],[1,2,1,12],[2,0,2,1],[2,2,2,12],[3,10,3,11],[4,0,5,0],[4,1,5,1],[4,2,5,4],[4,5,4,7],[4,8,5,9],[4,10,5,10],[4,11,5,11],[4,12,5,12],[6,2,6,4],[6,8,6,9],[7,1,7,7],[15,1,15,7],[27,1,27,7],[32,1,32,7],[44,1,44,7],[48,1,48,7],[52,1,52,7],[57,1,57,7],[62,1,62,7]]}
["SUB ESTIMATE-2"]
[{"$f":"'lead 2025-26'!B3","v":"Name of the work : "},null,{"$f":"'lead 2025-26'!C3","v":"Providing BT Surface to the road from Inimerla SC colony to National Highway at Nuchupoda in Inimerla GP of Pamuru Mandal."}]
["Name of the Sub work : ",null,"Construction of 2 rows of 1000mm dia vented road dam @ 2/8 to 3/0 & 3/2 to 3/4."]
[]
["Sl. No","Description of Item","No.",null,null,"Measurements",null,null,"Quantity",null,"Rate","Per","Amount  Rs."]
[{"$nulls":5},"L","B","D"]
[1,2,3,null,null,4,5,6,7,null,8,9,10]
[1,"Earthwork in excavation for structures as per drawing and technical specifications Clause 305.1 including setting out, construction of shoring and bracing, removal of stumps and other deleterious material and disposal upto a lead of 50 m, dressing of sides and bottom and backfilling in trenches with excavated suitable material as per Technical Specification 305 MORD / 304 MORTH"]
[null,"Pipe portion",1,"x",1,{"v":3.9,"d":"3.90"},{"v":5.3,"d":"5.30"},{"v":1,"d":"1.000"},{"$f":"ROUND(IF(AND(F9:H9),C9*E9*F9*G9*H9,IF(AND(F9,G9),C9*E9*F9*G9,IF(AND(F9,H9),C9*E9*F9*H9,IF(AND(G9,H9),C9*E9*G9*H9,IF(F9,C9*E9*F9,IF(G9,C9*E9*G9,IF(H9,C9*E9*H9,C9*E9))))))),2)","v":20.67},"Cum"]
[null,"Body walls",2,"x",1,{"v":4.9,"d":"4.90"},{"v":1.1,"d":"1.10"},{"v":1.3,"d":"1.300"},{"$f":"ROUND(IF(AND(F10:H10),C10*E10*F10*G10*H10,IF(AND(F10,G10),C10*E10*F10*G10,IF(AND(F10,H10),C10*E10*F10*H10,IF(AND(G10,H10),C10*E10*G10*H10,IF(F10,C10*E10*F10,IF(G10,C10*E10*G10,IF(H10,C10*E10*H10,C10*E10))))))),2)","v":14.01},"Cum"]
[]
[null,"Pipe portion",1,"x",1,{"v":3.9,"d":"3.90"},{"v":5.3,"d":"5.30"},{"v":1,"d":"1.000"},{"$f":"ROUND(IF(AND(F12:H12),C12*E12*F12*G12*H12,IF(AND(F12,G12),C12*E12*F12*G12,IF(AND(F12,H12),C12*E12*F12*H12,IF(AND(G12,H12),C12*E12*G12*H12,IF(F12,C12*E12*F12,IF(G12,C12*E12*G12,IF(H12,C12*E12*H12,C12*E12))))))),2)","v":20.67},"Cum"]
[null,"Body walls",2,"x",1,{"v":4.9,"d":"4.90"},{"v":1.1,"d":"1.10"},{"v":1.3,"d":"1.300"},{"$f":"ROUND(IF(AND(F13:H13),C13*E13*F13*G13*H13,IF(AND(F13,G13),C13*E13*F13*G13,IF(AND(F13,H13),C13*E13*F13*H13,IF(AND(G13,H13),C13*E13*G13*H13,IF(F13,C13*E13*F13,IF(G13,C13*E13*G13,IF(H13,C13*E13*H13,C13*E13))))))),2)","v":14.01},"Cum"]
[]
[{"$nulls":9},"Cum",{"$f":"'CD WORK DATA'!H37","v":126.69},"1Cum",{"$f":"ROUND(I15*K15/1,0)","v":{"v":0,"d":"0.00"}}]
[2,"Providing concrete for plain concrete M10 Grade in open foundations using 40 mm nominal size Graded hard stone aggregate, mechanically mixed, placed in foundation and compacted by vibration including curing for 14 days complete as per drawings and technical specifications Clause 802, 803, 1202 & 1203 MORD and 1500, 1700 & 2100 MORTH",{"$nulls":11},{"$f":"N72","v":{"v":0,"d":"0.00"}},{"$f":"N69","v":{"v":0,"d":"0.00"}}]
[null,"Pipe portion",1,"x",1,{"v":3.9,"d":"3.90"},{"v":5.3,"d":"5.30"},{"v":0.3,"d":"0.300"},{"$f":"ROUND(IF(AND(F17:H17),C17*E17*F17*G17*H17,IF(AND(F17,G17),C17*E17*F17*G17,IF(AND(F17,H17),C17*E17*F17*H17,IF(AND(G17,H17),C17*E17*G17*H17,IF(F17,C17*E17*F17,IF(G17,C17*E17*G17,IF(H17,C17*E17*H17,C17*E17))))))),2)","v":{"v":6.2,"d":"6.20"}},"Cum"]
[null,"Body walls",2,"x",1,{"v":4.9,"d":"4.90"},{"v":1.1,"d":"1.10"},{"v":0.3,"d":"0.300"},{"$f":"ROUND(IF(AND(F18:H18),C18*E18*F18*G18*H18,IF(AND(F18,G18),C18*E18*F18*G18,IF(AND(F18,H18),C18*E18*F18*H18,IF(AND(G18,H18),C18*E18*G18*H18,IF(F18,C18*E18*F18,IF(G18,C18*E18*G18,IF(H18,C18*E18*H18,C18*E18))))))),2)","v":3.23},"Cum"]
[null,"Encasement of pipes",1,"x",1,{"$f":"F17","v":{"v":3.9,"d":"3.90"}},"5.76+6.48/2",{"v":1.4,"d":"1.400"},{"$f":"ROUND(C19*E19*F19*H19*(5.76+6.48)/2,2)","v":33.42},"Cum"]
[null,"Deduct pipe portion",2,"x",0.785,"5.76+6.48/2",{"v":1.2,"d":"1.20"},{"v":1.2,"d":"1.200"},{"$f":"-ROUND(C20*E20*G20*H20*(5.76+6.48)/2,2)","v":-13.84},"Cum"]
[]
[null,"Pipe portion",1,"x",1,{"v":3.9,"d":"3.90"},{"v":5.3,"d":"5.30"},{"v":0.3,"d":"0.300"},{"$f":"ROUND(IF(AND(F22:H22),C22*E22*F22*G22*H22,IF(AND(F22,G22),C22*E22*F22*G22,IF(AND(F22,H22),C22*E22*F22*H22,IF(AND(G22,H22),C22*E22*G22*H22,IF(F22,C22*E22*F22,IF(G22,C22*E22*G22,IF(H22,C22*E22*H22,C22*E22))))))),2)","v":{"v":6.2,"d":"6.20"}},"Cum"]
[null,"Body walls",2,"x",1,{"v":4.9,"d":"4.90"},{"v":1.1,"d":"1.10"},{"v":0.3,"d":"0.300"},{"$f":"ROUND(IF(AND(F23:H23),C23*E23*F23*G23*H23,IF(AND(F23,G23),C23*E23*F23*G23,IF(AND(F23,H23),C23*E23*F23*H23,IF(AND(G23,H23),C23*E23*G23*H23,IF(F23,C23*E23*F23,IF(G23,C23*E23*G23,IF(H23,C23*E23*H23,C23*E23))))))),2)","v":3.23},"Cum"]
[null,"Encasement of pipes",1,"x",1,{"v":3.9,"d":"3.90"},"5.76+6.48/2",{"v":1.4,"d":"1.400"},{"$f":"ROUND(C24*E24*F24*H24*(5.76+6.48)/2,2)","v":33.42},"Cum"]
[null,"Deduct pipe portion",2,"x",0.785,"5.76+6.48/2",{"v":1.2,"d":"1.20"},{"v":1.2,"d":"1.200"},{"$f":"-ROUND(C25*E25*G25*H25*(5.76+6.48)/2,2)","v":-13.84},"Cum"]
[]
[{"$nulls":9},"Cum",{"$f":"'CD WORK DATA'!H54","v":5600.99},"1Cum",{"$f":"ROUND(I27*K27/1,0)","v":{"v":0,"d":"0.00"}}]
[3,"Providing and laying reinforced cement concrete pipe 1000 dia NP3 for culverts on first class bedding of granular  material but excluding excavation, protection works, backfilling, concrete and masonry works in head wall and parapets. Tech Specification Clause 1106 MORD.",{"$nulls":11},{"$f":"N72","v":{"v":0,"d":"0.00"}},{"$f":"N69","v":{"v":0,"d":"0.00"}}]
[null,null,2,"x",3,{"v":2.5,"d":"2.50"},{"v":0,"d":"0.00"},{"v":0,"d":"0.000"},{"$f":"ROUND(IF(AND(F29:H29),C29*E29*F29*G29*H29,IF(AND(F29,G29),C29*E29*F29*G29,IF(AND(F29,H29),C29*E29*F29*H29,IF(AND(G29,H29),C29*E29*G29*H29,IF(F29,C29*E29*F29,IF(G29,C29*E29*G29,IF(H29,C29*E29*H29,C29*E29))))))),2)","v":{"v":15,"d":"15.00"}},"Rm"]
[null,null,2,"x",3,{"v":2.5,"d":"2.50"},{"v":0,"d":"0.00"},{"v":0,"d":"0.000"},{"$f":"ROUND(IF(AND(F30:H30),C30*E30*F30*G30*H30,IF(AND(F30,G30),C30*E30*F30*G30,IF(AND(F30,H30),C30*E30*F30*H30,IF(AND(G30,H30),C30*E30*G30*H30,IF(F30,C30*E30*F30,IF(G30,C30*E30*G30,IF(H30,C30*E30*H30,C30*E30))))))),2)","v":{"v":15,"d":"15.00"}},"Rm"]
[]
[{"$nulls":9},"Rm",{"$f":"'CD WORK DATA'!H164","v":9006.27},"1Rm",{"$f":"ROUND(I32*K32/1,0)","v":{"v":0,"d":"0.00"}}]
[4,"Plain cement concrete M 15 grade  using 40,20 & 12mm metal mechanically mixed in Open foundations complete as per drawings and technical specification Clauses 802, 804, 805, 806, 807, 1202 and 1204 MORD and 1500, 1700 & 2200 MORTH ",{"$nulls":11},{"$f":"N77","v":{"v":0,"d":"0.00"}},{"$f":"N74","v":{"v":0,"d":"0.00"}}]
[null,"Body walls",1,"x",2,{"v":4.9,"d":"4.90"},{"v":1.1,"d":"1.10"},{"v":0.3,"d":"0.300"},{"$f":"ROUND(IF(AND(F34:H34),C34*E34*F34*G34*H34,IF(AND(F34,G34),C34*E34*F34*G34,IF(AND(F34,H34),C34*E34*F34*H34,IF(AND(G34,H34),C34*E34*G34*H34,IF(F34,C34*E34*F34,IF(G34,C34*E34*G34,IF(H34,C34*E34*H34,C34*E34))))))),2)","v":3.23},"Cum"]
[null,"Body walls",1,"x",2,{"v":4.9,"d":"4.90"},"0.90+0.45/2",{"v":1.4,"d":"1.400"},{"$f":"ROUND(C35*E35*F35*H35*(0.9+0.45)/2,2)","v":9.26},"Cum"]
[null,"Deduct pipe portion",4,"x",0.785,{"v":1.2,"d":"1.20"},"0.87+0.51/2",{"v":1.2,"d":"1.200"},{"$f":"-ROUND(C36*E36*F36*H36*(0.87+0.51)/2,2)","v":-3.12},"Cum"]
[null,"Parapet wall",1,"x",2,{"v":3.9,"d":"3.90"},0.23,{"v":0.6,"d":"0.600"},{"$f":"ROUND(IF(AND(F37:H37),C37*E37*F37*G37*H37,IF(AND(F37,G37),C37*E37*F37*G37,IF(AND(F37,H37),C37*E37*F37*H37,IF(AND(G37,H37),C37*E37*G37*H37,IF(F37,C37*E37*F37,IF(G37,C37*E37*G37,IF(H37,C37*E37*H37,C37*E37))))))),2)","v":1.08},"Cum"]
[]
[null,"Body walls",1,"x",2,{"v":4.9,"d":"4.90"},{"v":1.1,"d":"1.10"},{"v":0.3,"d":"0.300"},{"$f":"ROUND(IF(AND(F39:H39),C39*E39*F39*G39*H39,IF(AND(F39,G39),C39*E39*F39*G39,IF(AND(F39,H39),C39*E39*F39*H39,IF(AND(G39,H39),C39*E39*G39*H39,IF(F39,C39*E39*F39,IF(G39,C39*E39*G39,IF(H39,C39*E39*H39,C39*E39))))))),2)","v":3.23},"Cum"]
[null,"Body walls",1,"x",2,{"v":4.9,"d":"4.90"},"0.90+0.45/2",{"v":1.4,"d":"1.400"},{"$f":"ROUND(C40*E40*F40*H40*(0.9+0.45)/2,2)","v":9.26},"Cum"]
[null,"Deduct pipe portion",4,"x",0.785,{"v":1.2,"d":"1.20"},"0.87+0.51/2",{"v":1.2,"d":"1.200"},{"$f":"-ROUND(C41*E41*F41*H41*(0.87+0.51)/2,2)","v":-3.12},"Cum"]
[null,"Parapet wall",1,"x",2,{"v":3.9,"d":"3.90"},0.23,{"v":0.6,"d":"0.600"},{"$f":"ROUND(IF(AND(F42:H42),C42*E42*F42*G42*H42,IF(AND(F42,G42),C42*E42*F42*G42,IF(AND(F42,H42),C42*E42*F42*H42,IF(AND(G42,H42),C42*E42*G42*H42,IF(F42,C42*E42*F42,IF(G42,C42*E42*G42,IF(H42,C42*E42*H42,C42*E42))))))),2)","v":1.08},"Cum"]
[]
[{"$nulls":9},"Cum",{"$f":"'CD WORK DATA'!H74","v":{"v":5954.5599999999995,"d":"5954.56"}},"1Cum",{"$f":"ROUND(I44*K44/1,0)","v":{"v":0,"d":"0.00"}}]
[5,"Providing  RCC M-25 grade cement concrete using  using 20 mm to 12 mm Graded HBG crushed Metal ( 66% of 20 mm and 34% of 12mm )s from approved source including cost of all ,materials, machinery, labour, formwork,  scaffolding,placing in position, levelling, vibrating, finishing, curing etc., complete with initial lead upto 50 m and all lifts. for Guide Posts",{"$nulls":11},{"$f":"N83","v":{"v":0,"d":"0.00"}},{"$f":"N80","v":{"v":0,"d":"0.00"}}]
[null,null,20,"x",0.785,{"v":0.2,"d":"0.20"},{"v":0.2,"d":"0.20"},{"v":0.6,"d":"0.60"},{"$f":"ROUND(IF(AND(F46:H46),C46*E46*F46*G46*H46,IF(AND(F46,G46),C46*E46*F46*G46,IF(AND(F46,H46),C46*E46*F46*H46,IF(AND(G46,H46),C46*E46*G46*H46,IF(F46,C46*E46*F46,IF(G46,C46*E46*G46,IF(H46,C46*E46*H46,C46*E46))))))),2)","v":0.38},"Cum"]
[]
[{"$nulls":9},"Cum",{"$f":"'CD WORK DATA'!H114","v":{"v":7542,"d":"7542.00"}},"1Cum",{"$f":"ROUND(I48*K48/1,0)","v":{"v":0,"d":"0.00"}}]
[6,"Supplying, fitting and placing HYSD bar reinforcement in foundation complete as per drawings and technical specifications Clauses 1000 and 1202  MORD & 1100, 1600 MORTH for Bars below 36 mm dia including over laps and wastage, where they are not welded."]
[null,"Guide posts",{"$nulls":6},{"$f":"ROUND((I48*0.2)/0.38,2)","v":{"v":0,"d":"0.00"}},"MT"]
[]
[{"$nulls":8},{"$f":"SUM(I50:I51)","v":{"v":0,"d":"0.00"}},"MT",{"$f":"'CD WORK DATA'!H147","v":86540.55},"1MT",{"$f":"ROUND(I52*K52,0)","v":{"v":0,"d":"0.00"}}]
[7,"Filling with selected earth in trenches, sides of foundations & basement by watering and ramming  including cost and conveyance of material and labour charges etc complete for finished item of the work (APSS No 309& 310) per 1 Cum"]
[null,"Inbetween body walls",1,"x",1,{"$f":"#REF!","v":{"$error":"#REF!"}},"6.3+5.1/2",{"v":0.7,"d":"0.70"},{"$f":"ROUND(C54*E54*F54*H54*(6.3+5.1)/2,2)","v":{"$error":"#REF!"}},"Cum"]
[null,"Deduct pipe portion",1,"x",1,{"$f":"F20","v":"5.76+6.48/2"},"6.3+5.1/2",{"v":0.7,"d":"0.70"},{"$f":"-ROUND(C55*E55*F55*H55*(6.3+5.1)/2,2)","v":{"$error":"#VALUE!"}},"Cum"]
[]
[{"$nulls":9},"Cum",{"$f":"'CD WORK DATA'!H189","v":279.78},"1Cum",{"$f":"ROUND(I57*K57,0)","v":{"v":0,"d":"0.00"}}]
[8,"Plain cement concrete for cc pavement over a prepared sub base, with 43 grade cement or any other type as per Clause 1501.2.2 M20 (Grade), coarse and fine aggregates conforming to IS : 383, mixed in a concrete mixer of not less than 0.2 cum capacity and appropriate weigh batcher , laid in approved fixed side formwork (laying and fixing of 125 micron thick polythene film, wedges,  including levelling the formwork as per drawing), spreading the concrete with sholvels, rakes, compacted using needle and plate vibrators and finished in continuous operation including provision of joints, curing of concrete slabs for 14- days, and water finishing to lines and grade as per drawing  and Technical Specification Clause 1501 MORD "]
[null,"inbetween body walls",1,"x",1,{"$f":"F54","v":{"$error":"#REF!"}},{"v":7.5,"d":"7.50"},{"v":0.17,"d":"0.170"},{"$f":"ROUND(IF(AND(F59:H59),C59*E59*F59*G59*H59,IF(AND(F59,G59),C59*E59*F59*G59,IF(AND(F59,H59),C59*E59*F59*H59,IF(AND(G59,H59),C59*E59*G59*H59,IF(F59,C59*E59*F59,IF(G59,C59*E59*G59,IF(H59,C59*E59*H59,C59*E59))))))),2)","v":{"$error":"#REF!"}},"Cum"]
[]
[{"$nulls":9},"Cum",{"$f":"'CD WORK DATA'!H223","v":7873.37},"1Cum",{"$f":"ROUND(I61*K61/1,0)","v":{"v":0,"d":"0.00"}}]
[]
[null,"Total",{"$nulls":10},{"$f":"SUM(M8:M62)","v":{"v":0,"d":"0.00"}}]
[]
[]
[]
[]
[{"$nulls":6},{"$f":"'lead 2025-26'!$G$37","v":"Deputy Executive Engineer"},{"$nulls":4},{"$f":"'lead 2025-26'!J37","v":"Assistant   Engineer"}]
[{"$nulls":6},{"$f":"'lead 2025-26'!$G$38","v":"PRI Sub Division: Kanigiri"},{"$nulls":4},{"$f":"'lead 2025-26'!J38","v":"Mandal Praja Parishad"}]
[{"$nulls":11},{"$f":"'lead 2025-26'!J39","v":"Pamuru"}]

{"sheet":"SUB-3","index":8,"n_rows":58,"n_cols":15,"rows_kept":58,"merged":[[0,0,0,12],[1,0,1,1],[1,2,1,12],[2,0,2,1],[2,2,2,12],[3,10,3,11],[4,0,5,0],[4,1,5,1],[4,2,5,4],[4,5,4,7],[4,8,5,9],[4,10,5,10],[4,11,5,11],[4,12,5,12],[6,2,6,4],[6,8,6,9],[7,1,7,7],[12,1,12,7],[22,1,22,7],[26,1,26,7],[32,1,32,7],[36,1,36,7],[40,1,40,7],[45,1,45,7],[50,1,50,7]]}
["SUB ESTIMATE-1"]
[{"$f":"'lead 2025-26'!B3","v":"Name of the work : "},null,{"$f":"'lead 2025-26'!C3","v":"Providing BT Surface to the road from Inimerla SC colony to National Highway at Nuchupoda in Inimerla GP of Pamuru Mandal."}]
["Name of the Sub work : ",null,"Construction of 1 row of 1000mm dia Pipe culvert - 3 Nos"]
[]
["Sl. No","Description of Item","No.",null,null,"Measurements",null,null,"Quantity",null,"Rate","Per","Amount  Rs."]
[{"$nulls":5},"L","B","D"]
[1,2,3,null,null,4,5,6,7,null,8,9,10]
[1,"Earthwork in excavation for structures as per drawing and technical specifications Clause 305.1 including setting out, construction of shoring and bracing, removal of stumps and other deleterious material and disposal upto a lead of 50 m, dressing of sides and bottom and backfilling in trenches with excavated suitable material as per Technical Specification 305 MORD / 304 MORTH"]
[null,"Pipe portion",1,"x",3,{"$f":"(1*1.2)+(2*0.2)","v":{"v":1.6,"d":"1.60"}},{"v":5.3,"d":"5.30"},{"v":1,"d":"1.000"},{"$f":"ROUND(IF(AND(F9:H9),C9*E9*F9*G9*H9,IF(AND(F9,G9),C9*E9*F9*G9,IF(AND(F9,H9),C9*E9*F9*H9,IF(AND(G9,H9),C9*E9*G9*H9,IF(F9,C9*E9*F9,IF(G9,C9*E9*G9,IF(H9,C9*E9*H9,C9*E9))))))),2)","v":25.44},"Cum"]
[null,"Body walls",2,"x",3,{"v":5,"d":"5.00"},{"v":1.1,"d":"1.10"},{"v":1.6,"d":"1.600"},{"$f":"ROUND(IF(AND(F10:H10),C10*E10*F10*G10*H10,IF(AND(F10,G10),C10*E10*F10*G10,IF(AND(F10,H10),C10*E10*F10*H10,IF(AND(G10,H10),C10*E10*G10*H10,IF(F10,C10*E10*F10,IF(G10,C10*E10*G10,IF(H10,C10*E10*H10,C10*E10))))))),2)","v":{"v":52.8,"d":"52.80"}},"Cum"]
[]
[{"$nulls":8},{"$f":"SUM(I9:I11)","v":78.24},"Cum",{"$f":"'CD WORK DATA'!H37","v":126.69},"1Cum",{"$f":"ROUND(I12*K12/1,0)","v":{"v":9912,"d":"9912.00"}}]
[2,"Providing concrete for plain concrete M10 Grade in open foundations using 40 mm nominal size Graded hard stone aggregate, mechanically mixed, placed in foundation and compacted by vibration including curing for 14 days complete as per drawings and technical specifications Clause 802, 803, 1202 & 1203 MORD and 1500, 1700 & 2100 MORTH",{"$nulls":11},{"$f":"N60","v":{"v":0,"d":"0.00"}},{"$f":"N57","v":{"v":0,"d":"0.00"}}]
[null,"Pipe portion",1,"x",3,{"$f":"F9","v":{"v":1.6,"d":"1.60"}},{"$f":"G9","v":{"v":5.3,"d":"5.30"}},{"v":0.3,"d":"0.300"},{"$f":"ROUND(IF(AND(F14:H14),C14*E14*F14*G14*H14,IF(AND(F14,G14),C14*E14*F14*G14,IF(AND(F14,H14),C14*E14*F14*H14,IF(AND(G14,H14),C14*E14*G14*H14,IF(F14,C14*E14*F14,IF(G14,C14*E14*G14,IF(H14,C14*E14*H14,C14*E14))))))),2)","v":7.63},"Cum"]
[null,"Body walls",2,"x",3,{"$f":"F10","v":{"v":5,"d":"5.00"}},{"$f":"G10","v":{"v":1.1,"d":"1.10"}},{"v":0.3,"d":"0.300"},{"$f":"ROUND(IF(AND(F15:H15),C15*E15*F15*G15*H15,IF(AND(F15,G15),C15*E15*F15*G15,IF(AND(F15,H15),C15*E15*F15*H15,IF(AND(G15,H15),C15*E15*G15*H15,IF(F15,C15*E15*F15,IF(G15,C15*E15*G15,IF(H15,C15*E15*H15,C15*E15))))))),2)","v":{"v":9.9,"d":"9.90"}},"Cum"]
[]
[null,"Encasement of pipes",null,"x",1,{"$f":"F9","v":{"v":1.6,"d":"1.60"}},{"v":6.6,"d":"6.60"},{"v":1.35,"d":"1.350"},{"$f":"ROUND(IF(AND(F17:H17),C17*E17*F17*G17*H17,IF(AND(F17,G17),C17*E17*F17*G17,IF(AND(F17,H17),C17*E17*F17*H17,IF(AND(G17,H17),C17*E17*G17*H17,IF(F17,C17*E17*F17,IF(G17,C17*E17*G17,IF(H17,C17*E17*H17,C17*E17))))))),2)","v":{"v":0,"d":"0.00"}},"Cum"]
[null,"Deduct pipe portion",null,"x",0.785,{"$f":"G17","v":{"v":6.6,"d":"6.60"}},{"v":1.2,"d":"1.20"},{"v":1.2,"d":"1.200"},{"$f":"-ROUND(IF(AND(F18:H18),C18*E18*F18*G18*H18,IF(AND(F18,G18),C18*E18*F18*G18,IF(AND(F18,H18),C18*E18*F18*H18,IF(AND(G18,H18),C18*E18*G18*H18,IF(F18,C18*E18*F18,IF(G18,C18*E18*G18,IF(H18,C18*E18*H18,C18*E18))))))),2)","v":{"v":0,"d":"0.00"}},"Cum"]
[]
[null,"Inbetween body walls",null,"x",1,{"$f":"F15","v":{"v":5,"d":"5.00"}},{"v":6.6,"d":"6.60"},{"v":0.15,"d":"0.150"},{"$f":"ROUND(IF(AND(F20:H20),C20*E20*F20*G20*H20,IF(AND(F20,G20),C20*E20*F20*G20,IF(AND(F20,H20),C20*E20*F20*H20,IF(AND(G20,H20),C20*E20*G20*H20,IF(F20,C20*E20*F20,IF(G20,C20*E20*G20,IF(H20,C20*E20*H20,C20*E20))))))),2)","v":{"v":0,"d":"0.00"}},"Cum"]
[]
[{"$nulls":8},{"$f":"SUM(I14:I21)","v":17.53},"Cum",{"$f":"'CD WORK DATA'!H54","v":5600.99},"1Cum",{"$f":"ROUND(I22*K22/1,0)","v":{"v":98185,"d":"98185.00"}}]
[3,"Providing and laying reinforced cement concrete pipe 1000 dia NP3 for culverts on first class bedding of granular  material but excluding excavation, protection works, backfilling, concrete and masonry works in head wall and parapets. Tech Specification Clause 1106 MORD.",{"$nulls":11},{"$f":"N60","v":{"v":0,"d":"0.00"}},{"$f":"N57","v":{"v":0,"d":"0.00"}}]
[null,null,3,"x",3,{"v":2.5,"d":"2.50"},{"v":0,"d":"0.00"},{"v":0,"d":"0.000"},{"$f":"ROUND(IF(AND(F24:H24),C24*E24*F24*G24*H24,IF(AND(F24,G24),C24*E24*F24*G24,IF(AND(F24,H24),C24*E24*F24*H24,IF(AND(G24,H24),C24*E24*G24*H24,IF(F24,C24*E24*F24,IF(G24,C24*E24*G24,IF(H24,C24*E24*H24,C24*E24))))))),2)","v":{"v":22.5,"d":"22.50"}},"Rm"]
[]
[{"$nulls":8},{"$f":"SUM(I24:I25)","v":{"v":22.5,"d":"22.50"}},"Rm",{"$f":"'CD WORK DATA'!H164","v":9006.27},"1Rm",{"$f":"ROUND(I26*K26/1,0)","v":{"v":202641,"d":"202641.00"}}]
[4,"Plain cement concrete M 15 grade  using 40,20 & 12mm metal mechanically mixed in Open foundations complete as per drawings and technical specification Clauses 802, 804, 805, 806, 807, 1202 and 1204 MORD and 1500, 1700 & 2200 MORTH ",{"$nulls":11},{"$f":"N65","v":{"v":0,"d":"0.00"}},{"$f":"N62","v":{"v":0,"d":"0.00"}}]
[null,"Body walls",3,"x",2,{"$f":"$F$10","v":{"v":5,"d":"5.00"}},{"v":0.9,"d":"0.90"},{"v":0.6,"d":"0.600"},{"$f":"ROUND(IF(AND(F28:H28),C28*E28*F28*G28*H28,IF(AND(F28,G28),C28*E28*F28*G28,IF(AND(F28,H28),C28*E28*F28*H28,IF(AND(G28,H28),C28*E28*G28*H28,IF(F28,C28*E28*F28,IF(G28,C28*E28*G28,IF(H28,C28*E28*H28,C28*E28))))))),2)","v":{"v":16.2,"d":"16.20"}},"Cum"]
[null,"Body walls",3,"x",2,{"$f":"$F$10","v":{"v":5,"d":"5.00"}},"0.90+0.45/2",{"v":1.5,"d":"1.500"},{"$f":"ROUND(C29*E29*F29*H29*(0.9+0.45)/2,2)","v":30.38},"Cum"]
[null,"Deduct pipe portion",6,"x",0.785,{"v":1.2,"d":"1.20"},{"v":1.2,"d":"1.20"},{"$f":"H29/2","v":{"v":0.75,"d":"0.750"}},{"$f":"-ROUND(IF(AND(F30:H30),C30*E30*F30*G30*H30,IF(AND(F30,G30),C30*E30*F30*G30,IF(AND(F30,H30),C30*E30*F30*H30,IF(AND(G30,H30),C30*E30*G30*H30,IF(F30,C30*E30*F30,IF(G30,C30*E30*G30,IF(H30,C30*E30*H30,C30*E30))))))),2)","v":-5.09},"Cum"]
[]
[{"$nulls":8},{"$f":"SUM(I28:I31)","v":{"v":41.489999999999995,"d":"41.49"}},"Cum",{"$f":"'CD WORK DATA'!H74","v":{"v":5954.5599999999995,"d":"5954.56"}},"1Cum",{"$f":"ROUND(I32*K32/1,0)","v":{"v":247055,"d":"247055.00"}}]
[5,"Providing  RCC M-25 grade cement concrete using  using 20 mm to 12 mm Graded HBG crushed Metal ( 66% of 20 mm and 34% of 12mm )s from approved source including cost of all ,materials, machinery, labour, formwork,  scaffolding,placing in position, levelling, vibrating, finishing, curing etc., complete with initial lead upto 50 m and all lifts. for Guide Posts",{"$nulls":11},{"$f":"N71","v":{"v":0,"d":"0.00"}},{"$f":"N68","v":{"v":0,"d":"0.00"}}]
[null,null,6,"x",0.785,{"v":0.2,"d":"0.20"},{"v":0.2,"d":"0.20"},{"v":0.6,"d":"0.60"},{"$f":"ROUND(IF(AND(F34:H34),C34*E34*F34*G34*H34,IF(AND(F34,G34),C34*E34*F34*G34,IF(AND(F34,H34),C34*E34*F34*H34,IF(AND(G34,H34),C34*E34*G34*H34,IF(F34,C34*E34*F34,IF(G34,C34*E34*G34,IF(H34,C34*E34*H34,C34*E34))))))),2)","v":0.11},"Cum"]
[]
[{"$nulls":9},"Cum",{"$f":"'CD WORK DATA'!H114","v":{"v":7542,"d":"7542.00"}},"1Cum",{"$f":"ROUND(I36*K36/1,0)","v":{"v":0,"d":"0.00"}}]
[6,"Supplying, fitting and placing HYSD bar reinforcement in foundation complete as per drawings and technical specifications Clauses 1000 and 1202  MORD & 1100, 1600 MORTH for Bars below 36 mm dia including over laps and wastage, where they are not welded."]
[null,"Guide posts",{"$nulls":6},{"$f":"ROUND((I36*0.2)/0.38,2)","v":{"v":0,"d":"0.00"}},"MT"]
[]
[{"$nulls":8},{"$f":"SUM(I38:I39)","v":{"v":0,"d":"0.00"}},"MT",{"$f":"'CD WORK DATA'!H147","v":86540.55},"1MT",{"$f":"ROUND(I40*K40,0)","v":{"v":0,"d":"0.00"}}]
[5,"Filling with selected earth in trenches, sides of foundations & basement by watering and ramming  including cost and conveyance of material and labour charges etc complete for finished item of the work (APSS No 309& 310) per 1 Cum"]
[null,"Inbetween body walls",3,"x",1,{"$f":"F29","v":{"v":5,"d":"5.00"}},"6.3+5.1/2",{"v":0.7,"d":"0.70"},{"$f":"ROUND(C42*E42*F42*H42*(6.3+5.1)/2,2)","v":59.85},"Cum"]
[null,"Deduct pipe portion",3,"x",1,{"$f":"F17","v":{"v":1.6,"d":"1.60"}},"6.3+5.1/2",{"v":0.7,"d":"0.70"},{"$f":"-ROUND(C43*E43*F43*H43*(6.3+5.1)/2,2)","v":-19.15},"Cum"]
[]
[{"$nulls":8},{"$f":"SUM(I42:I44)","v":{"v":40.7,"d":"40.70"}},"Cum",{"$f":"'CD WORK DATA'!H189","v":279.78},"1Cum",{"$f":"ROUND(I45*K45,0)","v":{"v":11387,"d":"11387.00"}}]
[8,"Plain cement concrete for cc pavement over a prepared sub base, with 43 grade cement or any other type as per Clause 1501.2.2 M20 (Grade), coarse and fine aggregates conforming to IS : 383, mixed in a concrete mixer of not less than 0.2 cum capacity and appropriate weigh batcher , laid in approved fixed side formwork (laying and fixing of 125 micron thick polythene film, wedges,  including levelling the formwork as per drawing), spreading the concrete with sholvels, rakes, compacted using needle and plate vibrators and finished in continuous operation including provision of joints, curing of concrete slabs for 14- days, and water finishing to lines and grade as per drawing  and Technical Specification Clause 1501 MORD "]
[null,"inbetween body walls",1,"x",1,{"$f":"F42","v":{"v":5,"d":"5.00"}},{"v":7.5,"d":"7.50"},{"v":0.17,"d":"0.170"},{"$f":"ROUND(IF(AND(F47:H47),C47*E47*F47*G47*H47,IF(AND(F47,G47),C47*E47*F47*G47,IF(AND(F47,H47),C47*E47*F47*H47,IF(AND(G47,H47),C47*E47*G47*H47,IF(F47,C47*E47*F47,IF(G47,C47*E47*G47,IF(H47,C47*E47*H47,C47*E47))))))),2)","v":6.38},"Cum"]
[]
[{"$nulls":9},"Cum",{"$f":"'CD WORK DATA'!H223","v":7873.37},"1Cum",{"$f":"ROUND(I49*K49/1,0)","v":{"v":0,"d":"0.00"}}]
[]
[null,"Total",{"$nulls":10},{"$f":"SUM(M8:M50)","v":{"v":569180,"d":"569180.00"}}]
[]
[]
[]
[]
[{"$nulls":6},{"$f":"'lead 2025-26'!$G$37","v":"Deputy Executive Engineer"},{"$nulls":4},{"$f":"'lead 2025-26'!J37","v":"Assistant   Engineer"}]
[{"$nulls":6},{"$f":"'lead 2025-26'!$G$38","v":"PRI Sub Division: Kanigiri"},{"$nulls":4},{"$f":"'lead 2025-26'!J38","v":"Mandal Praja Parishad"}]
[{"$nulls":11},{"$f":"'lead 2025-26'!J39","v":"Pamuru"}]

{"sheet":"SUB-4","index":9,"n_rows":58,"n_cols":15,"rows_kept":58,"hidden":true,"merged":[[0,0,0,12],[1,0,1,1],[1,2,1,12],[2,0,2,1],[2,2,2,12],[3,10,3,11],[4,0,5,0],[4,1,5,1],[4,2,5,4],[4,5,4,7],[4,8,5,9],[4,10,5,10],[4,11,5,11],[4,12,5,12],[6,2,6,4],[6,8,6,9],[7,1,7,7],[12,1,12,7],[22,1,22,7],[26,1,26,7],[32,1,32,7],[36,1,36,7],[40,1,40,7],[45,1,45,7],[50,1,50,7]]}
["SUB ESTIMATE-4"]
[{"$f":"'lead 2025-26'!B3","v":"Name of the work : "},null,{"$f":"'lead 2025-26'!C3","v":"Providing BT Surface to the road from Inimerla SC colony to National Highway at Nuchupoda in Inimerla GP of Pamuru Mandal."}]
["Name of the Sub work : ",null,"Construction of 1 row of 1000mm dia Pipe culvert @ 1/2 to 1/4."]
[]
["Sl. No","Description of Item","No.",null,null,"Measurements",null,null,"Quantity",null,"Rate","Per","Amount  Rs."]
[{"$nulls":5},"L","B","D"]
[1,2,3,null,null,4,5,6,7,null,8,9,10]
[1,"Earthwork in excavation for structures as per drawing and technical specifications Clause 305.1 including setting out, construction of shoring and bracing, removal of stumps and other deleterious material and disposal upto a lead of 50 m, dressing of sides and bottom and backfilling in trenches with excavated suitable material as per Technical Specification 305 MORD / 304 MORTH"]
[null,"Pipe portion",1,"x",1,{"$f":"(1*1.2)+(2*0.2)","v":{"v":1.6,"d":"1.60"}},{"v":5.3,"d":"5.30"},{"v":1,"d":"1.000"},{"$f":"ROUND(IF(AND(F9:H9),C9*E9*F9*G9*H9,IF(AND(F9,G9),C9*E9*F9*G9,IF(AND(F9,H9),C9*E9*F9*H9,IF(AND(G9,H9),C9*E9*G9*H9,IF(F9,C9*E9*F9,IF(G9,C9*E9*G9,IF(H9,C9*E9*H9,C9*E9))))))),2)","v":8.48},"Cum"]
[null,"Body walls",2,"x",1,{"v":5,"d":"5.00"},{"v":1.1,"d":"1.10"},{"v":1.6,"d":"1.600"},{"$f":"ROUND(IF(AND(F10:H10),C10*E10*F10*G10*H10,IF(AND(F10,G10),C10*E10*F10*G10,IF(AND(F10,H10),C10*E10*F10*H10,IF(AND(G10,H10),C10*E10*G10*H10,IF(F10,C10*E10*F10,IF(G10,C10*E10*G10,IF(H10,C10*E10*H10,C10*E10))))))),2)","v":{"v":17.6,"d":"17.60"}},"Cum"]
[]
[{"$nulls":9},"Cum",{"$f":"'CD WORK DATA'!H37","v":126.69},"1Cum",{"$f":"ROUND(I12*K12/1,0)","v":{"v":0,"d":"0.00"}}]
[2,"Providing concrete for plain concrete M10 Grade in open foundations using 40 mm nominal size Graded hard stone aggregate, mechanically mixed, placed in foundation and compacted by vibration including curing for 14 days complete as per drawings and technical specifications Clause 802, 803, 1202 & 1203 MORD and 1500, 1700 & 2100 MORTH",{"$nulls":11},{"$f":"N60","v":{"v":0,"d":"0.00"}},{"$f":"N57","v":{"v":0,"d":"0.00"}}]
[null,"Pipe portion",1,"x",1,{"$f":"F9","v":{"v":1.6,"d":"1.60"}},{"$f":"G9","v":{"v":5.3,"d":"5.30"}},{"v":0.3,"d":"0.300"},{"$f":"ROUND(IF(AND(F14:H14),C14*E14*F14*G14*H14,IF(AND(F14,G14),C14*E14*F14*G14,IF(AND(F14,H14),C14*E14*F14*H14,IF(AND(G14,H14),C14*E14*G14*H14,IF(F14,C14*E14*F14,IF(G14,C14*E14*G14,IF(H14,C14*E14*H14,C14*E14))))))),2)","v":2.54},"Cum"]
[null,"Body walls",2,"x",1,{"$f":"F10","v":{"v":5,"d":"5.00"}},{"$f":"G10","v":{"v":1.1,"d":"1.10"}},{"v":0.3,"d":"0.300"},{"$f":"ROUND(IF(AND(F15:H15),C15*E15*F15*G15*H15,IF(AND(F15,G15),C15*E15*F15*G15,IF(AND(F15,H15),C15*E15*F15*H15,IF(AND(G15,H15),C15*E15*G15*H15,IF(F15,C15*E15*F15,IF(G15,C15*E15*G15,IF(H15,C15*E15*H15,C15*E15))))))),2)","v":{"v":3.3,"d":"3.30"}},"Cum"]
[]
[null,"Encasement of pipes",1,"x",1,{"$f":"F9","v":{"v":1.6,"d":"1.60"}},{"v":6.6,"d":"6.60"},{"v":1.35,"d":"1.350"},{"$f":"ROUND(IF(AND(F17:H17),C17*E17*F17*G17*H17,IF(AND(F17,G17),C17*E17*F17*G17,IF(AND(F17,H17),C17*E17*F17*H17,IF(AND(G17,H17),C17*E17*G17*H17,IF(F17,C17*E17*F17,IF(G17,C17*E17*G17,IF(H17,C17*E17*H17,C17*E17))))))),2)","v":14.26},"Cum"]
[null,"Deduct pipe portion",1,"x",0.785,{"$f":"G17","v":{"v":6.6,"d":"6.60"}},{"v":1.2,"d":"1.20"},{"v":1.2,"d":"1.200"},{"$f":"-ROUND(IF(AND(F18:H18),C18*E18*F18*G18*H18,IF(AND(F18,G18),C18*E18*F18*G18,IF(AND(F18,H18),C18*E18*F18*H18,IF(AND(G18,H18),C18*E18*G18*H18,IF(F18,C18*E18*F18,IF(G18,C18*E18*G18,IF(H18,C18*E18*H18,C18*E18))))))),2)","v":-7.46},"Cum"]
[]
[null,"Inbetween body walls",1,"x",1,{"$f":"F15","v":{"v":5,"d":"5.00"}},{"v":6.6,"d":"6.60"},{"v":0.15,"d":"0.150"},{"$f":"ROUND(IF(AND(F20:H20),C20*E20*F20*G20*H20,IF(AND(F20,G20),C20*E20*F20*G20,IF(AND(F20,H20),C20*E20*F20*H20,IF(AND(G20,H20),C20*E20*G20*H20,IF(F20,C20*E20*F20,IF(G20,C20*E20*G20,IF(H20,C20*E20*H20,C20*E20))))))),2)","v":4.95},"Cum"]
[]
[{"$nulls":9},"Cum",{"$f":"'CD WORK DATA'!H54","v":5600.99},"1Cum",{"$f":"ROUND(I22*K22/1,0)","v":{"v":0,"d":"0.00"}}]
[3,"Providing and laying reinforced cement concrete pipe 1000 dia NP3 for culverts on first class bedding of granular  material but excluding excavation, protection works, backfilling, concrete and masonry works in head wall and parapets. Tech Specification Clause 1106 MORD.",{"$nulls":11},{"$f":"N60","v":{"v":0,"d":"0.00"}},{"$f":"N57","v":{"v":0,"d":"0.00"}}]
[null,null,1,"x",3,{"v":2.5,"d":"2.50"},{"v":0,"d":"0.00"},{"v":0,"d":"0.000"},{"$f":"ROUND(IF(AND(F24:H24),C24*E24*F24*G24*H24,IF(AND(F24,G24),C24*E24*F24*G24,IF(AND(F24,H24),C24*E24*F24*H24,IF(AND(G24,H24),C24*E24*G24*H24,IF(F24,C24*E24*F24,IF(G24,C24*E24*G24,IF(H24,C24*E24*H24,C24*E24))))))),2)","v":{"v":7.5,"d":"7.50"}},"Rm"]
[]
[{"$nulls":9},"Rm",{"$f":"'CD WORK DATA'!H164","v":9006.27},"1Rm",{"$f":"ROUND(I26*K26/1,0)","v":{"v":0,"d":"0.00"}}]
[4,"Plain cement concrete M 15 grade  using 40,20 & 12mm metal mechanically mixed in Open foundations complete as per drawings and technical specification Clauses 802, 804, 805, 806, 807, 1202 and 1204 MORD and 1500, 1700 & 2200 MORTH ",{"$nulls":11},{"$f":"N65","v":{"v":0,"d":"0.00"}},{"$f":"N62","v":{"v":0,"d":"0.00"}}]
[null,"Body walls",1,"x",2,{"$f":"$F$10","v":{"v":5,"d":"5.00"}},{"v":0.9,"d":"0.90"},{"v":0.6,"d":"0.600"},{"$f":"ROUND(IF(AND(F28:H28),C28*E28*F28*G28*H28,IF(AND(F28,G28),C28*E28*F28*G28,IF(AND(F28,H28),C28*E28*F28*H28,IF(AND(G28,H28),C28*E28*G28*H28,IF(F28,C28*E28*F28,IF(G28,C28*E28*G28,IF(H28,C28*E28*H28,C28*E28))))))),2)","v":{"v":5.4,"d":"5.40"}},"Cum"]
[null,"Body walls",1,"x",2,{"$f":"$F$10","v":{"v":5,"d":"5.00"}},"0.90+0.45/2",{"v":1.5,"d":"1.500"},{"$f":"ROUND(C29*E29*F29*H29*(0.9+0.45)/2,2)","v":10.13},"Cum"]
[null,"Deduct pipe portion",2,"x",0.785,{"v":1.2,"d":"1.20"},{"v":1.2,"d":"1.20"},{"$f":"H29/2","v":{"v":0.75,"d":"0.750"}},{"$f":"-ROUND(IF(AND(F30:H30),C30*E30*F30*G30*H30,IF(AND(F30,G30),C30*E30*F30*G30,IF(AND(F30,H30),C30*E30*F30*H30,IF(AND(G30,H30),C30*E30*G30*H30,IF(F30,C30*E30*F30,IF(G30,C30*E30*G30,IF(H30,C30*E30*H30,C30*E30))))))),2)","v":{"v":-1.7,"d":"-1.70"}},"Cum"]
[]
[{"$nulls":9},"Cum",{"$f":"'CD WORK DATA'!H74","v":{"v":5954.5599999999995,"d":"5954.56"}},"1Cum",{"$f":"ROUND(I32*K32/1,0)","v":{"v":0,"d":"0.00"}}]
[5,"Providing  RCC M-25 grade cement concrete using  using 20 mm to 12 mm Graded HBG crushed Metal ( 66% of 20 mm and 34% of 12mm )s from approved source including cost of all ,materials, machinery, labour, formwork,  scaffolding,placing in position, levelling, vibrating, finishing, curing etc., complete with initial lead upto 50 m and all lifts. for Guide Posts",{"$nulls":11},{"$f":"N71","v":{"v":0,"d":"0.00"}},{"$f":"N68","v":{"v":0,"d":"0.00"}}]
[null,null,6,"x",0.785,{"v":0.2,"d":"0.20"},{"v":0.2,"d":"0.20"},{"v":0.6,"d":"0.60"},{"$f":"ROUND(IF(AND(F34:H34),C34*E34*F34*G34*H34,IF(AND(F34,G34),C34*E34*F34*G34,IF(AND(F34,H34),C34*E34*F34*H34,IF(AND(G34,H34),C34*E34*G34*H34,IF(F34,C34*E34*F34,IF(G34,C34*E34*G34,IF(H34,C34*E34*H34,C34*E34))))))),2)","v":0.11},"Cum"]
[]
[{"$nulls":9},"Cum",{"$f":"'CD WORK DATA'!H114","v":{"v":7542,"d":"7542.00"}},"1Cum",{"$f":"ROUND(I36*K36/1,0)","v":{"v":0,"d":"0.00"}}]
[6,"Supplying, fitting and placing HYSD bar reinforcement in foundation complete as per drawings and technical specifications Clauses 1000 and 1202  MORD & 1100, 1600 MORTH for Bars below 36 mm dia including over laps and wastage, where they are not welded."]
[null,"Guide posts",{"$nulls":6},{"$f":"ROUND((I36*0.2)/0.38,2)","v":{"v":0,"d":"0.00"}},"MT"]
[]
[{"$nulls":8},{"$f":"SUM(I38:I39)","v":{"v":0,"d":"0.00"}},"MT",{"$f":"'CD WORK DATA'!H147","v":86540.55},"1MT",{"$f":"ROUND(I40*K40,0)","v":{"v":0,"d":"0.00"}}]
[7,"Filling with selected earth in trenches, sides of foundations & basement by watering and ramming  including cost and conveyance of material and labour charges etc complete for finished item of the work (APSS No 309& 310) per 1 Cum"]
[null,"Inbetween body walls",1,"x",1,{"$f":"F29","v":{"v":5,"d":"5.00"}},"6.3+5.1/2",{"v":0.7,"d":"0.70"},{"$f":"ROUND(C42*E42*F42*H42*(6.3+5.1)/2,2)","v":19.95},"Cum"]
[null,"Deduct pipe portion",1,"x",1,{"$f":"F17","v":{"v":1.6,"d":"1.60"}},"6.3+5.1/2",{"v":0.7,"d":"0.70"},{"$f":"-ROUND(C43*E43*F43*H43*(6.3+5.1)/2,2)","v":-6.38},"Cum"]
[]
[{"$nulls":9},"Cum",{"$f":"'CD WORK DATA'!H189","v":279.78},"1Cum",{"$f":"ROUND(I45*K45,0)","v":{"v":0,"d":"0.00"}}]
[8,"Plain cement concrete for cc pavement over a prepared sub base, with 43 grade cement or any other type as per Clause 1501.2.2 M20 (Grade), coarse and fine aggregates conforming to IS : 383, mixed in a concrete mixer of not less than 0.2 cum capacity and appropriate weigh batcher , laid in approved fixed side formwork (laying and fixing of 125 micron thick polythene film, wedges,  including levelling the formwork as per drawing), spreading the concrete with sholvels, rakes, compacted using needle and plate vibrators and finished in continuous operation including provision of joints, curing of concrete slabs for 14- days, and water finishing to lines and grade as per drawing  and Technical Specification Clause 1501 MORD "]
[null,"inbetween body walls",1,"x",1,{"$f":"F42","v":{"v":5,"d":"5.00"}},{"v":7.5,"d":"7.50"},{"v":0.17,"d":"0.170"},{"$f":"ROUND(IF(AND(F47:H47),C47*E47*F47*G47*H47,IF(AND(F47,G47),C47*E47*F47*G47,IF(AND(F47,H47),C47*E47*F47*H47,IF(AND(G47,H47),C47*E47*G47*H47,IF(F47,C47*E47*F47,IF(G47,C47*E47*G47,IF(H47,C47*E47*H47,C47*E47))))))),2)","v":6.38},"Cum"]
[]
[{"$nulls":9},"Cum",{"$f":"'CD WORK DATA'!H223","v":7873.37},"1Cum",{"$f":"ROUND(I49*K49/1,0)","v":{"v":0,"d":"0.00"}}]
[]
[null,"Total",{"$nulls":10},{"$f":"SUM(M8:M50)","v":{"v":0,"d":"0.00"}}]
[]
[]
[]
[]
[{"$nulls":6},{"$f":"'lead 2025-26'!$G$37","v":"Deputy Executive Engineer"},{"$nulls":4},{"$f":"'lead 2025-26'!J37","v":"Assistant   Engineer"}]
[{"$nulls":6},{"$f":"'lead 2025-26'!$G$38","v":"PRI Sub Division: Kanigiri"},{"$nulls":4},{"$f":"'lead 2025-26'!J38","v":"Mandal Praja Parishad"}]
[{"$nulls":11},{"$f":"'lead 2025-26'!J39","v":"Pamuru"}]

{"sheet":"sub-5","index":10,"n_rows":31,"n_cols":15,"rows_kept":31,"hidden":true,"merged":[[0,0,0,12],[1,0,1,1],[1,2,1,12],[2,0,2,1],[2,2,2,12],[3,10,3,11],[4,0,5,0],[4,1,5,1],[4,2,5,4],[4,5,4,7],[4,8,5,9],[4,10,5,10],[4,11,5,11],[4,12,5,12],[6,2,6,4],[6,8,6,9],[7,1,7,7],[11,1,11,7],[18,1,18,7],[23,1,23,7]]}
["SUB ESTIMATE-5"]
[{"$f":"'lead 2025-26'!B3","v":"Name of the work : "},null,{"$f":"'lead 2025-26'!C3","v":"Providing BT Surface to the road from Inimerla SC colony to National Highway at Nuchupoda in Inimerla GP of Pamuru Mandal."}]
["Name of the Sub work : ",null,"Construction of 1 row of 600mm dia Pipe culvert @ 1/6 to 1/8."]
[]
["Sl. No","Description of Item","No.",null,null,"Measurements",null,null,"Quantity",null,"Rate","Per","Amount  Rs."]
[{"$nulls":5},"L","B","D"]
[1,2,3,null,null,4,5,6,7,null,8,9,10]
[1,"Earthwork in excavation for structures as per drawing and technical specifications Clause 305.1 including setting out, construction of shoring and bracing, removal of stumps and other deleterious material and disposal upto a lead of 50 m, dressing of sides and bottom and backfilling in trenches with excavated suitable material as per Technical Specification 305 MORD / 304 MORTH"]
[null,"Pipe portion",1,"x",1,{"$f":"(1*0.75)+(2*0.2)","v":1.15},{"v":5.3,"d":"5.30"},{"v":0.9,"d":"0.900"},{"$f":"ROUND(IF(AND(F9:H9),C9*E9*F9*G9*H9,IF(AND(F9,G9),C9*E9*F9*G9,IF(AND(F9,H9),C9*E9*F9*H9,IF(AND(G9,H9),C9*E9*G9*H9,IF(F9,C9*E9*F9,IF(G9,C9*E9*G9,IF(H9,C9*E9*H9,C9*E9))))))),2)","v":5.49},"Cum"]
[]
[{"$nulls":9},"Cum",{"$f":"'CD WORK DATA'!H37","v":126.69},"1Cum",{"$f":"ROUND(I11*K11/1,0)","v":{"v":0,"d":"0.00"}}]
[2,"Providing concrete for plain concrete M10 Grade in open foundations using 40 mm nominal size Graded hard stone aggregate, mechanically mixed, placed in foundation and compacted by vibration including curing for 14 days complete as per drawings and technical specifications Clause 802, 803, 1202 & 1203 MORD and 1500, 1700 & 2100 MORTH",{"$nulls":11},{"$f":"N33","v":{"v":0,"d":"0.00"}},{"$f":"N30","v":{"v":0,"d":"0.00"}}]
[null,"Pipe portion",1,"x",1,{"$f":"F9","v":1.15},{"$f":"G9","v":{"v":5.3,"d":"5.30"}},{"v":0.15,"d":"0.150"},{"$f":"ROUND(IF(AND(F13:H13),C13*E13*F13*G13*H13,IF(AND(F13,G13),C13*E13*F13*G13,IF(AND(F13,H13),C13*E13*F13*H13,IF(AND(G13,H13),C13*E13*G13*H13,IF(F13,C13*E13*F13,IF(G13,C13*E13*G13,IF(H13,C13*E13*H13,C13*E13))))))),2)","v":0.91},"Cum"]
[]
[null,"Encasement of pipes",1,"x",1,{"$f":"F9","v":1.15},{"v":6.6,"d":"6.60"},{"v":1.35,"d":"1.350"},{"$f":"ROUND(IF(AND(F15:H15),C15*E15*F15*G15*H15,IF(AND(F15,G15),C15*E15*F15*G15,IF(AND(F15,H15),C15*E15*F15*H15,IF(AND(G15,H15),C15*E15*G15*H15,IF(F15,C15*E15*F15,IF(G15,C15*E15*G15,IF(H15,C15*E15*H15,C15*E15))))))),2)","v":10.25},"Cum"]
[null,"Deduct pipe portion",1,"x",0.785,{"$f":"G15","v":{"v":6.6,"d":"6.60"}},{"v":1.2,"d":"1.20"},{"v":1.2,"d":"1.200"},{"$f":"-ROUND(IF(AND(F16:H16),C16*E16*F16*G16*H16,IF(AND(F16,G16),C16*E16*F16*G16,IF(AND(F16,H16),C16*E16*F16*H16,IF(AND(G16,H16),C16*E16*G16*H16,IF(F16,C16*E16*F16,IF(G16,C16*E16*G16,IF(H16,C16*E16*H16,C16*E16))))))),2)","v":-7.46},"Cum"]
[]
[{"$nulls":9},"Cum",{"$f":"'CD WORK DATA'!H54","v":5600.99},"1Cum",{"$f":"ROUND(I18*K18/1,0)","v":{"v":0,"d":"0.00"}}]
[3,"Providing and laying reinforced cement concrete pipe 600 dia NP3 for culverts on first class bedding of granular  material but excluding excavation, protection works, backfilling, concrete and masonry works in head wall and parapets. Tech Specification Clause 1106 MORD.",{"$nulls":11},{"$f":"N33","v":{"v":0,"d":"0.00"}},{"$f":"N30","v":{"v":0,"d":"0.00"}}]
[null,null,1,"x",3,{"v":2.5,"d":"2.50"},{"v":0,"d":"0.00"},{"v":0,"d":"0.000"},{"$f":"ROUND(IF(AND(F20:H20),C20*E20*F20*G20*H20,IF(AND(F20,G20),C20*E20*F20*G20,IF(AND(F20,H20),C20*E20*F20*H20,IF(AND(G20,H20),C20*E20*G20*H20,IF(F20,C20*E20*F20,IF(G20,C20*E20*G20,IF(H20,C20*E20*H20,C20*E20))))))),2)","v":{"v":7.5,"d":"7.50"}},"Rm"]
[]
[{"$nulls":9},"Rm",{"$f":"'CD WORK DATA'!H182","v":3804.82},"1Rm",{"$f":"ROUND(I22*K22/1,0)","v":{"v":0,"d":"0.00"}}]
[]
[null,"Total",{"$nulls":10},{"$f":"SUM(M8:M23)","v":{"v":0,"d":"0.00"}}]
[]
[]
[]
[]
[{"$nulls":6},{"$f":"'lead 2025-26'!$G$37","v":"Deputy Executive Engineer"},{"$nulls":4},{"$f":"'lead 2025-26'!J37","v":"Assistant   Engineer"}]
[{"$nulls":6},{"$f":"'lead 2025-26'!$G$38","v":"PRI Sub Division: Kanigiri"},{"$nulls":4},{"$f":"'lead 2025-26'!J38","v":"Mandal Praja Parishad"}]
[{"$nulls":11},{"$f":"'lead 2025-26'!J39","v":"Pamuru"}]

{"sheet":"sub-6","index":11,"n_rows":40,"n_cols":13,"rows_kept":40,"merged":[[0,0,0,12],[1,0,1,1],[1,2,1,12],[2,0,2,1],[2,2,2,12],[3,10,3,11],[4,0,5,0],[4,1,5,1],[4,2,5,4],[4,5,4,7],[4,8,5,9],[4,10,5,10],[4,11,5,11],[4,12,5,12],[6,2,6,4],[6,8,6,9],[7,1,7,7],[11,1,11,7],[15,1,15,7],[19,1,19,7],[23,1,23,7],[27,1,27,7],[32,1,32,7]]}
["SUB ESTIMATE-2"]
[{"$f":"'lead 2025-26'!B3","v":"Name of the work : "},null,{"$f":"'lead 2025-26'!C3","v":"Providing BT Surface to the road from Inimerla SC colony to National Highway at Nuchupoda in Inimerla GP of Pamuru Mandal."}]
["Name of the Sub work : ",null,"Construction of Road Safety interventions"]
[]
["Sl. No","Description of Item","No.",null,null,"Measurements",null,null,"Quantity",null,"Rate","Per","Amount  Rs."]
[{"$nulls":5},"L","B","D"]
[1,2,3,null,null,4,5,6,7,null,8,9,10]
[1,"Supply and fixing of KM Stones including painting and required  lettering."]
[null,"KM stones",1,"x",3,{"v":0,"d":"0.00"},{"v":0,"d":"0.00"},{"v":0,"d":"0.000"},{"$f":"ROUND(IF(AND(F9:H9),C9*E9*F9*G9*H9,IF(AND(F9,G9),C9*E9*F9*G9,IF(AND(F9,H9),C9*E9*F9*H9,IF(AND(G9,H9),C9*E9*G9*H9,IF(F9,C9*E9*F9,IF(G9,C9*E9*G9,IF(H9,C9*E9*H9,C9*E9))))))),2)","v":3},"No"]
[]
[{"$nulls":8},{"$f":"SUM(I9:I10)","v":3},"No",{"$f":"'Data Road safety'!G136","v":3148.81},"1Cum",{"$f":"ROUND(I11*K11/1,0)","v":{"v":9446,"d":"9446.00"}}]
[2,"Supply and fixing of HM Stones including painting and required  lettering."]
[null,"HM stones",1,"x",7,{"v":0,"d":"0.00"},{"v":0,"d":"0.00"},{"v":0,"d":"0.000"},{"$f":"ROUND(IF(AND(F13:H13),C13*E13*F13*G13*H13,IF(AND(F13,G13),C13*E13*F13*G13,IF(AND(F13,H13),C13*E13*F13*H13,IF(AND(G13,H13),C13*E13*G13*H13,IF(F13,C13*E13*F13,IF(G13,C13*E13*G13,IF(H13,C13*E13*H13,C13*E13))))))),2)","v":7},"No"]
[]
[{"$nulls":8},{"$f":"SUM(I13:I14)","v":7},"No",{"$f":"'Data Road safety'!G160","v":883.73},"1Cum",{"$f":"ROUND(I15*K15/1,0)","v":{"v":6186,"d":"6186.00"}}]
[3,"Providing and fixing of retro-reflectorised cautionary,mandatory and informatory sign as per IRC:67 made of encapsulated lens type reflective sheeting vide clause 1701.2.3 MORD fixed over aluminium sheeting 1.50 mm thick supported on a mild steel iron post 75mmx75 mm x6 mm firmly fixed to the ground by means of properly designed foundation with M15 cement concrete 450mm x450mmx600 mm,600 mm below ground level as per drawings and technical specification clause 1701 MORD"]
[null,"Sign board",1,"x",2,{"v":0,"d":"0.00"},{"v":0,"d":"0.00"},{"v":0,"d":"0.000"},{"$f":"ROUND(IF(AND(F17:H17),C17*E17*F17*G17*H17,IF(AND(F17,G17),C17*E17*F17*G17,IF(AND(F17,H17),C17*E17*F17*H17,IF(AND(G17,H17),C17*E17*G17*H17,IF(F17,C17*E17*F17,IF(G17,C17*E17*G17,IF(H17,C17*E17*H17,C17*E17))))))),2)","v":2},"No"]
[]
[{"$nulls":9},"No",{"$f":"'Data Road safety'!G184","v":{"v":2623.842,"d":"2623.84"}},"1Sqm",{"$f":"ROUND(I19*K19/1,0)","v":{"v":0,"d":"0.00"}}]
[4,"Providing and erecting direction and place identification of retroreflective reflective sign boards as per as per IRC 67 made of 2 mm thick MS sheet duly stove enameled paint white colour in front and grey colour on back with reflective border of 70mm width& required message letters & figures with reflective tape engineering grade as per  MoRD specifications of required shade & colour supported & welded on two numbers  47mmX47mmX12SWG sheet tube of 3050 mm height duly strengthened by 25 mm x 5 mm MS flat iron on edges on back firmly fixed to ground by mean of property designed foundation with M-20 grade cement concrete 450mmX600mmX600mm below ground level as per approved drawing clause 1701"]
[null,"Main informatory Board",1,"x",1,{"v":1.5,"d":"1.50"},{"v":0,"d":"0.00"},{"v":1.2,"d":"1.200"},{"$f":"ROUND(IF(AND(F21:H21),C21*E21*F21*G21*H21,IF(AND(F21,G21),C21*E21*F21*G21,IF(AND(F21,H21),C21*E21*F21*H21,IF(AND(G21,H21),C21*E21*G21*H21,IF(F21,C21*E21*F21,IF(G21,C21*E21*G21,IF(H21,C21*E21*H21,C21*E21))))))),2)","v":{"v":1.8,"d":"1.80"}},"Sqm"]
[]
[{"$nulls":9},"Sqm",{"$f":"'Data Road safety'!G205","v":2222.59},"1Sqm",{"$f":"ROUND(I23*K23/1,0)","v":{"v":0,"d":"0.00"}}]
[5,"Providing and erecting direction and place identification retro-reflective Village boards sign as per IRC:67 made of encapsulated lens type refective type sheeting vide clause 1701.2.3 MORD fixed over aluiminium sheeting,2 mm thick with area not exceeding 0.90 sqm supported on 47mmx47mmx12SWG sheet tube of 3050 mm height duly strengthned by 25mm x5mm MS flat iron on edges on black firmly fixed to ground by means of propoerly designed foundation with M15 grade cement concrete 450x600 mmx600 mm below groubd level as per drawings and technical specification clause 1701 MORD."]
[null,"Village board",2,"x",1,{"v":0.9,"d":"0.90"},{"v":0,"d":"0.00"},{"v":0.6,"d":"0.600"},{"$f":"ROUND(IF(AND(F25:H25),C25*E25*F25*G25*H25,IF(AND(F25,G25),C25*E25*F25*G25,IF(AND(F25,H25),C25*E25*F25*H25,IF(AND(G25,H25),C25*E25*G25*H25,IF(F25,C25*E25*F25,IF(G25,C25*E25*G25,IF(H25,C25*E25*H25,C25*E25))))))),2)","v":1.08},"Sqm"]
[]
[{"$nulls":9},"Sqm",{"$f":"'Data Road safety'!G227","v":{"v":2222.6556666666665,"d":"2222.66"}},"1Sqm",{"$f":"ROUND(I27*K27/1,0)","v":{"v":0,"d":"0.00"}}]
[3,"Pavement markings with hot line applied Thermo plastic compound 2.50 mm thick including reflecting glass beads at 250 gms/sqm, thickness of 2.5mm is exclusive of surface applied glass beads for providing centerline marking 300 cms length and 10cm width with a gap of 450 cms including cost and convenyace of all materials  equipment machinary and labour with all leads and lifts loading and unloading charges necessary for sucessful completion of work as directed by the Engineer-in-Charge and confirming to IS 164 - 1981 (1st revison reaffirmed in 1986) and clause 803 of MOST specification for roads and bridge works and also confirming to IRC 35 -1997 "]
[null,null,2,"x",1,{"v":1680,"d":"1680.00"},{"v":0,"d":"0.00"},{"v":0.1,"d":"0.100"},{"$f":"ROUND(IF(AND(F29:H29),C29*E29*F29*G29*H29,IF(AND(F29,G29),C29*E29*F29*G29,IF(AND(F29,H29),C29*E29*F29*H29,IF(AND(G29,H29),C29*E29*G29*H29,IF(F29,C29*E29*F29,IF(G29,C29*E29*G29,IF(H29,C29*E29*H29,C29*E29))))))),2)","v":{"v":336,"d":"336.00"}},"Sqm"]
[]
[{"$nulls":8},{"$f":"SUM(I29:I30)","v":{"v":336,"d":"336.00"}},"Sqm",{"$f":"'Data Road safety'!G232","v":636.24},"1Sqm",{"$f":"ROUND(I31*K31/1,0)","v":{"v":213777,"d":"213777.00"}}]
[]
[null,"Total",{"$nulls":10},{"$f":"SUM(M8:M32)","v":{"v":229409,"d":"229409.00"}}]
[]
[]
[]
[]
[{"$nulls":6},{"$f":"'lead 2025-26'!$G$37","v":"Deputy Executive Engineer"},{"$nulls":4},{"$f":"'lead 2025-26'!J37","v":"Assistant   Engineer"}]
[{"$nulls":6},{"$f":"'lead 2025-26'!$G$38","v":"PRI Sub Division: Kanigiri"},{"$nulls":4},{"$f":"'lead 2025-26'!J38","v":"Mandal Praja Parishad"}]
[{"$nulls":11},{"$f":"'lead 2025-26'!J39","v":"Pamuru"}]

{"sheet":"seigneorage","index":12,"n_rows":91,"n_cols":16,"rows_kept":91,"merged":[[0,0,0,14],[1,0,1,14],[2,12,2,13],[3,1,3,5],[80,1,80,5],[81,1,81,5],[82,1,82,5],[83,1,83,5]]}
["SEIGNEORAGE STATEMENT"]
[{"$f":"'lead 2025-26'!B3&'lead 2025-26'!C3","v":"Name of the work : Providing BT Surface to the road from Inimerla SC colony to National Highway at Nuchupoda in Inimerla GP of Pamuru Mandal."}]
[{"$nulls":11},"Est Rs.",{"$f":"'lead 2025-26'!K4","v":"140.00 Lakhs"}]
["S.No","Description of Item",{"$nulls":5},"Earth","Sand","Granular sub base","40mm Metal","20mm Metal","12mm Metal","Other Metals","Cement"]
[5,"Embankment","Earth",{"$f":"MAIN!I21","v":{"v":0,"d":"0.00"}},null,null,"=",{"$f":"D5","v":{"v":0,"d":"0.00"}}]
[1,"carted earthwork","Earth",{"$f":"MAIN!I25","v":{"v":3360,"d":"3360.00"}},null,null,"=",{"$f":"D6","v":{"v":3360,"d":"3360.00"}}]
[2,"Subgrade","Earth",{"$f":"MAIN!I43","v":{"v":0,"d":"0.00"}},null,null,"=",{"$f":"D7","v":{"v":0,"d":"0.00"}}]
[2,"Granular sub base","Metal",{"$f":"MAIN!I47","v":{"v":672,"d":"672.00"}},"x",{"v":1.2,"d":"1.20"},"=",null,null,{"$f":"ROUND((D8*1.2)/1*1,2)","v":{"v":806.4,"d":"806.40"}}]
[3,"Wetmix","Metal",{"$f":"MAIN!I51","v":{"v":945,"d":"945.00"}},"x",1.33,"=",{"$nulls":6},{"$f":"ROUND((D9*1.33)/1*1,2)","v":1256.85}]
[5,"BM","Metal",{"$f":"MAIN!I69","v":{"v":0,"d":"0.00"}},"x",1.42,"=",{"$nulls":6},{"$f":"ROUND((D10*F10)/1*1,2)","v":{"v":0,"d":"0.00"}}]
[4,"SDBC","Metal",{"$f":"MAIN!I73","v":{"v":157.5,"d":"157.50"}},"x",{"$f":"285/195","v":{"v":1.4615384615384615,"d":"1.46"}},"=",{"$nulls":6},{"$f":"ROUND((D11*1.46)/1*1,2)","v":229.95}]
[5,"Shoulders","Earth",{"$f":"MAIN!I77","v":{"v":907.2,"d":"907.20"}},null,null,"=",{"$f":"D12","v":{"v":907.2,"d":"907.20"}}]
[8,"CC Pavement M-20","Metal",{"$f":"MAIN!I81","v":{"v":0,"d":"0.00"}},"x",0.594,"=",{"$nulls":4},{"$f":"ROUND(D13*F13,2)","v":{"v":0,"d":"0.00"}},null,null,{"$f":"ROUND(D13*330/1000,2)","v":{"v":0,"d":"0.00"}}]
[null,null,"Metal",{"$f":"D13","v":{"v":0,"d":"0.00"}},"x",0.306,{"$nulls":6},{"$f":"ROUND(D14*F14,2)","v":{"v":0,"d":"0.00"}}]
[null,null,"Sand",{"$f":"D14","v":{"v":0,"d":"0.00"}},"x",0.45,"=",null,{"$f":"ROUND(D15*F15,2)","v":{"v":0,"d":"0.00"}}]
[null,"Sub estimate"]
[9,"Earthwork","Earth",{"$f":"'SUB-1'!I19","v":{"v":0,"d":"0.00"}},null,null,"=",{"$f":"D17","v":{"v":0,"d":"0.00"}}]
[10,"PCC M-10 Grade","Metal",{"$f":"'SUB-1'!I26","v":{"v":0,"d":"0.00"}},"x",{"v":0.9,"d":"0.900"},"=",{"$nulls":3},{"$f":"ROUND(D18*F18,2)","v":{"v":0,"d":"0.00"}},{"$nulls":3},{"$f":"ROUND(D18*220/1000,2)","v":{"v":0,"d":"0.00"}}]
[null,null,"Sand",{"$f":"D18","v":{"v":0,"d":"0.00"}},"x",0.45,"=",null,{"$f":"ROUND(D19*F19,2)","v":{"v":0,"d":"0.00"}}]
[11,"PCC M-15 grade","Metal",{"$f":"'SUB-1'!I37","v":{"v":0,"d":"0.00"}},"x",{"v":0.48,"d":"0.480"},"=",{"$nulls":3},{"$f":"ROUND(D20*F20,2)","v":{"v":0,"d":"0.00"}},{"$nulls":3},{"$f":"ROUND(D20*275/1000,2)","v":{"v":0,"d":"0.00"}}]
[null,null,"Metal",{"$f":"D20","v":{"v":0,"d":"0.00"}},"x",{"v":0.24,"d":"0.240"},"=",{"$nulls":4},{"$f":"ROUND(D21*F21,2)","v":{"v":0,"d":"0.00"}}]
[null,null,"Metal",{"$f":"D21","v":{"v":0,"d":"0.00"}},"x",{"v":0.08,"d":"0.080"},"=",{"$nulls":5},{"$f":"ROUND(D22*F22,2)","v":{"v":0,"d":"0.00"}}]
[null,null,"Sand",{"$f":"D22","v":{"v":0,"d":"0.00"}},"x",0.48,"=",null,{"$f":"ROUND(D23*F23,2)","v":{"v":0,"d":"0.00"}}]
[10,"Guide posts","Metal",{"$f":"'SUB-1'!I42","v":{"v":0,"d":"0.00"}},"x",0.594,"=",{"$nulls":4},{"$f":"ROUND(D24*F24,2)","v":{"v":0,"d":"0.00"}},null,null,{"$f":"ROUND(D24*403/1000,2)","v":{"v":0,"d":"0.00"}},{"$f":"ROUND(D24*403/1000,2)","v":{"v":0,"d":"0.000"}}]
[null,null,"Metal",{"$f":"D24","v":{"v":0,"d":"0.00"}},"x",0.306,"=",{"$nulls":5},{"$f":"ROUND(D25*F25,2)","v":{"v":0,"d":"0.00"}}]
[null,null,"Sand",{"$f":"D25","v":{"v":0,"d":"0.00"}},"x",0.45,"=",null,{"$f":"ROUND(D26*F26,2)","v":{"v":0,"d":"0.00"}}]
[11,"CC Pavement M-20","Metal",{"$f":"'SUB-1'!I55","v":{"v":0,"d":"0.00"}},"x",0.594,"=",{"$nulls":4},{"$f":"ROUND(D27*F27,2)","v":{"v":0,"d":"0.00"}},null,null,{"$f":"ROUND(D27*330/1000,2)","v":{"v":0,"d":"0.00"}}]
[null,null,"Metal",{"$f":"D27","v":{"v":0,"d":"0.00"}},"x",0.306,{"$nulls":6},{"$f":"ROUND(D28*F28,2)","v":{"v":0,"d":"0.00"}}]
[null,null,"Sand",{"$f":"D28","v":{"v":0,"d":"0.00"}},"x",0.45,"=",null,{"$f":"ROUND(D29*F29,2)","v":{"v":0,"d":"0.00"}}]
[null,"Sub estimate"]
[12,"Earthwork","Earth",{"$f":"'SUB-2'!I15","v":{"v":0,"d":"0.00"}},null,null,"=",{"$f":"D31","v":{"v":0,"d":"0.00"}}]
[13,"PCC M-10 Grade","Metal",{"$f":"'SUB-2'!I27","v":{"v":0,"d":"0.00"}},"x",{"v":0.9,"d":"0.900"},"=",{"$nulls":3},{"$f":"ROUND(D32*F32,2)","v":{"v":0,"d":"0.00"}},{"$nulls":3},{"$f":"ROUND(D32*220/1000,2)","v":{"v":0,"d":"0.00"}}]
[null,null,"Sand",{"$f":"D32","v":{"v":0,"d":"0.00"}},"x",0.45,"=",null,{"$f":"ROUND(D33*F33,2)","v":{"v":0,"d":"0.00"}}]
[14,"PCC M-15 grade","Metal",{"$f":"'SUB-2'!I44","v":{"v":0,"d":"0.00"}},"x",{"v":0.48,"d":"0.480"},"=",{"$nulls":3},{"$f":"ROUND(D34*F34,2)","v":{"v":0,"d":"0.00"}},{"$nulls":3},{"$f":"ROUND(D34*275/1000,2)","v":{"v":0,"d":"0.00"}}]
[null,null,"Metal",{"$f":"D34","v":{"v":0,"d":"0.00"}},"x",{"v":0.24,"d":"0.240"},"=",{"$nulls":4},{"$f":"ROUND(D35*F35,2)","v":{"v":0,"d":"0.00"}}]
[null,null,"Metal",{"$f":"D35","v":{"v":0,"d":"0.00"}},"x",{"v":0.08,"d":"0.080"},"=",{"$nulls":5},{"$f":"ROUND(D36*F36,2)","v":{"v":0,"d":"0.00"}}]
[null,null,"Sand",{"$f":"D36","v":{"v":0,"d":"0.00"}},"x",0.48,"=",null,{"$f":"ROUND(D37*F37,2)","v":{"v":0,"d":"0.00"}}]
[15,"Guide posts","Metal",{"$f":"'SUB-2'!I48","v":{"v":0,"d":"0.00"}},"x",0.594,"=",{"$nulls":4},{"$f":"ROUND(D38*F38,2)","v":{"v":0,"d":"0.00"}},null,null,{"$f":"ROUND(D38*403/1000,2)","v":{"v":0,"d":"0.00"}},{"$f":"ROUND(D38*403/1000,2)","v":{"v":0,"d":"0.000"}}]
[null,null,"Metal",{"$f":"D38","v":{"v":0,"d":"0.00"}},"x",0.306,"=",{"$nulls":5},{"$f":"ROUND(D39*F39,2)","v":{"v":0,"d":"0.00"}}]
[null,null,"Sand",{"$f":"D39","v":{"v":0,"d":"0.00"}},"x",0.45,"=",null,{"$f":"ROUND(D40*F40,2)","v":{"v":0,"d":"0.00"}}]
[16,"CC Pavement M-20","Metal",{"$f":"'SUB-2'!I61","v":{"v":0,"d":"0.00"}},"x",0.594,"=",{"$nulls":4},{"$f":"ROUND(D41*F41,2)","v":{"v":0,"d":"0.00"}},null,null,{"$f":"ROUND(D41*330/1000,2)","v":{"v":0,"d":"0.00"}}]
[null,null,"Metal",{"$f":"D41","v":{"v":0,"d":"0.00"}},"x",0.306,{"$nulls":6},{"$f":"ROUND(D42*F42,2)","v":{"v":0,"d":"0.00"}}]
[null,null,"Sand",{"$f":"D42","v":{"v":0,"d":"0.00"}},"x",0.45,"=",null,{"$f":"ROUND(D43*F43,2)","v":{"v":0,"d":"0.00"}}]
[null,"Sub estimate"]
[6,"Earthwork","Earth",{"$f":"'SUB-3'!I12","v":78.24},null,null,"=",{"$f":"D45","v":78.24}]
[7,"PCC M-10 Grade","Metal",{"$f":"'SUB-3'!I22","v":17.53},"x",{"v":0.9,"d":"0.900"},"=",{"$nulls":3},{"$f":"ROUND(D46*F46,2)","v":15.78},{"$nulls":3},{"$f":"ROUND(D46*220/1000,2)","v":3.86}]
[null,null,"Sand",{"$f":"D46","v":17.53},"x",0.45,"=",null,{"$f":"ROUND(D47*F47,2)","v":7.89}]
[8,"PCC M-15 grade","Metal",{"$f":"'SUB-3'!I32","v":{"v":41.489999999999995,"d":"41.49"}},"x",{"v":0.48,"d":"0.480"},"=",{"$nulls":3},{"$f":"ROUND(D48*F48,2)","v":19.92},{"$nulls":3},{"$f":"ROUND(D48*275/1000,2)","v":11.41}]
[null,null,"Metal",{"$f":"D48","v":{"v":41.489999999999995,"d":"41.49"}},"x",{"v":0.24,"d":"0.240"},"=",{"$nulls":4},{"$f":"ROUND(D49*F49,2)","v":9.96}]
[null,null,"Metal",{"$f":"D49","v":{"v":41.489999999999995,"d":"41.49"}},"x",{"v":0.08,"d":"0.080"},"=",{"$nulls":5},{"$f":"ROUND(D50*F50,2)","v":3.32}]
[null,null,"Sand",{"$f":"D50","v":{"v":41.489999999999995,"d":"41.49"}},"x",0.48,"=",null,{"$f":"ROUND(D51*F51,2)","v":19.92}]
[20,"Guide posts","Metal",{"$f":"'SUB-3'!I36","v":{"v":0,"d":"0.00"}},"x",0.594,"=",{"$nulls":4},{"$f":"ROUND(D52*F52,2)","v":{"v":0,"d":"0.00"}},null,null,{"$f":"ROUND(D52*403/1000,2)","v":{"v":0,"d":"0.00"}},{"$f":"ROUND(D52*403/1000,2)","v":{"v":0,"d":"0.000"}}]
[null,null,"Metal",{"$f":"D52","v":{"v":0,"d":"0.00"}},"x",0.306,"=",{"$nulls":5},{"$f":"ROUND(D53*F53,2)","v":{"v":0,"d":"0.00"}}]
[null,null,"Sand",{"$f":"D53","v":{"v":0,"d":"0.00"}},"x",0.45,"=",null,{"$f":"ROUND(D54*F54,2)","v":{"v":0,"d":"0.00"}}]
[21,"CC Pavement M-20","Metal",{"$f":"'SUB-3'!I49","v":{"v":0,"d":"0.00"}},"x",0.594,"=",{"$nulls":4},{"$f":"ROUND(D55*F55,2)","v":{"v":0,"d":"0.00"}},null,null,{"$f":"ROUND(D55*330/1000,2)","v":{"v":0,"d":"0.00"}}]
[null,null,"Metal",{"$f":"D55","v":{"v":0,"d":"0.00"}},"x",0.306,{"$nulls":6},{"$f":"ROUND(D56*F56,2)","v":{"v":0,"d":"0.00"}}]
[null,null,"Sand",{"$f":"D56","v":{"v":0,"d":"0.00"}},"x",0.45,"=",null,{"$f":"ROUND(D57*F57,2)","v":{"v":0,"d":"0.00"}}]
[null,"Sub estimate"]
[22,"Earthwork","Earth",{"$f":"'SUB-4'!I12","v":{"v":0,"d":"0.00"}},null,null,"=",{"$f":"D59","v":{"v":0,"d":"0.00"}}]
[23,"PCC M-10 Grade","Metal",{"$f":"'SUB-4'!I22","v":{"v":0,"d":"0.00"}},"x",{"v":0.9,"d":"0.900"},"=",{"$nulls":3},{"$f":"ROUND(D60*F60,2)","v":{"v":0,"d":"0.00"}},{"$nulls":3},{"$f":"ROUND(D60*220/1000,2)","v":{"v":0,"d":"0.00"}}]
[null,null,"Sand",{"$f":"D60","v":{"v":0,"d":"0.00"}},"x",0.45,"=",null,{"$f":"ROUND(D61*F61,2)","v":{"v":0,"d":"0.00"}}]
[24,"PCC M-15 grade","Metal",{"$f":"'SUB-4'!I32","v":{"v":0,"d":"0.00"}},"x",{"v":0.48,"d":"0.480"},"=",{"$nulls":3},{"$f":"ROUND(D62*F62,2)","v":{"v":0,"d":"0.00"}},{"$nulls":3},{"$f":"ROUND(D62*275/1000,2)","v":{"v":0,"d":"0.00"}}]
[null,null,"Metal",{"$f":"D62","v":{"v":0,"d":"0.00"}},"x",{"v":0.24,"d":"0.240"},"=",{"$nulls":4},{"$f":"ROUND(D63*F63,2)","v":{"v":0,"d":"0.00"}}]
[null,null,"Metal",{"$f":"D63","v":{"v":0,"d":"0.00"}},"x",{"v":0.08,"d":"0.080"},"=",{"$nulls":5},{"$f":"ROUND(D64*F64,2)","v":{"v":0,"d":"0.00"}}]
[null,null,"Sand",{"$f":"D64","v":{"v":0,"d":"0.00"}},"x",0.48,"=",null,{"$f":"ROUND(D65*F65,2)","v":{"v":0,"d":"0.00"}}]
[25,"Guide posts","Metal",{"$f":"'SUB-4'!I36","v":{"v":0,"d":"0.00"}},"x",0.594,"=",{"$nulls":4},{"$f":"ROUND(D66*F66,2)","v":{"v":0,"d":"0.00"}},null,null,{"$f":"ROUND(D66*403/1000,2)","v":{"v":0,"d":"0.00"}},{"$f":"ROUND(D66*403/1000,2)","v":{"v":0,"d":"0.000"}}]
[null,null,"Metal",{"$f":"D66","v":{"v":0,"d":"0.00"}},"x",0.306,"=",{"$nulls":5},{"$f":"ROUND(D67*F67,2)","v":{"v":0,"d":"0.00"}}]
[null,null,"Sand",{"$f":"D67","v":{"v":0,"d":"0.00"}},"x",0.45,"=",null,{"$f":"ROUND(D68*F68,2)","v":{"v":0,"d":"0.00"}}]
[26,"CC Pavement M-20","Metal",{"$f":"'SUB-4'!I49","v":{"v":0,"d":"0.00"}},"x",0.594,"=",{"$nulls":4},{"$f":"ROUND(D69*F69,2)","v":{"v":0,"d":"0.00"}},null,null,{"$f":"ROUND(D69*330/1000,2)","v":{"v":0,"d":"0.00"}}]
[null,null,"Metal",{"$f":"D69","v":{"v":0,"d":"0.00"}},"x",0.306,{"$nulls":6},{"$f":"ROUND(D70*F70,2)","v":{"v":0,"d":"0.00"}}]
[null,null,"Sand",{"$f":"D70","v":{"v":0,"d":"0.00"}},"x",0.45,"=",null,{"$f":"ROUND(D71*F71,2)","v":{"v":0,"d":"0.00"}}]
[null,"Sub estimate"]
[27,"Earthwork","Earth",{"$f":"'sub-5'!I11","v":{"v":0,"d":"0.00"}},null,null,"=",{"$f":"D73","v":{"v":0,"d":"0.00"}}]
[28,"PCC M-10 Grade","Metal",{"$f":"'sub-5'!I18","v":{"v":0,"d":"0.00"}},"x",{"v":0.9,"d":"0.900"},"=",{"$nulls":3},{"$f":"ROUND(D74*F74,2)","v":{"v":0,"d":"0.00"}},{"$nulls":3},{"$f":"ROUND(D74*220/1000,2)","v":{"v":0,"d":"0.00"}}]
[null,null,"Sand",{"$f":"D74","v":{"v":0,"d":"0.00"}},"x",0.45,"=",null,{"$f":"ROUND(D75*F75,2)","v":{"v":0,"d":"0.00"}}]
[]
[{"$nulls":7},{"$f":"SUM(H5:H76)","v":4345.44},{"v":27.810000000000002,"d":"27.81"},{"v":806.4,"d":"806.40"},{"v":35.7,"d":"35.70"},9.96,3.32,{"v":1486.8,"d":"1486.80"},15.27]
[{"$nulls":7},{"v":82.5,"d":"82.50"},{"v":0,"d":"0.00"},{"v":157.5,"d":"157.50"},{"v":157.5,"d":"157.50"},{"v":157.5,"d":"157.50"},{"v":157.5,"d":"157.50"},{"v":157.5,"d":"157.50"},"MT"]
[{"$nulls":6},"=",{"$f":"ROUND(H77*H78,2)","v":{"v":358498.8,"d":"358498.80"}},{"v":0,"d":"0.00"},{"v":127008,"d":"127008.00"},5622.75,{"v":1568.7,"d":"1568.70"},{"v":522.9,"d":"522.90"},{"$f":"ROUND(N77*N78,2)","v":{"v":234171,"d":"234171.00"}}]
[{"$nulls":4},"Total ",null,"=",{"$f":"SUM(H79:N79)","v":727392.15}]
[null,"Consideration amount",{"$nulls":4},"=",{"v":0,"d":"0.00"}]
[null,"DMF Amount 30%",{"$nulls":4},"=",{"$f":"ROUND(H80*30%,2)","v":218217.65}]
[null,"Maintenance amount 2%",{"$nulls":4},"=",{"$f":"ROUND(H80*2%,2)","v":14547.84}]
[null,"Grand Total",{"$nulls":5},{"$f":"SUM(H80:H83)","v":960157.64},"Or",{"$f":"ROUND(H84,0)","v":{"v":960158,"d":"960158.0"}}]
[]
[]
[]
[]
[{"$nulls":8},{"$f":"'lead 2025-26'!G37","v":"Deputy Executive Engineer"},{"$nulls":3},{"$f":"'lead 2025-26'!J37","v":"Assistant   Engineer"}]
[{"$nulls":8},{"$f":"'lead 2025-26'!G38","v":"PRI Sub Division: Kanigiri"},{"$nulls":3},{"$f":"'lead 2025-26'!J38","v":"Mandal Praja Parishad"}]
[{"$nulls":12},{"$f":"'lead 2025-26'!J39","v":"Pamuru"}]

{"sheet":"lead 2025-26","index":13,"n_rows":39,"n_cols":15,"rows_kept":39,"merged":[[0,0,0,10],[2,2,2,10],[3,8,3,9],[5,0,6,0],[5,1,6,1],[5,2,6,2],[5,3,6,3],[5,4,6,4],[5,5,5,6],[5,7,6,7],[5,8,6,8],[5,9,6,9],[5,10,6,10],[5,11,6,11]]}
["LEAD STATEMENT (2025-2026)"]
[]
[null,"Name of the work : ","Providing BT Surface to the road from Inimerla SC colony to National Highway at Nuchupoda in Inimerla GP of Pamuru Mandal."]
[null," ",{"$nulls":6},"Est. Cost Rs: ",null,"140.00 Lakhs"]
[]
["Sl. No.","Name of the Material","Name of the Quarry","CFMS Code","Units","Conveyance charges",null,"Initial cost","Blastering charges","25% HBG MC Charges","Total","ave total"]
[{"$nulls":5},"Lead in Km","Conveyance charges"]
[1,2,3,4,5,6,7,8,9,10,11]
[{"$f":"IF(B9<>\"\",SUBTOTAL(103,$B9:B$9),\"\")","v":1},"Sand for Concrete","Sangam","MAT-00027","1 Cum",{"v":92,"d":"92.00"},{"$f":"VLOOKUP(F9,'CON 2025-26'!A6:D290,2,TRUE)","v":{"v":1287.1899999999978,"d":"1287.19"}},{"$nulls":3},{"$f":"SUM(G9:J9)","v":{"v":1287.1899999999978,"d":"1287.19"}}]
[{"$f":"IF(B10<>\"\",SUBTOTAL(103,$B$9:B10),\"\")","v":1},"Sand for Filling","Local vagu","MAT-00028","1 Cum",{"v":5,"d":"5.00"},{"$f":"VLOOKUP(F10,'CON 2025-26'!A7:D291,2,TRUE)","v":{"v":103,"d":"103.00"}},{"$nulls":3},{"$f":"SUM(G10:J10)","v":{"v":103,"d":"103.00"}}]
[{"$f":"IF(B11<>\"\",SUBTOTAL(103,$B$9:B11),\"\")","v":2},"25mm HBG Metal","Ramatherdham","MAT-00219","1 Cum",{"v":97,"d":"97.00"},{"$f":"VLOOKUP(F11,'CON 2025-26'!A5:D130,3,TRUE)","v":{"v":1297.7299999999982,"d":"1297.73"}},{"v":1230,"d":"1230.00"},{"v":70,"d":"70.00"},{"$f":"ROUND(H11*0.25,2)","v":{"v":307.5,"d":"307.50"}},{"$f":"SUM(G11:J11)","v":{"v":2905.229999999998,"d":"2905.23"}},{"$f":"ROUND((K11+K12+K13+K14)/4,2)","v":2742.42},null,null,{"$f":"H11+I11+J11","v":{"v":1607.5,"d":"1607.50"}}]
[{"$f":"IF(B12<>\"\",SUBTOTAL(103,$B$9:B12),\"\")","v":3},"20mm HBG Metal","Ramatherdham","MAT-00218","1 Cum",{"$f":"F11","v":{"v":97,"d":"97.00"}},{"$f":"VLOOKUP(F12,'CON 2025-26'!A6:D131,3,TRUE)","v":{"v":1297.7299999999982,"d":"1297.73"}},{"v":1285,"d":"1285.00"},{"v":70,"d":"70.00"},321.25,{"$f":"SUM(G12:J12)","v":{"v":2973.979999999998,"d":"2973.98"}},{"$nulls":3},1676.25]
[{"$f":"IF(B13<>\"\",SUBTOTAL(103,$B$9:B13),\"\")","v":4},"12mm HBG Metal",{"$f":"C12","v":"Ramatherdham"},"MAT-00217","1 Cum",{"$f":"F12","v":{"v":97,"d":"97.00"}},{"$f":"VLOOKUP(F13,'CON 2025-26'!A6:D132,3,TRUE)","v":{"v":1297.7299999999982,"d":"1297.73"}},{"v":1024,"d":"1024.00"},{"v":70,"d":"70.00"},{"v":256,"d":"256.00"},{"v":2647.729999999998,"d":"2647.73"},{"$nulls":3},{"v":1350,"d":"1350.00"}]
[{"$f":"IF(B14<>\"\",SUBTOTAL(103,$B$9:B14),\"\")","v":5},"10mm HBG Metal",{"$f":"C13","v":"Ramatherdham"},"MAT-00216","1 Cum",{"$f":"F13","v":{"v":97,"d":"97.00"}},{"$f":"VLOOKUP(F14,'CON 2025-26'!A7:D133,3,TRUE)","v":{"v":1297.7299999999982,"d":"1297.73"}},{"v":860,"d":"860.00"},{"v":70,"d":"70.00"},{"v":215,"d":"215.00"},{"$f":"SUM(G14:J14)","v":{"v":2442.729999999998,"d":"2442.73"}},{"$f":"ROUND((K14+K15)/2,2)","v":2332.73},null,null,{"v":1145,"d":"1145.00"}]
[{"$f":"IF(B15<>\"\",SUBTOTAL(103,$B$9:B15),\"\")","v":6},"6mm HBG Metal",{"$f":"C14","v":"Ramatherdham"},"MAT-00215","1 Cum",{"$f":"F14","v":{"v":97,"d":"97.00"}},{"$f":"VLOOKUP(F15,'CON 2025-26'!A8:D134,3,TRUE)","v":{"v":1297.7299999999982,"d":"1297.73"}},{"v":684,"d":"684.00"},{"v":70,"d":"70.00"},{"v":171,"d":"171.00"},{"$f":"SUM(G15:J15)","v":{"v":2222.729999999998,"d":"2222.73"}},{"$nulls":3},{"v":925,"d":"925.00"}]
[{"$f":"IF(B16<>\"\",SUBTOTAL(103,$B$9:B16),\"\")","v":7},"40mm HBG Metal","Ramatherdham","MAT-00220","1 Cum",{"$f":"F13","v":{"v":97,"d":"97.00"}},{"$f":"VLOOKUP(F16,'CON 2025-26'!A8:D133,3,TRUE)","v":{"v":1297.7299999999982,"d":"1297.73"}},{"v":770,"d":"770.00"},{"v":70,"d":"70.00"},{"v":192.5,"d":"192.50"},{"$f":"SUM(G16:J16)","v":{"v":2330.229999999998,"d":"2330.23"}},{"$nulls":3},{"v":1032.5,"d":"1032.50"}]
[{"$f":"IF(B17<>\"\",SUBTOTAL(103,$B$9:B17),\"\")","v":8},"40 mm to 45 mm size ( IRC and MORTH )",{"$f":"C12","v":"Ramatherdham"},"MAT-00440","1 Cum",{"$f":"F12","v":{"v":97,"d":"97.00"}},{"$f":"VLOOKUP(F17,'CON 2025-26'!A6:D132,3,TRUE)","v":{"v":1297.7299999999982,"d":"1297.73"}},{"v":771,"d":"771.00"},{"v":70,"d":"70.00"},{"$f":"ROUND(H17*0.25,2)","v":192.75},{"$f":"SUM(G17:J17)","v":{"v":2331.479999999998,"d":"2331.48"}},{"$nulls":3},1033.75]
[{"$f":"IF(B18<>\"\",SUBTOTAL(103,$B$9:B18),\"\")","v":9},"25-27mm M/c HBG Metal\nIRC, MORTH & MORD",{"$f":"C13","v":"Ramatherdham"},"MAT-00439","1 Cum",{"$f":"F13","v":{"v":97,"d":"97.00"}},{"$f":"VLOOKUP(F18,'CON 2025-26'!A7:D133,3,TRUE)","v":{"v":1297.7299999999982,"d":"1297.73"}},{"v":1204,"d":"1204.00"},{"v":70,"d":"70.00"},{"$f":"ROUND(H18*0.25,2)","v":{"v":301,"d":"301.00"}},{"$f":"SUM(G18:J18)","v":{"v":2872.729999999998,"d":"2872.73"}},{"$f":"ROUND((K17+K18+K19)/3,2)","v":2692.73},null,null,1575]
[{"$f":"IF(B19<>\"\",SUBTOTAL(103,$B$9:B19),\"\")","v":10},"19 - 22mm HBG M/c metal\nIRC, MORTH & MORD",{"$f":"C16","v":"Ramatherdham"},"MAT-00438","1 Cum",{"$f":"F16","v":{"v":97,"d":"97.00"}},{"$f":"VLOOKUP(F19,'CON 2025-26'!A8:D134,3,TRUE)","v":{"v":1297.7299999999982,"d":"1297.73"}},{"v":1205,"d":"1205.00"},{"v":70,"d":"70.00"},{"$f":"ROUND(H19*0.25,2)","v":301.25},{"$f":"SUM(G19:J19)","v":{"v":2873.979999999998,"d":"2873.98"}},{"$f":"ROUND((K19+K20+K21+K22+K23)/5,2)","v":2430.98},null,null,1576.25]
[{"$f":"IF(B20<>\"\",SUBTOTAL(103,$B$9:B20),\"\")","v":11},"12-14 mm HBG M/c Metal\nIRC, MORTH & MORD",{"$f":"C17","v":"Ramatherdham"},"MAT-00437","1 Cum",{"$f":"F17","v":{"v":97,"d":"97.00"}},{"$f":"VLOOKUP(F20,'CON 2025-26'!A9:D135,3,TRUE)","v":{"v":1297.7299999999982,"d":"1297.73"}},{"v":980,"d":"980.00"},{"v":70,"d":"70.00"},{"$f":"ROUND(H20*0.25,2)","v":{"v":245,"d":"245.00"}},{"$f":"SUM(G20:J20)","v":{"v":2592.729999999998,"d":"2592.73"}},{"$nulls":3},1295]
[{"$f":"IF(B21<>\"\",SUBTOTAL(103,$B$9:B21),\"\")","v":12},"9.5-11.2 mm HBG  M/c Metal\nIRC, MORTH & MORD",{"$f":"C18","v":"Ramatherdham"},"MAT-00436","1 Cum",{"$f":"F18","v":{"v":97,"d":"97.00"}},{"$f":"VLOOKUP(F21,'CON 2025-26'!A10:D136,3,TRUE)","v":{"v":1297.7299999999982,"d":"1297.73"}},{"v":853,"d":"853.00"},{"v":70,"d":"70.00"},{"$f":"ROUND(H21*0.25,2)","v":213.25},{"$f":"SUM(G21:J21)","v":{"v":2433.979999999998,"d":"2433.98"}},{"$nulls":3},1136.25]
[{"$f":"IF(B22<>\"\",SUBTOTAL(103,$B$9:B22),\"\")","v":13},"5 to 7mm size HBG Chips",{"$f":"C13","v":"Ramatherdham"},"MAT-00435","1 Cum",{"$f":"F13","v":{"v":97,"d":"97.00"}},{"$f":"VLOOKUP(F22,'CON 2025-26'!A7:D133,3,TRUE)","v":{"v":1297.7299999999982,"d":"1297.73"}},{"v":723,"d":"723.00"},{"v":70,"d":"70.00"},{"$f":"ROUND(H22*0.25,2)","v":180.75},{"v":2271.479999999998,"d":"2271.48"},{"$f":"(K22+K23)/2","v":{"v":2127.104999999998,"d":"2127.11"}},null,null,973.75]
[{"$f":"IF(B23<>\"\",SUBTOTAL(103,$B$9:B23),\"\")","v":14},"4.75 to 2.36mm HBG Chips (2.36-5mm)",{"$f":"C22","v":"Ramatherdham"},"MAT-00434","1 Cum",{"$f":"F22","v":{"v":97,"d":"97.00"}},{"$f":"VLOOKUP(F23,'CON 2025-26'!A8:D134,3,TRUE)","v":{"v":1297.7299999999982,"d":"1297.73"}},{"v":492,"d":"492.00"},{"v":70,"d":"70.00"},{"v":123,"d":"123.00"},{"$f":"SUM(G23:J23)","v":{"v":1982.7299999999982,"d":"1982.73"}},{"$f":"ROUND((K23+K24)/2,2)","v":1935.86},null,null,685]
[{"$f":"IF(B24<>\"\",SUBTOTAL(103,$B$9:B24),\"\")","v":15},"2.36 mm & Below HBG stone dust",{"$f":"C23","v":"Ramatherdham"},"MAT-00068","1 Cum",{"$f":"F23","v":{"v":97,"d":"97.00"}},{"$f":"VLOOKUP(F24,'CON 2025-26'!A9:D135,3,TRUE)","v":{"v":1297.7299999999982,"d":"1297.73"}},{"v":473,"d":"473.00"},null,118.25,{"v":1888.9799999999982,"d":"1888.98"}]
[{"$f":"IF(B25<>\"\",SUBTOTAL(103,$B$9:B25),\"\")","v":16},"Selected earth","Local","MAT-00252","1 Cum",{"v":5,"d":"5.00"},{"$f":"VLOOKUP(F25,'CON 2025-26'!A6:D126,2,TRUE)","v":{"v":103,"d":"103.00"}},{"v":145,"d":"145.00"},null,"-",{"$f":"SUM(G25:J25)","v":{"v":248,"d":"248.00"}}]
[{"$f":"IF(B26<>\"\",SUBTOTAL(103,$B$9:B26),\"\")","v":17},"Cement","Local","MAT-00005","1 MT",null,null,{"v":4218.8,"d":"4218.80"},null,null,{"v":4218.8,"d":"4218.80"}]
[{"$f":"IF(B27<>\"\",SUBTOTAL(103,$B$9:B27),\"\")","v":18},"Steel - Fe 415 Feb.25","Local","MAT-00063","1 MT",null,null,{"v":58000,"d":"58000.00"},null,null,{"$f":"SUM(G27:J27)","v":{"v":58000,"d":"58000.00"}}]
[{"$f":"IF(B28<>\"\",SUBTOTAL(103,$B$9:B28),\"\")","v":19},"Emulsion SS-1 (Bulk) 01.01.2026","Chennai","MAT-00240",null,{"v":340,"d":"340.00"},{"$f":"F28*1.9*2","v":{"v":1292,"d":"1292.00"}},{"v":46493,"d":"46493.00"},null,null,{"$f":"SUM(G28:J28)","v":{"v":47785,"d":"47785.00"}}]
[{"$f":"IF(B29<>\"\",SUBTOTAL(103,$B$9:B29),\"\")","v":20},"Emulsion RS-1 (Bulk)","Chennai","MAT-00240",null,{"$f":"F28","v":{"v":340,"d":"340.00"}},{"$f":"F29*1.9*2","v":{"v":1292,"d":"1292.00"}},{"v":43923,"d":"43923.00"},null,null,{"$f":"SUM(G29:J29)","v":{"v":45215,"d":"45215.00"}}]
[{"$f":"IF(B30<>\"\",SUBTOTAL(103,$B$9:B30),\"\")","v":21},"Bitumen VG 30 (Bulk)\n","Chennai","MAT-00237",null,{"$f":"F29","v":{"v":340,"d":"340.00"}},{"$f":"F30*1.9*2","v":{"v":1292,"d":"1292.00"}},{"v":45682,"d":"45682.00"},null,null,{"$f":"SUM(G30:J30)","v":{"v":46974,"d":"46974.00"}}]
[{"$f":"IF(B31<>\"\",SUBTOTAL(103,$B$9:B31),\"\")","v":22},"1000mm dia NP3 pipes","Vellampalli","MAT-05645","1 Cum",{"v":120,"d":"120.00"},{"$f":"ROUND((307.74)+((F31-5)*14.11),2)","v":1930.39},{"v":5777,"d":"5777.00"},null,null,{"$f":"SUM(G31:J31)","v":7707.39}]
[{"$f":"IF(B32<>\"\",SUBTOTAL(103,$B$9:B32),\"\")","v":23},"600mm dia NP3 pipes","Vellampalli","MAT- 05641","1 Cum",{"$f":"F31","v":{"v":120,"d":"120.00"}},{"$f":"ROUND((145.68)+((F32-5)*6.45),2)","v":887.43},{"v":2281,"d":"2281.00"},null,null,{"$f":"SUM(G32:J32)","v":3168.43}]
[]
[1,"Certified that the above leads are correct to the best of my knowledge."]
[2,"Certified that the rates are provided as per SSR 2025-26"]
[]
[{"$nulls":6},"Deputy Executive Engineer",null,null,"Assistant   Engineer"]
[{"$nulls":6},"PRI Sub Division: Kanigiri",null,null,"Mandal Praja Parishad"]
[{"$nulls":9},"Pamuru"]

{"sheet":"data 2025-26","index":14,"n_rows":236,"n_cols":11,"rows_kept":236,"merged":[[0,0,0,7],[1,0,1,2],[1,3,1,7],[2,6,2,7],[5,1,5,2],[8,1,8,2],[30,1,30,2],[38,1,38,2],[53,1,53,2],[70,1,70,2],[89,1,89,2],[113,1,113,2],[131,1,131,2]]}
[" DATA SHEET (SSR 2025-26)"]
[{"$f":"'lead 2025-26'!B3","v":"Name of the work : "},null,null,{"$f":"'lead 2025-26'!C3","v":"Providing BT Surface to the road from Inimerla SC colony to National Highway at Nuchupoda in Inimerla GP of Pamuru Mandal."}]
[{"$nulls":5},{"$f":"'lead 2025-26'!I4","v":"Est. Cost Rs: "},{"$f":"'lead 2025-26'!K4","v":"140.00 Lakhs"},null,null,"Contractor Profit",{"v":0.13615,"d":"13.615%"}]
["S.No","Qty.","Unit","Description of Tasks","CFMS Code","Rate.","Per","Amount."]
[1,2,3,4,5,{"v":6,"d":"6.00"},7,8]
[1,null,null,"Unskilled Labour Charges for Earthwork excavation by manual means exceeding 1.5 m in width taking out the excavated soil and disposal as directed by engineer in charge in Ordinary soil, with an Initial Lead up to 10 m and lift up to 1.5 m"]
[null,{"v":1,"d":"1.00"},"Cum","RSSR 21-22 GO Ms No 27 Dt 22.04.2021 of PR&RD (RD II)",null,144.26,"1Cum",{"$f":"ROUND(B7*F7,2)","v":144.26}]
[{"$nulls":3},"Rate per 1 Cum",{"$nulls":3},{"$f":"SUM(H7)","v":144.26}]
[1,"RBR-STCL-2 - \nII A",null,"Clearing and grubbing road land including uprooting wild vegetation, grass, bushes, shrubs, saplings and trees of girth up to 300 mm, removal of stumps of such trees cut earlier and disposal of unserviceable materials and stacking of serviceable material to be used or auctioned, up to a lead of 1000 m including removal and disposal of top organic soil not exceeding 150 mm in thickness (in area of non thorny /light jungle) as per Technical Specification Clause 201 MORD."]
[{"$nulls":3},"Unit = 10 Sqm"]
[{"$nulls":3},"Taking output = 1 hectare"]
[{"$nulls":3},"Mechanical Means "]
[{"$nulls":3},"In area of non-thorny jungle (light jungle)"]
[{"$nulls":3},"Labour"]
[null,4.16,"day"," Mazdoor (Unskilled)","LAB-00120",{"v":615,"d":"615.00"},"1day",{"$f":"ROUND(B15*F15,2)","v":{"v":2558.4,"d":"2558.40"}}]
[null,{"v":10,"d":"10.00"},"hour","Dozer D-50  for spreading @ 200 cum per hour","HIR-00072",{"v":1945,"d":"1945.00"},"1day",{"$f":"ROUND(B16*F16,2)","v":{"v":19450,"d":"19450.00"}}]
[null,{"v":1,"d":"1.00"},"hour","Tractor with trolley 3t","HIR-00077",{"v":541,"d":"541.00"},"1day",{"$f":"ROUND(B17*F17,2)","v":{"v":541,"d":"541.00"}}]
[{"$nulls":7},{"$f":"SUM(H15:H17)","v":{"v":22549.4,"d":"22549.40"}}]
[{"$nulls":3},"add over head charges & Contractors profit @ 13.615%",{"$nulls":3},{"$f":"ROUND(H18*$K$3,2)","v":{"v":3070.1,"d":"3070.10"}}]
[{"$nulls":3},"Rate per  1 Hectare",{"$nulls":3},{"$f":"SUM(H18:H19)","v":{"v":25619.5,"d":"25619.50"}}]
[{"$nulls":3},"Rate per  1 Sqm",{"$nulls":3},{"$f":"ROUND(H18/10000,2)","v":2.25}]
[3,null,null,"Removal of unsuitable soil including excavation loading and disposal upto 1000Mts lead but excluding compaction gravel supporting embankment subgrade replacement by suitable soil which shall be paid seperately as per clause 303.5.2 as per technical specification clause 303.3.11 MORD/ 301 MORTH (Average depth 100mm to 200mm)"]
[{"$nulls":3},"Taking output =360 Cum"]
[null,2.08,"day","Mazdoor","LAB-00120",{"v":615,"d":"615.00"},"1day",{"$f":"ROUND(B24*F24,2)","v":{"v":1279.2,"d":"1279.20"}}]
[null,{"v":3.6,"d":"3.60"},"Hour ","Exacavator","HIR-00052",3607.52,"1Hour",{"$f":"ROUND(B25*F25,2)","v":12987.07}]
[null,{"v":15,"d":"15.00"},"Hour ","Tipper","HIR-00054",{"v":1287.5,"d":"1287.50"},"1Hour",{"$f":"ROUND(B26*F26,2)","v":{"v":19312.5,"d":"19312.50"}}]
[{"$nulls":7},{"$f":"SUM(H24:H26)","v":{"v":33578.770000000004,"d":"33578.77"}}]
[{"$nulls":3},"add over head charges & Contractors profit @ 13.615%",{"$nulls":3},{"$f":"ROUND(H27*$K$3,2)","v":4571.75}]
[{"$nulls":3},"Rate per 360.00 Cum",{"$nulls":3},{"$f":"SUM(H27:H28)","v":{"v":38150.520000000004,"d":"38150.52"}}]
[{"$nulls":3},"Rate per 1.00 Cum",{"$nulls":3},{"$f":"ROUND(H29/360,2)","v":105.97}]
[2,"RBR-EECD-1 (i)",null,"Scarifying existing granular surface to a depth of 50 mm and disposal of scarified material with a lift upto 3 m and leads upto 1000 m as per Technical Specification Clause 301.4. MORD"]
[{"$nulls":3},"Taking output = 100 sqm"]
[null,4.16,"day","Mazdoor","LAB-00120",{"v":615,"d":"615.00"},"1day",{"$f":"ROUND(B33*F33,2)","v":{"v":2558.4,"d":"2558.40"}}]
[null,{"v":1.5,"d":"1.50"},"Hour ","Tractor with trolley","HIR-00077",{"v":553,"d":"553.00"},"1Hour",{"v":829.5,"d":"829.50"}]
[{"$nulls":7},{"$f":"SUM(H33:H34)","v":{"v":3387.9,"d":"3387.90"}}]
[{"$nulls":3},"add over head charges & Contractors profit @ 13.615%",{"$nulls":3},{"$f":"ROUND(H35*$K$3,2)","v":461.26}]
[{"$nulls":3},"Rate per 100 Sqm",{"$nulls":3},{"$f":"SUM(H35:H36)","v":3849.16}]
[{"$nulls":3},"Rate per 1.00 Cum",{"$nulls":3},{"$f":"ROUND(H37/100,2)","v":38.49}]
[5,"RBR-EECD-3",null,"Construction of embankment with approved materials deposited at site from roadway cutting and excavation from drain (not exceeding 0.6 m depth) and foundation of other structures graded and compacted to meet requirement of Tables 300.1 and 300.2 as per Technical Specification Clause 301.5 MORD / 305 MORTH"]
[{"$nulls":3},"Unit = cum"]
[{"$nulls":3},"Taking output = 100 cum"]
[{"$nulls":3},"Mechanical Means "]
[{"$nulls":3},"Labour"]
[null,0.52,"day"," Mazdoor (Unskilled)","LAB-00120",{"v":615,"d":"615.00"},"1day",{"$f":"ROUND(B44*F44,2)","v":{"v":319.8,"d":"319.80"}}]
[null,{"v":0.5,"d":"0.50"},"hour","Dozer D-50  for spreading @ 200 cum per hour","HIR-00072",{"v":1945,"d":"1945.00"},"1hour",{"v":972.5,"d":"972.50"}]
[null,{"v":4,"d":"4.00"},"hour","Tractor with grader for grading @ 25 cum per hour","HIR-00078",{"v":553,"d":"553.00"},"1hour",{"v":2212,"d":"2212.00"}]
[null,{"v":2,"d":"2.00"},"hour","Water tanker 6 kl capacity","HIR-00076",{"v":830,"d":"830.00"},"1hour",{"v":1660,"d":"1660.00"}]
[null,{"v":1,"d":"1.00"},"hour","Vibratory Roller 80 - 100 kN @ 100 cum per hour","HIR--00062",{"v":3518.6,"d":"3518.60"},"1hour",{"v":3518.6,"d":"3518.60"}]
[null,{"v":12,"d":"12.00"},"Kl","Water","MAT-00333",{"v":105,"d":"105.00"},"1KL"]
[{"$nulls":7},{"$f":"SUM(H44:H49)","v":{"v":8682.9,"d":"8682.90"}}]
[{"$nulls":3},"add over head charges & Contractors profit @ 13.615%",{"$nulls":3},{"$f":"ROUND(H50*$K$3,2)","v":1182.18}]
[{"$nulls":3},"Cost for 100 cum",{"$nulls":3},{"$f":"SUM(H50:H51)","v":9865.08}]
[{"$nulls":3},"Rate per  1 cum",{"$nulls":3},{"$f":"ROUND(H52/100,2)","v":98.65}]
[3,"RBR-EECD -4-i",null,"Construction of embankment with approved material obtained from borrow pits with all lifts, transporting to site, spreading, grading to required slope and compacting with vibratory roller 80-100 KN to meet requirement of Tables 300.1 and 300.2 with a lead upto 1000 m as per Technical Specification Clause 301.5 MORD/305 MORTH."]
[{"$nulls":3},"Unit = cum"]
[{"$nulls":3},"Taking output = 100 cum"]
[{"$nulls":3},"Mechanical Means "]
[{"$nulls":3},"Labour"]
[null,1.04,"day"," Mazdoor (Unskilled)","LAB-00120",{"v":615,"d":"615.00"},"1day",{"$f":"ROUND(B59*F59,2)","v":{"v":639.6,"d":"639.60"}}]
[null,1.67,"hour","Hydraulic Excavator 0.9 cum bucket capacity @ 60 cum per hour","HIR-00052",3607.52,"1hour",6024.56]
[null,{"v":4.5,"d":"4.50"},"hour","Tipper 5.5cum with 10T capacity","HIR-00054",{"v":1287.5,"d":"1287.50"},"1hour",5793.75]
[null,{"v":0.5,"d":"0.50"},"hour","Dozer D-50  for spreading @ 200 cum per hour","HIR-00072",{"v":1945,"d":"1945.00"},"1hour",{"v":972.5,"d":"972.50"}]
[null,{"v":4,"d":"4.00"},"hour","Tractor with grader for grading @ 25 cum per hour","HIR-00078",{"v":553,"d":"553.00"},"1hour",{"v":2212,"d":"2212.00"}]
[null,{"v":2,"d":"2.00"},"hour","Water tanker 6 kl capacity","HIR-00076",{"v":830,"d":"830.00"},"1hour",{"v":1660,"d":"1660.00"}]
[null,{"v":1,"d":"1.00"},"hour","Vibratory Roller 80 - 100 kN @ 100 cum per hour","HIR--00062",{"v":3518.6,"d":"3518.60"},"1hour",{"v":3518.6,"d":"3518.60"}]
[null,{"v":12,"d":"12.00"},"Kl","Water","MAT-00333",{"v":105,"d":"105.00"},"1KL"]
[{"$nulls":7},{"$f":"SUM(H59:H66)","v":20821.01}]
[{"$nulls":3},"add over head charges & Contractors profit @ 13.615%",{"$nulls":3},{"$f":"ROUND(H67*$K$3,2)","v":2834.78}]
[{"$nulls":3},"Cost for 100 cum",{"$nulls":3},{"$f":"SUM(H67:H68)","v":{"v":23655.789999999997,"d":"23655.79"}}]
[{"$nulls":3},"Rate per  1 cum",{"$nulls":3},{"$f":"ROUND(H69/100,2)","v":236.56}]
[4,"RBR-SBBS-1-A iii",null,"Construction of granular sub-base by providing well graded HBG material (Grading III material) (Table 400.1A), spreading in uniform layers with motor grader on prepared surface, mixing by mix in place method with rotavator  at OMC, and compacting with smooth  wheel  roller 80-100 kN / vibratory roller to achieve the  desired density, complete as per Technical Specification Clause 401 MORD ."]
[{"$nulls":3},"Taking Output = 300 cum  (Compacted thickness)"]
[{"$nulls":3},"a) Labour:"]
[null,{"v":2.4,"d":"2.40"},"days","Mazdoor(skilled)","LAB-00120",{"v":615,"d":"615.00"},"1day",{"$f":"ROUND(B74*F74,2)","v":{"v":1476,"d":"1476.00"}}]
[null,{"v":8,"d":"8.00"},"days","Mazdoor(Unskilled)","LAB-00120",{"v":615,"d":"615.00"},"1day",{"v":4920,"d":"4920.00"}]
[{"$nulls":3},"b) Machinary:"]
[null,{"v":6,"d":"6.00"},"Hrs","vibratory roller 80-100 kN @ 60 cum per hour","HIR--00062",{"v":3518.6,"d":"3518.60"},"1Hour",{"$f":"ROUND(B77*F77,2)","v":{"v":21111.6,"d":"21111.60"}}]
[null,{"v":3,"d":"3.00"},"Hrs","Water tanker 6kl Capacity","HIR-00076",{"v":830,"d":"830.00"},"1Hour",{"$f":"ROUND(B78*F78,2)","v":{"v":2490,"d":"2490.00"}}]
[null,{"v":12,"d":"12.00"},"Hrs","Tractor with rotavator  @ 25 cum per hour","HIR-00078",{"v":553,"d":"553.00"},"1Hour",{"$f":"ROUND(B79*F79,2)","v":{"v":6636,"d":"6636.00"}}]
[{"$nulls":3},"c) Material:"]
[null,{"v":237.6,"d":"237.60"},"cum","9.5mm to 4.75mm size HMG Chips @ 66%",null,{"$f":"'lead 2025-26'!L22","v":{"v":2127.104999999998,"d":"2127.11"}},"1Cum",{"$f":"ROUND(B81*F81,2)","v":505400.15}]
[null,null,"cum","4.75mm to 2.36mm size HMG Chips @ 12.50%",null,{"$f":"'lead 2025-26'!K23","v":{"v":1982.7299999999982,"d":"1982.73"}},"1Cum",{"v":0,"d":"0.00"}]
[null,{"v":122.4,"d":"122.40"},"cum","2.36mm below chips or Stone Dust @ 52.50%    ",null,{"$f":"'lead 2025-26'!K24","v":{"v":1888.9799999999982,"d":"1888.98"}},"1Cum",231211.15]
[null,{"v":12,"d":"12.00"},"KL","Water",null,{"v":105,"d":"105.00"},"1Cum"]
[{"$nulls":7},{"$f":"SUM(H74:H84)","v":{"v":773244.9,"d":"773244.90"}}]
[{"$nulls":3},"add over head charges & Contractors profit @ 13.615%",{"$nulls":3},{"$f":"ROUND(H85*$K$3,2)","v":105277.29}]
[{"$nulls":3},"Rate per 300 Cum",{"$nulls":3},{"$f":"SUM(H85:H86)","v":{"v":878522.1900000001,"d":"878522.19"}}]
[{"$nulls":3},"Rate per 1 Cum",{"$nulls":3},{"$f":"ROUND(H87/300,2)","v":2928.41}]
[5,null,null,"Wet Mix Macadam"]
[null,"RBR- SBBS-11",null,"Providing, laying, spreading and compacting graded stone aggregate to wet mix macadam specification including premixing the  material with water at OMC in mechanical mixer (Pug Mill), carriage of mixed material by tipper to site, laying  in uniform layers in sub-base/base course on a well prepared sub-base and compacting with smooth  wheel roller of 80 to 100kN / Vibratory Roller 80-100 kN weight to achieve the desired density including lighting, barricading and maintenance of diversion, etc as per Tables 400.11 & 400.12 and Technical Specification Clause 406 MORD / MORTH. "]
[{"$nulls":3},"By Mechanical Means with 1 km lead"]
[null,"A",null,"Rural Works"]
[{"$nulls":3},"Unit = cum"]
[{"$nulls":3},"Taking output = 100 cum"]
[{"$nulls":3},"a)  Labour"]
[null,{"v":8,"d":"8.00"},"day","Dresser (Skilled) for alignment","LAB-00120",{"v":615,"d":"615.00"},"1day",{"$f":"ROUND(B96*F96,2)","v":{"v":4920,"d":"4920.00"}}]
[null,{"v":2.4,"d":"2.40"},"day","Mazdoor (Skilled)","LAB-00120",{"v":615,"d":"615.00"},"1day",{"v":1476,"d":"1476.00"}]
[{"$nulls":3},"b) Machinery"]
[null,{"v":4,"d":"4.00"},"hour","Front end loader 1 cum capacity","HIR-00074",{"v":2063,"d":"2063.00"},"1hour",{"$f":"ROUND(B99*F99,2)","v":{"v":8252,"d":"8252.00"}}]
[null,{"v":4,"d":"4.00"},"hour","Wet mix plant (Pug Mill)","HIR-00080",{"v":2024,"d":"2024.00"},"1hour",{"v":8096,"d":"8096.00"}]
[null,{"v":5,"d":"5.00"},"hour","Tipper/Dumper (10-t) capacity / 5-6 t capacity","HIR-00054",{"v":1287.5,"d":"1287.50"},"1hour",{"v":6437.5,"d":"6437.50"}]
[null,{"v":4,"d":"4.00"},"hour","tractor grader @ 25 cum capacity","HIR-00078",{"v":553,"d":"553.00"},"1hour",{"v":2212,"d":"2212.00"}]
[null,1.67,"hour","vibratory roller 80-100 kN @ 60 cum per hour","HIR-00062",{"v":3518.6,"d":"3518.60"},"1hour",5876.06]
[null,1.33,"hour","Water tanker 6 kl capacity","HIR-00076",{"v":830,"d":"830.00"},"1hour",{"v":1103.9,"d":"1103.90"}]
[{"$nulls":3},"c) Material"]
[null,{"v":39.9,"d":"39.90"},"cum","Coarse aggregate 45 to 22.4 mm using M/C metal @ 30% (Average of 40-45 mm, 25-27 mm & 19-22 mm metal)","ave rate",{"$f":"'lead 2025-26'!L18","v":2692.73},"1Cum",{"$f":"ROUND(B106*F106,2)","v":107439.93}]
[null,{"v":53.2,"d":"53.20"},"cum","Aggregates 22.4 mm to 2.36 mm using M/C metal @ 40% (Average of 19-22mm, 12-14mm, 9.5-11.20 mm, 5-7mm & 2.36-5 mm metal)","ave rate",{"$f":"'lead 2025-26'!L19","v":2430.98},"1Cum",129328.14]
[null,{"v":39.9,"d":"39.90"},"cum","Fine aggregate/crushed sand 2.36 mm to 75 mm micron @ 30%",null,{"$f":"'lead 2025-26'!K24","v":{"v":1888.9799999999982,"d":"1888.98"}},"1Cum",{"v":75370.3,"d":"75370.30"}]
[null,{"v":8,"d":"8.00"},"KL","Water",null,{"v":105,"d":"105.00"},"1Cum"]
[{"$nulls":7},{"$f":"SUM(H96:H109)","v":{"v":350511.82999999996,"d":"350511.83"}}]
[{"$nulls":3},"add over head charges & Contractors profit @ 13.615%",{"$nulls":3},{"$f":"ROUND(H110*$K$3,2)","v":47722.19}]
[{"$nulls":3},"Rate per 100 Cum",{"$nulls":3},{"$f":"SUM(H110:H111)","v":{"v":398234.01999999996,"d":"398234.02"}}]
[{"$nulls":3},"Rate per cum   ",{"$nulls":3},{"$f":"ROUND(H112/100,2)","v":3982.34}]
[6,"RBR-BASC-1 a",null,"Providing and applying primer coat with bitumen emulsion (SS-1) on prepared surface of granular base including cleaning of road surface and spraying primer at the rate of 0.70-1.0 kg/sqm using mechanical means as per Technical Specification Clause 502 MORD (for use on Wet mix macadam & WBM)"]
[{"$nulls":3},"Unit = sqm"]
[{"$nulls":3},"Taking output = 1750 sqm"]
[{"$nulls":3},"a)  Labour"]
[{"$nulls":3},"Mate",null,"-"]
[null,1.04,"day","Mazdoor (Unskilled)","LAB-00120",{"v":615,"d":"615.00"},"1day",{"$f":"ROUND(B119*F119,2)","v":{"v":639.6,"d":"639.60"}}]
[{"$nulls":3},"b) Machinery"]
[null,{"v":1.4,"d":"1.40"},"hour","Mechanical broom @ 1250 sqm/hr.","HIR-00081",{"v":464,"d":"464.00"},"1hour",{"$f":"ROUND(B121*F121,2)","v":{"v":649.6,"d":"649.60"}}]
[null,{"v":1.4,"d":"1.40"},"hour","Air compressor 250 cfm","HIR-00002",665.08,"1hour",931.11]
[null,{"v":1,"d":"1.00"},"hour","Emulsion pressure distributor @1750 sqm/hr","HIR-00083",{"v":1094,"d":"1094.00"},"1hour",{"v":1094,"d":"1094.00"}]
[null,{"v":0.5,"d":"0.50"},"hour","Water tanker 6kl capacity","HIR-00076",{"v":830,"d":"830.00"},"1hour",{"v":415,"d":"415.00"}]
[{"$nulls":3},"c) Material"]
[null,1.48,"MT","Bitumen emulsion SS-1",null,{"$f":"'lead 2025-26'!K28","v":{"v":47785,"d":"47785.00"}},"1MT",{"$f":"ROUND(B126*F126,2)","v":{"v":70721.8,"d":"70721.80"}}]
[null,{"v":3,"d":"3.00"},"KL","Water",null,{"v":105,"d":"105.00"},"1Cum"]
[{"$nulls":7},{"$f":"SUM(H119:H127)","v":74451.11}]
[{"$nulls":3},"add over head charges & Contractors profit @ 13.615%",{"$nulls":3},{"$f":"ROUND(H128*$K$3,2)","v":10136.52}]
[{"$nulls":3},"Cost for 1750 sqm",{"$nulls":3},{"$f":"SUM(H128:H129)","v":84587.63}]
[{"$nulls":3},"Rate per sqm ",{"$nulls":3},{"$f":"ROUND(H128/1750,2)","v":42.54}]
[7,"RBR-BASC-2 (i)",null,"Providing and applying tack coat with Bitumen emulsion (RS-1)  using emulsion  distributor at the rate of 0.25 to 0.30 kg per sqm on the prepared granular surfaces treated with primer & cleaned with Hydraulic broom as per Technical Specification Clause 503 MORD,"]
[{"$nulls":3},"Unit = sqm"]
[{"$nulls":3},"Taking output = 1750 sqm"]
[{"$nulls":3},"a)  Labour"]
[null,1.04,"day","Mazdoor (Unskilled)","LAB-00120",{"v":615,"d":"615.00"},"1day",{"$f":"ROUND(B136*F136,2)","v":{"v":639.6,"d":"639.60"}}]
[{"$nulls":3},"b) Machinery"]
[null,{"v":1.4,"d":"1.40"},"hour","Hydraulic broom  @ 1250 sqm per hour","HIR-00081",{"v":464,"d":"464.00"},"1hour",{"$f":"ROUND(B138*F138,2)","v":{"v":649.6,"d":"649.60"}}]
[null,{"v":1.4,"d":"1.40"},"hour","Air compressor 210 cfm","HIR-00002",665.08,"1hour",931.11]
[null,{"v":1,"d":"1.00"},"hour","Emulsion pressure distributor @1750 sqm per hour","HIR-00083",{"v":1094,"d":"1094.00"},"1hour",{"v":1094,"d":"1094.00"}]
[{"$nulls":3},"c) Material"]
[null,0.48,"t","Bitumen emulsion (RS-1)  @ 0.275 kg per sqm ","t",{"$f":"'lead 2025-26'!K29","v":{"v":45215,"d":"45215.00"}},"1MT",{"$f":"ROUND(B142*F142,2)","v":{"v":21703.2,"d":"21703.20"}}]
[{"$nulls":7},{"$f":"SUM(H136:H142)","v":{"v":25017.510000000002,"d":"25017.51"}}]
[{"$nulls":3},"add over head charges & Contractors profit @ 13.615%",{"$nulls":3},{"$f":"ROUND(H143*$K$3,2)","v":3406.13}]
[{"$nulls":3},"Cost for 1750 sqm",{"$nulls":3},{"$f":"SUM(H143:H144)","v":{"v":28423.640000000003,"d":"28423.64"}}]
[{"$nulls":3},"Rate per 1 sqm ",{"$nulls":3},{"$f":"ROUND(H145/1750,2)","v":16.24}]
[9,"RBR-BASC-3",null,"Bituminous Macadam "]
[{"$nulls":3},"Providing and laying bituminous macadam with 40-60 TPH hot mix plant using crushed aggregates of  grading as per Table 500.4 premixed with bituminous binder, transported to site upto a lead of 1000 m laid over a previously prepared surface with paver finisher to the required grade, level and alignment and rolled to achieved the desired compaction as per Technical Specification Clause 504 MORD (using vibratory Roller 80-100 KN for intermediate rolling and 3 wheel roller 80-100 KN for initial and final rolling)."]
[{"$nulls":3},"Unit = cum"]
[{"$nulls":3},"Taking output = 102.5 cum (225 t)"]
[{"$nulls":3},"a)    Labour"]
[null,{"v":8,"d":"8.00"},"day","Mazdoor (Unskilled)","LAB-00120",{"v":615,"d":"615.00"},"1day",{"$f":"ROUND(B152*F152,2)","v":{"v":4920,"d":"4920.00"}}]
[null,3.52,"day","Mazdoor (Skilled)","LAB-00120",{"v":615,"d":"615.00"},"1day",{"v":2164.8,"d":"2164.80"}]
[{"$nulls":3},"b)     Machinery"]
[null,{"v":6,"d":"6.00"},"hour","Batch mix HMP 40-60 THP @ 40 t per hour actual output","HIR-00087",{"v":24850,"d":"24850.00"},"1hour",{"$f":"ROUND(B155*F155,2)","v":{"v":149100,"d":"149100.00"}}]
[null,{"v":1.1,"d":"1.10"},"hour","Hydraulic broom @ 1250 sqm per hour","HIR-00081",{"v":464,"d":"464.00"},"1hour"]
[null,{"v":1.1,"d":"1.10"},"hour","Air compressor 210 cfm","HIR-00002",665.08,"1hour",731.59]
[null,{"v":6,"d":"6.00"},"hour","Paver finisher","HIR-00089",{"v":2890,"d":"2890.00"},"1hour",{"$f":"ROUND(B158*F158,2)","v":{"v":17340,"d":"17340.00"}}]
[null,{"v":6,"d":"6.00"},"hour","Generator 125 KVA","HIR-00111",{"v":1854,"d":"1854.00"},"1hour",{"v":11124,"d":"11124.00"}]
[null,{"v":6,"d":"6.00"},"hour","Front end loader 1 cum bucket capacity","HIR-00074",{"v":2063,"d":"2063.00"},"1hour",{"v":12378,"d":"12378.00"}]
[null,6.21,"hour","Tipper 5.5 cum, 10 t / 5-6 t capacity","HIR-00054",{"v":1287.5,"d":"1287.50"},"1hour",7995.38]
[null,{"v":12,"d":"12.0"},"hour","Three wheel 80-100 kN static roller for initial break down rolling, final and finishing rolling","HIR-00050",1752.77,"1hour",21033.24]
[null,{"v":6,"d":"6.00"},"hour","Vibratory roller 80-100 kN for intermediate rolling","HIR-00062",{"v":3518.6,"d":"3518.60"},"1hour",{"v":21111.6,"d":"21111.60"}]
[{"$nulls":3},"c)     Material"]
[null,7.425,"t","(i) Bitumen @ 3.3 per cent of mix \n(Weight of mix = 102.5 x 2.2 = 225 t) ","t",{"$f":"'lead 2025-26'!K30","v":{"v":46974,"d":"46974.00"}},"1t",{"$f":"ROUND(B165*F165,2)","v":348781.95}]
[{"$nulls":3},"(ii) Aggregate "]
[{"$nulls":3},"Total weight of mix = 225 t"]
[{"$nulls":3},"Weight of bitumen = 7.425 t"]
[{"$nulls":3},"Weight of aggregate = 225 – 7.425 = 217.575 t"]
[{"$nulls":3},"Taking density of aggregate = 1.5 t/cum"]
[{"$nulls":3},"Volume of aggregate = 145.05 cum"]
[{"$nulls":3},"Grading (19 mm nominal size) :"]
[null,58.02,"cum","25 -10 mm  - 40 per cent ","ave rate",{"$f":"'lead 2025-26'!L11","v":2742.42},"cum",{"$f":"ROUND(F173*B173,2)","v":159115.21}]
[null,58.02,"cum","10– 5 mm   - 40 per cent ","ave rate",{"$f":"'lead 2025-26'!L14","v":2332.73},"cum",{"$f":"ROUND(F174*B174,2)","v":135344.99}]
[null,29.01,"cum","5 mm and below  - 20 per cent ","ave rate",{"$f":"'lead 2025-26'!L23","v":1935.86},"cum",{"$f":"ROUND(F175*B175,2)","v":{"v":56159.3,"d":"56159.30"}}]
[{"$nulls":7},{"$f":"SUM(H152:H175)","v":947300.06}]
[{"$nulls":3},"add over head charges & Contractors profit @ 13.615%",{"$nulls":3},{"$f":"ROUND(H176*$K$3,2)","v":{"v":128974.9,"d":"128974.90"}}]
[{"$nulls":3},"Rate  per 102.5 cum ",{"$nulls":3},{"$f":"SUM(H176:H177)","v":1076274.96}]
[{"$nulls":3},"Rate  per 1 cum ",{"$nulls":3},{"$f":"ROUND(H178/102.5,2)","v":10500.24}]
[8,"RBR-BASC-8",null,"Semi-Dense Bituminous Concrete"]
[{"$nulls":3},"Providing and laying semi dense bituminous concrete with 40-60 TPH batch type HMP producing an average output of 37.5 tonnes per hour using crushed aggregates of specified grading, premixed with bituminous binder @ 4.5 to 5  per cent  of mix and filler, transporting the hot mix to work site, laying with a hydrostatic paver finisher with sensor control to the required grade, level and alignment, rolling with smooth wheeled, vibratory and tandem rollers to achieve the desired compaction as per MoRTH specification clause No. 508 complete in all respects"]
[{"$nulls":3},"Unit = cum"]
[{"$nulls":3},"Taking output = 285 cum"]
[{"$nulls":3},"a)    Labour"]
[null,{"v":12,"d":"12.00"},"day","Mazdoor (Unskilled) working with HMP, mechanical broom, paver, roller, asphalt cutter and assistance for setting out lines, levels and layout of construction","LAB-00120",{"v":615,"d":"615.00"},"1day",{"$f":"ROUND(B185*F185,2)","v":{"v":7380,"d":"7380.00"}}]
[null,5.84,"day","Skilled mazdoor for checking line & levels","LAB-00120",{"v":615,"d":"615.00"},"1day",{"v":3591.6,"d":"3591.60"}]
[{"$nulls":3},"b)     Machinery"]
[null,{"v":11,"d":"11.00"},"hour","HMP 40-60 TPH","HIR-00087",{"v":24850,"d":"24850.00"},"1hour",{"v":273350,"d":"273350.00"}]
[null,{"v":6,"d":"6.00"},"hour","Paver finisher hydrostatic with sensor control @ 75 cum per hour","HIR-00089",{"v":2890,"d":"2890.00"},"1hour",{"v":17340,"d":"17340.00"}]
[null,{"v":6,"d":"6.00"},"hour","Generator 250 KVA","HIR-00110",{"v":2598,"d":"2598.00"},"1hour",{"v":15588,"d":"15588.00"}]
[null,{"v":6,"d":"6.00"},"hour","Front end loader 1 cum bucket capacity ","HIR-00074",{"v":2063,"d":"2063.00"},"1hour",{"v":12378,"d":"12378.00"}]
[null,{"v":3.9,"d":"3.90"},"hour","Smooth wheeled roller 8-10 tonnes for initial break rolling. (6 x 0.65)","HIR-00050",1752.77,"1hour",{"v":6835.8,"d":"6835.80"}]
[null,{"v":3.9,"d":"3.90"},"hour","Vibratory roller 8 tonnes for intermediate rolling.","HIR-00062",{"v":3518.6,"d":"3518.60"},"1hour",13722.54]
[null,{"v":3.9,"d":"3.90"},"hour","Finish rolling with 6-8 tonnes smooth wheeled tandem roller","HIR-00091",{"v":2230,"d":"2230.00"},"1hour",{"v":8697,"d":"8697.00"}]
[{"$nulls":3},"c)     Material"]
[null,{"v":22.5,"d":"22.50"},"t","Bitumen 60/70 Grade @ 5  per cent  of weight of mix ","t",{"$f":"'lead 2025-26'!K30","v":{"v":46974,"d":"46974.00"}},"1t",{"v":1056915,"d":"1056915.00"}]
[{"$nulls":3},"weight of mix = 450 tonne"]
[{"$nulls":3}," Aggregate"]
[{"$nulls":3},"Total weight of mix = 450 tonnes"]
[{"$nulls":3},"Weight of bitumen = 22.5 tonnes"]
[{"$nulls":3},"Weight of aggregate = 450 -22.50 = 427.50 tonnes"]
[{"$nulls":3},"Taking density of aggregate = 1.5 ton/cum"]
[{"$nulls":3},"Volume of aggregate = 285 cum"]
[null,81.225,"cum","9.5 - 11.2 mm IRC HBG M/C Chips",null,{"$f":"'lead 2025-26'!K21","v":{"v":2433.979999999998,"d":"2433.98"}},"cum",{"$f":"ROUND(F204*B204,2)","v":197700.03}]
[null,81.225,"cum","5 - 7 mm IRC HBG M/C Chips",null,{"$f":"'lead 2025-26'!K22","v":{"v":2271.479999999998,"d":"2271.48"}},"cum",{"$f":"ROUND(F205*B205,2)","v":184500.96}]
[null,58.425,"cum","2.36 - 5mm IRC HBG M/C Chips",null,{"$f":"'lead 2025-26'!K23","v":{"v":1982.7299999999982,"d":"1982.73"}},"cum",{"$f":"ROUND(F206*B206,2)","v":{"v":115841,"d":"115841.00"}}]
[null,58.425,"cum","Below 2.36 mm",null,{"$f":"'lead 2025-26'!K24","v":{"v":1888.9799999999982,"d":"1888.98"}},"cum",{"$f":"ROUND(F207*B207,2)","v":110363.66}]
[null,{"v":5.7,"d":"5.700"},"cum","Filler @ 2  per cent  of weight of aggregates (stone dust)",null,{"$f":"F207","v":{"v":1888.9799999999982,"d":"1888.98"}},"cum",{"$f":"ROUND(F208*B208,2)","v":10767.19}]
[{"$nulls":7},{"$f":"SUM(H185:H208)","v":{"v":2034970.7799999998,"d":"2034970.78"}}]
[{"$nulls":3},"add over head charges & Contractors profit @ 13.615%",{"$nulls":3},{"$f":"ROUND(H209*$K$3,2)","v":277061.27}]
[{"$nulls":3},"Rate  per 195 cum ",{"$nulls":3},{"$f":"SUM(H209:H210)","v":2312032.05}]
[{"$nulls":3},"Rate  per 1 cum ",{"$nulls":3},{"$f":"ROUND(H211/195,2)","v":11856.57}]
[9,"RBR-SBBS-1 - iii",null,"Improved subgrade / Selected earth shoulders"]
[{"$nulls":3},"Construction of improved shoulders by provided selected earth having minimum CBR of 10% MD not less than 1.85 G/CC with LL & PI not more than 40% and 20 respectively and spreading in uniform layers with tractor grader on prepared surface and compacted at OMC with vibratory roller 80-100 KN to meet requirement of table 00.2 with as per technical specification clause 303 MORD, 305 MORTH by using machinery including overhead charges & Contractors profit and VAT charges"]
[{"$nulls":3},"Taking out put = 100 cum"]
[{"$nulls":3},"Labour"]
[null,1.04,"day","Mazdoor (Un-Skilled)","LAB-00120",{"v":615,"d":"615.00"},"1day",{"$f":"ROUND(F217*B217,2)","v":{"v":639.6,"d":"639.60"}}]
[{"$nulls":3},"Machinery"]
[null,{"v":0.5,"d":"0.50"},"hour","Dozer D-50  for spreading @ 200 cum per hour","HIR-00072",{"v":1945,"d":"1945.00"},"1hour",{"$f":"ROUND(F219*B219,2)","v":{"v":972.5,"d":"972.50"}}]
[null,{"v":1,"d":"1.00"},"hour","vibratory roller 80-100 kN ","HIR-00062",{"v":3518.6,"d":"3518.60"},"1hour",{"$f":"ROUND(F220*B220,2)","v":{"v":3518.6,"d":"3518.60"}}]
[null,{"v":2,"d":"2.00"},"hour","Water tanker 6 kl capacity","HIR-00076",{"v":830,"d":"830.00"},"1hour",{"$f":"ROUND(F221*B221,2)","v":{"v":1660,"d":"1660.00"}}]
[null,{"v":4,"d":"4.00"},"hour","Tractor with Grader @ 25 cum per hour","HIR-00078",{"v":553,"d":"553.00"},"1hour",{"$f":"ROUND(F222*B222,2)","v":{"v":2212,"d":"2212.00"}}]
[{"$nulls":3},"Material"]
[null,{"v":100,"d":"100.00"},"cum","Selected Earth",null,{"$f":"'lead 2025-26'!K25","v":{"v":248,"d":"248.00"}},null,{"$f":"ROUND(F224*B224,2)","v":{"v":24800,"d":"24800.00"}}]
[{"$nulls":3},"Basic rate of Granular sub base for 100 cum",{"$nulls":3},{"$f":"SUM(H217:H224)","v":{"v":33802.7,"d":"33802.70"}}]
[{"$nulls":3},"add over head charges & Contractors profit @ 13.615%",{"$nulls":3},{"$f":"ROUND(H225*$K$3,2)","v":4602.24}]
[{"$nulls":3},"Rate  per 100 cum ",{"$nulls":3},{"$f":"SUM(H225:H226)","v":{"v":38404.939999999995,"d":"38404.94"}}]
[{"$nulls":3},"Rate  per 1 cum ",{"$nulls":3},{"$f":"ROUND(H227/100,2)","v":384.05}]
[]
[]
[]
[]
[]
[{"$nulls":3},{"$f":"'lead 2025-26'!$G$37","v":"Deputy Executive Engineer"},null,null,{"$f":"'lead 2025-26'!J37","v":"Assistant   Engineer"}]
[{"$nulls":3},{"$f":"'lead 2025-26'!$G$38","v":"PRI Sub Division: Kanigiri"},null,null,{"$f":"'lead 2025-26'!J38","v":"Mandal Praja Parishad"}]
[{"$nulls":6},{"$f":"'lead 2025-26'!J39","v":"Pamuru"}]

{"sheet":"CD WORK DATA","index":15,"n_rows":230,"n_cols":11,"rows_kept":230,"merged":[[0,0,0,7],[1,0,1,2],[1,3,1,7],[2,6,2,7],[5,1,5,2],[15,1,15,2],[26,1,26,2],[37,1,37,2],[54,1,54,2],[74,1,74,2],[94,1,94,2],[114,1,114,2],[135,1,135,2],[147,1,147,2],[164,1,164,2],[182,1,182,2]]}
["CD WORK - DATA SHEET (SSR 2025-26)"]
[{"$f":"'lead 2025-26'!B3","v":"Name of the work : "},null,null,{"$f":"'lead 2025-26'!C3","v":"Providing BT Surface to the road from Inimerla SC colony to National Highway at Nuchupoda in Inimerla GP of Pamuru Mandal."}]
[{"$nulls":5},{"$f":"'lead 2025-26'!I4","v":"Est. Cost Rs: "},{"$f":"'lead 2025-26'!K4","v":"140.00 Lakhs"}]
["S.No","Qty.","Unit","Description of Tasks","CFMS Code","Rate.","Per","Amount."]
[1,2,3,4,5,{"v":6,"d":"6.00"},7,8]
[1,"RBR-STCL-15",null,"Dismantling of cement concrete pavements by mechanical means using pneumatic tools breaking to pieces not exceeding 0.02 cum in volume and stock piling at designated locations and disposal of dismantled materials upto a lead of 1000 m, stacking serviceable and unserviceable materials separately."]
[{"$nulls":3},"Unit = cum"]
[{"$nulls":3},"Labour "]
[null,{"v":0.5,"d":"0.50"},"day","Mazdoor (Semi-skilled)","LAB-00120",{"v":615,"d":"615.00"},"1Cum",{"$f":"ROUND(B9*F9,2)","v":{"v":307.5,"d":"307.50"}}]
[null,0.53,"day","Mazdoor (Unskilled)","LAB-00120",{"v":615,"d":"615.00"},"1Cum",{"$f":"ROUND(B10*F10,2)","v":325.95}]
[{"$nulls":3},"Machinery"]
[null,{"v":1,"d":"1.00"},"hour","Air compressor 210 / 250 cfm with two leads for pneumatic cutters / hammers @ 1 cum per hour","HIR- 00002",665.08,"1Hour",{"$f":"ROUND(B12*F12,2)","v":665.08}]
[null,{"v":0.4,"d":"0.40"},"hour","Tractor with trolley 3t","HIR-00077",{"v":541,"d":"541.00"},"1Hour",{"$f":"ROUND(B13*F13,2)","v":{"v":216.4,"d":"216.40"}}]
[null,{"v":1,"d":"1.00"},"hour","Joint Cutting Machine with 2-3 blades","HIR-00048",11.08,"1Hour",{"$f":"ROUND(B14*F14,2)","v":11.08}]
[{"$nulls":3},"Rate per cum",{"$nulls":3},{"$f":"SUM(H9:H14)","v":{"v":1526.0100000000002,"d":"1526.01"}}]
[2,"RBR-STCL-7",null,"Dismantling Stone Masonry as per Technical Specification Clause 202."]
[{"$nulls":3},"Dismantling of existing structures  comprising of stone masonry, including disposal of unserviceable material and stacking the serviceable material with all lifts and lead of 1000 m as per Technical Specification Clause 202 MORD / MORTH"]
[{"$nulls":3},"Unit = cum"]
[{"$nulls":3},"Taking ouput = 1.25 cum"]
[{"$nulls":3},"Rubble Stone Masonry in Cement Mortar"]
[{"$nulls":3},"Labour "]
[null,0.78,"day","Mazdoor (Unskilled)","LAB-00120",{"v":615,"d":"615.00"},"1Cum",{"$f":"ROUND(B22*F22,2)","v":{"v":479.7,"d":"479.70"}}]
[{"$nulls":3},"Machinery"]
[null,0.27,"hour","Tractor with trolley 3t","HIR-00077",{"v":541,"d":"541.00"},"1Hour",{"$f":"ROUND(B24*F24,2)","v":146.07}]
[{"$nulls":3},"Rate per 1.25 cum",{"$nulls":3},{"$f":"SUM(H22:H24)","v":625.77}]
[{"$nulls":3},"Rate per 1.00 cum",{"$nulls":3},{"$f":"ROUND(H25/1.25,2)","v":500.62}]
[1,"RBR-FNDN-1",null,"Earthwork in excavation for structures as per drawing and technical specifications Clause 305.1 including setting out, construction of shoring and bracing, removal of stumps and other deleterious material and disposal upto a lead of 50 m, dressing of sides and bottom and backfilling in trenches with excavated suitable material as per Technical Specification 305 MORD / 304 MORTH"]
[{"$nulls":3},"Unit = cum"]
[{"$nulls":3},"Taking output = 240 cum"]
[{"$nulls":3},"Mechanical Means "]
[{"$nulls":3},"Labour"]
[null,8.32,"day"," Mazdoor (Unskilled)","LAB-00120",{"v":615,"d":"615.00"},"1day",{"$f":"ROUND(B32*F32,2)","v":{"v":5116.8,"d":"5116.80"}}]
[null,{"v":6,"d":"6.00"},"day","Hydraulic Excavator 1 cum bucket capacity","HIR-00052",3607.52,"1day",{"$f":"ROUND(B33*F33,2)","v":21645.12}]
[{"$nulls":7},{"$f":"SUM(H32:H33)","v":26761.92}]
[{"$nulls":3},"add over head charges & Contractors profit @ 13.615%",{"$nulls":3},{"$f":"ROUND(H34*'data 2025-26'!$K$3,2)","v":3643.64}]
[{"$nulls":3},"Cost for 240 cum",{"$nulls":3},{"$f":"SUM(H34:H35)","v":{"v":30405.559999999998,"d":"30405.56"}}]
[{"$nulls":3},"Rate per  1 cum",{"$nulls":3},{"$f":"ROUND(H36/240,2)","v":126.69}]
[2,"RBR-FNDN-4 (i)",null,"Providing concrete for plain concrete M10 Grade in open foundations using 40 mm nominal size Graded hard stone aggregate, mechanically mixed, placed in foundation and compacted by vibration including curing for 14 days complete as per drawings and technical specifications Clause 802, 803, 1202 & 1203 MORD and 1500, 1700 & 2100 MORTH"]
[{"$nulls":3},"P.C.C grade M 10"]
[{"$nulls":3},"Nominal mix 1:3:6 (Concrete Mixer)"]
[{"$nulls":3},"Unit = cum"]
[{"$nulls":3},"Material"]
[null,{"v":0.22,"d":"0.220"},"t","Cement",null,{"$f":"'lead 2025-26'!$K$26","v":{"v":4218.8,"d":"4218.80"}},"t",{"$f":"ROUND(B43*F43,2)","v":928.14}]
[null,{"v":0.45,"d":"0.450"},"cum","Coarse sand",null,{"$f":"'lead 2025-26'!$K$9","v":{"v":1287.1899999999978,"d":"1287.19"}},"cum",579.24]
[null,{"v":0.9,"d":"0.900"},"cum","40 mm aggregate",null,{"$f":"'lead 2025-26'!$K$16","v":{"v":2330.229999999998,"d":"2330.23"}},"cum",2097.21]
[{"$nulls":3},"Labour "]
[null,{"v":0.1,"d":"0.100"},"day","Mason (1st Class)","LAB-00011",{"v":735,"d":"735.00"},"day",{"$f":"ROUND(B47*F47,2)","v":{"v":73.5,"d":"73.50"}}]
[null,{"v":1.39,"d":"1.390"},"day","Mazdoor (Unskilled)","LAB-00120",{"v":615,"d":"615.00"},"day",854.85]
[{"$nulls":3},"Machinery"]
[null,{"v":0.4,"d":"0.400"},"hour","Mechanical concrete mixer 0.4/0.28 cum capacity fitted with water measuring device and preferably also with load cell.","HIR-00018",722.41,"hour",{"$f":"ROUND(B50*F50,2)","v":288.96}]
[null,{"v":0.13,"d":"0.130"},"hour","Water tanker 6 kl capacity","HIR-00076",{"v":830,"d":"830.00"},"hour",{"v":107.9,"d":"107.90"}]
[{"$nulls":7},{"$f":"SUM(H43:H51)","v":{"v":4929.8,"d":"4929.80"}}]
[{"$nulls":3},"add over head charges & Contractors profit @ 13.615%",{"$nulls":3},{"$f":"ROUND(H52*'data 2025-26'!$K$3,2)","v":671.19}]
[{"$nulls":3},"Rate per cum",{"$nulls":3},{"$f":"SUM(H52:H53)","v":5600.99}]
[3,"RBR-SBST-5 i",null,"Plain cement concrete M 15 grade  using 40,20 & 12mm metal mechanically mixed in Open foundations complete as per drawings and technical specification Clauses 802, 804, 805, 806, 807, 1202 and 1204 MORD and 1500, 1700 & 2200 MORTH "]
[{"$nulls":3},"P.C.C grade M 15"]
[{"$nulls":3},"Nominal mix (1:2.5:5) using CC Mixer (MORD)"]
[{"$nulls":3},"Unit = cum"]
[{"$nulls":3},"Material"]
[null,0.275,"t","Cement",null,{"$f":"'lead 2025-26'!$K$26","v":{"v":4218.8,"d":"4218.80"}},"t",{"$f":"ROUND(B60*F60,2)","v":1160.17}]
[null,{"v":0.48,"d":"0.480"},"cum","Coarse sand",null,{"$f":"'lead 2025-26'!$K$9","v":{"v":1287.1899999999978,"d":"1287.19"}},"cum",617.85]
[null,{"v":0.48,"d":"0.480"},"cum","40 mm aggregate",null,{"$f":"'lead 2025-26'!$K$16","v":{"v":2330.229999999998,"d":"2330.23"}},"cum",1118.51]
[null,{"v":0.24,"d":"0.240"},"cum","20 mm aggregate",null,{"$f":"'lead 2025-26'!$K$12","v":{"v":2973.979999999998,"d":"2973.98"}},"cum",713.76]
[null,{"v":0.08,"d":"0.080"},"cum","12 mm aggregate",null,{"$f":"'lead 2025-26'!$K$13","v":{"v":2647.729999999998,"d":"2647.73"}},"cum",211.82]
[{"$nulls":3},"Labour "]
[null,{"v":0.1,"d":"0.100"},"day","Mason (1st Class)","LAB-00011",{"v":735,"d":"735.00"},"day",{"$f":"ROUND(B66*F66,2)","v":{"v":73.5,"d":"73.50"}}]
[null,{"v":1.39,"d":"1.390"},"day","Mazdoor (Unskilled)","LAB-00120",{"v":615,"d":"615.00"},"day",854.85]
[{"$nulls":3},"Machinery"]
[null,{"v":0.4,"d":"0.400"},"hour","Mechanical concrete mixer 0.4/0.28 cum capacity fitted with water measuring device and preferably also with load cell.","HIR-00018",722.41,"hour",{"$f":"ROUND(B69*F69,2)","v":288.96}]
[{"$nulls":7},{"$f":"SUM(H60:H69)","v":5039.42}]
[{"$nulls":3},"Formwork @ 4% on cost of material, labour and machinery ",{"$nulls":3},{"$f":"ROUND(H70*4%,2)","v":201.58}]
[{"$nulls":7},{"$f":"SUM(H70:H71)","v":{"v":5241,"d":"5241.00"}}]
[{"$nulls":3},"add over head charges & Contractors profit @ 13.615%",{"$nulls":3},{"$f":"ROUND(H72*'data 2025-26'!$K$3,2)","v":713.56}]
[{"$nulls":3},"Rate per cum",{"$nulls":3},{"$f":"SUM(H72:H73)","v":{"v":5954.5599999999995,"d":"5954.56"}}]
[4,"RBR-SBST-5 V (i)",null,"Providing  RCC M-20 grade cement concrete using  using 20 mm to 12 mm Graded HBG crushed Metal ( 66% of 20 mm and 34% of 12mm )s from approved source for deck slab including cost of all ,materials, machinery, labour, formwork,  scaffolding,placing in position, levelling, vibrating, finishing, curing etc., complete with initial lead upto 50 m and all lifts."]
[{"$nulls":3},"R.C.C grade M 20 (MORD)"]
[{"$nulls":3},"For nominal mix 1:2:4 (Using Concrete Mixture)"]
[{"$nulls":3},"Material"]
[null,{"v":0.33,"d":"0.330"},"t","Cement",null,{"$f":"'lead 2025-26'!$K$26","v":{"v":4218.8,"d":"4218.80"}},"t",{"$f":"ROUND(B79*F79,2)","v":{"v":1392.2,"d":"1392.20"}}]
[null,{"v":0.45,"d":"0.450"},"cum","Coarse sand",null,{"$f":"'lead 2025-26'!$K$9","v":{"v":1287.1899999999978,"d":"1287.19"}},"cum",579.24]
[null,0.594,"cum","20  MM HBG emtal",null,{"$f":"'lead 2025-26'!$K$12","v":{"v":2973.979999999998,"d":"2973.98"}},"cum",1766.54,0.9,60,{"$f":"I81*J81%","v":0.54}]
[null,0.306,"cum","12mm HBG Metal",null,{"$f":"'lead 2025-26'!$K$13","v":{"v":2647.729999999998,"d":"2647.73"}},"cum",810.21,0.9,60,{"$f":"I82*J82%","v":0.54}]
[{"$nulls":3},"Labour "]
[null,{"v":0.1,"d":"0.10"},"day","Mason (1st Class)","LAB-00011",{"v":735,"d":"735.00"},"day",{"$f":"ROUND(B84*F84,2)","v":{"v":73.5,"d":"73.50"}}]
[null,1.39,"day","Mazdoor (Unskilled)","LAB-00120",{"v":615,"d":"615.00"},"day",854.85]
[{"$nulls":3},"Machinery"]
[null,{"v":0.4,"d":"0.40"},"hour","Concrete mixer 0.4/0.28 cum capacity","HIR-00018",722.41,"hour",{"$f":"ROUND(B87*F87,2)","v":288.96}]
[null,{"v":0.13,"d":"0.130"},"hour","Water tanker 6 kl capacity","HIR-00076",{"v":830,"d":"830.00"},"hour",{"v":107.9,"d":"107.90"}]
[null,{"v":0.4,"d":"0.400"},"hour","Needle vibrator","HIR-00040",297.87,"hour",119.15]
[{"$nulls":7},{"$f":"SUM(H79:H89)","v":5992.55}]
[{"$nulls":3},"Add for formwork and staging upto 5Mts height @  20%",{"$nulls":3},{"$f":"ROUND(H90*20%,2)","v":1198.51}]
[{"$nulls":7},{"$f":"SUM(H90:H91)","v":7191.06}]
[{"$nulls":3},"add over head charges & Contractors profit @ 13.615%",{"$nulls":3},{"$f":"ROUND(H92*'data 2025-26'!$K$3,2)","v":979.06}]
[{"$nulls":3},"Rate per cum",{"$nulls":3},{"$f":"SUM(H92:H93)","v":{"v":8170.120000000001,"d":"8170.12"}}]
[5,"RBR-SBST-5 VI i",null,"Providing  RCC M-25 grade cement concrete using  using 20 mm to 12 mm Graded HBG crushed Metal ( 66% of 20 mm and 34% of 12mm )s from approved source including cost of all ,materials, machinery, labour, formwork,  scaffolding,placing in position, levelling, vibrating, finishing, curing etc., complete with initial lead upto 50 m and all lifts. for Guide Posts"]
[{"$nulls":3},"R.C.C grade M 25 Design mix"]
[{"$nulls":3},"Unit = cum"]
[{"$nulls":3},"Material"]
[null,{"v":0.34,"d":"0.340"},"t","Cement",null,{"$f":"'lead 2025-26'!$K$26","v":{"v":4218.8,"d":"4218.80"}},"t",{"$f":"ROUND(B99*F99,2)","v":1434.39}]
[null,0.45,"cum","Coarse sand",null,{"$f":"'lead 2025-26'!$K$9","v":{"v":1287.1899999999978,"d":"1287.19"}},"cum",579.24]
[null,0.594,"cum","20 mm aggregate",null,{"$f":"'lead 2025-26'!$K$12","v":{"v":2973.979999999998,"d":"2973.98"}},"cum",1766.54]
[null,0.306,"cum","12 mm aggregate",null,{"$f":"'lead 2025-26'!$K$13","v":{"v":2647.729999999998,"d":"2647.73"}},"cum",810.21]
[{"$nulls":3},"Labour "]
[null,{"v":0.1,"d":"0.100"},"day","Mason (1st Class)","LAB-00011",{"v":735,"d":"735.00"},"day",{"$f":"ROUND(B104*F104,2)","v":{"v":73.5,"d":"73.50"}}]
[null,{"v":1.39,"d":"1.390"},"day","Mazdoor (Unskilled)","LAB-00120",{"v":615,"d":"615.00"},"day",854.85]
[{"$nulls":3},"Machinery"]
[null,{"v":0.4,"d":"0.40"},"hour","Concrete mixer 0.4/0.28 cum capacity","HIR-00018",722.41,"hour",{"$f":"ROUND(B107*F107,2)","v":288.96}]
[null,{"v":0.13,"d":"0.130"},"hour","Water tanker 6 kl capacity","HIR-00076",{"v":830,"d":"830.00"},"hour",{"v":107.9,"d":"107.90"}]
[null,{"v":0.4,"d":"0.400"},"hour","Needle vibrator","HIR-00040",297.87,"hour",119.15]
[{"$nulls":7},{"$f":"SUM(H99:H109)","v":6034.74}]
[{"$nulls":3},"Formwork @ 10% on cost of material, labour and machinery ",{"$nulls":3},{"$f":"ROUND(H110*10%,2)","v":603.47}]
[{"$nulls":7},{"$f":"SUM(H110:H111)","v":6638.21}]
[{"$nulls":3},"add over head charges & Contractors profit @ 13.615%",{"$nulls":3},{"$f":"ROUND(H112*'data 2025-26'!$K$3,2)","v":903.79}]
[{"$nulls":3},"Rate per cum",{"$nulls":3},{"$f":"SUM(H112:H113)","v":{"v":7542,"d":"7542.00"}}]
[6,"RBR-SPST-5 (i)",null,"Providing  RCC M-30 grade cement concrete using  using 20 mm to 12 mm Graded HBG crushed Metal ( 66% of 20 mm and 34% of 12mm )s from approved source including cost of all ,materials, machinery, labour, formwork,  scaffolding,placing in position, levelling, vibrating, finishing, curing etc., complete with initial lead upto 50 m and all lifts. for Wearing course"]
[{"$nulls":3},"R.C.C grade M 30 Design mix"]
[{"$nulls":3},"Unit = cum"]
[{"$nulls":3},"Material"]
[null,{"v":0.35,"d":"0.350"},"t","Cement",null,{"$f":"'lead 2025-26'!$K$26","v":{"v":4218.8,"d":"4218.80"}},"t",{"$f":"ROUND(B119*F119,2)","v":1476.58}]
[null,0.45,"cum","Coarse sand",null,{"$f":"'lead 2025-26'!$K$9","v":{"v":1287.1899999999978,"d":"1287.19"}},"cum",579.24]
[null,0.594,"cum","20 mm aggregate",null,{"$f":"'lead 2025-26'!$K$12","v":{"v":2973.979999999998,"d":"2973.98"}},"cum",1766.54]
[null,0.306,"cum","12 mm aggregate",null,{"$f":"'lead 2025-26'!$K$13","v":{"v":2647.729999999998,"d":"2647.73"}},"cum",810.21]
[{"$nulls":3},"Labour "]
[null,{"v":0.1,"d":"0.100"},"day","Mason (1st Class)","LAB-00011",{"v":735,"d":"735.00"},"day",{"$f":"ROUND(B124*F124,2)","v":{"v":73.5,"d":"73.50"}}]
[null,{"v":1.39,"d":"1.390"},"day","Mazdoor (Unskilled)","LAB-00120",{"v":615,"d":"615.00"},"day",854.85]
[null,{"v":0.15,"d":"0.150"},"day","Mazdoor (Unskilled) for cleaning deck slab concrete surface","LAB-00120",{"v":615,"d":"615.00"},"day",92.25]
[{"$nulls":3},"Machinery"]
[null,{"v":0.4,"d":"0.40"},"hour","Concrete mixer 0.4/0.28 cum capacity","HIR-00018",722.41,"hour",{"$f":"ROUND(B128*F128,2)","v":288.96}]
[null,{"v":0.13,"d":"0.130"},"hour","Water tanker 6 kl capacity","HIR-00076",{"v":830,"d":"830.00"},"hour",{"v":107.9,"d":"107.90"}]
[null,{"v":0.4,"d":"0.400"},"hour","Plate vibrator","HIR-00115",{"v":71,"d":"71.00"},"hour",{"v":28.4,"d":"28.40"}]
[{"$nulls":7},{"$f":"SUM(H119:H130)","v":{"v":6078.429999999999,"d":"6078.43"}}]
[{"$nulls":3},"Formwork @ 3% on cost of material, labour and machinery ",{"$nulls":3},{"$f":"ROUND(H131*3%,2)","v":182.35}]
[{"$nulls":7},{"$f":"SUM(H131:H132)","v":6260.78}]
[{"$nulls":3},"add over head charges & Contractors profit @ 13.615%",{"$nulls":3},{"$f":"ROUND(H133*'data 2025-26'!$K$3,2)","v":852.41}]
[{"$nulls":3},"Rate per cum",{"$nulls":3},{"$f":"SUM(H133:H134)","v":7113.19}]
[6,null,null,"Supplying, fitting and placing HYSD bar reinforcement in foundation complete as per drawings and technical specifications Clauses 1000 and 1202  MORD & 1100, 1600 MORTH for Bars below 36 mm dia including over laps and wastage, where they are not welded."]
[{"$nulls":3},"Procs. No. ENCB/TA8/AEE3/DATA: 2010-11 Dt: 01-08-2011\n(AMENDMENT to Standard Data)"]
[{"$nulls":3},"Taking Output 1.00 tonne"]
[{"$nulls":3},"Material"]
[null,1.05,"t","HYSD Bars including 5% for overlaps & wastage",null,{"$f":"'lead 2025-26'!K27","v":{"v":58000,"d":"58000.00"}},"1MT",{"$f":"ROUND(B140*F140,2)","v":{"v":60900,"d":"60900.00"}}]
[null,{"v":6,"d":"6.00"},"Kg","Binding wire","MAT-00003",{"v":70,"d":"70.00"},"1Kg",{"$f":"ROUND(B141*F141,2)","v":{"v":420,"d":"420.00"}}]
[{"$nulls":3},"Labour for cutting, bending, shifting to site, tying and placing in position"]
[null,{"v":10,"d":"10.00"},"day","Bar bender  ","LAB-00001",{"v":870,"d":"870.00"},"1day",{"$f":"ROUND(B143*F143,2)","v":{"v":8700,"d":"8700.00"}}]
[null,{"v":10,"d":"10.00"},"day","Mazdoor (Un-Skilled)","LAB-00120",{"v":615,"d":"615.00"},"1day",{"v":6150,"d":"6150.00"}]
[{"$nulls":7},{"$f":"SUM(H140:H144)","v":{"v":76170,"d":"76170.00"}}]
[{"$nulls":3},"add over head charges & Contractors profit @ 13.615%",{"$nulls":3},{"$f":"ROUND(H145*'data 2025-26'!$K$3,2)","v":10370.55}]
[{"$nulls":3},"Rate per 1 MT",{"$nulls":3},{"$f":"SUM(H145:H146)","v":86540.55}]
[4,"RBR-PCVT-3 (B)",null,"Providing and Laying Reinforced Cement Concrete Pipe NP3 as per design."]
[{"$nulls":3},"Providing and laying reinforced cement concrete pipe NP3 for culverts on first class bedding of granular  material but excluding excavation, protection works, backfilling, concrete and masonry works in head wall and parapets. Tech Specification Clause 1106 MORD."]
[{"$nulls":3},"Unit = m"]
[{"$nulls":3},"Taking output = 7.5 m "]
[{"$nulls":3},"(3 pipes of 2.5 m length each)"]
[{"$nulls":3},"1000 mm dia Plain ended"]
[{"$nulls":3},"Labour"]
[null,0.25,"day","Mason (1st Class) ","LAB-00011",{"v":735,"d":"735.00"},"day",{"$f":"ROUND(B155*F155,2)","v":183.75}]
[null,2.09,"day","Mazdoor (Unskilled)","LAB-00120",{"v":615,"d":"615.00"},"day",1285.35]
[{"$nulls":3},"Material"]
[null,0.04,"cum","Sand",null,{"$f":"'lead 2025-26'!$K$9","v":{"v":1287.1899999999978,"d":"1287.19"}},"1cum",{"$f":"ROUND(B158*F158,2)","v":51.49}]
[null,0.03,"MT","Cement ",null,{"$f":"'lead 2025-26'!$K$26","v":{"v":4218.8,"d":"4218.80"}},"Mt",126.56,{"$f":"ROUND(B159*F159,2)","v":126.56}]
[null,{"v":7.5,"d":"7.50"},"Rm","RCC pipe NP3 pipe",null,{"$f":"'lead 2025-26'!K31","v":{"v":7707.39,"d":"7,707.39"}},"1Rm",57805.43]
[{"$nulls":7},{"$f":"SUM(H155:H160)","v":59452.58}]
[{"$nulls":3},"add over head charges & Contractors profit @ 13.615%",{"$nulls":3},{"$f":"ROUND(H161*'data 2025-26'!$K$3,2)","v":8094.47}]
[{"$nulls":3},"Cost for 7.50 RM",{"$nulls":3},{"$f":"SUM(H161:H162)","v":67547.05}]
[{"$nulls":3},"Cost for 1.00 RM",{"$nulls":3},{"$f":"ROUND(H163/7.5,2)","v":9006.27}]
[7,"RBR-PCVT-3 (B)",null,"Providing and Laying Reinforced Cement Concrete Pipe NP3 as per design."]
[{"$nulls":3},"Providing and laying reinforced cement concrete pipe NP3 for culverts on first class bedding of granular  material but excluding excavation, protection works, backfilling, concrete and masonry works in head wall and parapets. Tech Specification Clause 1106 MORD."]
[{"$nulls":3},"Unit = m"]
[{"$nulls":3},"Taking output = 7.5 m "]
[{"$nulls":3},"(3 pipes of 2.5 m length each)"]
[{"$nulls":3},"600 mm dia Plain ended"]
[{"$nulls":3},"Labour"]
[null,0.25,"day","Mason (1st Class) ","LAB-00011",{"v":735,"d":"735.00"},"day",{"$f":"ROUND(B172*F172,2)","v":183.75}]
[null,2.09,"day","Mazdoor (Unskilled)","LAB-00120",{"v":615,"d":"615.00"},"day",1285.35]
[{"$nulls":3},"The labour rate  decreasing 20%",{"$nulls":3},{"$f":"-ROUND((H172+H173)*20%,2)","v":-293.82}]
[{"$nulls":3},"Material"]
[null,0.04,"cum","Sand",null,{"$f":"'lead 2025-26'!$K$9","v":{"v":1287.1899999999978,"d":"1287.19"}},"1cum",{"$f":"ROUND(B176*F176,2)","v":51.49}]
[null,0.03,"MT","Cement ",null,{"$f":"'lead 2025-26'!$K$26","v":{"v":4218.8,"d":"4218.80"}},"Mt",126.56,{"$f":"ROUND(B177*F177,2)","v":126.56}]
[null,{"v":7.5,"d":"7.50"},"Rm","RCC pipe NP3 pipe",null,{"$f":"'lead 2025-26'!K32","v":{"v":3168.43,"d":"3,168.43"}},"1Rm",23763.23]
[{"$nulls":7},{"$f":"SUM(H172:H178)","v":{"v":25116.559999999998,"d":"25116.56"}}]
[{"$nulls":3},"add over head charges & Contractors profit @ 13.615%",{"$nulls":3},{"$f":"ROUND(H179*'data 2025-26'!$K$3,2)","v":3419.62}]
[{"$nulls":3},"Cost for 7.50 RM",{"$nulls":3},{"$f":"SUM(H179:H180)","v":{"v":28536.179999999997,"d":"28536.18"}}]
[{"$nulls":3},"Cost for 1.00 RM",{"$nulls":3},{"$f":"ROUND(H181/7.5,2)","v":3804.82}]
[5,null,null,"Filling with S.earth in trenches, sides of foundations & basement by watering and ramming including all operational, incidental, labour charges, hire charges of T&P etc complete including cost and conveyance of material and labour charges etc complete for finished item of the work (APSS No 309& 310) per 1 Cum"]
[{"$nulls":3},"Proceeding RC No.20938/SOR/DCE(B)/EE(B)DEE(B)AEE/2019 Dt 14.05.2019 of the Chief Engineer (R&B ) Building & RSW"]
[{"$nulls":3},"Rate per 6 Cum "]
[null,{"v":6,"d":"6.00"},"Cum","Selected earth",null,{"$f":"'lead 2025-26'!K25","v":{"v":248,"d":"248.00"}},"1Cum",{"$f":"ROUND(B186*F186,2)","v":{"v":1488,"d":"1488.00"}}]
[null,{"v":0.31,"d":"0.310"},"Cum","Mazdoor","LAB-00120",{"v":615,"d":"615.00"},"1day",{"$f":"ROUND(B187*F187,2)","v":190.65}]
[{"$nulls":3},"Rate per 6 Cum ",{"$nulls":3},{"$f":"SUM(H186:H187)","v":1678.65}]
[{"$nulls":3},"Rate per 1 Cum ",{"$nulls":3},{"$f":"ROUND(H188/6,2)","v":279.78}]
[8,null,null,"Plain cement concrete for CC  pavement, thickness as per design, over a prepared sub base, with 43 grade cement or any other type as per Clause 1501.2.2 M20 (Grade), coarse and fine aggregates conforming to IS : 383, maximum in a concrete mixer of not less than 0.2 cum capacity and appropeiate weigh batcher using approved mix design, laid in approved fixed side formwork (steel channel, laying and fixing of 125 mictron thick polythene film, wedges, steel plates including levelling the formwork as per drawing), spreading the concrete with sholvels, rakes, compacted using needle, scareed and plate vibrators and finished in continuous operation including provision of contraction and expansion, construction joints, applying debonding strips, primer, sealant, dowel bars, near approaches to bridge / culvert and construction joints, admixtures as approved, curing of concrete slabs for 28- days, curing compound (where specified) and water finishing to lines and grade as per drawing  and Technical Specification Clause 1501 MORD"]
[{"$nulls":3},"Unit = cum"]
[{"$nulls":3},"Taking output = 75cum (172.50 t)"]
[{"$nulls":3},"(100x3.75 x 0.200)"]
[{"$nulls":3},"Labour"]
[null,{"v":5,"d":"5.00"},"day","Mason (1st class)","LAB-00011",{"v":735,"d":"735.00"},"day",{"$f":"ROUND(B195*F195,2)","v":{"v":3675,"d":"3675.00"}},{"$f":"ROUND(B195*F195,2)","v":3675}]
[null,{"v":5,"d":"5.00"},"day","Mason (2nd class)","LAB-00091",{"v":665,"d":"665.00"},"day",{"$f":"ROUND(B196*F196,2)","v":{"v":3325,"d":"3325.00"}},{"$f":"ROUND(B196*F196,2)","v":3325}]
[null,{"v":150,"d":"150.00"},"day","Mazdoor (unskilled) ","LAB-00120",{"v":615,"d":"615.00"},"day",{"$f":"ROUND(B197*F197,2)","v":{"v":92250,"d":"92250.00"}},{"$f":"ROUND(B197*F197,2)","v":92250}]
[null,{"v":6,"d":"6.00"},"day","Mazdoor(skilled)","LAB-00120",{"v":615,"d":"615.00"},"day",{"$f":"ROUND(B198*F198,2)","v":{"v":3690,"d":"3690.00"}},{"$f":"ROUND(B198*F198,2)","v":3690}]
[null,{"v":6,"d":"6.00"},"day","Mazdoor (semi-skilled)","LAB-00120",{"v":615,"d":"615.00"},"day",{"$f":"ROUND(B199*F199,2)","v":{"v":3690,"d":"3690.00"}},{"$f":"ROUND(B199*F199,2)","v":3690}]
[{"$nulls":3},"Machinery"]
[null,{"v":36,"d":"36.00"},"Hour ","Concrete mixer 0.28/0.40 cum capacity ( 6 mixers) with weight batcher and suitable capacity calibrated water tank","HIR-00018",722.41,"Hour ",{"$f":"ROUND(B201*F201,2)","v":26006.76},{"$f":"ROUND(B201*F201,2)","v":26006.76}]
[null,{"v":9,"d":"9.00"},"Hour ","Pin vibrator","HIR-00174",297.87,"Hour ",{"$f":"ROUND(B202*F202,2)","v":2680.83},{"$f":"ROUND(B202*F202,2)","v":2680.83}]
[null,{"v":9,"d":"9.00"},"Hour ","Plate vibrator","HIR-00115",{"v":71,"d":"71.00"},"Hour ",{"$f":"ROUND(B203*F203,2)","v":{"v":639,"d":"639.00"}},{"$f":"ROUND(B203*F203,2)","v":639}]
[null,{"v":5,"d":"5.00"},"Hour ","Water tanker 6 Kl. Capacity","HIR-00076",{"v":830,"d":"830.00"},"Hour ",{"$f":"ROUND(B204*F204,2)","v":{"v":4150,"d":"4150.00"}},{"$f":"ROUND(B204*F204,2)","v":4150}]
[{"$nulls":3},"Material"]
[{"$nulls":3},"Crushed stone coarse aggregates, grading will be as per clause 1501.2.4.1 (Table 1500.1) of specifications @ 0.90 Cum/cum of concrete"]
[null,{"$f":"ROUND(67.5*0.66,2)","v":44.55},"Cum","20MM HBG metal  67.50 x 66% = 44.55 cum",null,{"$f":"'lead 2025-26'!K12","v":{"v":2973.979999999998,"d":"2973.98"}},"Cum",{"$f":"ROUND(B207*F207,2)","v":132490.81},{"$f":"ROUND(B207*F207,2)","v":132490.81}]
[null,{"$f":"ROUND(67.5*0.34,2)","v":22.95},"Cum","12MM HBG metal  67.50 x 34% = 22.95 cum",null,{"$f":"'lead 2025-26'!K13","v":{"v":2647.729999999998,"d":"2647.73"}},"Cum",{"v":60765.4,"d":"60765.40"},{"$f":"ROUND(B208*F208,2)","v":60765.4}]
[null,33.75,"cum","Sand as per IS:383 and conforming to clause 1500.2.4.2. @ 0.45 cum of concrete",null,{"$f":"'lead 2025-26'!K9","v":{"v":1287.1899999999978,"d":"1287.19"}},"cum",43442.66,{"$f":"ROUND(B209*F209,2)","v":43442.66}]
[null,24.75,"MT","Cement @ 330 Kg/cum of concrete",null,{"$f":"'lead 2025-26'!K26","v":{"v":4218.8,"d":"4218.80"}},"Mt",{"v":104415.3,"d":"104415.30"},{"$f":"ROUND(B210*F210,2)","v":104415.3}]
[null,{"v":485,"d":"485.00"},"Sqm"," Polythene sheet 125 micron","MAT-00539",15.25,"1Sqm",7396.25,{"$f":"ROUND(B211*F211,2)","v":7396.25}]
[null,{"v":28.8,"d":"28.80"},"lt","Bituminous sealant 800 ml per joint for 23 joints","MAT-00538",53.95,"Litre",1553.76]
[null,{"v":122,"d":"122.00"},"lt","Plasticizer 0.5 % by weight of cement BMT-H.19","MAT-05375",{"v":86,"d":"86.00"},"Litre",{"v":10492,"d":"10492.00"}]
[null,{"v":18,"d":"18.00"},"lt","Water for curing","MAT-00333",{"v":105,"d":"105.00"},"Litre",{"v":1890,"d":"1890.00"}]
[null,3.57,"Sqm","Joint filler board 20mm thick as per IS:1838  BMT-U.02","MAT-01514",{"v":574,"d":"574.00"},"1Sqm",2049.18]
[{"$nulls":7},{"$f":"SUM(H195:H215)","v":{"v":504601.95000000007,"d":"504601.95"}},{"$f":"#REF!*3%","v":{"$error":"#REF!"}}]
[{"$nulls":3},"Form work @ 3% ",{"$nulls":3},{"$f":"ROUND(H216*3%,2)","v":15138.06},{"$f":"SUM(I216:I216)","v":{"$error":"#REF!"}}]
[{"$nulls":3},"Cost for 75 cum = a+b+c+d",{"$nulls":3},{"$f":"H216+H217","v":{"v":519740.01000000007,"d":"519740.01"}},{"$f":"I217/75","v":{"$error":"#REF!"}}]
[{"$nulls":3},"add over head charges & Contractors profit @ 13.615%",{"$nulls":3},{"$f":"ROUND(H218*'data 2025-26'!$K$3,2)","v":{"v":70762.6,"d":"70762.60"}}]
[{"$nulls":3},"Rate  per 75 Cum",{"$nulls":3},{"$f":"SUM(H218:H219)","v":{"v":590502.6100000001,"d":"590502.61"}}]
[{"$nulls":3},"Rate per 1 Cum ",{"$nulls":3},{"$f":"ROUND(H220/75,2)","v":7873.37}]
[{"$nulls":3},"Deduct for Water for curing",{"$nulls":3},{"v":0,"d":"0.00"}]
[null,null,"A)","Rate per 1 Cum ",{"$nulls":3},{"$f":"SUM(H221:H222)","v":7873.37}]
[]
[]
[]
[]
[{"$nulls":3},{"$f":"'lead 2025-26'!$G$37","v":"Deputy Executive Engineer"},null,null,{"$f":"'lead 2025-26'!J37","v":"Assistant   Engineer"}]
[{"$nulls":3},{"$f":"'lead 2025-26'!$G$38","v":"PRI Sub Division: Kanigiri"},null,null,{"$f":"'lead 2025-26'!J38","v":"Mandal Praja Parishad"}]
[{"$nulls":6},{"$f":"'lead 2025-26'!J39","v":"Pamuru"}]

{"sheet":"field notes","index":16,"n_rows":31,"n_cols":15,"rows_kept":31,"hidden":true}
["Providing BT Surface to road from Peda Alavalapadu -Botlagudur R&B Road to NIMZ (Industrial Park) via Diwakarapuram (Reach-1) in PCPalli Mandal"]
[]
[null,"CC road Length = 103 Mts",{"$nulls":3},"BT road = 2479.00 Mts  (51 Mts not done due to lack of funds)"]
[]
[]
[]
[]
[null,"For CC road",{"$nulls":7},"For BT road"]
[]
[null,"Scariftying",2,{"v":103,"d":"103.00"},{"v":1,"d":"1.00"},null,{"$f":"E10*D10*C10","v":206},"Sqm",null,"Scariftying",{"v":2530,"d":"2530.00"},{"v":7.5,"d":"7.50"},null,{"$f":"L10*K10","v":18975},"Sqm"]
[]
[{"$nulls":9},"Subgrade",{"v":2530,"d":"2530.00"},{"v":7.5,"d":"7.50"},0.225,{"$f":"L12*K12*M12","v":4269.375},"Cum"]
[]
[null,"Subbase",2,{"v":103,"d":"103.00"},{"v":1,"d":"1.00"},{"v":0.1,"d":"0.100"},{"$f":"E14*D14*F14*C14","v":20.6},"Cum",null,"Subbase",{"v":2530,"d":"2530.00"},4.05,{"v":0.2,"d":"0.200"},{"$f":"L14*K14*M14","v":2049.3},"Cum"]
[]
[null,"wetmix",2,{"v":103,"d":"103.00"},{"v":0.9,"d":"0.90"},0.075,{"$f":"E16*D16*F16*C16","v":13.905},"Cum",null,"wetmix",{"$f":"2530-51","v":{"v":2479,"d":"2479.00"}},{"v":3.9,"d":"3.90"},0.225,{"$f":"L16*K16*M16","v":2175.3225},"Cum"]
[]
[null,"CC ",1,{"v":103,"d":"103.00"},{"v":4,"d":"4.00"},{"v":0.17,"d":"0.170"},{"$f":"E18*D18*F18*C18","v":70.04},"Cum",null,"primer",{"$f":"2530-51","v":{"v":2479,"d":"2479.00"}},3.75,null,{"$f":"L18*K18","v":9296.25},"Sqm"]
[]
[{"$nulls":9},"tack coat",{"$f":"2530-51","v":{"v":2479,"d":"2479.00"}},3.75,null,{"$f":"L20*K20","v":9296.25},"Sqm"]
[]
[{"$nulls":9},"BM",{"$f":"2530-51","v":{"v":2479,"d":"2479.00"}},3.75,{"v":0.05,"d":"0.050"},{"$f":"L22*K22*M22","v":464.8125},"Cum"]
[null,"Km","4No"]
[null,"Hm","15No",{"$nulls":6},"tack coat",{"$f":"2530-51","v":{"v":2479,"d":"2479.00"}},3.75,null,{"$f":"L24*K24","v":9296.25},"Sqm"]
[]
[{"$nulls":9},"sdbc",{"$f":"2530-51","v":{"v":2479,"d":"2479.00"}},3.75,0.025,{"$f":"L26*K26*M26","v":232.40625},"Cum"]
[]
[null,"Culverts",{"$nulls":4},"Body walls","Bed ","Encasement","Body walls width","Body walls height","parapet "]
["Reach-1","1/0 to 1/2",null,"3rows of 1000mm dia pipes",null,null,{"v":20,"d":"20.00"},{"v":0.3,"d":"0.30"},{"v":1.4,"d":"1.40"},"0.9+0.45",{"v":1.2,"d":"1.20"},"0.23x0.60"]
["Reach-2","2/8 to 3/0",null,"2 rows of 1000mm dia pipes",null,null,{"v":4.9,"d":"4.90"},{"v":0.3,"d":"0.30"},{"v":1.4,"d":"1.40"},"0.9+0.45",{"v":1.2,"d":"1.20"},"0.23x0.60"]
["Reach-2","3/2 to 3/4",null,"2 rows of 1000mm dia pipes",null,null,{"v":4.9,"d":"4.90"},{"v":0.3,"d":"0.30"},{"v":1.4,"d":"1.40"},"0.9+0.45",{"v":1.2,"d":"1.20"},"0.23x0.60"]

{"sheet":"Data Road safety","index":17,"n_rows":238,"n_cols":13,"rows_kept":238,"merged":[[0,0,0,6],[1,0,1,1],[1,2,1,6]]}
["ROAD SAFETY INTERVENTIONS (2025-26)"]
["Name of the work:",null,{"$f":"'lead 2025-26'!C3:K3","v":"Providing BT Surface to the road from Inimerla SC colony to National Highway at Nuchupoda in Inimerla GP of Pamuru Mandal."}]
["S. No","Index Code","Description of item of work","Unit","Qty","Rate ","Amount"]
[1,null,2,3,4,5,6]
[1,"RBR-FNDN-1","Earthwork in excavation for structures as per drawing and technical specifications Clause 305.1 including setting out, construction of shoring and bracing, removal of stumps and other deleterious material and disposal upto a lead of 50 m, dressing of sides and bottom and backfilling in trenches with excavated suitable material as per Technical Specification 305 MORD / 304 MORTH."]
[null,null,"Ordinary soils"]
[null,null,"Manual Means"]
[null,null,"Up to 3 m Depth"]
[null,null,"Uint=Cum"]
[null,null,"Taking Output=10 Cum"]
[null,null,"a )Labour"]
[null,null,"Mazdoor (Unskilled)","Day",3.64,{"v":615,"d":"615.00"},{"$f":"ROUND(E12*F12,2)","v":{"v":2238.6,"d":"2238.60"}}]
[null,null,"Rate per 10 Cum",{"$nulls":3},{"$f":"SUM(G12)","v":{"v":2238.6,"d":"2238.60"}}]
[null,null,"Rate per 1 Cum",{"$nulls":3},{"$f":"ROUND(G13/10,2)","v":223.86}]
[2,"RBR-FNDN-4 C i","Providing concrete for reinforced concrete M 20 grade (Design Mix) in open foundations using 20 & 10 mm nominal size Graded hard stone aggregate, mechanically mixed, placed in foundation and compacted by vibration including curing for 14 days complete as per drawings and technical specifications Clause 802, 803, 1202 & 1203 MORD and 1500, 1700 & 2100 MORTH."]
[null,null,"R.C.C grade M 20 (Design Mix) using 20 mm Graded Metal (MORTH)"]
[null,null,"CASE I : Using Concrete Mixer "]
[null,null,"Unit = cum"]
[null,null,"(a) Material"]
[null,null,"Cement","t",0.33,{"$f":"'lead 2025-26'!$K$26","v":{"v":4218.8,"d":"4218.80"}},{"$f":"ROUND(E20*F20,2)","v":{"v":1392.2,"d":"1392.20"}}]
[null,null,"Coarse sand","cum",0.45,{"$f":"'lead 2025-26'!$K$9","v":{"v":1287.1899999999978,"d":"1287.19"}},579.24,{"v":40,"d":"40.00"},{"v":18,"d":"18.00"}]
[null,null,"20 mm aggregate","cum",0.54,{"$f":"'lead 2025-26'!$K$12","v":{"v":2973.979999999998,"d":"2973.98"}},1605.95,{"v":50,"d":"50.00"},{"v":27,"d":"27.00"}]
[null,null,"12 mm aggregate","cum",0.36,{"$f":"'lead 2025-26'!$K$13","v":{"v":2647.729999999998,"d":"2647.73"}},953.18,{"v":50,"d":"50.00"},{"v":18,"d":"18.00"}]
[null,null,"(b) Labour "]
[null,null,"Mason (1st Class)","day",{"v":0.1,"d":"0.10"},{"v":735,"d":"735.00"},{"v":73.5,"d":"73.50"}]
[null,null,"Mazdoor (Unskilled)","day",1.39,{"v":615,"d":"615.00"},854.85]
[null,null,"(c) Machinery"]
[null,null,"Concrete mixer 0.4/0.28 cum capacity","cum",{"v":0.4,"d":"0.40"},722.41,288.96,{"$nulls":5},305]
[null,null,"Generator 33 KVA","cum",{"v":0.4,"d":"0.40"},1356.25,{"v":542.5,"d":"542.50"}]
[{"$nulls":6},{"$f":"SUM(G20:G29)","v":{"v":6290.380000000001,"d":"6290.38"}}]
[null,null,"(d) Formwork @ 4% on (a+b+c)",null,null,{"v":0.04,"d":"4%"},{"$f":"ROUND(G30*F31,2)","v":251.62}]
[null,null,"Rate per 1 Cum",{"$nulls":3},{"$f":"SUM(G30:G31)","v":{"v":6542.000000000001,"d":"6542.00"}}]
[]
[3,"RBR-SBST-5","Plain cement concrete M 15 grade using 40,20 & 10mm metal mechanically mixed in substructure complete as per drawings and technical specification Clauses 802, 804, 805, 806, 807, 1202 and 1204 MORD and 1500, 1700 & 2200 MORTH."]
[null,null,"Note : Water for concrete : A provision for cost of water may be added at 1.2 kl / 1 cum (including curing  purpose) keeping the site conditions"]
[null,null,"Coarse Aggregate : Single grade nominal size can also be used instead of graded metal, keeping the site conditions in view"]
[null,null,"For height upto 5 m"]
[null,null,"Unit = cum"]
[null,null,"P.C.C grade M 15"]
[null,null,"Nominal mix (1:2.5:5) using CC Mixer (MORD)"]
[null,null,"Unit = cum"]
[null,null,"(a) Material"]
[null,null,"Cement","t",0.275,{"$f":"'lead 2025-26'!$K$26","v":{"v":4218.8,"d":"4218.80"}},{"$f":"ROUND(E43*F43,2)","v":1160.17}]
[null,null,"Coarse sand","cum",0.48,{"$f":"'lead 2025-26'!$K$9","v":{"v":1287.1899999999978,"d":"1287.19"}},617.85,{"v":40,"d":"40.00"},{"v":19.2,"d":"19.20"}]
[null,null,"40 mm aggregate","cum",0.48,{"$f":"'lead 2025-26'!$K$16","v":{"v":2330.229999999998,"d":"2330.23"}},1118.51,{"v":50,"d":"50.00"},{"v":24,"d":"24.00"}]
[null,null,"20 mm aggregate","cum",0.24,{"$f":"'lead 2025-26'!$K$12","v":{"v":2973.979999999998,"d":"2973.98"}},713.76,{"v":50,"d":"50.00"},{"v":12,"d":"12.00"}]
[null,null,"10 mm aggregate","cum",0.08,{"$f":"'lead 2025-26'!$K$13","v":{"v":2647.729999999998,"d":"2647.73"}},211.82,{"v":50,"d":"50.00"},{"v":4,"d":"4.00"}]
[null,null,"(b) Labour "]
[null,null,"Mason (1st Class)","day",{"v":0.1,"d":"0.10"},{"v":710,"d":"710.00"},{"v":71,"d":"71.00"}]
[null,null,"Mazdoor (Unskilled)","day",1.39,{"v":595,"d":"595.00"},827.05]
[null,null,"(c) Machinery"]
[null,null,"Concrete mixer 0.4/0.28 cum capacity","hour",{"v":0.4,"d":"0.40"},708.08,283.23]
[{"$nulls":6},{"$f":"SUM(G43:G52)","v":{"v":5003.389999999999,"d":"5003.39"}}]
[null,null,"(d) Formwork @ 4% on cost of material, labour and machinery (a+b+c)",null,null,{"v":0.04,"d":"4%"},{"$f":"ROUND(G53*F54,2)","v":200.14}]
[{"$nulls":6},{"$f":"SUM(G53:G54)","v":5203.53}]
[null,null,"Add 13.615% for Over head charges, Contractors profit",{"$nulls":3},{"$f":"ROUND(G55*F56,2)","v":{"v":0,"d":"0.00"}}]
[null,null,"Rate per 1Cum",{"$nulls":3},{"$f":"SUM(G55:G56)","v":5203.53},null,{"v":59.2,"d":"59.20"}]
[]
[null,null,"Printing New letters and figures of any shade"]
[4,"RBR-TSRA-1","Printing new letter and figures of any shade with synthetic enamel paint black or any other approved colour to give an even shade as per drawings and technical specifications Clause 1701 MORD/801 MORTH"]
[null,"ii","English and Roman"]
[null,null,"Hypens ,Commas and the like not to be measured and paid for"]
[null,null,"Unit=Per Cm height per Letter"]
[null,null,"a) labour"]
[null,null,"Mate ","Day"]
[null,null,"Painter I st class","Day",1.25,{"v":795,"d":"795.00"},{"$f":"ROUND(E66*F66,2)","v":993.75}]
[null,null,"Mazdoor (Unskilled)","Day",0.57,{"v":595,"d":"595.00"},{"$f":"ROUND(E67*F67,2)","v":339.15}]
[null,null,"b) Material"]
[null,null,"Syntehtic enamel Paint","Litre",{"v":0.5,"d":"0.50"},{"v":200,"d":"200.00"},{"$f":"ROUND(E69*F69,2)","v":{"v":100,"d":"100.00"}}]
[{"$nulls":6},{"$f":"SUM(G66:G69)","v":{"v":1432.9,"d":"1432.90"}}]
[null,null,"Cost for 1600 Cm=a+b+c+d",{"$nulls":3},{"$f":"G70","v":{"v":1432.9,"d":"1432.90"}}]
[null,null,"Rate per Cm Height per letter=(a+b+c+d)/1600",{"$nulls":3},{"$f":"ROUND(G71/1600,2)","v":{"v":0.9,"d":"0.90"}}]
[null,null,"Painting Two Coats on New Concrete surfaces"]
[3,"RBR-TSRA-6","Painting two coats including primer coat after filling the surface with synthetic enamel paint in all shaded on New plastered/concrete surfaces as per deawings and technical specification clause 1701 of MORD."]
[null,"i","Uint=Sqm"]
[null,null,"taking Out Put::40 Sqm"]
[null,null,"a) labour"]
[]
[null,null,"Painter I st class","Day",{"v":3,"d":"3.00"},{"v":820,"d":"820.00"},{"$f":"ROUND(E79*F79,2)","v":{"v":2460,"d":"2460.00"}}]
[null,null,"Mazdoor (Unskilled)","Day",{"v":2.2,"d":"2.20"},{"v":615,"d":"615.00"},{"$f":"ROUND(E80*F80,2)","v":{"v":1353,"d":"1353.00"}}]
[null,null,"b) Material"]
[null,null,"Cement Primer exterior grade as per Specifications (BMT-J.02)","Litre",{"v":3,"d":"3.00"},{"v":92.5,"d":"92.50"},{"$f":"ROUND(E82*F82,2)","v":{"v":277.5,"d":"277.50"}}]
[null,null,"Paint Confirming to requirement of Clause 1701.3.8\nBMT-J.30","Litre",{"v":6,"d":"6.00"},{"v":205,"d":"205.00"},{"$f":"ROUND(E83*F83,2)","v":{"v":1230,"d":"1230.00"}}]
[{"$nulls":6},{"$f":"SUM(G79:G83)","v":{"v":5320.5,"d":"5320.50"}}]
[null,null,"Cost for 40 Sqm",{"$nulls":3},{"$f":"SUM(G84)","v":{"v":5320.5,"d":"5320.50"}}]
[null,null,"Cost for 1 Sqm",{"$nulls":3},{"$f":"ROUND(G85/40,2)","v":133.01}]
[null,null,"Painting  on Steel surface"]
[6,"RBR-TSRA-7","Providing and Applying two coats of ready mix enamel Paint including cost of approved brand on steel surface after through cleaning of surface to give an even shade as per drawings and technical specification clause 1701 MORD."]
[null,"i","Uint=Sqm"]
[null,null,"taking Out Put::10 Sqm"]
[null,null,"a) labour"]
[null,null,"Painter I st class","Day",{"v":0.6,"d":"0.60"},{"v":795,"d":"795.00"},{"$f":"ROUND(E92*F92,2)","v":{"v":477,"d":"477.00"}}]
[null,null,"Mazdoor (Unskilled)","Day",{"v":0.4,"d":"0.40"},{"v":595,"d":"595.00"},{"$f":"ROUND(E93*F93,2)","v":{"v":238,"d":"238.00"}}]
[null,null,"b) Material"]
[null,null,"Rex oxide Primer Grade I","Litre",{"v":0.6,"d":"0.60"},{"v":160,"d":"160.00"},{"$f":"ROUND(E95*F95,2)","v":{"v":96,"d":"96.00"}}]
[null,null,"Paint ready mixed approved brand","Litre",1.25,{"v":200,"d":"200.00"},{"$f":"ROUND(E96*F96,2)","v":{"v":250,"d":"250.00"}}]
[null,null,"Add:for Scaffolding @ 1% of labour where required",null,null,{"v":0.01,"d":"1%"},{"$f":"ROUND(SUM(G92:G93)*F97,2)","v":7.15}]
[{"$nulls":6},{"$f":"SUM(G92:G97)","v":1068.15}]
[null,null,"Cost for 10 Sqm =a+b+c+d",{"$nulls":3},{"$f":"G98","v":1068.15}]
[null,null,"Rate per Sqm=(a+b+c+d)/10",{"$nulls":3},{"$f":"ROUND(G99/10,2)","v":106.82}]
[]
[null,null,"HYSD Bar for Reinforment"]
[4,"RBR-SPST-2","Supplying, fitting, and placing HYSD bar reinforcement in sub structure complete as per drawing and technical specifications Clauses 1002, 1010 and 1202 MORD / 1600 MORTH, for Bars below 36 mm dia including over laps and wastage, where they are not welded"]
[null,null,"Unit = t"]
[null,null,"(a) Material"]
[null,null,"HYSD bars including 5 per cent for laps and wastage","t",1.05,{"$f":"'lead 2025-26'!K27","v":{"v":58000,"d":"58000.00"}},{"$f":"ROUND(E106*F106,2)","v":{"v":60900,"d":"60900.00"}}]
[null,null,"Binding wire","kg",{"v":6,"d":"6.00"},{"v":70,"d":"70.00"},{"$f":"ROUND(E107*F107,2)","v":{"v":420,"d":"420.00"}}]
[null,null,"(b) Labour for cutting, bending, tying and placing in position"]
[null,null,"Blacksmith/ Rod Binder","day",{"v":10,"d":"10.00"},{"v":870,"d":"870.00"},{"$f":"ROUND(E109*F109,2)","v":{"v":8700,"d":"8700.00"}}]
[null,null,"Mazdoor (Unskilled)","day",{"v":10,"d":"10.00"},{"v":615,"d":"615.00"},{"$f":"ROUND(E110*F110,2)","v":{"v":6150,"d":"6150.00"}}]
[null,null,"Rate per1MT",{"$nulls":3},{"$f":"SUM(G106:G110)","v":{"v":76170,"d":"76170.00"}}]
[null,null,"Rate per 1 Kg",{"$nulls":3},{"$f":"G111/1000","v":76.17}]
[null,"ii","Ordinary Kilometre Stone (Precast)"]
[5,"RBR-TSRA-13","Providing and fixing of kilometre stones of size 350x250x1100 mm precasted with RCC (1:2:4) using 20 mm and 10 mm HBG Metal and using 5 Kgs/sqm of steel HYSD bars including cost and fabrication charges and embedding these stones in 0.55x0.55x0.60 m size Cement concrete M20 Grade CC(1:2:4) using 20 mm and 10 mm HBG metal below ground level,painting ,lettering etc Complete as per Drawings and technical specification clause 1703 of MORD including cost and conveyance of all materials, all labour charges."]
[null,null,"Unit = each"]
[null,null,"Taking output=14 Nos"]
[null,null,"a)M20 Grade Concrete"]
[null,null,"As Per item no:2","Cum",3.77,{"$f":"$G$32","v":{"v":6542.000000000001,"d":"6542.00"}},{"$f":"ROUND(E118*F118,2)","v":24663.34}]
[null,null,"b)Steel reinforcement @ 5 Kgs/Sqm"]
[null,null,"As Per item No:7","kg",26.32,{"$f":"$G$112","v":76.17},{"$f":"ROUND(E120*F120,2)","v":2004.79}]
[null,null,"c) Excavation in soil for Foundation"]
[null,null,"As Per Item 1","Cum",2.77,{"$f":"$G$14","v":223.86},{"$f":"ROUND(E122*F122,2)","v":620.09}]
[null,null,"d) Painting Two coats on concrete surfaces"]
[null,null,"As Per irem No:5","Sqm",11.41,{"$f":"G86","v":133.01},{"$f":"ROUND(E124*F124,2)","v":1517.64}]
[null,null,"e)Lettering on KM Post (Average 12 letters of 10 cm height each)"]
[null,null,"As Per irem No:4","Per Cm",{"v":1680,"d":"1680.00"},{"$f":"G72","v":{"v":0.9,"d":"0.90"}},{"$f":"ROUND(E126*F126,2)","v":{"v":1512,"d":"1512.00"}}]
[null,null,"Transport and fixing"]
[null,null,"f) Labour"]
[null,null,"Mason (1 st Class)","day",{"v":1,"d":"1.00"},{"v":735,"d":"735.00"},{"$f":"ROUND(E129*F129,2)","v":{"v":735,"d":"735.00"}}]
[null,null,"Mazdoor (Unskilled)","day",7.32,{"v":615,"d":"615.00"},{"$f":"ROUND(E130*F130,2)","v":{"v":4501.8,"d":"4501.80"}}]
[null,null,"g) Machinery"]
[null,null,"50 HP tractor with trolley HIR-00077","hour",{"v":6,"d":"6.00"},{"v":541,"d":"541.00"},{"$f":"ROUND(E132*F132,2)","v":{"v":3246,"d":"3246.00"}}]
[{"$nulls":6},{"$f":"SUM(G118:G132)","v":38800.66}]
[null,null,"Add 13.615% for Over head charges, Contractors profit",null,null,{"$f":"'data 2025-26'!$K$3","v":{"v":0.13615,"d":"13.615%"}},{"$f":"ROUND(G133*F134,2)","v":5282.71}]
[null,null,"Cost of 14 Nos KM Stones",{"$nulls":3},{"$f":"SUM(G133:G134)","v":44083.37}]
[null,null,"Rate per each KM Stone/14",{"$nulls":3},{"$f":"ROUND(G135/14,2)","v":3148.81}]
[null,"iii","200 m /Hectometre Stone (Precast)"]
[6,"RBR-TSRA-13","Providing and fixing of Hectometre stones of size  mm 650x150x1100 precasted with RCC (1:2:4) using 20 mm and 10 mm HBG Metal and using 5 Kgs/sqm of steel HYSD bars including cost and fabrication charges and embedding these stones in 0.35x0.30x0.40 m size Cement concrete M20 Grade CC(1:2:4) using 20 mm and 10 mm HBG metal below ground level,painting ,lettering etc Complete as per Drawings and technical specification clause 1703 of MORD including cost and conveyance of all materials, all labour charges."]
[null,null,"Unit = each"]
[null,null,"Taking output=33 Nos"]
[null,null,"a)M20 Grade Concrete"]
[null,null,"As Per item no:2","Cum",1.58,{"$f":"F118","v":{"v":6542.000000000001,"d":"6542.00"}},{"$f":"ROUND(E142*F142,2)","v":10336.36}]
[null,null,"b)Steel reinforcement @ 5 Kgs/Sqm"]
[null,null,"As Per item No:7","kg",{"v":66,"d":"66.00"},{"$f":"F120","v":76.17},{"$f":"ROUND(E144*F144,2)","v":5027.22}]
[null,null,"c) Excavation in soil for Foundation"]
[null,null,"As Per Item 1","Cum",1.39,{"$f":"F122","v":223.86},{"$f":"ROUND(E146*F146,2)","v":311.17}]
[null,null,"d) Painting Two coats on concrete surfaces"]
[null,null,"As Per irem No:5","Sqm",6.27,{"$f":"F124","v":133.01},{"$f":"ROUND(E148*F148,2)","v":833.97}]
[null,null,"e)Lettering on KM Post (Average 12 letters of 10 cm height each)"]
[null,null,"As Per irem No:4","Per Cm",{"v":330,"d":"330.00"},{"$f":"F126","v":{"v":0.9,"d":"0.90"}},{"$f":"ROUND(E150*F150,2)","v":{"v":297,"d":"297.00"}}]
[null,null,"Transport and fixing"]
[null,null,"f) Labour"]
[null,null,"Mason (1 st Class0","day",{"v":1.5,"d":"1.50"},{"v":735,"d":"735.00"},{"$f":"ROUND(E153*F153,2)","v":{"v":1102.5,"d":"1102.50"}}]
[null,null,"Mazdoor (Unskilled)","day",7.34,{"v":615,"d":"615.00"},{"$f":"ROUND(E154*F154,2)","v":{"v":4514.1,"d":"4514.10"}}]
[null,null,"g) Machinery"]
[null,null,"50 HP tractor with trolley","hour",{"v":6,"d":"6.00"},{"v":541,"d":"541.00"},{"$f":"ROUND(E156*F156,2)","v":{"v":3246,"d":"3246.00"}}]
[{"$nulls":6},{"$f":"SUM(G142:G156)","v":25668.32}]
[null,null,"Add 13.615% for Over head charges, Contractors profit",null,null,{"$f":"'data 2025-26'!$K$3","v":{"v":0.13615,"d":"13.615%"}},{"$f":"ROUND(G157*F158,2)","v":3494.74}]
[null,null,"Cost of 33 Nos HM Stones",{"$nulls":3},{"$f":"SUM(G157:G158)","v":{"v":29163.059999999998,"d":"29163.06"}}]
[null,null,"Rate per each HM Stone/33",{"$nulls":3},{"$f":"ROUND(G159/33,2)","v":883.73}]
[null,"B","Semi reflective traffic signs"]
[10,"RBR-TSRA-2","Providing & fixingng Semi reflective cautionary mandatory & informatory sign boards as per IRC 67 made of 600mm equalatral trangle of 1.5mm thick MS sheet duly stove white wash colour on back with reflective border of 65mm width& required letters & figures with reflective tape engineering grade as per clause 1701.3.9 of MoRD of required shade & colour supported & welded on 47mmX47mmX12SWG sheet tube firmly fixed to ground by mean of property designed foundation with M-15 grade cement concrete 450mmX600mmX600mm below ground level as per approved drawing clause 1701.2.2 [iron] at required points i.e. village, turning, school etc. including cost, conveyance, taxes of all materials required  & fixing at site as per approved drawing  & direction of Engineering in charge."]
[null,null,"Taking output = one traffic sign"]
[null,null,"Excavation in soil for foundation","cum",0.126,{"$f":"$F$146","v":223.86},{"$f":"ROUND(E164*F164,2)","v":28.21}]
[null,null,"Cement concrete of M15 Grade ","cum",0.126,{"$f":"$G$57","v":5203.53},{"$f":"ROUND(E165*F165,2)","v":655.64}]
[null,null,"Painting steel tube posts with two coats of epoxy paint","sqm",0.46,{"$f":"$G$100","v":106.82},{"$f":"ROUND(E166*F166,2)","v":49.14}]
[null,null,"Labour"]
[null,null,"Mazdoor(Unskilled)","day",0.26,{"v":615,"d":"615.00"},{"$f":"ROUND(E168*F168,2)","v":{"v":159.9,"d":"159.90"}}]
[null,null,"Material"]
[null,null,"Support of MS Sheet tube BMT-F.04"]
[null,null,"47mm x 47mm x 12 SWG Sheet 3050 mm long BMT-F.04","kg",{"v":12.4,"d":"12.40"},{"v":88,"d":"88.00"},{"$f":"ROUND(E171*F171/1,2)","v":{"v":1091.2,"d":"1091.20"}}]
[null,null,"Angle iron 50x50x6 mm for hold fast including 5% wastage","kg",1.06,{"$f":"F171","v":{"v":88,"d":"88.00"}},{"$f":"ROUND(E172*F172/1,2)","v":93.28}]
[null,null,"Add 3% cost of MS Sheet tube and angle irons towards the cost of fabrication, drilling holes, nuts & bolts etc.,",null,null,{"v":0.03,"d":"3%"},{"$f":"SUM(G171:G172)*F173","v":{"v":35.5344,"d":"35.53"}}]
[{"$nulls":6},{"$f":"SUM(G164:G173)","v":{"v":2112.9044000000004,"d":"2112.90"}}]
[null,null,"1.5 mm thick MS Sheet duly painted with stove enamelled paint including lettering, signs, border, message with reflective tape of engineering grade required size, shape and colour as per technical specifications"]
[null,1,"600mm equilateral triangle"]
[null,null,"600mm equilateral triangle","sqm"]
[null,null,"0.156 sqm x 0.0015 m x 7850 kg / cum =1.84 kg","kg",1.84,{"$f":"F172","v":{"v":88,"d":"88.00"}},{"$f":"ROUND(E178*F178/1,2)","v":161.92}]
[null,null,"Add 3% cost of MS Sheet tube and angle irons towards the cost of fabrication, drilling holes, nuts & bolts etc.,",null,null,{"v":0.03,"d":"3%"},{"$f":"SUM(G178)*F179","v":{"v":4.8576,"d":"4.86"}}]
[null,null,"Machinery"]
[null,null,"Tractor with Trolley","hour",0.08,{"v":541,"d":"541.00"},29.73]
[null,null,"Sub Total",{"$nulls":3},{"$f":"SUM(G174:G181)","v":{"v":2309.4120000000003,"d":"2309.41"}}]
[null,null,"Add 13.615% for Over head charges, Contractors profit",null,null,{"$f":"'data 2025-26'!$K$3","v":{"v":0.13615,"d":"13.615%"}},{"$f":"ROUND(G182*F183,2)","v":314.43}]
[null,null,"Rate per 1No",{"$nulls":3},{"$f":"SUM(G182:G183)","v":{"v":2623.842,"d":"2623.84"}}]
[null,"A","Retro -reflectorised traffic signs"]
[11,"RBR-TSRA-3","Providing and erecting direction and place identification retro-refectorised sign as per IRC:67 made of encapsulated lens type refective type sheeting vide clause 1701.2.3 MORD fixed over aluiminium sheeting,2 mm thick with area not exceeding 0.90 sqm supported on mild steel iron posts 75x75x6 mm firmly fixed to ground by means of propoerly designed foundation with M15 grade cement concrete 450x450x600 mm,600 mm below groubd level as per drawings and technical specification clause 1701 MORD including cost and conveyance of all materials, all labour charges."]
[null,null,"Unit = each"]
[null,null,"Taking output=0.90 Sqm"]
[null,null,"(i) Excavation for founadation"]
[null,null,"As Per Item 1","Cum",0.126,{"$f":"$F$146","v":223.86},{"$f":"ROUND(E190*F190,2)","v":28.21},null,"Two legs providing hence 2 times as per data "]
[null,null,"(ii) Cement Concrete M15 Grade"]
[null,null,"As Per item No:4","Sqm",0.126,{"$f":"$G$57","v":5203.53},{"$f":"ROUND(E192*F192,2)","v":655.64},null,"Two legs providing hence 2 times as per data "]
[null,null,"iii) Painting angle iron post with primer and two coats of epoxy paint as per specifications"]
[null,null,"As Per item no:6","Sqm",0.43,{"$f":"$G$100","v":106.82},{"$f":"ROUND(E194*F194,2)","v":45.93},null,"Two legs providing hence 2 times as per data "]
[null,null,"a) Labour"]
[null,null,"Mazdoor (Unskilled)","day",0.21,{"v":615,"d":"615.00"},{"$f":"ROUND(E196*F196,2)","v":129.15},null,"Two legs providing hence 2 times as per data "]
[null,null,"b) Material"]
[null,null,"Mild steel angle Iron 75x75x6 mm","kgs",{"v":19,"d":"19.00"},{"$f":"F171","v":{"v":88,"d":"88.00"}},{"$f":"ROUND(E198*F198/1000,2)","v":1.67},null,"Two legs providing hence 2 times as per data "]
[null,null,"Aluminimum sheeting with encapsulated lens type refective sheeting of size including lettering and signs as applicable back ground with epoxy paint MAT-00225","Sqm",{"v":0.9,"d":"0.900"},{"v":988,"d":"988.00"},{"$f":"ROUND(E199*F199,2)","v":{"v":889.2,"d":"889.20"}},"M-061 ","Common SSR Rates 2017-18"]
[null,null,"c) Machinery"]
[null,null,"50 HP tractor with trolley","hour",0.02,{"v":541,"d":"541.00"},{"$f":"ROUND(E201*F201,2)","v":10.82}]
[{"$nulls":6},{"$f":"SUM(G190:G201)","v":1760.62}]
[null,null,"Add 13.615% for Over head charges, Contractors profit",null,null,{"$f":"'data 2025-26'!$K$3","v":{"v":0.13615,"d":"13.615%"}},{"$f":"ROUND(G202*F203,2)","v":239.71}]
[null,null,"Rate per 0.90 sqm ( With enamel paint)",{"$nulls":3},{"$f":"SUM(G202:G203)","v":2000.33}]
[null,null,"Rate per  sqm ( With enamel paint)",{"$nulls":3},{"$f":"ROUND(G204/0.9,2)","v":2222.59}]
[null,"B","Semi Reflective traffic Signs"]
[12,"RBR-TSRA-3","Providing and erecting direction and place identification retro-reflective Village boards sign as per IRC:67 made of encapsulated lens type refective type sheeting vide clause 1701.2.3 MORD fixed over aluiminium sheeting,2 mm thick with area not exceeding 0.90 sqm supported on 47mmx47mmx12SWG sheet tube of 3050 mm height duly strengthned by 25mm x5mm MS flat iron on edges on black firmly fixed to ground by means of propoerly designed foundation with M15 grade cement concrete 450x600 mmx600 mm below groubd level as per drawings and technical specification clause 1701 MORD."]
[null,null,"Unit = each"]
[null,null,"Taking output=0.90 Sqm"]
[null,null,"(i) Excavation for founadation"]
[null,null,"As Per Item 1","Cum",0.126,{"$f":"$F$146","v":223.86},{"$f":"ROUND(E211*F211,2)","v":28.21},null,"Two legs providing hence 2 times as per data "]
[null,null,"(ii) Cement Concrete M15 Grade"]
[null,null,"As Per item No:4","Sqm",0.126,{"$f":"$G$57","v":5203.53},{"$f":"ROUND(E213*F213,2)","v":655.64},null,"Two legs providing hence 2 times as per data "]
[null,null,"iii) Painting angle iron post with primer and two coats of epoxy paint as per specifications"]
[null,null,"As Per item no:6","Sqm",0.43,{"$f":"$G$100","v":106.82},{"$f":"ROUND(E215*F215,2)","v":45.93},null,"Two legs providing hence 2 times as per data "]
[null,null,"a) Labour"]
[null,null,"Mazdoor (Unskilled)","day",0.21,{"v":615,"d":"615.00"},{"$f":"ROUND(E217*F217,2)","v":129.15},null,"Two legs providing hence 2 times as per data "]
[null,null,"b) Material"]
[null,null,"(i) Support of MS Sheet tubes 47mmx47mmx12mm SWG sheet 3050mm long","kgs",{"v":19,"d":"19.00"},{"$f":"$F$198","v":{"v":88,"d":"88.00"}},{"$f":"ROUND(E219*F219/1000,2)","v":1.67},null,"Two legs providing hence 2 times as per data "]
[null,null,"Add 3% cost of MS Sheet tube and angle irons towards the cost of fabrication, drilling holes, nuts & bolts etc.,",null,null,{"v":0.03,"d":"3%"},{"$f":"SUM(G219)*F220","v":{"v":0.0501,"d":"0.05"}}]
[null,null,"(iii) 2mm thick MS sheet stregthened by 25mmx5mm MS flat iron and painted with stove enameled paint including lettering signs messages border with reflective tape of engineering grade of required size shade and colour as per MORD specifications.","sqm",{"v":0.9,"d":"0.90"},{"v":988,"d":"988.00"},{"$f":"ROUND(E221*F221,2)","v":{"v":889.2,"d":"889.20"}}]
[null,null,"c) Machinery"]
[null,null,"50 HP tractor with trolley","hour",0.02,{"v":541,"d":"541.00"},{"$f":"ROUND(E223*F223,2)","v":10.82}]
[{"$nulls":6},{"$f":"SUM(G211:G223)","v":{"v":1760.6701,"d":"1760.67"}}]
[null,null,"Add 13.615% for Over head charges, Contractors profit",null,null,{"$f":"'data 2025-26'!$K$3","v":{"v":0.13615,"d":"13.615%"}},{"$f":"ROUND(G224*F225,2)","v":239.72}]
[null,null,"Rate per Board  (With enamel paint)",{"$nulls":3},{"$f":"SUM(G224:G225)","v":{"v":2000.3901,"d":"2000.39"}}]
[{"$nulls":6},{"$f":"+G226/0.9","v":{"v":2222.6556666666665,"d":"2222.66"}}]
[7,null,"Pavement markings with hot line applied Thermo plastic compound 2.50 mm thick including reflecting glass beads at 250 gms/sqm, thickness of 2.5mm is exclusive of surface applied glass beads for providing centerline marking 300 cms length and 10cm width with a gap of 450 cms including cost and convenyace of all materials  equipment machinary and labour with all leads and lifts loading and unloading charges necessary for sucessful completion of work as directed by the Engineer-in-Charge and confirming to IS 164 - 1981 (1st revison reaffirmed in 1986) and clause 803 of MOST specification for roads and bridge works and also confirming to IRC 35 -1997 ."]
[null,null,"Uint= 1 No"]
[null,null,"As Per Circular memo :RSI / CE (MDR) / DEC ( R ) /EE (TEC) / DEE6 / AEE2 / 2020 Dt 19.06.2020","Sqm",null,null,{"v":560,"d":"560.00"}]
[null,null,"Add 13.615% for Over head charges, Contractors profit",null,null,{"$f":"'data 2025-26'!$K$3","v":{"v":0.13615,"d":"13.615%"}},{"$f":"ROUND(G230*F231,2)","v":76.24}]
[{"$nulls":6},{"$f":"SUM(G230:G231)","v":636.24}]
[]
[]
[]
[null,null,{"$f":"'CD WORK DATA'!D228","v":"Deputy Executive Engineer"},null,null,{"$f":"'CD WORK DATA'!G228","v":"Assistant   Engineer"}]
[null,null,{"$f":"'CD WORK DATA'!D229","v":"PRI Sub Division: Kanigiri"},null,null,{"$f":"'CD WORK DATA'!G229","v":"Mandal Praja Parishad"}]
[{"$nulls":5},{"$f":"'CD WORK DATA'!G230","v":"Pamuru"}]

{"sheet":"CS","index":18,"n_rows":78,"n_cols":14,"rows_kept":78,"hidden":true,"merged":[[0,0,0,12],[1,0,1,12],[2,10,2,12],[3,0,4,0],[3,1,4,1],[3,2,3,5],[3,6,3,9],[3,10,3,11],[3,12,4,12],[4,2,4,3],[4,6,4,7],[5,2,5,3],[5,6,5,7],[70,2,70,4],[71,2,71,4],[72,2,72,4]]}
["COMPARATIVE STATEMENT"]
[{"$f":"'lead 2025-26'!B3&'lead 2025-26'!C3","v":"Name of the work : Providing BT Surface to the road from Inimerla SC colony to National Highway at Nuchupoda in Inimerla GP of Pamuru Mandal."}]
[{"$nulls":9},"Est Rs.",{"$f":"'lead 2025-26'!K4","v":"140.00 Lakhs"}]
["S.No","Description of the work","As per detailed estimate",{"$nulls":3},"As per Working estimate",{"$nulls":3},"Difference ",null,"Remarks"]
[null,null,"Quantity ",null,"Rate ","Amount","Quantity ",null,"Rate ","Amount","Excess","Less"]
["1","2","3",null,"4","5","6",null,"7","8","9","10","11"]
["1","Unskilled Labour Charges for Earthwork excavation by manual means exceeding 1.5 m in width taking out the excavated soil and disposal as directed by engineer in charge in Ordinary soil, with an Initial Lead up to 10 m and lift up to 1.5 m",{"$nulls":3},{"$f":"ROUND(C7*E7,0)","v":{"v":0,"d":"0.00"}},{"$f":"MAIN!I10","v":{"v":0,"d":"0.00"}},"Cum",{"$f":"MAIN!K10","v":144.26},{"$f":"ROUND(G7*I7,0)","v":{"v":0,"d":"0.00"}},{"$f":"IF(J7>F7,J7-F7,0)","v":{"v":0,"d":"0.00"}},{"$f":"IF(J7<F7,F7-J7,0)","v":{"v":0,"d":"0.00"}},"-",{"$f":"E7-I7","v":-144.26}]
["1","Clearing and grubbing road land including uprooting wild vegetation, grass, bushes, shrubs, saplings and trees of girth up to 300 mm, removal of stumps of such trees cut earlier and disposal of unserviceable materials and stacking of serviceable material to be used or auctioned, up to a lead of 1000 m including removal and disposal of top organic soil not exceeding 150 mm in thickness (in area of non thorny /light jungle) as per Technical Specification Clause 201 MORD.",{"$nulls":3},{"$f":"ROUND(C8*E8,0)","v":{"v":0,"d":"0.00"}},{"$f":"MAIN!I17","v":{"v":4032,"d":"4032.00"}},"Sqm",{"$f":"MAIN!K17","v":2.25},{"$f":"ROUND(G8*I8,0)","v":{"v":9072,"d":"9072.00"}},{"$f":"IF(J8>F8,J8-F8,0)","v":{"v":9072,"d":"9072.00"}},{"$f":"IF(J8<F8,F8-J8,0)","v":{"v":0,"d":"0.00"}},"-",{"$f":"E8-I8","v":-2.25}]
[null,"Construction of embankment with approved material obtained from borrow pits with all lifts, transporting to site, spreading, grading to required slope and compacting with vibratory roller 80-100 KN to meet requirement of Tables 300.1 and 300.2 with a lead upto 1000 m as per Technical Specification Clause 301.5 MORD/305 MORTH.",{"$nulls":4},{"$f":"MAIN!I25","v":{"v":3360,"d":"3360.00"}},"Cum",{"$f":"MAIN!K25","v":236.56},{"v":794842,"d":"794842.00"},{"v":794842,"d":"794842.00"},{"v":0,"d":"0.00"},"-",-236.56]
["6","Scarifying existing granular surface to a depth of 50 mm and disposal of scarified material with a lift upto 3 m and leads upto 1000 m as per Technical Specification Clause 301.4. MORD",{"$nulls":3},{"$f":"ROUND(C10*E10,0)","v":{"v":0,"d":"0.00"}},{"$f":"MAIN!I33","v":{"v":6720,"d":"6720.00"}},"Sqm",{"$f":"MAIN!K33","v":38.49},{"$f":"ROUND(G10*I10,0)","v":{"v":258653,"d":"258653.00"}},{"v":258653,"d":"258653.00"},{"v":0,"d":"0.00"},"-",-38.49]
["7","Construction of Granular Sub Base using well graded material, spreading in uniform layers with tractor  mounted grader on prepared surface , mixing by mix in place  method with   rotovator at OMC and compacting  with Smooth wheel roller  to achive the desired  density , Complete as per technical speficaction clause 401 of MORD",{"$nulls":3},{"$f":"ROUND(C11*E11,0)","v":{"v":0,"d":"0.00"}},{"$f":"MAIN!I47","v":{"v":672,"d":"672.00"}},"Cum",{"$f":"MAIN!K47","v":2928.41},{"v":1967892,"d":"1967892.00"},{"v":1967892,"d":"1967892.00"},{"v":0,"d":"0.00"},"-",-2928.41]
["7","Providing, laying, spreading and compacting graded stone aggregate to wet mix macadam specification including premixing the  material with water at OMC in mechanical mixer (Pug Mill), carriage of mixed material by tipper to site, laying  in uniform layers in sub-base/base course on a well prepared sub-base and compacting with smooth  wheel roller of 80 to 100kN / Vibratory Roller 80-100 kN weight to achieve the desired density including lighting, barricading and maintenance of diversion, etc as per Tables 400.11 & 400.12 and Technical Specification Clause 406 MORD / MORTH. ",{"$nulls":3},{"$f":"ROUND(C12*E12,0)","v":{"v":0,"d":"0.00"}},{"$f":"MAIN!I51","v":{"v":945,"d":"945.00"}},"Cum",{"$f":"MAIN!K51","v":3982.34},{"v":3763311,"d":"3763311.00"},{"v":3763311,"d":"3763311.00"},{"v":0,"d":"0.00"},"-",-3982.34]
[null,"Providing and applying primer coat with bitumen emulsion (SS-1) on prepared surface of granular base including cleaning of road surface and spraying primer at the rate of 0.70-1.0 kg/sqm using mechanical means as per Technical Specification Clause 502 MORD (for use on Wet mix macadam & WBM)",{"$nulls":4},{"$f":"MAIN!I55","v":{"v":6300,"d":"6300.00"}},"Sqm",{"$f":"MAIN!K55","v":42.54},{"v":268002,"d":"268002.00"},{"v":268002,"d":"268002.00"},{"v":0,"d":"0.00"},"-",-42.54]
[null,"Providing and applying tack coat with Bitumen emulsion (RS-1)  using emulsion  distributor at the rate of 0.25 to 0.30 kg per sqm on the prepared granular surfaces treated with primer & cleaned with Hydraulic broom as per Technical Specification Clause 503 MORD,",{"$nulls":4},{"$f":"MAIN!I59","v":{"v":6300,"d":"6300.00"}},"Sqm",{"$f":"MAIN!K59","v":16.24},{"v":102312,"d":"102312.00"},{"v":102312,"d":"102312.00"},{"v":0,"d":"0.00"},"-",-16.24]
[null,"Providing and laying semi dense bituminous concrete with 40-60 TPH batch type HMP producing an average output of 37.5 tonnes per hour using crushed aggregates of specified grading, premixed with bituminous binder @ 4.5 to 5  per cent  of mix and filler, transporting the hot mix to work site, laying with a hydrostatic paver finisher with sensor control to the required grade, level and alignment, rolling with smooth wheeled, vibratory and tandem rollers to achieve the desired compaction as per MoRTH specification clause No. 508 complete in all respects",{"$nulls":4},{"$f":"MAIN!I73","v":{"v":157.5,"d":"157.50"}},"Cum",{"$f":"MAIN!K73","v":11856.57},{"v":1867410,"d":"1867410.00"},{"v":1867410,"d":"1867410.00"},{"v":0,"d":"0.00"},"-",-11856.57]
[null,"Construction of improved shoulders by provided selected earth having minimum CBR of 10% MD not less than 1.85 G/CC with LL & PI not more than 40% and 20 respectively and spreading in uniform layers with tractor grader on prepared surface and compacted at OMC with vibratory roller 80-100 KN to meet requirement of table 00.2 with as per technical specification clause 303 MORD, 305 MORTH by using machinery",{"$nulls":4},{"$f":"MAIN!I77","v":{"v":907.2,"d":"907.20"}},"Cum",{"$f":"MAIN!K77","v":384.05},{"v":348410,"d":"348410.00"},{"v":348410,"d":"348410.00"},{"v":0,"d":"0.00"},"-",-384.05]
[null,"Sub estimate",{"$nulls":8},{"v":0,"d":"0.00"},{"v":0,"d":"0.00"},"-",{"v":0,"d":"0.00"}]
["1","Earthwork in excavation for structures as per drawing and technical specifications Clause 305.1 including setting out, construction of shoring and bracing, removal of stumps and other deleterious material and disposal upto a lead of 50 m, dressing of sides and bottom and backfilling in trenches with excavated suitable material as per Technical Specification 305 MORD / 304 MORTH",{"$nulls":3},{"$f":"ROUND(C18*E18,0)","v":{"v":0,"d":"0.00"}},{"$f":"'SUB-1'!I19","v":{"v":0,"d":"0.00"}},"Cum",{"$f":"'SUB-1'!K19","v":126.69},{"$f":"ROUND(G18*I18,0)","v":{"v":0,"d":"0.00"}},{"v":0,"d":"0.00"},{"v":0,"d":"0.00"},"-",-126.69]
["2","Providing concrete for plain concrete M10 Grade in open foundations using 40 mm nominal size Graded hard stone aggregate, mechanically mixed, placed in foundation and compacted by vibration including curing for 14 days complete as per drawings and technical specifications Clause 802, 803, 1202 & 1203 MORD and 1500, 1700 & 2100 MORTH",{"$nulls":3},{"$f":"ROUND(C19*E19,0)","v":{"v":0,"d":"0.00"}},{"$f":"'SUB-1'!I26","v":{"v":0,"d":"0.00"}},"Cum",{"$f":"'SUB-1'!K26","v":5600.99},{"$f":"ROUND(G19*I19,0)","v":{"v":0,"d":"0.00"}},{"v":0,"d":"0.00"},{"v":0,"d":"0.00"},"-",-5600.99]
["2","Providing and laying reinforced cement concrete pipe 1000 dia NP3 for culverts on first class bedding of granular  material but excluding excavation, protection works, backfilling, concrete and masonry works in head wall and parapets. Tech Specification Clause 1106 MORD.",{"$nulls":3},{"$f":"ROUND(C20*E20,0)","v":{"v":0,"d":"0.00"}},{"$f":"'SUB-1'!I30","v":{"v":0,"d":"0.00"}},"Rm",{"$f":"'SUB-1'!K30","v":9006.27},{"$f":"ROUND(G20*I20,0)","v":{"v":0,"d":"0.00"}},{"v":0,"d":"0.00"},{"v":0,"d":"0.00"},"-",-9006.27]
["3","Plain cement concrete M 15 grade  using 40,20 & 12mm metal mechanically mixed in Substructures complete as per drawings and technical specification Clauses 802, 804, 805, 806, 807, 1202 and 1204 MORD and 1500, 1700 & 2200 MORTH. ",{"$nulls":3},{"$f":"ROUND(C21*E21,0)","v":{"v":0,"d":"0.00"}},{"$f":"'SUB-1'!I37","v":{"v":0,"d":"0.00"}},"Cum",{"$f":"'SUB-1'!K37","v":{"v":5954.5599999999995,"d":"5954.56"}},{"$f":"ROUND(G21*I21,0)","v":{"v":0,"d":"0.00"}},{"v":0,"d":"0.00"},{"v":0,"d":"0.00"},"-",{"v":-5954.5599999999995,"d":"-5954.56"}]
["3","Providing  RCC M-25 grade cement concrete using  using 20 mm to 12 mm Graded HBG crushed Metal ( 66% of 20 mm and 34% of 12mm )s from approved source including cost of all ,materials, machinery, labour, formwork,  scaffolding,placing in position, levelling, vibrating, finishing, curing etc., complete with initial lead upto 50 m and all lifts. for Guide Posts",{"$nulls":3},{"$f":"ROUND(C22*E22,0)","v":{"v":0,"d":"0.00"}},{"$f":"'SUB-1'!I42","v":{"v":0,"d":"0.00"}},"Cum",{"$f":"'SUB-1'!K42","v":{"v":7542,"d":"7542.00"}},{"$f":"ROUND(G22*I22,0)","v":{"v":0,"d":"0.00"}},{"v":0,"d":"0.00"},{"v":0,"d":"0.00"},"-",{"v":-7542,"d":"-7542.00"}]
[null,"Supplying, fitting and placing HYSD bar reinforcement in foundation complete as per drawings and technical specifications Clauses 1000 and 1202  MORD & 1100, 1600 MORTH for Bars below 36 mm dia including over laps and wastage, where they are not welded.",{"$nulls":4},{"$f":"'SUB-1'!I46","v":{"v":0,"d":"0.00"}},"MT",{"$f":"'SUB-1'!K46","v":86540.55},{"v":0,"d":"0.00"},{"v":0,"d":"0.00"},{"v":0,"d":"0.00"},"-",-86540.55]
["4","Filling with selected earth in trenches, sides of foundations & basement by watering and ramming  including cost and conveyance of material and labour charges etc complete for finished item of the work (APSS No 309& 310) per 1 Cum",{"$nulls":3},{"$f":"ROUND(C24*E24,0)","v":{"v":0,"d":"0.00"}},{"$f":"'SUB-1'!I50","v":{"v":0,"d":"0.00"}},"Cum",{"$f":"'SUB-1'!K50","v":279.78},{"$f":"ROUND(G24*I24,0)","v":{"v":0,"d":"0.00"}},{"v":0,"d":"0.00"},{"v":0,"d":"0.00"},"-",-279.78]
["8","Plain cement concrete for CC  pavement, thickness as per design, over a prepared sub base, with 43 grade cement or any other type as per Clause 1501.2.2 M20 (Grade), coarse and fine aggregates conforming to IS : 383, maximum in a concrete mixer of not less than 0.2 cum capacity and appropeiate weigh batcher using approved mix design, laid in approved fixed side formwork (steel channel, laying and fixing of 125 mictron thick polythene film, wedges, steel plates including levelling the formwork as per drawing), spreading the concrete with sholvels, rakes, compacted using needle, scareed and plate vibrators and finished in continuous operation including provision of contraction and expansion, construction joints, applying debonding strips, primer, sealant, dowel bars, near approaches to bridge / culvert and construction joints, admixtures as approved, curing of concrete slabs for 28- days, curing compound (where specified) and water finishing to lines and grade as per drawing  and Technical Specification Clause 1501 MORD",{"$nulls":3},{"$f":"ROUND(C25*E25,0)","v":{"v":0,"d":"0.00"}},{"$f":"'SUB-1'!I55","v":{"v":0,"d":"0.000"}},"Cum",{"$f":"'SUB-1'!K55","v":7873.37},{"$f":"ROUND(G25*I25,0)","v":{"v":0,"d":"0.00"}},{"v":0,"d":"0.00"},{"v":0,"d":"0.00"},"-",-7873.37]
[null,"Sub estimate",{"$nulls":8},{"v":0,"d":"0.00"},{"v":0,"d":"0.00"},"-",{"v":0,"d":"0.00"}]
["1","Earthwork in excavation for structures as per drawing and technical specifications Clause 305.1 including setting out, construction of shoring and bracing, removal of stumps and other deleterious material and disposal upto a lead of 50 m, dressing of sides and bottom and backfilling in trenches with excavated suitable material as per Technical Specification 305 MORD / 304 MORTH",{"$nulls":3},{"$f":"ROUND(C27*E27,0)","v":{"v":0,"d":"0.00"}},{"$f":"'SUB-2'!I15","v":{"v":0,"d":"0.00"}},"Cum",{"$f":"'SUB-2'!K15","v":126.69},{"$f":"ROUND(G27*I27,0)","v":{"v":0,"d":"0.00"}},{"v":0,"d":"0.00"},{"v":0,"d":"0.00"},"-",-126.69]
["2","Providing concrete for plain concrete M10 Grade in open foundations using 40 mm nominal size Graded hard stone aggregate, mechanically mixed, placed in foundation and compacted by vibration including curing for 14 days complete as per drawings and technical specifications Clause 802, 803, 1202 & 1203 MORD and 1500, 1700 & 2100 MORTH",{"$nulls":3},{"v":0,"d":"0.00"},{"$f":"'SUB-2'!I27","v":{"v":0,"d":"0.00"}},"Cum",{"$f":"'SUB-2'!K27","v":5600.99},{"v":0,"d":"0.00"},{"v":0,"d":"0.00"},{"v":0,"d":"0.00"},"-",-5600.99]
["2","Providing and laying reinforced cement concrete pipe 1000 dia NP3 for culverts on first class bedding of granular  material but excluding excavation, protection works, backfilling, concrete and masonry works in head wall and parapets. Tech Specification Clause 1106 MORD.",{"$nulls":3},{"v":0,"d":"0.00"},{"$f":"'SUB-2'!I32","v":{"v":0,"d":"0.00"}},"Rm",{"$f":"'SUB-2'!K32","v":9006.27},{"v":0,"d":"0.00"},{"v":0,"d":"0.00"},{"v":0,"d":"0.00"},"-",-9006.27]
["3","Plain cement concrete M 15 grade  using 40,20 & 12mm metal mechanically mixed in Substructures complete as per drawings and technical specification Clauses 802, 804, 805, 806, 807, 1202 and 1204 MORD and 1500, 1700 & 2200 MORTH. ",{"$nulls":3},{"v":0,"d":"0.00"},{"$f":"'SUB-2'!I44","v":{"v":0,"d":"0.00"}},"Cum",{"$f":"'SUB-2'!K44","v":{"v":5954.5599999999995,"d":"5954.56"}},{"v":0,"d":"0.00"},{"v":0,"d":"0.00"},{"v":0,"d":"0.00"},"-",{"v":-5954.5599999999995,"d":"-5954.56"}]
["3","Providing  RCC M-25 grade cement concrete using  using 20 mm to 12 mm Graded HBG crushed Metal ( 66% of 20 mm and 34% of 12mm )s from approved source including cost of all ,materials, machinery, labour, formwork,  scaffolding,placing in position, levelling, vibrating, finishing, curing etc., complete with initial lead upto 50 m and all lifts. for Guide Posts",{"$nulls":3},{"v":0,"d":"0.00"},{"$f":"'SUB-2'!I48","v":{"v":0,"d":"0.00"}},"Cum",{"$f":"'SUB-2'!K48","v":{"v":7542,"d":"7542.00"}},{"v":0,"d":"0.00"},{"v":0,"d":"0.00"},{"v":0,"d":"0.00"},"-",{"v":-7542,"d":"-7542.00"}]
[null,"Supplying, fitting and placing HYSD bar reinforcement in foundation complete as per drawings and technical specifications Clauses 1000 and 1202  MORD & 1100, 1600 MORTH for Bars below 36 mm dia including over laps and wastage, where they are not welded.",{"$nulls":4},{"$f":"'SUB-2'!I52","v":{"v":0,"d":"0.00"}},"MT",{"$f":"'SUB-2'!K52","v":86540.55},{"v":0,"d":"0.00"},{"v":0,"d":"0.00"},{"v":0,"d":"0.00"},"-",-86540.55]
["4","Filling with selected earth in trenches, sides of foundations & basement by watering and ramming  including cost and conveyance of material and labour charges etc complete for finished item of the work (APSS No 309& 310) per 1 Cum",{"$nulls":3},{"$f":"ROUND(C33*E33,0)","v":{"v":0,"d":"0.00"}},{"$f":"'SUB-2'!I57","v":{"v":0,"d":"0.00"}},"Cum",{"$f":"'SUB-2'!K57","v":279.78},{"$f":"ROUND(G33*I33,0)","v":{"v":0,"d":"0.00"}},{"v":0,"d":"0.00"},{"v":0,"d":"0.00"},"-",-279.78]
["8","Plain cement concrete for CC  pavement, thickness as per design, over a prepared sub base, with 43 grade cement or any other type as per Clause 1501.2.2 M20 (Grade), coarse and fine aggregates conforming to IS : 383, maximum in a concrete mixer of not less than 0.2 cum capacity and appropeiate weigh batcher using approved mix design, laid in approved fixed side formwork (steel channel, laying and fixing of 125 mictron thick polythene film, wedges, steel plates including levelling the formwork as per drawing), spreading the concrete with sholvels, rakes, compacted using needle, scareed and plate vibrators and finished in continuous operation including provision of contraction and expansion, construction joints, applying debonding strips, primer, sealant, dowel bars, near approaches to bridge / culvert and construction joints, admixtures as approved, curing of concrete slabs for 28- days, curing compound (where specified) and water finishing to lines and grade as per drawing  and Technical Specification Clause 1501 MORD",{"$nulls":3},{"$f":"ROUND(C34*E34,0)","v":{"v":0,"d":"0.00"}},{"$f":"'SUB-2'!I61","v":{"v":0,"d":"0.000"}},"Cum",{"$f":"'SUB-2'!K61","v":{"v":7873.37,"d":"7873.370"}},{"$f":"ROUND(G34*I34,0)","v":{"v":0,"d":"0.00"}},{"v":0,"d":"0.00"},{"v":0,"d":"0.00"},"-",-7873.37]
[null,"Sub estimate",{"$nulls":8},{"v":0,"d":"0.00"},{"v":0,"d":"0.00"},"-",{"v":0,"d":"0.00"}]
["1","Earthwork in excavation for structures as per drawing and technical specifications Clause 305.1 including setting out, construction of shoring and bracing, removal of stumps and other deleterious material and disposal upto a lead of 50 m, dressing of sides and bottom and backfilling in trenches with excavated suitable material as per Technical Specification 305 MORD / 304 MORTH",{"$nulls":3},{"$f":"ROUND(C36*E36,0)","v":{"v":0,"d":"0.00"}},{"$f":"'SUB-3'!I12","v":78.24},"Cum",{"$f":"'SUB-3'!K12","v":126.69},{"$f":"ROUND(G36*I36,0)","v":{"v":9912,"d":"9912.00"}},{"v":9912,"d":"9912.00"},{"v":0,"d":"0.00"},"-",-126.69]
["2","Providing concrete for plain concrete M10 Grade in open foundations using 40 mm nominal size Graded hard stone aggregate, mechanically mixed, placed in foundation and compacted by vibration including curing for 14 days complete as per drawings and technical specifications Clause 802, 803, 1202 & 1203 MORD and 1500, 1700 & 2100 MORTH",{"$nulls":3},{"v":0,"d":"0.00"},{"$f":"'SUB-3'!I22","v":17.53},"Cum",{"$f":"'SUB-3'!K22","v":5600.99},{"v":98185,"d":"98185.00"},{"v":98185,"d":"98185.00"},{"v":0,"d":"0.00"},"-",-5600.99]
["2","Providing and laying reinforced cement concrete pipe 1000 dia NP3 for culverts on first class bedding of granular  material but excluding excavation, protection works, backfilling, concrete and masonry works in head wall and parapets. Tech Specification Clause 1106 MORD.",{"$nulls":3},{"v":0,"d":"0.00"},{"$f":"'SUB-3'!I26","v":{"v":22.5,"d":"22.50"}},"Rm",{"$f":"'SUB-3'!K26","v":9006.27},{"v":202641,"d":"202641.00"},{"v":202641,"d":"202641.00"},{"v":0,"d":"0.00"},"-",-9006.27]
["3","Plain cement concrete M 15 grade  using 40,20 & 12mm metal mechanically mixed in Substructures complete as per drawings and technical specification Clauses 802, 804, 805, 806, 807, 1202 and 1204 MORD and 1500, 1700 & 2200 MORTH. ",{"$nulls":3},{"v":0,"d":"0.00"},{"$f":"'SUB-3'!I32","v":{"v":41.489999999999995,"d":"41.49"}},"Cum",{"$f":"'SUB-3'!K32","v":{"v":5954.5599999999995,"d":"5954.56"}},{"v":247055,"d":"247055.00"},{"v":247055,"d":"247055.00"},{"v":0,"d":"0.00"},"-",{"v":-5954.5599999999995,"d":"-5954.56"}]
["3","Providing  RCC M-25 grade cement concrete using  using 20 mm to 12 mm Graded HBG crushed Metal ( 66% of 20 mm and 34% of 12mm )s from approved source including cost of all ,materials, machinery, labour, formwork,  scaffolding,placing in position, levelling, vibrating, finishing, curing etc., complete with initial lead upto 50 m and all lifts. for Guide Posts",{"$nulls":3},{"v":0,"d":"0.00"},{"$f":"'SUB-3'!I36","v":{"v":0,"d":"0.00"}},"Cum",{"$f":"'SUB-3'!K36","v":{"v":7542,"d":"7542.00"}},{"v":0,"d":"0.00"},{"v":0,"d":"0.00"},{"v":0,"d":"0.00"},"-",{"v":-7542,"d":"-7542.00"}]
[null,"Supplying, fitting and placing HYSD bar reinforcement in foundation complete as per drawings and technical specifications Clauses 1000 and 1202  MORD & 1100, 1600 MORTH for Bars below 36 mm dia including over laps and wastage, where they are not welded.",{"$nulls":4},{"$f":"'SUB-3'!I40","v":{"v":0,"d":"0.00"}},"MT",{"$f":"'SUB-3'!K40","v":86540.55},{"v":0,"d":"0.00"},{"v":0,"d":"0.00"},{"v":0,"d":"0.00"},"-",-86540.55]
["4","Filling with selected earth in trenches, sides of foundations & basement by watering and ramming  including cost and conveyance of material and labour charges etc complete for finished item of the work (APSS No 309& 310) per 1 Cum",{"$nulls":3},{"$f":"ROUND(C42*E42,0)","v":{"v":0,"d":"0.00"}},{"$f":"'SUB-3'!I45","v":{"v":40.7,"d":"40.70"}},"Cum",{"$f":"'SUB-3'!K45","v":279.78},{"$f":"ROUND(G42*I42,0)","v":{"v":11387,"d":"11387.00"}},{"v":11387,"d":"11387.00"},{"v":0,"d":"0.00"},"-",-279.78]
["8","Plain cement concrete for CC  pavement, thickness as per design, over a prepared sub base, with 43 grade cement or any other type as per Clause 1501.2.2 M20 (Grade), coarse and fine aggregates conforming to IS : 383, maximum in a concrete mixer of not less than 0.2 cum capacity and appropeiate weigh batcher using approved mix design, laid in approved fixed side formwork (steel channel, laying and fixing of 125 mictron thick polythene film, wedges, steel plates including levelling the formwork as per drawing), spreading the concrete with sholvels, rakes, compacted using needle, scareed and plate vibrators and finished in continuous operation including provision of contraction and expansion, construction joints, applying debonding strips, primer, sealant, dowel bars, near approaches to bridge / culvert and construction joints, admixtures as approved, curing of concrete slabs for 28- days, curing compound (where specified) and water finishing to lines and grade as per drawing  and Technical Specification Clause 1501 MORD",{"$nulls":3},{"$f":"ROUND(C43*E43,0)","v":{"v":0,"d":"0.00"}},{"$f":"'SUB-3'!I49","v":{"v":0,"d":"0.000"}},"Cum",{"$f":"'SUB-3'!K49","v":{"v":7873.37,"d":"7873.370"}},{"$f":"ROUND(G43*I43,0)","v":{"v":0,"d":"0.00"}},{"v":0,"d":"0.00"},{"v":0,"d":"0.00"},"-",-7873.37]
[null,"Sub estimate",{"$nulls":8},{"v":0,"d":"0.00"},{"v":0,"d":"0.00"},"-",{"v":0,"d":"0.00"}]
["1","Earthwork in excavation for structures as per drawing and technical specifications Clause 305.1 including setting out, construction of shoring and bracing, removal of stumps and other deleterious material and disposal upto a lead of 50 m, dressing of sides and bottom and backfilling in trenches with excavated suitable material as per Technical Specification 305 MORD / 304 MORTH",{"$nulls":3},{"$f":"ROUND(C45*E45,0)","v":{"v":0,"d":"0.00"}},{"$f":"'SUB-4'!I12","v":{"v":0,"d":"0.00"}},"Cum",{"$f":"'SUB-4'!K12","v":126.69},{"$f":"ROUND(G45*I45,0)","v":{"v":0,"d":"0.00"}},{"v":0,"d":"0.00"},{"v":0,"d":"0.00"},"-",-126.69]
["2","Providing concrete for plain concrete M10 Grade in open foundations using 40 mm nominal size Graded hard stone aggregate, mechanically mixed, placed in foundation and compacted by vibration including curing for 14 days complete as per drawings and technical specifications Clause 802, 803, 1202 & 1203 MORD and 1500, 1700 & 2100 MORTH",{"$nulls":3},{"v":0,"d":"0.00"},{"$f":"'SUB-4'!I22","v":{"v":0,"d":"0.00"}},"Cum",{"$f":"'SUB-4'!K22","v":5600.99},{"v":0,"d":"0.00"},{"v":0,"d":"0.00"},{"v":0,"d":"0.00"},"-",-5600.99]
["2","Providing and laying reinforced cement concrete pipe 1000 dia NP3 for culverts on first class bedding of granular  material but excluding excavation, protection works, backfilling, concrete and masonry works in head wall and parapets. Tech Specification Clause 1106 MORD.",{"$nulls":3},{"v":0,"d":"0.00"},{"$f":"'SUB-4'!I26","v":{"v":0,"d":"0.00"}},"Rm",{"$f":"'SUB-4'!K26","v":9006.27},{"v":0,"d":"0.00"},{"v":0,"d":"0.00"},{"v":0,"d":"0.00"},"-",-9006.27]
["3","Plain cement concrete M 15 grade  using 40,20 & 12mm metal mechanically mixed in Substructures complete as per drawings and technical specification Clauses 802, 804, 805, 806, 807, 1202 and 1204 MORD and 1500, 1700 & 2200 MORTH. ",{"$nulls":3},{"v":0,"d":"0.00"},{"$f":"'SUB-4'!I32","v":{"v":0,"d":"0.00"}},"Cum",{"$f":"'SUB-4'!K32","v":{"v":5954.5599999999995,"d":"5954.56"}},{"v":0,"d":"0.00"},{"v":0,"d":"0.00"},{"v":0,"d":"0.00"},"-",{"v":-5954.5599999999995,"d":"-5954.56"}]
["3","Providing  RCC M-25 grade cement concrete using  using 20 mm to 12 mm Graded HBG crushed Metal ( 66% of 20 mm and 34% of 12mm )s from approved source including cost of all ,materials, machinery, labour, formwork,  scaffolding,placing in position, levelling, vibrating, finishing, curing etc., complete with initial lead upto 50 m and all lifts. for Guide Posts",{"$nulls":3},{"v":0,"d":"0.00"},{"$f":"'SUB-4'!I36","v":{"v":0,"d":"0.00"}},"Cum",{"$f":"'SUB-4'!K36","v":{"v":7542,"d":"7542.00"}},{"v":0,"d":"0.00"},{"v":0,"d":"0.00"},{"v":0,"d":"0.00"},"-",{"v":-7542,"d":"-7542.00"}]
[null,"Supplying, fitting and placing HYSD bar reinforcement in foundation complete as per drawings and technical specifications Clauses 1000 and 1202  MORD & 1100, 1600 MORTH for Bars below 36 mm dia including over laps and wastage, where they are not welded.",{"$nulls":4},{"$f":"'SUB-4'!I40","v":{"v":0,"d":"0.00"}},"MT",{"$f":"'SUB-4'!K40","v":86540.55},{"v":0,"d":"0.00"},{"v":0,"d":"0.00"},{"v":0,"d":"0.00"},"-",-86540.55]
["4","Filling with selected earth in trenches, sides of foundations & basement by watering and ramming  including cost and conveyance of material and labour charges etc complete for finished item of the work (APSS No 309& 310) per 1 Cum",{"$nulls":3},{"$f":"ROUND(C51*E51,0)","v":{"v":0,"d":"0.00"}},{"$f":"'SUB-4'!I45","v":{"v":0,"d":"0.00"}},"Cum",{"$f":"'SUB-4'!K45","v":279.78},{"$f":"ROUND(G51*I51,0)","v":{"v":0,"d":"0.00"}},{"v":0,"d":"0.00"},{"v":0,"d":"0.00"},"-",-279.78]
["8","Plain cement concrete for CC  pavement, thickness as per design, over a prepared sub base, with 43 grade cement or any other type as per Clause 1501.2.2 M20 (Grade), coarse and fine aggregates conforming to IS : 383, maximum in a concrete mixer of not less than 0.2 cum capacity and appropeiate weigh batcher using approved mix design, laid in approved fixed side formwork (steel channel, laying and fixing of 125 mictron thick polythene film, wedges, steel plates including levelling the formwork as per drawing), spreading the concrete with sholvels, rakes, compacted using needle, scareed and plate vibrators and finished in continuous operation including provision of contraction and expansion, construction joints, applying debonding strips, primer, sealant, dowel bars, near approaches to bridge / culvert and construction joints, admixtures as approved, curing of concrete slabs for 28- days, curing compound (where specified) and water finishing to lines and grade as per drawing  and Technical Specification Clause 1501 MORD",{"$nulls":3},{"$f":"ROUND(C52*E52,0)","v":{"v":0,"d":"0.00"}},{"$f":"'SUB-4'!I49","v":{"v":0,"d":"0.000"}},"Cum",{"$f":"'SUB-4'!K49","v":{"v":7873.37,"d":"7873.370"}},{"$f":"ROUND(G52*I52,0)","v":{"v":0,"d":"0.00"}},{"v":0,"d":"0.00"},{"v":0,"d":"0.00"},"-",-7873.37]
[null,"Sub estimate",{"$nulls":8},{"v":0,"d":"0.00"},{"v":0,"d":"0.00"},"-",{"v":0,"d":"0.00"}]
["1","Earthwork in excavation for structures as per drawing and technical specifications Clause 305.1 including setting out, construction of shoring and bracing, removal of stumps and other deleterious material and disposal upto a lead of 50 m, dressing of sides and bottom and backfilling in trenches with excavated suitable material as per Technical Specification 305 MORD / 304 MORTH",{"$nulls":3},{"$f":"ROUND(C54*E54,0)","v":{"v":0,"d":"0.00"}},{"$f":"'sub-5'!I11","v":{"v":0,"d":"0.00"}},"Cum",{"$f":"'sub-5'!K11","v":126.69},{"$f":"ROUND(G54*I54,0)","v":{"v":0,"d":"0.00"}},{"v":0,"d":"0.00"},{"v":0,"d":"0.00"},"-",-126.69]
["2","Providing concrete for plain concrete M10 Grade in open foundations using 40 mm nominal size Graded hard stone aggregate, mechanically mixed, placed in foundation and compacted by vibration including curing for 14 days complete as per drawings and technical specifications Clause 802, 803, 1202 & 1203 MORD and 1500, 1700 & 2100 MORTH",{"$nulls":3},{"v":0,"d":"0.00"},{"$f":"'sub-5'!I18","v":{"v":0,"d":"0.00"}},"Cum",{"$f":"'sub-5'!K18","v":5600.99},{"v":0,"d":"0.00"},{"v":0,"d":"0.00"},{"v":0,"d":"0.00"},"-",-5600.99]
["2","Providing and laying reinforced cement concrete pipe 6000 dia NP3 for culverts on first class bedding of granular  material but excluding excavation, protection works, backfilling, concrete and masonry works in head wall and parapets. Tech Specification Clause 1106 MORD.",{"$nulls":3},{"v":0,"d":"0.00"},{"$f":"'sub-5'!I22","v":{"v":0,"d":"0.00"}},"Rm",{"$f":"'sub-5'!K22","v":3804.82},{"v":0,"d":"0.00"},{"v":0,"d":"0.00"},{"v":0,"d":"0.00"},"-",-3804.82]
[null,"Sub estimate",{"$nulls":8},{"v":0,"d":"0.00"},{"v":0,"d":"0.00"},"-",{"v":0,"d":"0.00"}]
["1","Supply and fixing of KM Stones including painting and required  lettering.",{"$nulls":3},{"$f":"ROUND(C58*E58,0)","v":{"v":0,"d":"0.00"}},{"$f":"'sub-6'!I11","v":{"v":3,"d":"3.00"}},"No",{"$f":"'sub-6'!K11","v":3148.81},{"$f":"ROUND(G58*I58,0)","v":{"v":9446,"d":"9446.00"}},{"v":9446,"d":"9446.00"},{"v":0,"d":"0.00"},"-",-3148.81]
["1","Supply and fixing of HM Stones including painting and required  lettering.",{"$nulls":3},{"$f":"ROUND(C59*E59,0)","v":{"v":0,"d":"0.00"}},{"$f":"'sub-6'!I15","v":{"v":7,"d":"7.00"}},"No",{"$f":"'sub-6'!K15","v":883.73},{"$f":"ROUND(G59*I59,0)","v":{"v":6186,"d":"6186.00"}},{"v":6186,"d":"6186.00"},{"v":0,"d":"0.00"},"-",-883.73]
[null,"Providing and fixing of retro-reflectorised cautionary,mandatory and informatory sign as per IRC:67 made of encapsulated lens type reflective sheeting vide clause 1701.2.3 MORD fixed over aluminium sheeting 1.50 mm thick supported on a mild steel iron post 75mmx75 mm x6 mm firmly fixed to the ground by means of properly designed foundation with M15 cement concrete 450mm x450mmx600 mm,600 mm below ground level as per drawings and technical specification clause 1701 MORD",{"$nulls":4},{"$f":"'sub-6'!I19","v":{"v":0,"d":"0.00"}},"No",{"$f":"'sub-6'!K19","v":{"v":2623.842,"d":"2623.84"}},{"v":0,"d":"0.00"},{"v":0,"d":"0.00"},{"v":0,"d":"0.00"},"-",{"v":-2623.842,"d":"-2623.84"}]
[null,"Providing and erecting direction and place identification of retroreflective reflective sign boards as per as per IRC 67 made of 2 mm thick MS sheet duly stove enameled paint white colour in front and grey colour on back with reflective border of 70mm width& required message letters & figures with reflective tape engineering grade as per  MoRD specifications of required shade & colour supported & welded on two numbers  47mmX47mmX12SWG sheet tube of 3050 mm height duly strengthened by 25 mm x 5 mm MS flat iron on edges on back firmly fixed to ground by mean of property designed foundation with M-20 grade cement concrete 450mmX600mmX600mm below ground level as per approved drawing clause 1701",{"$nulls":4},{"$f":"'sub-6'!I23","v":{"v":0,"d":"0.00"}},"Sqm",{"$f":"'sub-6'!K23","v":2222.59},{"$f":"ROUND(G61*I61,0)","v":{"v":0,"d":"0.00"}},{"v":0,"d":"0.00"},{"v":0,"d":"0.00"},"-",-2222.59]
[null,"Providing and erecting direction and place identification retro-reflective Village boards sign as per IRC:67 made of encapsulated lens type refective type sheeting vide clause 1701.2.3 MORD fixed over aluiminium sheeting,2 mm thick with area not exceeding 0.90 sqm supported on 47mmx47mmx12SWG sheet tube of 3050 mm height duly strengthned by 25mm x5mm MS flat iron on edges on black firmly fixed to ground by means of propoerly designed foundation with M15 grade cement concrete 450x600 mmx600 mm below groubd level as per drawings and technical specification clause 1701 MORD.",{"$nulls":4},{"$f":"'sub-6'!I27","v":{"v":0,"d":"0.00"}},"Sqm",{"$f":"'sub-6'!K27","v":{"v":2222.6556666666665,"d":"2222.66"}},{"$f":"ROUND(G62*I62,0)","v":{"v":0,"d":"0.00"}},{"v":0,"d":"0.00"},{"v":0,"d":"0.00"},"-",{"v":-2222.6556666666665,"d":"-2222.66"}]
[null,"Pavement markings with hot line applied Thermo plastic compound 2.50 mm thick including reflecting glass beads at 250 gms/sqm, thickness of 2.5mm is exclusive of surface applied glass beads for providing centerline marking 300 cms length and 10cm width with a gap of 450 cms including cost and convenyace of all materials  equipment machinary and labour with all leads and lifts loading and unloading charges necessary for sucessful completion of work as directed by the Engineer-in-Charge and confirming to IS 164 - 1981 (1st revison reaffirmed in 1986) and clause 803 of MOST specification for roads and bridge works and also confirming to IRC 35 -1997 ",{"$nulls":4},{"$f":"'sub-6'!I31","v":{"v":336,"d":"336.00"}},"Sqm",{"$f":"'sub-6'!K31","v":636.24},{"$f":"ROUND(G63*I63,0)","v":{"v":213777,"d":"213777.00"}},{"v":213777,"d":"213777.00"},{"v":0,"d":"0.00"},"-",-636.24]
["11","Provision for Seigneorage charges (As per Calculatioln sheet)",{"$nulls":7},{"$f":"Abstract!M15","v":{"v":960158,"d":"960158.00"}},{"v":960158,"d":"960158.00"},{"v":0,"d":"0.00"},"-",{"v":0,"d":"0.00"}]
["12","Provision QC charges @ 0.50%",{"$nulls":7},{"$f":"Abstract!M17","v":{"v":50892,"d":"50892.00"}},{"v":50892,"d":"50892.00"},{"v":0,"d":"0.00"},"-",{"v":0,"d":"0.00"}]
["8","Provision GST  charges @ 18%",{"$nulls":7},{"$f":"Abstract!M18","v":{"v":2004957,"d":"2004957.00"}},{"v":2004957,"d":"2004957.00"},{"v":0,"d":"0.00"},"-",{"v":0,"d":"0.00"}]
[null,"Provision for Name board",{"$nulls":7},{"$f":"Abstract!M19","v":{"v":0,"d":"0.00"}},{"v":0,"d":"0.00"},{"v":0,"d":"0.00"},"-",{"v":0,"d":"0.00"}]
["13","Provision for work wise file",{"$nulls":7},{"$f":"Abstract!M20","v":{"v":0,"d":"0.00"}},{"v":0,"d":"0.00"},{"v":0,"d":"0.00"},"-",{"v":0,"d":"0.00"}]
["14","Unforseen items such as if any",{"$nulls":7},{"$f":"Abstract!M21","v":{"v":805500,"d":"805500.00"}},{"v":805500,"d":"805500.00"},{"v":0,"d":"0.00"},"-",{"v":0,"d":"0.00"}]
[{"$nulls":10},{"$f":"IF(J70>F70,J70-F70,0)","v":{"v":0,"d":"0.00"}},{"$f":"IF(J70<F70,F70-J70,0)","v":{"v":0,"d":"0.00"}},"-",{"$f":"E70-I70","v":{"v":0,"d":"0.00"}}]
[null,null,"As per detailed estimate",null,null,{"$f":"SUM(F7:F70)","v":{"v":0,"d":"0.00"}},{"$nulls":3},{"$f":"SUM(J7:J70)","v":{"v":14000000,"d":"14000000.00"}},{"$f":"SUM(K7:K70)","v":{"v":14000000,"d":"14000000.00"}},{"$f":"SUM(L7:L70)","v":{"v":0,"d":"0.00"}}]
[null,null,"As per Working estimate",null,null,{"$f":"J71","v":{"v":14000000,"d":"14000000.00"}},{"$nulls":5},{"$f":"K71","v":{"v":14000000,"d":"14000000.00"}}]
[null,"TOTAL","Difference in estimate",null,null,{"$f":"F71-F72","v":{"v":-14000000,"d":"-14000000.00"}},{"$nulls":5},{"$f":"L71-L72","v":{"v":-14000000,"d":"-14000000.000"}}]
[]
[]
[{"$nulls":7},{"$f":"'lead 2025-26'!G37","v":"Deputy Executive Engineer"},null,null,{"$f":"'lead 2025-26'!J37","v":"Assistant   Engineer"}]
[{"$nulls":7},{"$f":"'lead 2025-26'!G38","v":"PRI Sub Division: Kanigiri"},null,null,{"$f":"'lead 2025-26'!J38","v":"Mandal Praja Parishad"}]
[{"$nulls":10},{"$f":"'lead 2025-26'!J39","v":"Pamuru"}]

{"sheet":"CR","index":19,"n_rows":78,"n_cols":14,"rows_kept":78,"hidden":true,"merged":[[0,0,0,12],[1,0,1,12],[2,10,2,12],[3,0,4,0],[3,1,4,1],[3,2,3,5],[3,6,3,9],[3,10,3,11],[3,12,4,12],[4,2,4,3],[4,6,4,7],[5,2,5,3],[5,6,5,7],[70,2,70,4],[71,2,71,4],[72,2,72,4]]}
["COMPLETION REPORT"]
[{"$f":"'lead 2025-26'!B3&'lead 2025-26'!C3","v":"Name of the work : Providing BT Surface to the road from Inimerla SC colony to National Highway at Nuchupoda in Inimerla GP of Pamuru Mandal."}]
[{"$nulls":9},"Est Rs.",{"$f":"'lead 2025-26'!K4","v":"140.00 Lakhs"}]
["S.No","Description of the work","As per Working estimate",{"$nulls":3},"As per M.Book",{"$nulls":3},"Difference ",null,"Remarks"]
[null,null,"Quantity ",null,"Rate ","Amount","Quantity ",null,"Rate ","Amount","Excess","Less"]
["1","2","3",null,"4","5","6",null,"7","8","9","10","11"]
["1","Unskilled Labour Charges for Earthwork excavation by manual means exceeding 1.5 m in width taking out the excavated soil and disposal as directed by engineer in charge in Ordinary soil, with an Initial Lead up to 10 m and lift up to 1.5 m",{"$f":"G7","v":{"v":0,"d":"0.000"}},"Cum",{"$f":"I7","v":144.26},{"$f":"ROUND(C7*E7,0)","v":{"v":0,"d":"0.00"}},{"$f":"MAIN!I10","v":{"v":0,"d":"0.00"}},"Cum",{"$f":"MAIN!K10","v":144.26},{"$f":"ROUND(G7*I7,2)","v":{"v":0,"d":"0.00"}},{"$f":"IF(J7>F7,J7-F7,0)","v":{"v":0,"d":"0.00"}},{"$f":"IF(J7<F7,F7-J7,0)","v":{"v":0,"d":"0.00"}},"-",{"$f":"E7-I7","v":{"v":0,"d":"0.00"}}]
["1","Clearing and grubbing road land including uprooting wild vegetation, grass, bushes, shrubs, saplings and trees of girth up to 300 mm, removal of stumps of such trees cut earlier and disposal of unserviceable materials and stacking of serviceable material to be used or auctioned, up to a lead of 1000 m including removal and disposal of top organic soil not exceeding 150 mm in thickness (in area of non thorny /light jungle) as per Technical Specification Clause 201 MORD.",{"$f":"G8","v":{"v":4032,"d":"4032.000"}},"Sqm",{"$f":"I8","v":2.25},{"$f":"ROUND(C8*E8,0)","v":{"v":9072,"d":"9072.00"}},{"$f":"MAIN!I17","v":{"v":4032,"d":"4032.00"}},"Sqm",{"$f":"MAIN!K17","v":2.25},{"v":9072,"d":"9072.00"},{"$f":"IF(J8>F8,J8-F8,0)","v":{"v":0,"d":"0.00"}},{"$f":"IF(J8<F8,F8-J8,0)","v":{"v":0,"d":"0.00"}},"-",{"$f":"E8-I8","v":{"v":0,"d":"0.00"}}]
[null,"Construction of embankment with approved material obtained from borrow pits with all lifts, transporting to site, spreading, grading to required slope and compacting with vibratory roller 80-100 KN to meet requirement of Tables 300.1 and 300.2 with a lead upto 1000 m as per Technical Specification Clause 301.5 MORD/305 MORTH.",{"v":3360,"d":"3360.000"},"Cum",236.56,{"v":794842,"d":"794842.00"},{"$f":"MAIN!I25","v":{"v":3360,"d":"3360.00"}},"Cum",{"$f":"MAIN!K25","v":236.56},{"v":794841.6,"d":"794841.60"},{"v":0,"d":"0.00"},{"v":0.40000000002328306,"d":"0.40"},"-",{"v":0,"d":"0.00"}]
["6","Scarifying existing granular surface to a depth of 50 mm and disposal of scarified material with a lift upto 3 m and leads upto 1000 m as per Technical Specification Clause 301.4. MORD",{"v":6720,"d":"6720.000"},"Sqm",38.49,{"v":258653,"d":"258653.00"},{"$f":"MAIN!I33","v":{"v":6720,"d":"6720.00"}},"Sqm",{"$f":"MAIN!K33","v":38.49},{"v":258652.8,"d":"258652.80"},{"v":0,"d":"0.00"},{"v":0.20000000001164153,"d":"0.20"},"-",{"v":0,"d":"0.00"}]
["7","Construction of Granular Sub Base using well graded material, spreading in uniform layers with tractor  mounted grader on prepared surface , mixing by mix in place  method with   rotovator at OMC and compacting  with Smooth wheel roller  to achive the desired  density , Complete as per technical speficaction clause 401 of MORD",{"v":672,"d":"672.000"},"Cum",2928.41,{"v":1967892,"d":"1967892.00"},{"$f":"MAIN!I47","v":{"v":672,"d":"672.00"}},"Cum",{"$f":"MAIN!K47","v":2928.41},1967891.52,{"v":0,"d":"0.00"},{"v":0.47999999998137355,"d":"0.48"},"-",{"v":0,"d":"0.00"}]
["7","Providing, laying, spreading and compacting graded stone aggregate to wet mix macadam specification including premixing the  material with water at OMC in mechanical mixer (Pug Mill), carriage of mixed material by tipper to site, laying  in uniform layers in sub-base/base course on a well prepared sub-base and compacting with smooth  wheel roller of 80 to 100kN / Vibratory Roller 80-100 kN weight to achieve the desired density including lighting, barricading and maintenance of diversion, etc as per Tables 400.11 & 400.12 and Technical Specification Clause 406 MORD / MORTH. ",{"v":945,"d":"945.000"},"Cum",3982.34,{"v":3763311,"d":"3763311.00"},{"$f":"MAIN!I51","v":{"v":945,"d":"945.00"}},"Cum",{"$f":"MAIN!K51","v":3982.34},{"v":3763311.3,"d":"3763311.30"},{"v":0.2999999998137355,"d":"0.30"},{"v":0,"d":"0.00"},"-",{"v":0,"d":"0.00"}]
[null,"Providing and applying primer coat with bitumen emulsion (SS-1) on prepared surface of granular base including cleaning of road surface and spraying primer at the rate of 0.70-1.0 kg/sqm using mechanical means as per Technical Specification Clause 502 MORD (for use on Wet mix macadam & WBM)",{"v":6300,"d":"6300.000"},"Sqm",42.54,{"v":268002,"d":"268002.00"},{"$f":"MAIN!I55","v":{"v":6300,"d":"6300.00"}},"Sqm",{"$f":"MAIN!K55","v":42.54},{"v":268002,"d":"268002.00"},{"v":0,"d":"0.00"},{"v":0,"d":"0.00"},"-",{"v":0,"d":"0.00"}]
[null,"Providing and applying tack coat with Bitumen emulsion (RS-1)  using emulsion  distributor at the rate of 0.25 to 0.30 kg per sqm on the prepared granular surfaces treated with primer & cleaned with Hydraulic broom as per Technical Specification Clause 503 MORD,",{"v":6300,"d":"6300.000"},"Sqm",16.24,{"v":102312,"d":"102312.00"},{"$f":"MAIN!I59","v":{"v":6300,"d":"6300.00"}},"Sqm",{"$f":"MAIN!K59","v":16.24},{"v":102312,"d":"102312.00"},{"v":0,"d":"0.00"},{"v":0,"d":"0.00"},"-",{"v":0,"d":"0.00"}]
[null,"Providing and laying semi dense bituminous concrete with 40-60 TPH batch type HMP producing an average output of 37.5 tonnes per hour using crushed aggregates of specified grading, premixed with bituminous binder @ 4.5 to 5  per cent  of mix and filler, transporting the hot mix to work site, laying with a hydrostatic paver finisher with sensor control to the required grade, level and alignment, rolling with smooth wheeled, vibratory and tandem rollers to achieve the desired compaction as per MoRTH specification clause No. 508 complete in all respects",{"v":157.5,"d":"157.500"},"Cum",11856.57,{"v":1867410,"d":"1867410.00"},{"$f":"MAIN!I73","v":{"v":157.5,"d":"157.50"}},"Cum",{"$f":"MAIN!K73","v":11856.57},1867409.78,{"v":0,"d":"0.00"},{"v":0.21999999997206032,"d":"0.22"},"-",{"v":0,"d":"0.00"}]
[null,"Construction of improved shoulders by provided selected earth having minimum CBR of 10% MD not less than 1.85 G/CC with LL & PI not more than 40% and 20 respectively and spreading in uniform layers with tractor grader on prepared surface and compacted at OMC with vibratory roller 80-100 KN to meet requirement of table 00.2 with as per technical specification clause 303 MORD, 305 MORTH by using machinery",{"v":907.2,"d":"907.200"},"Cum",384.05,{"v":348410,"d":"348410.00"},{"$f":"MAIN!I77","v":{"v":907.2,"d":"907.20"}},"Cum",{"$f":"MAIN!K77","v":384.05},348410.16,{"v":0.15999999997438863,"d":"0.16"},{"v":0,"d":"0.00"},"-",{"v":0,"d":"0.00"}]
[null,"Sub estimate"]
["1","Earthwork in excavation for structures as per drawing and technical specifications Clause 305.1 including setting out, construction of shoring and bracing, removal of stumps and other deleterious material and disposal upto a lead of 50 m, dressing of sides and bottom and backfilling in trenches with excavated suitable material as per Technical Specification 305 MORD / 304 MORTH",{"v":0,"d":"0.000"},"Cum",126.69,{"v":0,"d":"0.00"},{"$f":"'SUB-1'!I19","v":{"v":0,"d":"0.00"}},"Cum",{"$f":"'SUB-1'!K19","v":126.69},{"$f":"ROUND(G18*I18,2)","v":{"v":0,"d":"0.00"}},{"v":0,"d":"0.00"},{"v":0,"d":"0.00"},"-",{"v":0,"d":"0.00"}]
["2","Providing concrete for plain concrete M10 Grade in open foundations using 40 mm nominal size Graded hard stone aggregate, mechanically mixed, placed in foundation and compacted by vibration including curing for 14 days complete as per drawings and technical specifications Clause 802, 803, 1202 & 1203 MORD and 1500, 1700 & 2100 MORTH",{"v":0,"d":"0.000"},"Cum",5600.99,{"v":0,"d":"0.00"},{"$f":"'SUB-1'!I26","v":{"v":0,"d":"0.00"}},"Cum",{"$f":"'SUB-1'!K26","v":5600.99},{"v":0,"d":"0.00"},{"v":0,"d":"0.00"},{"v":0,"d":"0.00"},"-",{"v":0,"d":"0.00"}]
["2","Providing and laying reinforced cement concrete pipe 1000 dia NP3 for culverts on first class bedding of granular  material but excluding excavation, protection works, backfilling, concrete and masonry works in head wall and parapets. Tech Specification Clause 1106 MORD.",{"v":0,"d":"0.000"},"Rm",9006.27,{"v":0,"d":"0.00"},{"$f":"'SUB-1'!I30","v":{"v":0,"d":"0.00"}},"Rm",{"$f":"'SUB-1'!K30","v":9006.27},{"v":0,"d":"0.00"},{"v":0,"d":"0.00"},{"v":0,"d":"0.00"},"-",{"v":0,"d":"0.00"}]
["3","Plain cement concrete M 15 grade  using 40,20 & 12mm metal mechanically mixed in Substructures complete as per drawings and technical specification Clauses 802, 804, 805, 806, 807, 1202 and 1204 MORD and 1500, 1700 & 2200 MORTH. ",{"v":0,"d":"0.000"},"Cum",{"v":5954.5599999999995,"d":"5954.56"},{"v":0,"d":"0.00"},{"$f":"'SUB-1'!I37","v":{"v":0,"d":"0.00"}},"Cum",{"$f":"'SUB-1'!K37","v":{"v":5954.5599999999995,"d":"5954.56"}},{"v":0,"d":"0.00"},{"v":0,"d":"0.00"},{"v":0,"d":"0.00"},"-",{"v":0,"d":"0.00"}]
["3","Providing  RCC M-25 grade cement concrete using  using 20 mm to 12 mm Graded HBG crushed Metal ( 66% of 20 mm and 34% of 12mm )s from approved source including cost of all ,materials, machinery, labour, formwork,  scaffolding,placing in position, levelling, vibrating, finishing, curing etc., complete with initial lead upto 50 m and all lifts. for Guide Posts",{"v":0,"d":"0.000"},"Cum",{"v":7542,"d":"7542.00"},{"v":0,"d":"0.00"},{"$f":"'SUB-1'!I42","v":{"v":0,"d":"0.00"}},"Cum",{"$f":"'SUB-1'!K42","v":{"v":7542,"d":"7542.00"}},{"v":0,"d":"0.00"},{"v":0,"d":"0.00"},{"v":0,"d":"0.00"},"-",{"v":0,"d":"0.00"}]
[null,"Supplying, fitting and placing HYSD bar reinforcement in foundation complete as per drawings and technical specifications Clauses 1000 and 1202  MORD & 1100, 1600 MORTH for Bars below 36 mm dia including over laps and wastage, where they are not welded.",{"v":0,"d":"0.000"},"MT",86540.55,{"v":0,"d":"0.00"},{"$f":"'SUB-1'!I46","v":{"v":0,"d":"0.00"}},"MT",{"$f":"'SUB-1'!K46","v":86540.55},{"v":0,"d":"0.00"},{"v":0,"d":"0.00"},{"v":0,"d":"0.00"},"-",{"v":0,"d":"0.00"}]
["4","Filling with selected earth in trenches, sides of foundations & basement by watering and ramming  including cost and conveyance of material and labour charges etc complete for finished item of the work (APSS No 309& 310) per 1 Cum",{"v":0,"d":"0.000"},"Cum",279.78,{"v":0,"d":"0.00"},{"$f":"'SUB-1'!I50","v":{"v":0,"d":"0.00"}},"Cum",{"$f":"'SUB-1'!K50","v":279.78},{"v":0,"d":"0.00"},{"v":0,"d":"0.00"},{"v":0,"d":"0.00"},"-",{"v":0,"d":"0.00"}]
["8","Plain cement concrete for CC  pavement, thickness as per design, over a prepared sub base, with 43 grade cement or any other type as per Clause 1501.2.2 M20 (Grade), coarse and fine aggregates conforming to IS : 383, maximum in a concrete mixer of not less than 0.2 cum capacity and appropeiate weigh batcher using approved mix design, laid in approved fixed side formwork (steel channel, laying and fixing of 125 mictron thick polythene film, wedges, steel plates including levelling the formwork as per drawing), spreading the concrete with sholvels, rakes, compacted using needle, scareed and plate vibrators and finished in continuous operation including provision of contraction and expansion, construction joints, applying debonding strips, primer, sealant, dowel bars, near approaches to bridge / culvert and construction joints, admixtures as approved, curing of concrete slabs for 28- days, curing compound (where specified) and water finishing to lines and grade as per drawing  and Technical Specification Clause 1501 MORD",{"v":0,"d":"0.000"},"Cum",7873.37,{"v":0,"d":"0.00"},{"$f":"'SUB-1'!I55","v":{"v":0,"d":"0.000"}},"Cum",{"$f":"'SUB-1'!K55","v":7873.37},{"v":0,"d":"0.00"},{"v":0,"d":"0.00"},{"v":0,"d":"0.00"},"-",{"v":0,"d":"0.00"}]
[null,"Sub estimate"]
["1","Earthwork in excavation for structures as per drawing and technical specifications Clause 305.1 including setting out, construction of shoring and bracing, removal of stumps and other deleterious material and disposal upto a lead of 50 m, dressing of sides and bottom and backfilling in trenches with excavated suitable material as per Technical Specification 305 MORD / 304 MORTH",{"v":0,"d":"0.000"},"Cum",126.69,{"v":0,"d":"0.00"},{"$f":"'SUB-2'!I15","v":{"v":0,"d":"0.00"}},"Cum",{"$f":"'SUB-2'!K15","v":126.69},{"$f":"ROUND(G27*I27,2)","v":{"v":0,"d":"0.00"}},{"v":0,"d":"0.00"},{"v":0,"d":"0.00"},"-",{"v":0,"d":"0.00"}]
["2","Providing concrete for plain concrete M10 Grade in open foundations using 40 mm nominal size Graded hard stone aggregate, mechanically mixed, placed in foundation and compacted by vibration including curing for 14 days complete as per drawings and technical specifications Clause 802, 803, 1202 & 1203 MORD and 1500, 1700 & 2100 MORTH",{"v":0,"d":"0.000"},"Cum",5600.99,{"v":0,"d":"0.00"},{"$f":"'SUB-2'!I27","v":{"v":0,"d":"0.00"}},"Cum",{"$f":"'SUB-2'!K27","v":5600.99},{"v":0,"d":"0.00"},{"v":0,"d":"0.00"},{"v":0,"d":"0.00"},"-",{"v":0,"d":"0.00"}]
["2","Providing and laying reinforced cement concrete pipe 1000 dia NP3 for culverts on first class bedding of granular  material but excluding excavation, protection works, backfilling, concrete and masonry works in head wall and parapets. Tech Specification Clause 1106 MORD.",{"v":0,"d":"0.000"},"Rm",9006.27,{"v":0,"d":"0.00"},{"$f":"'SUB-2'!I32","v":{"v":0,"d":"0.00"}},"Rm",{"$f":"'SUB-2'!K32","v":9006.27},{"v":0,"d":"0.00"},{"v":0,"d":"0.00"},{"v":0,"d":"0.00"},"-",{"v":0,"d":"0.00"}]
["3","Plain cement concrete M 15 grade  using 40,20 & 12mm metal mechanically mixed in Substructures complete as per drawings and technical specification Clauses 802, 804, 805, 806, 807, 1202 and 1204 MORD and 1500, 1700 & 2200 MORTH. ",{"v":0,"d":"0.000"},"Cum",{"v":5954.5599999999995,"d":"5954.56"},{"v":0,"d":"0.00"},{"$f":"'SUB-2'!I44","v":{"v":0,"d":"0.00"}},"Cum",{"$f":"'SUB-2'!K44","v":{"v":5954.5599999999995,"d":"5954.56"}},{"v":0,"d":"0.00"},{"v":0,"d":"0.00"},{"v":0,"d":"0.00"},"-",{"v":0,"d":"0.00"}]
["3","Providing  RCC M-25 grade cement concrete using  using 20 mm to 12 mm Graded HBG crushed Metal ( 66% of 20 mm and 34% of 12mm )s from approved source including cost of all ,materials, machinery, labour, formwork,  scaffolding,placing in position, levelling, vibrating, finishing, curing etc., complete with initial lead upto 50 m and all lifts. for Guide Posts",{"v":0,"d":"0.000"},"Cum",{"v":7542,"d":"7542.00"},{"v":0,"d":"0.00"},{"$f":"'SUB-2'!I48","v":{"v":0,"d":"0.00"}},"Cum",{"$f":"'SUB-2'!K48","v":{"v":7542,"d":"7542.00"}},{"v":0,"d":"0.00"},{"v":0,"d":"0.00"},{"v":0,"d":"0.00"},"-",{"v":0,"d":"0.00"}]
[null,"Supplying, fitting and placing HYSD bar reinforcement in foundation complete as per drawings and technical specifications Clauses 1000 and 1202  MORD & 1100, 1600 MORTH for Bars below 36 mm dia including over laps and wastage, where they are not welded.",{"v":0,"d":"0.000"},"MT",86540.55,{"v":0,"d":"0.00"},{"$f":"'SUB-2'!I52","v":{"v":0,"d":"0.00"}},"MT",{"$f":"'SUB-2'!K52","v":86540.55},{"v":0,"d":"0.00"},{"v":0,"d":"0.00"},{"v":0,"d":"0.00"},"-",{"v":0,"d":"0.00"}]
["4","Filling with selected earth in trenches, sides of foundations & basement by watering and ramming  including cost and conveyance of material and labour charges etc complete for finished item of the work (APSS No 309& 310) per 1 Cum",{"v":0,"d":"0.000"},"Cum",279.78,{"v":0,"d":"0.00"},{"$f":"'SUB-2'!I57","v":{"v":0,"d":"0.00"}},"Cum",{"$f":"'SUB-2'!K57","v":279.78},{"v":0,"d":"0.00"},{"v":0,"d":"0.00"},{"v":0,"d":"0.00"},"-",{"v":0,"d":"0.00"}]
["8","Plain cement concrete for CC  pavement, thickness as per design, over a prepared sub base, with 43 grade cement or any other type as per Clause 1501.2.2 M20 (Grade), coarse and fine aggregates conforming to IS : 383, maximum in a concrete mixer of not less than 0.2 cum capacity and appropeiate weigh batcher using approved mix design, laid in approved fixed side formwork (steel channel, laying and fixing of 125 mictron thick polythene film, wedges, steel plates including levelling the formwork as per drawing), spreading the concrete with sholvels, rakes, compacted using needle, scareed and plate vibrators and finished in continuous operation including provision of contraction and expansion, construction joints, applying debonding strips, primer, sealant, dowel bars, near approaches to bridge / culvert and construction joints, admixtures as approved, curing of concrete slabs for 28- days, curing compound (where specified) and water finishing to lines and grade as per drawing  and Technical Specification Clause 1501 MORD",{"v":0,"d":"0.000"},"Cum",7873.37,{"v":0,"d":"0.00"},{"$f":"'SUB-2'!I61","v":{"v":0,"d":"0.000"}},"Cum",{"$f":"'SUB-2'!K61","v":{"v":7873.37,"d":"7873.370"}},{"v":0,"d":"0.00"},{"v":0,"d":"0.00"},{"v":0,"d":"0.00"},"-",{"v":0,"d":"0.00"}]
[null,"Sub estimate"]
["1","Earthwork in excavation for structures as per drawing and technical specifications Clause 305.1 including setting out, construction of shoring and bracing, removal of stumps and other deleterious material and disposal upto a lead of 50 m, dressing of sides and bottom and backfilling in trenches with excavated suitable material as per Technical Specification 305 MORD / 304 MORTH",{"v":78.24,"d":"78.240"},"Cum",126.69,{"v":9912,"d":"9912.00"},{"$f":"'SUB-3'!I12","v":78.24},"Cum",{"$f":"'SUB-3'!K12","v":126.69},{"$f":"ROUND(G36*I36,2)","v":9912.23},{"v":0.22999999999956344,"d":"0.23"},{"v":0,"d":"0.00"},"-",{"v":0,"d":"0.00"}]
["2","Providing concrete for plain concrete M10 Grade in open foundations using 40 mm nominal size Graded hard stone aggregate, mechanically mixed, placed in foundation and compacted by vibration including curing for 14 days complete as per drawings and technical specifications Clause 802, 803, 1202 & 1203 MORD and 1500, 1700 & 2100 MORTH",{"v":17.53,"d":"17.530"},"Cum",5600.99,{"v":98185,"d":"98185.00"},{"$f":"'SUB-3'!I22","v":17.53},"Cum",{"$f":"'SUB-3'!K22","v":5600.99},98185.35,{"v":0.35000000000582077,"d":"0.35"},{"v":0,"d":"0.00"},"-",{"v":0,"d":"0.00"}]
["2","Providing and laying reinforced cement concrete pipe 1000 dia NP3 for culverts on first class bedding of granular  material but excluding excavation, protection works, backfilling, concrete and masonry works in head wall and parapets. Tech Specification Clause 1106 MORD.",{"v":22.5,"d":"22.500"},"Rm",9006.27,{"v":202641,"d":"202641.00"},{"$f":"'SUB-3'!I26","v":{"v":22.5,"d":"22.50"}},"Rm",{"$f":"'SUB-3'!K26","v":9006.27},202641.08,{"v":0.07999999998719431,"d":"0.08"},{"v":0,"d":"0.00"},"-",{"v":0,"d":"0.00"}]
["3","Plain cement concrete M 15 grade  using 40,20 & 12mm metal mechanically mixed in Substructures complete as per drawings and technical specification Clauses 802, 804, 805, 806, 807, 1202 and 1204 MORD and 1500, 1700 & 2200 MORTH. ",{"v":41.489999999999995,"d":"41.490"},"Cum",{"v":5954.5599999999995,"d":"5954.56"},{"v":247055,"d":"247055.00"},{"$f":"'SUB-3'!I32","v":{"v":41.489999999999995,"d":"41.49"}},"Cum",{"$f":"'SUB-3'!K32","v":{"v":5954.5599999999995,"d":"5954.56"}},247054.69,{"v":0,"d":"0.00"},{"v":0.3099999999976717,"d":"0.31"},"-",{"v":0,"d":"0.00"}]
["3","Providing  RCC M-25 grade cement concrete using  using 20 mm to 12 mm Graded HBG crushed Metal ( 66% of 20 mm and 34% of 12mm )s from approved source including cost of all ,materials, machinery, labour, formwork,  scaffolding,placing in position, levelling, vibrating, finishing, curing etc., complete with initial lead upto 50 m and all lifts. for Guide Posts",{"v":0,"d":"0.000"},"Cum",{"v":7542,"d":"7542.00"},{"v":0,"d":"0.00"},{"$f":"'SUB-3'!I36","v":{"v":0,"d":"0.00"}},"Cum",{"$f":"'SUB-3'!K36","v":{"v":7542,"d":"7542.00"}},{"v":0,"d":"0.00"},{"v":0,"d":"0.00"},{"v":0,"d":"0.00"},"-",{"v":0,"d":"0.00"}]
[null,"Supplying, fitting and placing HYSD bar reinforcement in foundation complete as per drawings and technical specifications Clauses 1000 and 1202  MORD & 1100, 1600 MORTH for Bars below 36 mm dia including over laps and wastage, where they are not welded.",{"v":0,"d":"0.000"},"MT",86540.55,{"v":0,"d":"0.00"},{"$f":"'SUB-3'!I40","v":{"v":0,"d":"0.00"}},"MT",{"$f":"'SUB-3'!K40","v":86540.55},{"v":0,"d":"0.00"},{"v":0,"d":"0.00"},{"v":0,"d":"0.00"},"-",{"v":0,"d":"0.00"}]
["4","Filling with selected earth in trenches, sides of foundations & basement by watering and ramming  including cost and conveyance of material and labour charges etc complete for finished item of the work (APSS No 309& 310) per 1 Cum",{"v":40.7,"d":"40.700"},"Cum",279.78,{"v":11387,"d":"11387.00"},{"$f":"'SUB-3'!I45","v":{"v":40.7,"d":"40.70"}},"Cum",{"$f":"'SUB-3'!K45","v":279.78},11387.05,{"v":0.049999999999272404,"d":"0.05"},{"v":0,"d":"0.00"},"-",{"v":0,"d":"0.00"}]
["8","Plain cement concrete for CC  pavement, thickness as per design, over a prepared sub base, with 43 grade cement or any other type as per Clause 1501.2.2 M20 (Grade), coarse and fine aggregates conforming to IS : 383, maximum in a concrete mixer of not less than 0.2 cum capacity and appropeiate weigh batcher using approved mix design, laid in approved fixed side formwork (steel channel, laying and fixing of 125 mictron thick polythene film, wedges, steel plates including levelling the formwork as per drawing), spreading the concrete with sholvels, rakes, compacted using needle, scareed and plate vibrators and finished in continuous operation including provision of contraction and expansion, construction joints, applying debonding strips, primer, sealant, dowel bars, near approaches to bridge / culvert and construction joints, admixtures as approved, curing of concrete slabs for 28- days, curing compound (where specified) and water finishing to lines and grade as per drawing  and Technical Specification Clause 1501 MORD",{"v":0,"d":"0.000"},"Cum",7873.37,{"v":0,"d":"0.00"},{"$f":"'SUB-3'!I49","v":{"v":0,"d":"0.000"}},"Cum",{"$f":"'SUB-3'!K49","v":{"v":7873.37,"d":"7873.370"}},{"v":0,"d":"0.00"},{"v":0,"d":"0.00"},{"v":0,"d":"0.00"},"-",{"v":0,"d":"0.00"}]
[null,"Sub estimate"]
["1","Earthwork in excavation for structures as per drawing and technical specifications Clause 305.1 including setting out, construction of shoring and bracing, removal of stumps and other deleterious material and disposal upto a lead of 50 m, dressing of sides and bottom and backfilling in trenches with excavated suitable material as per Technical Specification 305 MORD / 304 MORTH",{"v":0,"d":"0.000"},"Cum",126.69,{"v":0,"d":"0.00"},{"$f":"'SUB-4'!I12","v":{"v":0,"d":"0.00"}},"Cum",{"$f":"'SUB-4'!K12","v":126.69},{"$f":"ROUND(G45*I45,2)","v":{"v":0,"d":"0.00"}},{"v":0,"d":"0.00"},{"v":0,"d":"0.00"},"-",{"v":0,"d":"0.00"}]
["2","Providing concrete for plain concrete M10 Grade in open foundations using 40 mm nominal size Graded hard stone aggregate, mechanically mixed, placed in foundation and compacted by vibration including curing for 14 days complete as per drawings and technical specifications Clause 802, 803, 1202 & 1203 MORD and 1500, 1700 & 2100 MORTH",{"v":0,"d":"0.000"},"Cum",5600.99,{"v":0,"d":"0.00"},{"$f":"'SUB-4'!I22","v":{"v":0,"d":"0.00"}},"Cum",{"$f":"'SUB-4'!K22","v":5600.99},{"v":0,"d":"0.00"},{"v":0,"d":"0.00"},{"v":0,"d":"0.00"},"-",{"v":0,"d":"0.00"}]
["2","Providing and laying reinforced cement concrete pipe 1000 dia NP3 for culverts on first class bedding of granular  material but excluding excavation, protection works, backfilling, concrete and masonry works in head wall and parapets. Tech Specification Clause 1106 MORD.",{"v":0,"d":"0.000"},"Rm",9006.27,{"v":0,"d":"0.00"},{"$f":"'SUB-4'!I26","v":{"v":0,"d":"0.00"}},"Rm",{"$f":"'SUB-4'!K26","v":9006.27},{"v":0,"d":"0.00"},{"v":0,"d":"0.00"},{"v":0,"d":"0.00"},"-",{"v":0,"d":"0.00"}]
["3","Plain cement concrete M 15 grade  using 40,20 & 12mm metal mechanically mixed in Substructures complete as per drawings and technical specification Clauses 802, 804, 805, 806, 807, 1202 and 1204 MORD and 1500, 1700 & 2200 MORTH. ",{"v":0,"d":"0.000"},"Cum",{"v":5954.5599999999995,"d":"5954.56"},{"v":0,"d":"0.00"},{"$f":"'SUB-4'!I32","v":{"v":0,"d":"0.00"}},"Cum",{"$f":"'SUB-4'!K32","v":{"v":5954.5599999999995,"d":"5954.56"}},{"v":0,"d":"0.00"},{"v":0,"d":"0.00"},{"v":0,"d":"0.00"},"-",{"v":0,"d":"0.00"}]
["3","Providing  RCC M-25 grade cement concrete using  using 20 mm to 12 mm Graded HBG crushed Metal ( 66% of 20 mm and 34% of 12mm )s from approved source including cost of all ,materials, machinery, labour, formwork,  scaffolding,placing in position, levelling, vibrating, finishing, curing etc., complete with initial lead upto 50 m and all lifts. for Guide Posts",{"v":0,"d":"0.000"},"Cum",{"v":7542,"d":"7542.00"},{"v":0,"d":"0.00"},{"$f":"'SUB-4'!I36","v":{"v":0,"d":"0.00"}},"Cum",{"$f":"'SUB-4'!K36","v":{"v":7542,"d":"7542.00"}},{"v":0,"d":"0.00"},{"v":0,"d":"0.00"},{"v":0,"d":"0.00"},"-",{"v":0,"d":"0.00"}]
[null,"Supplying, fitting and placing HYSD bar reinforcement in foundation complete as per drawings and technical specifications Clauses 1000 and 1202  MORD & 1100, 1600 MORTH for Bars below 36 mm dia including over laps and wastage, where they are not welded.",{"v":0,"d":"0.000"},"MT",86540.55,{"v":0,"d":"0.00"},{"$f":"'SUB-4'!I40","v":{"v":0,"d":"0.00"}},"MT",{"$f":"'SUB-4'!K40","v":86540.55},{"v":0,"d":"0.00"},{"v":0,"d":"0.00"},{"v":0,"d":"0.00"},"-",{"v":0,"d":"0.00"}]
["4","Filling with selected earth in trenches, sides of foundations & basement by watering and ramming  including cost and conveyance of material and labour charges etc complete for finished item of the work (APSS No 309& 310) per 1 Cum",{"v":0,"d":"0.000"},"Cum",279.78,{"v":0,"d":"0.00"},{"$f":"'SUB-4'!I45","v":{"v":0,"d":"0.00"}},"Cum",{"$f":"'SUB-4'!K45","v":279.78},{"v":0,"d":"0.00"},{"v":0,"d":"0.00"},{"v":0,"d":"0.00"},"-",{"v":0,"d":"0.00"}]
["8","Plain cement concrete for CC  pavement, thickness as per design, over a prepared sub base, with 43 grade cement or any other type as per Clause 1501.2.2 M20 (Grade), coarse and fine aggregates conforming to IS : 383, maximum in a concrete mixer of not less than 0.2 cum capacity and appropeiate weigh batcher using approved mix design, laid in approved fixed side formwork (steel channel, laying and fixing of 125 mictron thick polythene film, wedges, steel plates including levelling the formwork as per drawing), spreading the concrete with sholvels, rakes, compacted using needle, scareed and plate vibrators and finished in continuous operation including provision of contraction and expansion, construction joints, applying debonding strips, primer, sealant, dowel bars, near approaches to bridge / culvert and construction joints, admixtures as approved, curing of concrete slabs for 28- days, curing compound (where specified) and water finishing to lines and grade as per drawing  and Technical Specification Clause 1501 MORD",{"v":0,"d":"0.000"},"Cum",7873.37,{"v":0,"d":"0.00"},{"$f":"'SUB-4'!I49","v":{"v":0,"d":"0.000"}},"Cum",{"$f":"'SUB-4'!K49","v":{"v":7873.37,"d":"7873.370"}},{"v":0,"d":"0.00"},{"v":0,"d":"0.00"},{"v":0,"d":"0.00"},"-",{"v":0,"d":"0.00"}]
[null,"Sub estimate"]
["1","Earthwork in excavation for structures as per drawing and technical specifications Clause 305.1 including setting out, construction of shoring and bracing, removal of stumps and other deleterious material and disposal upto a lead of 50 m, dressing of sides and bottom and backfilling in trenches with excavated suitable material as per Technical Specification 305 MORD / 304 MORTH",{"v":0,"d":"0.000"},"Cum",126.69,{"v":0,"d":"0.00"},{"$f":"'sub-5'!I11","v":{"v":0,"d":"0.00"}},"Cum",{"$f":"'sub-5'!K11","v":126.69},{"$f":"ROUND(G54*I54,2)","v":{"v":0,"d":"0.00"}},{"v":0,"d":"0.00"},{"v":0,"d":"0.00"},"-",{"v":0,"d":"0.00"}]
["2","Providing concrete for plain concrete M10 Grade in open foundations using 40 mm nominal size Graded hard stone aggregate, mechanically mixed, placed in foundation and compacted by vibration including curing for 14 days complete as per drawings and technical specifications Clause 802, 803, 1202 & 1203 MORD and 1500, 1700 & 2100 MORTH",{"v":0,"d":"0.000"},"Cum",5600.99,{"v":0,"d":"0.00"},{"$f":"'sub-5'!I18","v":{"v":0,"d":"0.00"}},"Cum",{"$f":"'sub-5'!K18","v":5600.99},{"$f":"ROUND(G55*I55,2)","v":{"v":0,"d":"0.00"}},{"v":0,"d":"0.00"},{"v":0,"d":"0.00"},"-",{"v":0,"d":"0.00"}]
["2","Providing and laying reinforced cement concrete pipe 6000 dia NP3 for culverts on first class bedding of granular  material but excluding excavation, protection works, backfilling, concrete and masonry works in head wall and parapets. Tech Specification Clause 1106 MORD.",{"v":0,"d":"0.000"},"Rm",3804.82,{"v":0,"d":"0.00"},{"$f":"'sub-5'!I22","v":{"v":0,"d":"0.00"}},"Rm",{"$f":"'sub-5'!K22","v":3804.82},{"$f":"ROUND(G56*I56,2)","v":{"v":0,"d":"0.00"}},{"v":0,"d":"0.00"},{"v":0,"d":"0.00"},"-",{"v":0,"d":"0.00"}]
[null,"Sub estimate"]
["1","Supply and fixing of KM Stones including painting and required  lettering.",{"v":3,"d":"3.000"},"No",3148.81,{"v":9446,"d":"9446.00"},{"$f":"'sub-6'!I11","v":{"v":3,"d":"3.00"}},"No",{"$f":"'sub-6'!K11","v":3148.81},{"$f":"ROUND(G58*I58,2)","v":9446.43},{"v":0.43000000000029104,"d":"0.43"},{"v":0,"d":"0.00"},"-",{"v":0,"d":"0.00"}]
["1","Supply and fixing of HM Stones including painting and required  lettering.",{"v":7,"d":"7.000"},"No",883.73,{"v":6186,"d":"6186.00"},{"$f":"'sub-6'!I15","v":{"v":7,"d":"7.00"}},"No",{"$f":"'sub-6'!K15","v":883.73},6186.11,{"v":0.10999999999967258,"d":"0.11"},{"v":0,"d":"0.00"},"-",{"v":0,"d":"0.00"}]
[null,"Providing and fixing of retro-reflectorised cautionary,mandatory and informatory sign as per IRC:67 made of encapsulated lens type reflective sheeting vide clause 1701.2.3 MORD fixed over aluminium sheeting 1.50 mm thick supported on a mild steel iron post 75mmx75 mm x6 mm firmly fixed to the ground by means of properly designed foundation with M15 cement concrete 450mm x450mmx600 mm,600 mm below ground level as per drawings and technical specification clause 1701 MORD",{"v":0,"d":"0.000"},"No",{"v":2623.842,"d":"2623.84"},{"v":0,"d":"0.00"},{"$f":"'sub-6'!I19","v":{"v":0,"d":"0.00"}},"No",{"$f":"'sub-6'!K19","v":{"v":2623.842,"d":"2623.84"}},{"v":0,"d":"0.00"},{"v":0,"d":"0.00"},{"v":0,"d":"0.00"},"-",{"v":0,"d":"0.00"}]
[null,"Providing and erecting direction and place identification of retroreflective reflective sign boards as per as per IRC 67 made of 2 mm thick MS sheet duly stove enameled paint white colour in front and grey colour on back with reflective border of 70mm width& required message letters & figures with reflective tape engineering grade as per  MoRD specifications of required shade & colour supported & welded on two numbers  47mmX47mmX12SWG sheet tube of 3050 mm height duly strengthened by 25 mm x 5 mm MS flat iron on edges on back firmly fixed to ground by mean of property designed foundation with M-20 grade cement concrete 450mmX600mmX600mm below ground level as per approved drawing clause 1701",{"v":0,"d":"0.000"},"Sqm",2222.59,{"v":0,"d":"0.00"},{"$f":"'sub-6'!I23","v":{"v":0,"d":"0.00"}},"Sqm",{"$f":"'sub-6'!K23","v":2222.59},{"v":0,"d":"0.00"},{"v":0,"d":"0.00"},{"v":0,"d":"0.00"},"-",{"v":0,"d":"0.00"}]
[null,"Providing and erecting direction and place identification retro-reflective Village boards sign as per IRC:67 made of encapsulated lens type refective type sheeting vide clause 1701.2.3 MORD fixed over aluiminium sheeting,2 mm thick with area not exceeding 0.90 sqm supported on 47mmx47mmx12SWG sheet tube of 3050 mm height duly strengthned by 25mm x5mm MS flat iron on edges on black firmly fixed to ground by means of propoerly designed foundation with M15 grade cement concrete 450x600 mmx600 mm below groubd level as per drawings and technical specification clause 1701 MORD.",{"v":0,"d":"0.000"},"Sqm",{"v":2222.6556666666665,"d":"2222.66"},{"v":0,"d":"0.00"},{"$f":"'sub-6'!I27","v":{"v":0,"d":"0.00"}},"Sqm",{"$f":"'sub-6'!K27","v":{"v":2222.6556666666665,"d":"2222.66"}},{"v":0,"d":"0.00"},{"v":0,"d":"0.00"},{"v":0,"d":"0.00"},"-",{"v":0,"d":"0.00"}]
[null,"Pavement markings with hot line applied Thermo plastic compound 2.50 mm thick including reflecting glass beads at 250 gms/sqm, thickness of 2.5mm is exclusive of surface applied glass beads for providing centerline marking 300 cms length and 10cm width with a gap of 450 cms including cost and convenyace of all materials  equipment machinary and labour with all leads and lifts loading and unloading charges necessary for sucessful completion of work as directed by the Engineer-in-Charge and confirming to IS 164 - 1981 (1st revison reaffirmed in 1986) and clause 803 of MOST specification for roads and bridge works and also confirming to IRC 35 -1997 ",{"v":336,"d":"336.000"},"Sqm",636.24,{"v":213777,"d":"213777.00"},{"$f":"'sub-6'!I31","v":{"v":336,"d":"336.00"}},"Sqm",{"$f":"'sub-6'!K31","v":636.24},213776.64,{"v":0,"d":"0.00"},{"v":0.35999999998603016,"d":"0.36"},"-",{"v":0,"d":"0.00"}]
["11","Provision for Seigneorage charges (As per Calculatioln sheet)",{"$nulls":3},{"$f":"CS!J64","v":{"v":960158,"d":"960158.00"}},{"$nulls":3},{"$f":"Abstract!M15","v":{"v":960158,"d":"960158.00"}},{"v":0,"d":"0.00"},{"v":0,"d":"0.00"},"-",{"v":0,"d":"0.00"}]
["12","Provision QC charges @ 0.50%",{"$nulls":3},{"$f":"CS!J65","v":{"v":50892,"d":"50892.00"}},{"$nulls":3},{"$f":"Abstract!M17","v":{"v":50892,"d":"50892.00"}},{"v":0,"d":"0.00"},{"v":0,"d":"0.00"},"-",{"v":0,"d":"0.00"}]
["8","Provision GST  charges @ 18%",{"$nulls":3},{"$f":"CS!J66","v":{"v":2004957,"d":"2004957.00"}},{"$nulls":3},{"$f":"Abstract!M18","v":{"v":2004957,"d":"2004957.00"}},{"v":0,"d":"0.00"},{"v":0,"d":"0.00"},"-",{"v":0,"d":"0.00"}]
[null,"Provision for Name board",{"$nulls":3},{"$f":"CS!J67","v":{"v":0,"d":"0.00"}},{"$nulls":3},{"$f":"Abstract!M19","v":{"v":0,"d":"0.00"}},{"v":0,"d":"0.00"},{"v":0,"d":"0.00"},"-",{"v":0,"d":"0.00"}]
["13","Provision for work wise file",{"$nulls":3},{"$f":"CS!J68","v":{"v":0,"d":"0.00"}},{"$nulls":3},{"$f":"Abstract!M20","v":{"v":0,"d":"0.00"}},{"v":0,"d":"0.00"},{"v":0,"d":"0.00"},"-",{"v":0,"d":"0.00"}]
["14","Unforseen items such as if any",{"$nulls":3},{"$f":"CS!J69","v":{"v":805500,"d":"805500.00"}},{"$nulls":3},{"$f":"Abstract!M21","v":{"v":805500,"d":"805500.00"}},{"v":0,"d":"0.00"},{"v":0,"d":"0.00"},"-",{"v":0,"d":"0.00"}]
[{"$nulls":10},{"v":0,"d":"0.00"},{"v":0,"d":"0.00"},"-",{"v":0,"d":"0.00"}]
[null,null,"As per Working estimate",null,null,{"$f":"SUM(F7:F70)","v":{"v":14000000,"d":"14000000.00"}},{"$nulls":3},{"$f":"SUM(J7:J70)","v":13999999.74},{"$f":"SUM(K7:K70)","v":{"v":1.7099999997799387,"d":"1.71"}},{"$f":"SUM(L7:L70)","v":{"v":1.9699999999720603,"d":"1.97"}}]
[null,null,"As per M.Book",null,null,{"$f":"J71","v":13999999.74},{"$nulls":5},{"$f":"K71","v":{"v":1.7099999997799387,"d":"1.71"}}]
[null,"TOTAL","Difference in estimate",null,null,{"$f":"F71-F72","v":{"v":0.2599999997764826,"d":"0.26"}},{"$nulls":5},{"$f":"L71-L72","v":{"v":0.26000000019212166,"d":"0.260"}}]
[]
[]
[{"$nulls":7},{"$f":"'lead 2025-26'!G37","v":"Deputy Executive Engineer"},null,null,{"$f":"'lead 2025-26'!J37","v":"Assistant   Engineer"}]
[{"$nulls":7},{"$f":"'lead 2025-26'!G38","v":"PRI Sub Division: Kanigiri"},null,null,{"$f":"'lead 2025-26'!J38","v":"Mandal Praja Parishad"}]
[{"$nulls":10},{"$f":"'lead 2025-26'!J39","v":"Pamuru"}]

{"sheet":"R-1","index":20,"n_rows":70,"n_cols":10,"rows_kept":70,"hidden":true,"merged":[[0,0,0,9],[1,0,1,9],[2,8,2,9],[3,2,3,3]]}
["BILL"]
[{"$f":"'lead 2025-26'!B3&'lead 2025-26'!C3","v":"Name of the work : Providing BT Surface to the road from Inimerla SC colony to National Highway at Nuchupoda in Inimerla GP of Pamuru Mandal."}]
[{"$nulls":7},"Est.Rs.",{"$f":"'lead 2025-26'!K4","v":"140.00 Lakhs"}]
["S.No.","Item","Quantity ",null,"Rate ","Amount","Quantity","Amount","Quantity","Amount"]
["1","Unskilled Labour - Earthwork",{"$f":"CR!G7","v":{"v":0,"d":"0.00"}},"Cum",{"$f":"CR!I7","v":144.26},{"$f":"ROUND(C5*E5,0)","v":{"v":0,"d":"0.00"}},null,null,{"$f":"C5-G5","v":{"v":0,"d":"0.00"}},{"$f":"F5-H5","v":{"v":0,"d":"0.00"}}]
["2","Clearing and grubbing road",{"$f":"CR!G8","v":{"v":4032,"d":"4032.00"}},"Sqm",{"$f":"CR!I8","v":2.25},{"v":9072,"d":"9072.00"},null,null,{"v":4032,"d":"4032.00"},{"v":9072,"d":"9072.00"}]
["2","Construction of embankment",{"$f":"CR!G9","v":{"v":3360,"d":"3360.00"}},"Cum",{"$f":"CR!I9","v":236.56},{"v":794842,"d":"794842.00"},null,null,{"v":3360,"d":"3360.00"},{"v":794842,"d":"794842.00"}]
["3","Scarifying existing granular surface",{"$f":"CR!G10","v":{"v":6720,"d":"6720.00"}},"Sqm",{"$f":"CR!I10","v":38.49},{"v":258653,"d":"258653.00"},null,null,{"v":6720,"d":"6720.00"},{"v":258653,"d":"258653.00"}]
["4","Construction of Granular Sub Base ",{"$f":"CR!G11","v":{"v":672,"d":"672.00"}},"Cum",{"$f":"CR!I11","v":2928.41},{"$f":"ROUND(C9*E9,0)","v":{"v":1967892,"d":"1967892.00"}},null,null,{"$f":"C9-G9","v":{"v":672,"d":"672.00"}},{"$f":"F9-H9","v":{"v":1967892,"d":"1967892.00"}}]
["5","Providing, laying, wet mix macadam ",{"$f":"CR!G12","v":{"v":945,"d":"945.00"}},"Cum",{"$f":"CR!I12","v":3982.34},{"v":3763311,"d":"3763311.00"},null,null,{"v":945,"d":"945.00"},{"v":3763311,"d":"3763311.00"}]
["4","Providing and applying primer coat",{"$f":"CR!G13","v":{"v":6300,"d":"6300.00"}},"Sqm",{"$f":"CR!I13","v":42.54},{"v":268002,"d":"268002.00"},null,null,{"v":6300,"d":"6300.00"},{"v":268002,"d":"268002.00"}]
["4","Providing and applying tack coat",{"$f":"CR!G14","v":{"v":6300,"d":"6300.00"}},"Sqm",{"$f":"CR!I14","v":16.24},{"v":102312,"d":"102312.00"},null,null,{"v":6300,"d":"6300.00"},{"v":102312,"d":"102312.00"}]
["4","Providing and laying  of SDBC",{"$f":"CR!G15","v":{"v":157.5,"d":"157.50"}},"Cum",{"$f":"CR!I15","v":11856.57},{"v":1867410,"d":"1867410.00"},null,null,{"v":157.5,"d":"157.50"},{"v":1867410,"d":"1867410.00"}]
["4","Construction of improved shoulders ",{"$f":"CR!G16","v":{"v":907.2,"d":"907.20"}},"Cum",{"$f":"CR!I16","v":384.05},{"v":348410,"d":"348410.00"},null,null,{"v":907.2,"d":"907.20"},{"v":348410,"d":"348410.00"}]
[null,"Sub estimate"]
["4","Earthwork in excavation for structures ",{"$f":"CR!G18","v":{"v":0,"d":"0.00"}},"Cum",{"$f":"CR!I18","v":126.69},{"$f":"ROUND(C16*E16,0)","v":{"v":0,"d":"0.00"}},null,null,{"$f":"C16-G16","v":{"v":0,"d":"0.00"}},{"$f":"F16-H16","v":{"v":0,"d":"0.00"}}]
["4","PCC M10 Grade in open foundations",{"$f":"CR!G19","v":{"v":0,"d":"0.00"}},"Cum",{"$f":"CR!I19","v":5600.99},{"v":0,"d":"0.00"},null,null,{"v":0,"d":"0.00"},{"v":0,"d":"0.00"}]
["4","Providing and laying RCC pipe 1000 dia NP3 ",{"$f":"CR!G20","v":{"v":0,"d":"0.00"}},"Rm",{"$f":"CR!I20","v":9006.27},{"v":0,"d":"0.00"},null,null,{"v":0,"d":"0.00"},{"v":0,"d":"0.00"}]
["4","PCC M 15 grade  for abutment",{"$f":"CR!G21","v":{"v":0,"d":"0.00"}},"Cum",{"$f":"CR!I21","v":{"v":5954.5599999999995,"d":"5954.56"}},{"v":0,"d":"0.00"},null,null,{"v":0,"d":"0.00"},{"v":0,"d":"0.00"}]
["4","Providing  RCC M-25 grade  for Guide Posts",{"$f":"CR!G22","v":{"v":0,"d":"0.00"}},"Cum",{"$f":"CR!I22","v":{"v":7542,"d":"7542.00"}},{"v":0,"d":"0.00"},null,null,{"v":0,"d":"0.00"},{"v":0,"d":"0.00"}]
["4","Cost of Steel",{"$f":"CR!G23","v":{"v":0,"d":"0.00"}},"MT",{"$f":"CR!I23","v":86540.55},{"v":0,"d":"0.00"},null,null,{"v":0,"d":"0.00"},{"v":0,"d":"0.00"}]
["4","Filling with selected earth ",{"$f":"CR!G24","v":{"v":0,"d":"0.00"}},"Cum",{"$f":"CR!I24","v":279.78},{"v":0,"d":"0.00"},null,null,{"v":0,"d":"0.00"},{"v":0,"d":"0.00"}]
["4","PCC M-20 Grade for CC Pavement",{"$f":"CR!G25","v":{"v":0,"d":"0.00"}},"Cum",{"$f":"CR!I25","v":7873.37},{"v":0,"d":"0.00"},null,null,{"v":0,"d":"0.00"},{"v":0,"d":"0.00"}]
[null,"Sub estimate"]
["4","Earthwork in excavation for structures ",{"$f":"CR!G27","v":{"v":0,"d":"0.00"}},"Cum",{"$f":"CR!I27","v":126.69},{"v":0,"d":"0.00"},null,null,{"v":0,"d":"0.00"},{"v":0,"d":"0.00"}]
["4","PCC M10 Grade in open foundations",{"$f":"CR!G28","v":{"v":0,"d":"0.00"}},"Cum",{"$f":"CR!I28","v":5600.99},{"v":0,"d":"0.00"},null,null,{"v":0,"d":"0.00"},{"v":0,"d":"0.00"}]
["4","Providing and laying RCC pipe 1000 dia NP3 ",{"$f":"CR!G29","v":{"v":0,"d":"0.00"}},"Rm",{"$f":"CR!I29","v":9006.27},{"v":0,"d":"0.00"},null,null,{"v":0,"d":"0.00"},{"v":0,"d":"0.00"}]
["4","PCC M 15 grade  for abutment",{"$f":"CR!G30","v":{"v":0,"d":"0.00"}},"Cum",{"$f":"CR!I30","v":{"v":5954.5599999999995,"d":"5954.56"}},{"v":0,"d":"0.00"},null,null,{"v":0,"d":"0.00"},{"v":0,"d":"0.00"}]
["4","Providing  RCC M-25 grade  for Guide Posts",{"$f":"CR!G31","v":{"v":0,"d":"0.00"}},"Cum",{"$f":"CR!I31","v":{"v":7542,"d":"7542.00"}},{"v":0,"d":"0.00"},null,null,{"v":0,"d":"0.00"},{"v":0,"d":"0.00"}]
["4","Cost of Steel",{"$f":"CR!G32","v":{"v":0,"d":"0.00"}},"MT",{"$f":"CR!I32","v":86540.55},{"v":0,"d":"0.00"},null,null,{"v":0,"d":"0.00"},{"v":0,"d":"0.00"}]
["4","Filling with selected earth ",{"$f":"CR!G33","v":{"v":0,"d":"0.00"}},"Cum",{"$f":"CR!I33","v":279.78},{"v":0,"d":"0.00"},null,null,{"v":0,"d":"0.00"},{"v":0,"d":"0.00"}]
["4","PCC M-20 Grade for CC Pavement",{"$f":"CR!G34","v":{"v":0,"d":"0.00"}},"Cum",{"$f":"CR!I34","v":7873.37},{"v":0,"d":"0.00"},null,null,{"v":0,"d":"0.00"},{"v":0,"d":"0.00"}]
["4","Sub estimate"]
["4","Earthwork in excavation for structures ",{"$f":"CR!G36","v":78.24},"Cum",{"$f":"CR!I36","v":126.69},{"v":9912,"d":"9912.00"},null,null,78.24,{"v":9912,"d":"9912.00"}]
["4","PCC M10 Grade in open foundations",{"$f":"CR!G37","v":17.53},"Cum",{"$f":"CR!I37","v":5600.99},{"v":98185,"d":"98185.00"},null,null,17.53,{"v":98185,"d":"98185.00"}]
["4","Providing and laying RCC pipe 1000 dia NP3 ",{"$f":"CR!G38","v":{"v":22.5,"d":"22.50"}},"Rm",{"$f":"CR!I38","v":9006.27},{"v":202641,"d":"202641.00"},null,null,{"v":22.5,"d":"22.50"},{"v":202641,"d":"202641.00"}]
["4","PCC M 15 grade  for abutment",{"$f":"CR!G39","v":{"v":41.489999999999995,"d":"41.49"}},"Cum",{"$f":"CR!I39","v":{"v":5954.5599999999995,"d":"5954.56"}},{"v":247055,"d":"247055.00"},null,null,{"v":41.489999999999995,"d":"41.49"},{"v":247055,"d":"247055.00"}]
["4","Providing  RCC M-25 grade  for Guide Posts",{"$f":"CR!G40","v":{"v":0,"d":"0.00"}},"Cum",{"$f":"CR!I40","v":{"v":7542,"d":"7542.00"}},{"v":0,"d":"0.00"},null,null,{"v":0,"d":"0.00"},{"v":0,"d":"0.00"}]
["4","Cost of Steel",{"$f":"CR!G41","v":{"v":0,"d":"0.00"}},"MT",{"$f":"CR!I41","v":86540.55},{"v":0,"d":"0.00"},null,null,{"v":0,"d":"0.00"},{"v":0,"d":"0.00"}]
["4","Filling with selected earth ",{"$f":"CR!G42","v":{"v":40.7,"d":"40.70"}},"Cum",{"$f":"CR!I42","v":279.78},{"v":11387,"d":"11387.00"},null,null,{"v":40.7,"d":"40.70"},{"v":11387,"d":"11387.00"}]
["4","PCC M-20 Grade for CC Pavement",{"$f":"CR!G43","v":{"v":0,"d":"0.00"}},"Cum",{"$f":"CR!I43","v":7873.37},{"v":0,"d":"0.00"},null,null,{"v":0,"d":"0.00"},{"v":0,"d":"0.00"}]
[null,"Sub estimate"]
["4","Earthwork in excavation for structures ",{"$f":"CR!G45","v":{"v":0,"d":"0.00"}},"Cum",{"$f":"CR!I45","v":126.69},{"v":0,"d":"0.00"},null,null,{"v":0,"d":"0.00"},{"v":0,"d":"0.00"}]
["4","PCC M10 Grade in open foundations",{"$f":"CR!G46","v":{"v":0,"d":"0.00"}},"Cum",{"$f":"CR!I46","v":5600.99},{"v":0,"d":"0.00"},null,null,{"v":0,"d":"0.00"},{"v":0,"d":"0.00"}]
["4","Providing and laying RCC pipe 1000 dia NP3 ",{"$f":"CR!G47","v":{"v":0,"d":"0.00"}},"Rm",{"$f":"CR!I47","v":9006.27},{"v":0,"d":"0.00"},null,null,{"v":0,"d":"0.00"},{"v":0,"d":"0.00"}]
["4","PCC M 15 grade  for abutment",{"$f":"CR!G48","v":{"v":0,"d":"0.00"}},"Cum",{"$f":"CR!I48","v":{"v":5954.5599999999995,"d":"5954.56"}},{"v":0,"d":"0.00"},null,null,{"v":0,"d":"0.00"},{"v":0,"d":"0.00"}]
["4","Providing  RCC M-25 grade  for Guide Posts",{"$f":"CR!G49","v":{"v":0,"d":"0.00"}},"Cum",{"$f":"CR!I49","v":{"v":7542,"d":"7542.00"}},{"v":0,"d":"0.00"},null,null,{"v":0,"d":"0.00"},{"v":0,"d":"0.00"}]
["4","Cost of Steel",{"$f":"CR!G50","v":{"v":0,"d":"0.00"}},"MT",{"$f":"CR!I50","v":86540.55},{"v":0,"d":"0.00"},null,null,{"v":0,"d":"0.00"},{"v":0,"d":"0.00"}]
["4","Filling with selected earth ",{"$f":"CR!G51","v":{"v":0,"d":"0.00"}},"Cum",{"$f":"CR!I51","v":279.78},{"v":0,"d":"0.00"},null,null,{"v":0,"d":"0.00"},{"v":0,"d":"0.00"}]
["4","PCC M-20 Grade for CC Pavement",{"$f":"CR!G52","v":{"v":0,"d":"0.00"}},"Cum",{"$f":"CR!I52","v":7873.37},{"v":0,"d":"0.00"},null,null,{"v":0,"d":"0.00"},{"v":0,"d":"0.00"}]
[null,"Sub estimate"]
["4","Earthwork in excavation for structures ",{"$f":"CR!G54","v":{"v":0,"d":"0.00"}},"Cum",{"$f":"CR!I54","v":126.69},{"v":0,"d":"0.00"},null,null,{"v":0,"d":"0.00"},{"v":0,"d":"0.00"}]
["4","PCC M10 Grade in open foundations",{"$f":"CR!G55","v":{"v":0,"d":"0.00"}},"Cum",{"$f":"CR!I55","v":5600.99},{"v":0,"d":"0.00"},null,null,{"v":0,"d":"0.00"},{"v":0,"d":"0.00"}]
["4","Providing and laying RCC pipe 600 dia NP3 ",{"$f":"CR!G56","v":{"v":0,"d":"0.00"}},"Rm",{"$f":"CR!I56","v":3804.82},{"v":0,"d":"0.00"},null,null,{"v":0,"d":"0.00"},{"v":0,"d":"0.00"}]
["4","Sub estimate"]
["4","Supply and fixing of KM Stones",{"$f":"CR!G58","v":{"v":3,"d":"3.00"}},"No",{"$f":"CR!I58","v":3148.81},{"v":9446,"d":"9446.00"},null,null,{"v":3,"d":"3.00"},{"v":9446,"d":"9446.00"}]
["4","Supply and fixing of HM Stones ",{"$f":"CR!G59","v":{"v":7,"d":"7.00"}},"No",{"$f":"CR!I59","v":883.73},{"v":6186,"d":"6186.00"},null,null,{"v":7,"d":"7.00"},{"v":6186,"d":"6186.00"}]
["4","Providing and fixing of  informatory sign",{"$f":"CR!G60","v":{"v":0,"d":"0.00"}},"No",{"$f":"CR!I60","v":{"v":2623.842,"d":"2623.84"}},{"v":0,"d":"0.00"},null,null,{"v":0,"d":"0.00"},{"v":0,"d":"0.00"}]
["4","Providing and fixing of  Place identification board",{"$f":"CR!G61","v":{"v":0,"d":"0.00"}},"Sqm",{"$f":"CR!I61","v":2222.59},{"v":0,"d":"0.00"},null,null,{"v":0,"d":"0.00"},{"v":0,"d":"0.00"}]
["4","Providing and fixing of  Village information board",{"$f":"CR!G62","v":{"v":0,"d":"0.00"}},"Sqm",{"$f":"CR!I62","v":{"v":2222.6556666666665,"d":"2222.66"}},{"$f":"ROUND(C60*E60,0)","v":{"v":0,"d":"0.00"}},null,null,{"$f":"C60-G60","v":{"v":0,"d":"0.00"}},{"$f":"F60-H60","v":{"v":0,"d":"0.00"}}]
["6","hot line applied Thermo plastic compound ",{"$f":"CR!G63","v":{"v":336,"d":"336.00"}},"Sqm",{"$f":"CR!I63","v":636.24},{"v":213777,"d":"213777.00"},null,null,{"v":336,"d":"336.00"},{"v":213777,"d":"213777.00"}]
["7","Provision for Seigneorage charges",{"$f":"CR!G64","v":{"v":0,"d":"0.00"}},null,{"$f":"CR!I64","v":{"v":0,"d":"0.00"}},{"$f":"CR!J64","v":{"v":960158,"d":"960158.00"}},null,null,{"v":0,"d":"0.00"},{"v":960158,"d":"960158.00"}]
["8","Provision QC charges @ 0.50%",{"$f":"CR!G65","v":{"v":0,"d":"0.00"}},null,{"$f":"CR!I65","v":{"v":0,"d":"0.00"}},{"$f":"CR!J65","v":{"v":50892,"d":"50892.00"}},null,null,{"v":0,"d":"0.00"},{"v":50892,"d":"50892.00"}]
["4","Provision GST  charges @ 18%",{"$f":"CR!G66","v":{"v":0,"d":"0.00"}},null,{"$f":"CR!I66","v":{"v":0,"d":"0.00"}},{"$f":"CR!J66","v":{"v":2004957,"d":"2004957.00"}},null,null,{"v":0,"d":"0.00"},{"v":2004957,"d":"2004957.00"}]
["4","Provision for Name board",{"$f":"CR!G67","v":{"v":0,"d":"0.00"}},null,{"$f":"CR!I67","v":{"v":0,"d":"0.00"}},{"$f":"CR!J67","v":{"v":0,"d":"0.00"}},null,null,{"v":0,"d":"0.00"},{"v":0,"d":"0.00"}]
["4","Provision for work wise file",{"$f":"CR!G68","v":{"v":0,"d":"0.00"}},null,{"$f":"CR!I68","v":{"v":0,"d":"0.00"}},{"$f":"CR!J68","v":{"v":0,"d":"0.00"}},null,null,{"v":0,"d":"0.00"},{"v":0,"d":"0.00"}]
["9","Unforseen items such as if any",{"$f":"CR!G69","v":{"v":0,"d":"0.00"}},null,null,{"$f":"CR!J69","v":{"v":805500,"d":"805500.00"}},null,null,{"v":0,"d":"0.00"},{"v":805500,"d":"805500.00"}]
[]
[]
[{"$nulls":5},{"$f":"SUM(F5:F69)","v":{"v":14000000,"d":"14000000.00"}},null,{"$f":"SUM(H5:H69)","v":{"v":0,"d":"0.00"}},null,{"$f":"SUM(J5:J69)","v":{"v":14000000,"d":"14000000.00"}}]

{"sheet":"R-2","index":21,"n_rows":71,"n_cols":21,"rows_kept":71,"hidden":true,"merged":[[1,0,1,15],[3,2,3,3]]}
[]
["Material Wise Abstract"]
[]
["S No","Description of the work","Total",null,"Labour","GSB","Cement","40mm","20mm","12mm","Sand","S.earth","Sand Convey","Np3 Pipes","Others","metal Conveyance"]
[1,"Earthwork",{"$f":"'R-1'!C5","v":{"v":0,"d":"0.00"}},"M3",{"$f":"'R-1'!F5","v":0},0,0,null,0,0,null,0,{"$nulls":3},0]
[1,"Jungle",{"$f":"'R-1'!C6","v":{"v":4032,"d":"4032.00"}},"M2",null,0,0,null,0,0,null,0,null,null,{"$f":"'R-1'!F6","v":{"v":9072,"d":"9072.00"}},0]
[null,"Embankment",{"$f":"'R-1'!C7","v":{"v":3360,"d":"3360.00"}},"M3",{"$nulls":10},{"$f":"'R-1'!F7","v":{"v":794842,"d":"794842.00"}}]
[null,"Scrifying",{"$f":"'R-1'!C8","v":{"v":6720,"d":"6720.00"}},"M2",{"$nulls":10},{"$f":"'R-1'!F8","v":{"v":258653,"d":"258653.00"}}]
[null,"Granular sub base",{"$f":"'R-1'!C9","v":{"v":672,"d":"672.00"}},"M3",null,{"$f":"C9","v":{"v":672,"d":"672.00"}}]
[null,"Wet Mix mecadam",{"$f":"'R-1'!C10","v":{"v":945,"d":"945.00"}},"M3",{"$nulls":10},{"$f":"Q10-P10","v":{"v":2132259,"d":"2132259.00"}},{"$f":"ROUND(seigneorage!N9*'lead 2025-26'!G17,0)","v":1631052},{"$f":"'R-1'!F10","v":{"v":3763311,"d":"3763311.00"}}]
[null,"Primary coat",{"$f":"'R-1'!C11","v":{"v":6300,"d":"6300.00"}},"M2",{"$nulls":10},{"$f":"'R-1'!F11","v":{"v":268002,"d":"268002.00"}}]
[null,"Tack coat",{"$f":"'R-1'!C12","v":{"v":6300,"d":"6300.00"}},"M2",{"$nulls":10},{"$f":"'R-1'!F12","v":{"v":102312,"d":"102312.00"}}]
[null,"SDBC",{"$f":"'R-1'!C13","v":{"v":157.5,"d":"157.50"}},"M3",{"$nulls":10},{"$f":"Q13-P13","v":{"v":1568997,"d":"1568997.00"}},{"$f":"ROUND(seigneorage!N11*'lead 2025-26'!G23,0)","v":298413},{"$f":"'R-1'!F13","v":{"v":1867410,"d":"1867410.00"}}]
[null,"Shoulders",{"$f":"'R-1'!C14","v":{"v":907.2,"d":"907.20"}},"M3",{"$nulls":7},{"$f":"C14","v":{"v":907.2,"d":"907.20"}},{"$nulls":3},{"$f":"ROUND(seigneorage!N12*'lead 2025-26'!G24,0)","v":0},{"$f":"'R-1'!F14","v":{"v":348410,"d":"348410.00"}}]
[null,"Sub estimate"]
[1,"Earthwork",{"$f":"'R-1'!I16","v":{"v":0,"d":"0.00"}},"M3",null,0,0,null,0,0,null,0,null,null,{"$f":"'R-1'!F16","v":{"v":0,"d":"0.00"}},0]
[2,"PCC M-10",{"$f":"'R-1'!I17","v":{"v":0,"d":"0.00"}},"M3",null,null,{"$f":"ROUND(C17*220/1000,2)","v":{"v":0,"d":"0.000"}},{"$f":"ROUND(C17*0.9,2)","v":{"v":0,"d":"0.00"}},null,null,{"$f":"ROUND(C17*0.45,2)","v":{"v":0,"d":"0.00"}},null,{"$f":"ROUND(K17*'lead 2025-26'!$G$9,0)","v":0},null,{"$f":"Q17-M17-P17-R17-S17","v":0},{"$f":"ROUND((H17)*'lead 2025-26'!$G$16,0)","v":0},{"$f":"'R-1'!J17","v":{"v":0,"d":"0.00"}},{"$f":"ROUND(G17*'lead 2025-26'!$K$26,0)","v":0},{"$f":"ROUND(H17*('lead 2025-26'!$K$16-'lead 2025-26'!$G$16),0)","v":{"v":0,"d":"0.00"}}]
[4,"1000 NP3",{"$f":"'R-1'!I18","v":{"v":0,"d":"0.00"}},"Rm",{"$nulls":9},{"$f":"'R-1'!J18","v":0},null,{"$f":"ROUND((I18*'lead 2025-26'!$G$16)+(J18*'lead 2025-26'!$G$16),0)","v":0},null,{"$f":"ROUND(G18*5400,0)","v":0}]
[3,"PCC M-15",{"$f":"'R-1'!I19","v":{"v":0,"d":"0.00"}},"M3",null,null,{"$f":"ROUND(C19*275/1000,2)","v":{"v":0,"d":"0.000"}},{"$f":"ROUND(C19*0.48,2)","v":{"v":0,"d":"0.00"}},{"$f":"ROUND(C19*0.24,2)","v":{"v":0,"d":"0.00"}},{"$f":"ROUND(C19*0.08,2)","v":{"v":0,"d":"0.00"}},{"$f":"ROUND(C19*0.48,2)","v":{"v":0,"d":"0.00"}},null,{"$f":"ROUND(K19*'input data'!$F$19,0)","v":0},null,{"$f":"Q19-M19-P19-R19-S19-T19-U19","v":0},{"$f":"ROUND((H19+I19+J19)*'lead 2025-26'!$G$16,0)","v":0},{"$f":"'R-1'!J19","v":{"v":0,"d":"0.00"}},{"$f":"ROUND(G19*'lead 2025-26'!$K$26,0)","v":0},{"$f":"ROUND(H19*('lead 2025-26'!$K$16-'lead 2025-26'!$G$16),0)","v":{"v":0,"d":"0.00"}},{"$f":"ROUND(I19*('lead 2025-26'!$K$12-'lead 2025-26'!$G$12),0)","v":{"v":0,"d":"0.00"}},{"$f":"ROUND(J19*('lead 2025-26'!$K$13-'lead 2025-26'!$G$13),0)","v":{"v":0,"d":"0.00"}}]
[3,"RCC M-25",{"$f":"'R-1'!I20","v":{"v":0,"d":"0.00"}},"M3",null,null,{"$f":"ROUND(C20*403/1000,2)","v":{"v":0,"d":"0.000"}},null,{"$f":"ROUND(C20*0.594,2)","v":{"v":0,"d":"0.00"}},{"$f":"ROUND(C20*0.306,2)","v":{"v":0,"d":"0.00"}},{"$f":"ROUND(C20*0.45,2)","v":{"v":0,"d":"0.00"}},null,{"$f":"ROUND(K20*'input data'!$F$19,0)","v":0},null,{"$f":"Q20-M20-P20-R20-T20-U20","v":0},{"$f":"ROUND((H20+I20+J20)*'lead 2025-26'!$G$16,0)","v":0},{"$f":"'R-1'!J20","v":{"v":0,"d":"0.00"}},{"$f":"ROUND(G20*'lead 2025-26'!$K$26,0)","v":0},{"$f":"ROUND(K20*'lead 2025-26'!$H$9,0)","v":{"v":0,"d":"0.00"}},{"$f":"ROUND(I20*('lead 2025-26'!$K$12-'lead 2025-26'!$G$12),0)","v":{"v":0,"d":"0.00"}},{"$f":"ROUND(J20*('lead 2025-26'!$K$13-'lead 2025-26'!$G$13),0)","v":{"v":0,"d":"0.00"}}]
[3,"Steel",{"$f":"'R-1'!I21","v":{"v":0,"d":"0.00"}},"MT",{"$nulls":10},{"$f":"'R-1'!J21","v":0},{"$f":"ROUND((H21+I21+J21)*'lead 2025-26'!$G$16,0)","v":0},null,{"$f":"ROUND(G21*5400,0)","v":0},{"$f":"ROUND(K21*'lead 2025-26'!$H$9,0)","v":{"v":0,"d":"0.00"}}]
[3,"S.earth filling",{"$f":"'R-1'!I22","v":{"v":0,"d":"0.00"}},"M3",{"$nulls":10},{"$f":"'R-1'!J22","v":0},{"$f":"ROUND((H22+I22+J22)*'lead 2025-26'!$G$16,0)","v":0},null,{"$f":"ROUND(G22*5400,0)","v":0},{"$f":"ROUND(K22*'lead 2025-26'!$H$9,0)","v":{"v":0,"d":"0.00"}}]
[8,"CC Pavement",{"$f":"'R-1'!I23","v":{"v":0,"d":"0.00"}},"M3",null,null,{"$f":"ROUND(C23*330/1000,2)","v":{"v":0,"d":"0.000"}},null,{"$f":"ROUND(C23*0.594,2)","v":{"v":0,"d":"0.00"}},{"$f":"ROUND(C23*0.306,2)","v":{"v":0,"d":"0.00"}},{"$f":"ROUND(C23*0.45,2)","v":{"v":0,"d":"0.00"}},null,{"$f":"ROUND(K23*'input data'!$F$19,0)","v":0},null,{"$f":"Q23-M23-P23-R23-S23-T23-U23","v":0},{"$f":"ROUND((H23+I23+J23)*'lead 2025-26'!$G$16,0)","v":0},{"$f":"'R-1'!J23","v":{"v":0,"d":"0.00"}},{"$f":"ROUND(G23*'lead 2025-26'!$K$26,0)","v":0},{"$f":"ROUND(H23*('lead 2025-26'!$K$16-'lead 2025-26'!$G$16),0)","v":{"v":0,"d":"0.00"}},{"$f":"ROUND(I23*('lead 2025-26'!$K$12-'lead 2025-26'!$G$12),0)","v":{"v":0,"d":"0.00"}},{"$f":"ROUND(J23*('lead 2025-26'!$K$13-'lead 2025-26'!$G$13),0)","v":{"v":0,"d":"0.00"}}]
[null,"Sub estimate"]
[1,"Earthwork",{"$f":"'R-1'!I25","v":{"v":0,"d":"0.00"}},"M3",null,0,0,null,0,0,null,0,null,null,{"$f":"'R-1'!F25","v":{"v":0,"d":"0.00"}},0]
[2,"PCC M-10",{"$f":"'R-1'!I26","v":{"v":0,"d":"0.00"}},"M3",null,null,{"$f":"ROUND(C26*220/1000,2)","v":{"v":0,"d":"0.000"}},{"$f":"ROUND(C26*0.9,2)","v":{"v":0,"d":"0.00"}},null,null,{"$f":"ROUND(C26*0.45,2)","v":{"v":0,"d":"0.00"}},null,{"$f":"ROUND(K26*'lead 2025-26'!$G$9,0)","v":0},null,{"$f":"Q26-M26-P26-R26-S26-T26-U26","v":0},{"$f":"ROUND((H26)*'lead 2025-26'!$G$16,0)","v":0},{"$f":"'R-1'!J26","v":{"v":0,"d":"0.00"}},{"$f":"ROUND(G26*'lead 2025-26'!$K$26,0)","v":0},{"$f":"ROUND(H26*('lead 2025-26'!$K$16-'lead 2025-26'!$G$16),0)","v":{"v":0,"d":"0.00"}},{"$f":"ROUND(I26*('lead 2025-26'!$K$12-'lead 2025-26'!$G$12),0)","v":{"v":0,"d":"0.00"}},{"$f":"ROUND(J26*('lead 2025-26'!$K$13-'lead 2025-26'!$G$13),0)","v":{"v":0,"d":"0.00"}}]
[4,"1000 NP3",{"$f":"'R-1'!I27","v":{"v":0,"d":"0.00"}},"Rm",{"$nulls":9},{"$f":"'R-1'!J27","v":0},null,{"$f":"ROUND((I27*'lead 2025-26'!$G$16)+(J27*'lead 2025-26'!$G$16),0)","v":0},null,{"$f":"ROUND(G27*5400,0)","v":0}]
[3,"PCC M-15",{"$f":"'R-1'!I28","v":{"v":0,"d":"0.00"}},"M3",null,null,{"$f":"ROUND(C28*275/1000,2)","v":{"v":0,"d":"0.000"}},{"$f":"ROUND(C28*0.48,2)","v":{"v":0,"d":"0.00"}},{"$f":"ROUND(C28*0.24,2)","v":{"v":0,"d":"0.00"}},{"$f":"ROUND(C28*0.08,2)","v":{"v":0,"d":"0.00"}},{"$f":"ROUND(C28*0.48,2)","v":{"v":0,"d":"0.00"}},null,{"$f":"ROUND(K28*'input data'!$F$19,0)","v":0},null,{"$f":"Q28-M28-P28-R28-S28-T28-U28","v":0},{"$f":"ROUND((H28+I28+J28)*'lead 2025-26'!$G$16,0)","v":0},{"$f":"'R-1'!J28","v":{"v":0,"d":"0.00"}},{"$f":"ROUND(G28*'lead 2025-26'!$K$26,0)","v":0},{"$f":"ROUND(H28*('lead 2025-26'!$K$16-'lead 2025-26'!$G$16),0)","v":{"v":0,"d":"0.00"}},{"$f":"ROUND(I28*('lead 2025-26'!$K$12-'lead 2025-26'!$G$12),0)","v":{"v":0,"d":"0.00"}},{"$f":"ROUND(J28*('lead 2025-26'!$K$13-'lead 2025-26'!$G$13),0)","v":{"v":0,"d":"0.00"}}]
[3,"RCC M-25",{"$f":"'R-1'!I29","v":{"v":0,"d":"0.00"}},"M3",null,null,{"$f":"ROUND(C29*403/1000,2)","v":{"v":0,"d":"0.000"}},null,{"$f":"ROUND(C29*0.594,2)","v":{"v":0,"d":"0.00"}},{"$f":"ROUND(C29*0.306,2)","v":{"v":0,"d":"0.00"}},{"$f":"ROUND(C29*0.45,2)","v":{"v":0,"d":"0.00"}},null,{"$f":"ROUND(K29*'input data'!$F$19,0)","v":0},null,{"$f":"Q29-M29-P29-R29-S29-T29-U29","v":0},{"$f":"ROUND((H29+I29+J29)*'lead 2025-26'!$G$16,0)","v":0},{"$f":"'R-1'!J29","v":{"v":0,"d":"0.00"}},{"$f":"ROUND(G29*'lead 2025-26'!$K$26,0)","v":0},{"$f":"ROUND(H29*('lead 2025-26'!$K$16-'lead 2025-26'!$G$16),0)","v":{"v":0,"d":"0.00"}},{"$f":"ROUND(I29*('lead 2025-26'!$K$12-'lead 2025-26'!$G$12),0)","v":{"v":0,"d":"0.00"}},{"$f":"ROUND(J29*('lead 2025-26'!$K$13-'lead 2025-26'!$G$13),0)","v":{"v":0,"d":"0.00"}}]
[3,"Steel",{"$f":"'R-1'!I30","v":{"v":0,"d":"0.00"}},"MT",{"$nulls":10},{"$f":"'R-1'!J30","v":0},{"$f":"ROUND((H30+I30+J30)*'lead 2025-26'!$G$16,0)","v":0},null,{"$f":"ROUND(G30*5400,0)","v":0},{"$f":"ROUND(K30*'lead 2025-26'!$H$9,0)","v":{"v":0,"d":"0.00"}}]
[3,"S.earth filling",{"$f":"'R-1'!I31","v":{"v":0,"d":"0.00"}},"M3",{"$nulls":10},{"$f":"'R-1'!J31","v":0},{"$f":"ROUND((H31+I31+J31)*'lead 2025-26'!$G$16,0)","v":0},null,{"$f":"ROUND(G31*5400,0)","v":0},{"$f":"ROUND(K31*'lead 2025-26'!$H$9,0)","v":{"v":0,"d":"0.00"}}]
[8,"CC Pavement",{"$f":"'R-1'!I32","v":{"v":0,"d":"0.00"}},"M3",null,null,{"$f":"ROUND(C32*330/1000,2)","v":{"v":0,"d":"0.000"}},null,{"$f":"ROUND(C32*0.594,2)","v":{"v":0,"d":"0.00"}},{"$f":"ROUND(C32*0.306,2)","v":{"v":0,"d":"0.00"}},{"$f":"ROUND(C32*0.45,2)","v":{"v":0,"d":"0.00"}},null,{"$f":"ROUND(K32*'input data'!$F$19,0)","v":0},null,{"$f":"Q32-M32-P32-R32-S32-T32-U32","v":0},{"$f":"ROUND((H32+I32+J32)*'lead 2025-26'!$G$16,0)","v":0},{"$f":"'R-1'!J32","v":{"v":0,"d":"0.00"}},{"$f":"ROUND(G32*'lead 2025-26'!$K$26,0)","v":0},{"$f":"ROUND(H32*('lead 2025-26'!$K$16-'lead 2025-26'!$G$16),0)","v":{"v":0,"d":"0.00"}},{"$f":"ROUND(I32*('lead 2025-26'!$K$12-'lead 2025-26'!$G$12),0)","v":{"v":0,"d":"0.00"}},{"$f":"ROUND(J32*('lead 2025-26'!$K$13-'lead 2025-26'!$G$13),0)","v":{"v":0,"d":"0.00"}}]
[null,"Sub estimate"]
[1,"Earthwork",{"$f":"'R-1'!I34","v":78.24},"M3",null,0,0,null,0,0,null,0,null,null,{"$f":"'R-1'!F34","v":{"v":9912,"d":"9912.00"}},0]
[2,"PCC M-10",{"$f":"'R-1'!I35","v":17.53},"M3",null,null,{"$f":"ROUND(C35*220/1000,2)","v":{"v":3.86,"d":"3.860"}},{"$f":"ROUND(C35*0.9,2)","v":15.78},null,null,{"$f":"ROUND(C35*0.45,2)","v":7.89},null,{"$f":"ROUND(K35*'lead 2025-26'!$G$9,0)","v":10156},null,{"$f":"Q35-M35-P35-R35-S35-T35-U35","v":34973},{"$f":"ROUND((H35)*'lead 2025-26'!$G$16,0)","v":20478},{"$f":"'R-1'!J35","v":{"v":98185,"d":"98185.00"}},{"$f":"ROUND(G35*'lead 2025-26'!$K$26,0)","v":16285},{"$f":"ROUND(H35*('lead 2025-26'!$K$16-'lead 2025-26'!$G$16),0)","v":{"v":16293,"d":"16293.00"}},{"$f":"ROUND(I35*('lead 2025-26'!$K$12-'lead 2025-26'!$G$12),0)","v":{"v":0,"d":"0.00"}},{"$f":"ROUND(J35*('lead 2025-26'!$K$13-'lead 2025-26'!$G$13),0)","v":{"v":0,"d":"0.00"}}]
[4,"1000 NP3",{"$f":"'R-1'!I36","v":{"v":22.5,"d":"22.50"}},"Rm",{"$nulls":9},{"$f":"'R-1'!J36","v":202641},null,{"$f":"ROUND((I36*'lead 2025-26'!$G$16)+(J36*'lead 2025-26'!$G$16),0)","v":0},null,{"$f":"ROUND(G36*5400,0)","v":0}]
[3,"PCC M-15",{"$f":"'R-1'!I37","v":{"v":41.489999999999995,"d":"41.49"}},"M3",null,null,{"$f":"ROUND(C37*275/1000,2)","v":{"v":11.41,"d":"11.410"}},{"$f":"ROUND(C37*0.48,2)","v":19.92},{"$f":"ROUND(C37*0.24,2)","v":9.96},{"$f":"ROUND(C37*0.08,2)","v":3.32},{"$f":"ROUND(C37*0.48,2)","v":19.92},null,{"$f":"ROUND(K37*'input data'!$F$19,0)","v":25641},null,{"$f":"Q37-M37-P37-R37-S37-T37-U37","v":88448},{"$f":"ROUND((H37+I37+J37)*'lead 2025-26'!$G$16,0)","v":43085},{"$f":"'R-1'!J37","v":{"v":247055,"d":"247055.00"}},{"$f":"ROUND(G37*'lead 2025-26'!$K$26,0)","v":48137},{"$f":"ROUND(H37*('lead 2025-26'!$K$16-'lead 2025-26'!$G$16),0)","v":{"v":20567,"d":"20567.00"}},{"$f":"ROUND(I37*('lead 2025-26'!$K$12-'lead 2025-26'!$G$12),0)","v":{"v":16695,"d":"16695.00"}},{"$f":"ROUND(J37*('lead 2025-26'!$K$13-'lead 2025-26'!$G$13),0)","v":{"v":4482,"d":"4482.00"}}]
[3,"RCC M-25",{"$f":"'R-1'!I38","v":{"v":0,"d":"0.00"}},"M3",null,null,{"$f":"ROUND(C38*403/1000,2)","v":{"v":0,"d":"0.000"}},null,{"$f":"ROUND(C38*0.594,2)","v":{"v":0,"d":"0.00"}},{"$f":"ROUND(C38*0.306,2)","v":{"v":0,"d":"0.00"}},{"$f":"ROUND(C38*0.45,2)","v":{"v":0,"d":"0.00"}},null,{"$f":"ROUND(K38*'input data'!$F$19,0)","v":0},null,{"$f":"Q38-M38-P38-R38-S38-T38-U38","v":0},{"$f":"ROUND((H38+I38+J38)*'lead 2025-26'!$G$16,0)","v":0},{"$f":"'R-1'!J38","v":{"v":0,"d":"0.00"}},{"$f":"ROUND(G38*'lead 2025-26'!$K$26,0)","v":0},{"$f":"ROUND(H38*('lead 2025-26'!$K$16-'lead 2025-26'!$G$16),0)","v":{"v":0,"d":"0.00"}},{"$f":"ROUND(I38*('lead 2025-26'!$K$12-'lead 2025-26'!$G$12),0)","v":{"v":0,"d":"0.00"}},{"$f":"ROUND(J38*('lead 2025-26'!$K$13-'lead 2025-26'!$G$13),0)","v":{"v":0,"d":"0.00"}}]
[3,"Steel",{"$f":"'R-1'!I39","v":{"v":0,"d":"0.00"}},"MT",{"$nulls":10},{"$f":"'R-1'!J39","v":0},{"$f":"ROUND((H39+I39+J39)*'lead 2025-26'!$G$16,0)","v":0},null,{"$f":"ROUND(G39*5400,0)","v":0},{"$f":"ROUND(K39*'lead 2025-26'!$H$9,0)","v":{"v":0,"d":"0.00"}}]
[3,"S.earth filling",{"$f":"'R-1'!I40","v":{"v":40.7,"d":"40.70"}},"M3",{"$nulls":10},{"$f":"'R-1'!J40","v":11387},{"$f":"ROUND((H40+I40+J40)*'lead 2025-26'!$G$16,0)","v":0},null,{"$f":"ROUND(G40*5400,0)","v":0},{"$f":"ROUND(K40*'lead 2025-26'!$H$9,0)","v":{"v":0,"d":"0.00"}}]
[8,"CC Pavement",{"$f":"'R-1'!I41","v":{"v":0,"d":"0.00"}},"M3",null,null,{"$f":"ROUND(C41*330/1000,2)","v":{"v":0,"d":"0.000"}},null,{"$f":"ROUND(C41*0.594,2)","v":{"v":0,"d":"0.00"}},{"$f":"ROUND(C41*0.306,2)","v":{"v":0,"d":"0.00"}},{"$f":"ROUND(C41*0.45,2)","v":{"v":0,"d":"0.00"}},null,{"$f":"ROUND(K41*'input data'!$F$19,0)","v":0},null,{"$f":"Q41-M41-P41-R41-S41-T41-U41","v":0},{"$f":"ROUND((H41+I41+J41)*'lead 2025-26'!$G$16,0)","v":0},{"$f":"'R-1'!J41","v":{"v":0,"d":"0.00"}},{"$f":"ROUND(G41*'lead 2025-26'!$K$26,0)","v":0},{"$f":"ROUND(H41*('lead 2025-26'!$K$16-'lead 2025-26'!$G$16),0)","v":{"v":0,"d":"0.00"}},{"$f":"ROUND(I41*('lead 2025-26'!$K$12-'lead 2025-26'!$G$12),0)","v":{"v":0,"d":"0.00"}},{"$f":"ROUND(J41*('lead 2025-26'!$K$13-'lead 2025-26'!$G$13),0)","v":{"v":0,"d":"0.00"}}]
[null,"Sub estimate"]
[1,"Earthwork",{"$f":"'R-1'!I43","v":{"v":0,"d":"0.00"}},"M3",null,0,0,null,0,0,null,0,null,null,{"$f":"'R-1'!F43","v":{"v":0,"d":"0.00"}},0]
[2,"PCC M-10",{"$f":"'R-1'!I44","v":{"v":0,"d":"0.00"}},"M3",null,null,{"$f":"ROUND(C44*220/1000,2)","v":{"v":0,"d":"0.000"}},{"$f":"ROUND(C44*0.9,2)","v":{"v":0,"d":"0.00"}},null,null,{"$f":"ROUND(C44*0.45,2)","v":{"v":0,"d":"0.00"}},null,{"$f":"ROUND(K44*'lead 2025-26'!$G$9,0)","v":0},null,{"$f":"Q44-M44-P44-R44-S44-T44-U44","v":0},{"$f":"ROUND((H44)*'lead 2025-26'!$G$16,0)","v":0},{"$f":"'R-1'!J44","v":{"v":0,"d":"0.00"}},{"$f":"ROUND(G44*'lead 2025-26'!$K$26,0)","v":0},{"$f":"ROUND(H44*('lead 2025-26'!$K$16-'lead 2025-26'!$G$16),0)","v":{"v":0,"d":"0.00"}},{"$f":"ROUND(I44*('lead 2025-26'!$K$12-'lead 2025-26'!$G$12),0)","v":{"v":0,"d":"0.00"}},{"$f":"ROUND(J44*('lead 2025-26'!$K$13-'lead 2025-26'!$G$13),0)","v":{"v":0,"d":"0.00"}}]
[4,"1000 NP3",{"$f":"'R-1'!I45","v":{"v":0,"d":"0.00"}},"Rm",{"$nulls":9},{"$f":"'R-1'!J45","v":0},null,{"$f":"ROUND((I45*'lead 2025-26'!$G$16)+(J45*'lead 2025-26'!$G$16),0)","v":0},null,{"$f":"ROUND(G45*5400,0)","v":0}]
[3,"PCC M-15",{"$f":"'R-1'!I46","v":{"v":0,"d":"0.00"}},"M3",null,null,{"$f":"ROUND(C46*275/1000,2)","v":{"v":0,"d":"0.000"}},{"$f":"ROUND(C46*0.48,2)","v":{"v":0,"d":"0.00"}},{"$f":"ROUND(C46*0.24,2)","v":{"v":0,"d":"0.00"}},{"$f":"ROUND(C46*0.08,2)","v":{"v":0,"d":"0.00"}},{"$f":"ROUND(C46*0.48,2)","v":{"v":0,"d":"0.00"}},null,{"$f":"ROUND(K46*'input data'!$F$19,0)","v":0},null,{"$f":"Q46-M46-P46-R46-S46-T46-U46","v":0},{"$f":"ROUND((H46+I46+J46)*'lead 2025-26'!$G$16,0)","v":0},{"$f":"'R-1'!J46","v":{"v":0,"d":"0.00"}},{"$f":"ROUND(G46*'lead 2025-26'!$K$26,0)","v":0},{"$f":"ROUND(H46*('lead 2025-26'!$K$16-'lead 2025-26'!$G$16),0)","v":{"v":0,"d":"0.00"}},{"$f":"ROUND(I46*('lead 2025-26'!$K$12-'lead 2025-26'!$G$12),0)","v":{"v":0,"d":"0.00"}},{"$f":"ROUND(J46*('lead 2025-26'!$K$13-'lead 2025-26'!$G$13),0)","v":{"v":0,"d":"0.00"}}]
[3,"RCC M-25",{"$f":"'R-1'!I47","v":{"v":0,"d":"0.00"}},"M3",null,null,{"$f":"ROUND(C47*403/1000,2)","v":{"v":0,"d":"0.000"}},null,{"$f":"ROUND(C47*0.594,2)","v":{"v":0,"d":"0.00"}},{"$f":"ROUND(C47*0.306,2)","v":{"v":0,"d":"0.00"}},{"$f":"ROUND(C47*0.45,2)","v":{"v":0,"d":"0.00"}},null,{"$f":"ROUND(K47*'input data'!$F$19,0)","v":0},null,{"$f":"Q47-M47-P47-R47-S47-T47-U47","v":0},{"$f":"ROUND((H47+I47+J47)*'lead 2025-26'!$G$16,0)","v":0},{"$f":"'R-1'!J47","v":{"v":0,"d":"0.00"}},{"$f":"ROUND(G47*'lead 2025-26'!$K$26,0)","v":0},{"$f":"ROUND(H47*('lead 2025-26'!$K$16-'lead 2025-26'!$G$16),0)","v":{"v":0,"d":"0.00"}},{"$f":"ROUND(I47*('lead 2025-26'!$K$12-'lead 2025-26'!$G$12),0)","v":{"v":0,"d":"0.00"}},{"$f":"ROUND(J47*('lead 2025-26'!$K$13-'lead 2025-26'!$G$13),0)","v":{"v":0,"d":"0.00"}}]
[3,"Steel",{"$f":"'R-1'!I48","v":{"v":0,"d":"0.00"}},"MT",{"$nulls":10},{"$f":"'R-1'!J48","v":0},{"$f":"ROUND((H48+I48+J48)*'lead 2025-26'!$G$16,0)","v":0},null,{"$f":"ROUND(G48*5400,0)","v":0},{"$f":"ROUND(K48*'lead 2025-26'!$H$9,0)","v":{"v":0,"d":"0.00"}}]
[3,"S.earth filling",{"$f":"'R-1'!I49","v":{"v":0,"d":"0.00"}},"M3",{"$nulls":10},{"$f":"'R-1'!J49","v":0},{"$f":"ROUND((H49+I49+J49)*'lead 2025-26'!$G$16,0)","v":0},null,{"$f":"ROUND(G49*5400,0)","v":0},{"$f":"ROUND(K49*'lead 2025-26'!$H$9,0)","v":{"v":0,"d":"0.00"}}]
[8,"CC Pavement",{"$f":"'R-1'!I50","v":{"v":0,"d":"0.00"}},"M3",null,null,{"$f":"ROUND(C50*330/1000,2)","v":{"v":0,"d":"0.000"}},null,{"$f":"ROUND(C50*0.594,2)","v":{"v":0,"d":"0.00"}},{"$f":"ROUND(C50*0.306,2)","v":{"v":0,"d":"0.00"}},{"$f":"ROUND(C50*0.45,2)","v":{"v":0,"d":"0.00"}},null,{"$f":"ROUND(K50*'input data'!$F$19,0)","v":0},null,{"$f":"Q50-M50-P50-R50-S50-T50-U50","v":0},{"$f":"ROUND((H50+I50+J50)*'lead 2025-26'!$G$16,0)","v":0},{"$f":"'R-1'!J50","v":{"v":0,"d":"0.00"}},{"$f":"ROUND(G50*'lead 2025-26'!$K$26,0)","v":0},{"$f":"ROUND(H50*('lead 2025-26'!$K$16-'lead 2025-26'!$G$16),0)","v":{"v":0,"d":"0.00"}},{"$f":"ROUND(I50*('lead 2025-26'!$K$12-'lead 2025-26'!$G$12),0)","v":{"v":0,"d":"0.00"}},{"$f":"ROUND(J50*('lead 2025-26'!$K$13-'lead 2025-26'!$G$13),0)","v":{"v":0,"d":"0.00"}}]
[null,"Sub estimate"]
[1,"Earthwork",{"$f":"'R-1'!I52","v":{"v":0,"d":"0.00"}},"M3",null,0,0,null,0,0,null,0,null,null,{"$f":"'R-1'!F52","v":{"v":0,"d":"0.00"}},0]
[2,"PCC M-10",{"$f":"'R-1'!I53","v":{"v":0,"d":"0.00"}},"M3",null,null,{"$f":"ROUND(C53*220/1000,2)","v":{"v":0,"d":"0.000"}},{"$f":"ROUND(C53*0.9,2)","v":{"v":0,"d":"0.00"}},null,null,{"$f":"ROUND(C53*0.45,2)","v":{"v":0,"d":"0.00"}},null,{"$f":"ROUND(K53*'lead 2025-26'!$G$9,0)","v":0},null,{"$f":"Q53-M53-P53-R53-S53-T53-U53","v":0},{"$f":"ROUND((H53)*'lead 2025-26'!$G$16,0)","v":0},{"$f":"'R-1'!J53","v":{"v":0,"d":"0.00"}},{"$f":"ROUND(G53*'lead 2025-26'!$K$26,0)","v":0},{"$f":"ROUND(H53*('lead 2025-26'!$K$16-'lead 2025-26'!$G$16),0)","v":{"v":0,"d":"0.00"}},{"$f":"ROUND(I53*('lead 2025-26'!$K$12-'lead 2025-26'!$G$12),0)","v":{"v":0,"d":"0.00"}},{"$f":"ROUND(J53*('lead 2025-26'!$K$13-'lead 2025-26'!$G$13),0)","v":{"v":0,"d":"0.00"}}]
[4,"600 NP3",{"$f":"'R-1'!I54","v":{"v":0,"d":"0.00"}},"Rm",{"$nulls":9},{"$f":"'R-1'!J54","v":0},null,{"$f":"ROUND((I54*'lead 2025-26'!$G$16)+(J54*'lead 2025-26'!$G$16),0)","v":0},null,{"$f":"ROUND(G54*5400,0)","v":0}]
[null,"Sub estimate"]
[1,"KM stone",{"$f":"'R-1'!I56","v":{"v":3,"d":"3.00"}},"No",null,0,0,null,0,0,null,0,null,null,{"$f":"'R-1'!F56","v":{"v":9446,"d":"9446.00"}},0]
[1,"HM stone",{"$f":"'R-1'!I57","v":{"v":7,"d":"7.00"}},"No",null,0,0,null,0,0,null,0,null,null,{"$f":"'R-1'!F57","v":{"v":6186,"d":"6186.00"}},0]
[1,"Sign board",{"$f":"'R-1'!I58","v":{"v":0,"d":"0.00"}},"No",null,0,0,null,0,0,null,0,null,null,{"$f":"'R-1'!F58","v":{"v":0,"d":"0.00"}},0]
[1,"Place Identification board",{"$f":"'R-1'!I59","v":{"v":0,"d":"0.00"}},"M2",null,0,0,null,0,0,null,0,null,null,{"$f":"'R-1'!F59","v":{"v":0,"d":"0.00"}},0]
[1,"village board",{"$f":"'R-1'!I60","v":{"v":0,"d":"0.00"}},"M2",null,0,0,null,0,0,null,0,null,null,{"$f":"'R-1'!F60","v":{"v":0,"d":"0.00"}},0]
[1,"Thermo Plastic compound",{"$f":"'R-1'!I61","v":{"v":336,"d":"336.00"}},"M2",null,0,0,null,0,0,null,0,null,null,{"$f":"'R-1'!F61","v":{"v":213777,"d":"213777.00"}},0]
[]
[null,null,"Total Qty",null,{"$f":"SUM(E5:E62)","v":0},{"v":672,"d":"672.00"},{"v":15.27,"d":"15.270"},{"v":35.7,"d":"35.700"},9.96,3.32,{"v":27.810000000000002,"d":"27.81"},{"v":907.2,"d":"907.20"},35797,202641,5508266,1993028]
[]
[{"$nulls":4},{"$f":"A.M!H8","v":0},{"$f":"'input data'!E15","v":{"v":672,"d":"672.00"}},{"$f":"'input data'!E10","v":15.27},{"$f":"'input data'!E12","v":{"v":35.7,"d":"35.70"}},{"$f":"'input data'!E13","v":9.96},{"$f":"'input data'!E14","v":3.32},{"$f":"'input data'!E11","v":{"v":27.810000000000002,"d":"27.81"}},{"$f":"'input data'!E16","v":{"v":907.2,"d":"907.20"}},{"$f":"'input data'!G19","v":35797},{"$f":"'input data'!G17+'input data'!G18","v":202641},{"$f":"'input data'!G26-A.M!H47","v":5508267},{"$f":"'input data'!G20","v":1993028}]
[{"$nulls":4},{"$f":"E65-E63","v":0},{"$f":"F65-F63","v":0},0,0,0,0,0,0,0,0,1,0]
[]
[null,"Seigneorage statement"]
[null,"Metal ",{"$f":"seigneorage!J77+seigneorage!K77+seigneorage!L77+seigneorage!M77+seigneorage!N77","v":{"v":2342.1800000000003,"d":"2342.18"}},"x",90,"=",{"$f":"ROUND(C69*E69,0)","v":210796}]
[null,"Earth",{"$f":"seigneorage!H77","v":4345.44},"x",45,"=",{"$f":"ROUND(C70*E70,0)","v":195545}]
[{"$nulls":6},{"$f":"SUM(G69:G70)","v":406341}]

{"sheet":"C-1","index":22,"n_rows":57,"n_cols":8,"rows_kept":57,"hidden":true,"merged":[[1,0,1,6],[3,1,3,6],[4,1,4,2],[4,4,4,6],[5,1,5,2],[5,4,5,6],[6,1,6,2],[6,4,6,6],[7,1,7,2],[7,4,7,6],[8,1,8,2],[8,4,8,6],[9,1,9,2],[9,4,9,6],[10,1,10,2],[10,4,10,6],[11,1,11,2],[11,4,11,6],[12,1,12,2],[12,4,12,6],[13,1,13,2],[13,4,13,6],[14,1,14,2],[14,4,14,6],[15,1,15,2],[15,4,15,6],[16,1,16,2],[16,4,16,6],[17,1,17,2],[17,4,17,6],[18,1,18,2],[18,4,18,6],[19,1,19,2],[19,4,19,6],[20,1,20,2],[20,4,20,6],[21,1,21,2],[21,4,21,6],[22,1,22,2],[22,5,22,6],[28,1,28,6],[29,1,29,2],[29,4,29,6],[30,1,30,2],[30,4,30,6],[31,1,31,2],[31,4,31,6],[32,1,32,2],[32,4,32,6],[33,1,33,2],[33,4,33,6],[34,1,34,2],[34,4,34,6],[35,1,35,2],[35,4,35,6],[36,1,36,2],[36,4,36,6],[41,1,41,6],[42,1,42,2],[42,4,42,6],[43,1,43,2],[43,4,43,6],[44,1,44,2],[44,4,44,6],[45,1,45,2],[45,4,45,6],[46,1,46,2],[46,4,46,6],[47,1,47,2],[47,4,47,6],[48,1,48,2],[48,4,48,6],[49,1,49,2],[49,4,49,6],[50,1,50,6],[51,1,51,2],[51,4,51,6],[52,1,52,2],[52,4,52,6],[53,1,53,2],[53,4,53,6],[54,1,54,2],[54,4,54,6],[55,1,55,2],[55,4,55,6],[56,1,56,2],[56,4,56,6]]}
[{"$nulls":4},"Sub Divisional Bill No."]
["SUB DIVISION CHECK SLIP TO ACCOMPANYING  ALL WORK BILLS"]
[null,"Name of the Grant:","MGNREGS Grant",null,null,"S.No. of the Bill:  1st & Final"]
[null,"Connected M.Book Nos: 80/A/ZP/23",{"$nulls":5},{"$f":"[3]WORK!B39","v":0}]
[1,"Name of the Sub Division",null,":","Kanigiri"]
[2,"Name of the Mandal",null,":","Kanigiri"]
[3,"Name of the Work:-",null,":",{"$f":"'lead 2025-26'!C3","v":"Providing BT Surface to the road from Inimerla SC colony to National Highway at Nuchupoda in Inimerla GP of Pamuru Mandal."}]
[4,"Work ID No.",null,":",{"$f":"COVER!F34","v":0}]
[5,"Estimate Amount",null,":",{"$f":"'lead 2025-26'!K4","v":"140.00 Lakhs"}]
[6,"Admn. Sanction No. & Date",null,":","Proceedings RC.No.D7/314/EGS/2024 Date d 19/11/2024 of the Collector & DPC, MGNREGS, Prakasam District "]
[7,"Tech. Sanction No. & Date",null,":","DR.No.            /2024-25 Dt.                       of the Executive Engineer, PRI  Division, Kandukur"]
[8,"Work commencement order reference for MGRENS",null,":","Dt 13.07.2018 of the Executive Engineer, PRI Sub Division, Kandukur"]
[9,"Name & Address of the Contractor with PAN No.",null,":"]
[10,"Bank Account Number (For NREGS works)",null,":"]
[11,"No of Musters enclosed to this bill for NREGS works",null,":","Nil"]
[12,"Working estimate Amount",null,":","Nil"]
[13,"Supplimental Agt. No./Dt & Value",null,":"]
[14,"Nature Contract",null,":","Nomination basis"]
[15,"Date of Agreement i.e DHS",null,":"]
[16,"Date fixed for completion (DFC)",null,":"]
[17,"Date of last recording of Measurement of Present bill",null,":"]
[18,"Whether the work is completed with in the Agreement period, if not sanction of EOAT period & Reference nO. & date & Fine if any",null,":","Yes"]
[19,"Date of Measurements recorded in M.Book by section Officer",null,":","Date of Check measured by Dy. Executive Engineer","Date of Check measured by Executive Engineer"]
[null,"P.No.","Date",null,"Date","P.No.","Date"]
[]
[]
[]
[]
[20,"Super Check Measurement of work (Date/MB Page NO. & % of value)"]
[null,"i) By Executive Engineer",null,":"]
[null,"ii) By Superintending Engineer",null,":"]
[21,"Whether the Supercheck measurement statement enclosed",null,":"]
[22,"Whether the Contractor has accepted the measurements",null,":","Yes"]
[23,"Whether the contractor signed the bill",null,":","Yes"]
[24,"Whether released & Discharge certificate furnished by the Contractor for Final Bill",null,":","Yes"]
[25,"QC inspection Date & Recovery proposed if any",null,":","No"]
[26,"Other Remarks of the DEE",null,":","No"]
[]
[]
[{"$nulls":5},"Deputy Executive Engineer"]
[{"$nulls":5},"PRI Sub Division : Kanigiri"]
[null,"DIVISIONAL CHECK"]
[27,"Seineorage charges amount & OTP on Sand Vide Page of M.B.",null,":"]
[28,"Whether the photos of the work in three stages Name board. Km, HM stones for NREGS work enclosed.",null,":"]
[29,"EMD details DDs (or) B.G, if B.G its No. / Dt & Validity. Whether extended if EOAT is sanctioned",null,":"]
[30,"Insurance policty No. Date, Amount & Validity Whether the insurance is extended if EOAT is sanctioned (For Tender works)",null,":"]
[31,"Whether T.A Appointment letters willingness & qualification certificates furnished or not Mensioned the Name ( for Tender works)",null,":"]
[32,"Wheter the DEE has furnished the certificate in M.Book for engagement of techncial agents with Name (For tender works)",null,":"]
[33,"Whether the contractor opted under VAT composition and produced the CTO letter or No",null,":"]
[34,"Whether the asset Handling over to the concerned Dept certificate furnished.",null,":"]
[35,"Super Check Measurement of work (Date/MB Page NO. & % of value)"]
[null,"i) BY Executive Engineer",null,":"]
[null,"ii) By Superintending Engineer",null,":"]
[36,"Whether the Supercheck measurement statement enclosed",null,":"]
[37,"Completion Reporst are received along with final bills",null,":","Amount                 Approved by                      Date"]
[38,"Whether the Quantities and Rate are as per approved estimate",null,":"]
[39,"Remarks of the case worker in B.D.",null,":"]

{"sheet":"CC f -2","index":23,"n_rows":49,"n_cols":12,"rows_kept":49,"hidden":true,"merged":[[0,0,0,9],[1,1,1,3],[1,6,1,9],[2,1,2,3],[2,6,2,9],[3,1,3,9],[4,1,4,9],[5,1,5,9],[6,1,6,9],[7,1,7,9],[8,1,8,9],[9,1,9,3],[9,4,9,5],[9,7,9,8],[10,1,10,3],[10,4,10,5],[10,7,10,8],[12,0,13,0],[12,1,12,3],[12,4,13,4],[12,5,13,5],[12,6,13,6],[12,7,12,8],[12,9,13,9],[13,1,13,2],[14,1,14,2],[37,4,37,5],[38,4,38,5],[39,4,39,5],[39,8,39,9],[40,1,40,4],[40,7,40,9],[41,3,41,4],[41,5,41,9],[42,3,42,4],[43,3,43,4],[43,5,43,9],[44,3,44,4],[44,5,44,7],[44,8,44,9],[45,3,45,4],[45,5,45,6],[45,7,45,9]]}
["CONTRACT CERTIFICATE"]
[null,"Work ID ",null,null,{"$f":"'C-1'!E8:G8","v":0},null,"MGNREGS Grant"]
[]
[null,{"$f":"'lead 2025-26'!B3&'lead 2025-26'!C3","v":"Name of the work : Providing BT Surface to the road from Inimerla SC colony to National Highway at Nuchupoda in Inimerla GP of Pamuru Mandal."}]
[null,{"$f":"\"Name of the Contractor : \"&'C-1'!E13&\"\"","v":"Name of the Contractor : "}]
[null,"Voucher : CC  1st & Final"]
[null,"Last Certificate if any : "]
[null,"Month :  "]
[null,"Number and month of the last schedule if any :- "]
[null,"Mandal : Kanigiri",null,null,{"$f":"\"Amount of Estimate : \"&'C-1'!E9&\"\"","v":"Amount of Estimate : 140.00 Lakhs"},null,null,"Voucher No:"]
[null,"Overseer's No.",null,null,"Authority Covering list No.",null,null,"Schedule No."]
[]
["S.No","Quantity executed or Supplied",null,null,"Description of Items.","Rate in Rs.","Per","Amount",null,"Remarks"]
[null,"Upto Date",null,"Since last certificate",{"$nulls":3},"Upto Date in Rs.","Since last certificate in Rs."]
["1","2",null,"3","4","5","6","7","8","9"]
[]
[1,{"$f":"H17/F17","v":{"v":0,"d":"0.00"}},"days",{"$f":"B17-K17","v":{"v":0,"d":"0.00"}},"Wage Component",{"v":237,"d":"237.00"},"1day",{"$f":"A.M!H8","v":{"v":0,"d":"0.00"}},{"$f":"H17-L17","v":{"v":0,"d":"0.00"}}]
[2,{"$f":"'input data'!E10","v":{"v":15.27,"d":"15.270"}},"MT",15.27,"MAT-0001 Cost of Cement (OPC-53)",{"$f":"'input data'!F10","v":{"v":4218.8,"d":"4218.80"}},"1MT",{"$f":"ROUND(B18*F18,0)","v":{"v":64421,"d":"64421.00"}},{"v":64421,"d":"64421.00"}]
[3,{"$f":"'input data'!E11","v":{"v":27.810000000000002,"d":"27.81"}},"Cum",{"v":27.810000000000002,"d":"27.81"},"MAT-0010 Cost of Sand for Concrete",{"$f":"'input data'!F11","v":{"v":0,"d":"0.00"}},"1Cum",{"v":0,"d":"0.00"},{"v":0,"d":"0.00"}]
[4,{"$f":"'input data'!E12","v":{"v":35.7,"d":"35.70"}},"Cum",{"$f":"B20-K20","v":{"v":35.7,"d":"35.70"}},"MAT-0013 Cost of 40 mm HBG Metal ",{"$f":"'input data'!F12","v":{"v":1032.5,"d":"1032.50"}},"1Cum",{"$f":"ROUND(B20*F20,0)","v":{"v":36860,"d":"36860.00"}},{"$f":"H20-L20","v":{"v":36860,"d":"36860.00"}}]
[5,{"$f":"'input data'!E13","v":9.96},"Cum",9.96,"MAT-0014 Cost of 20 mm HBG Metal ",{"$f":"'input data'!F13","v":1676.25},"1Cum",{"v":16695,"d":"16695.00"},{"v":16695,"d":"16695.00"}]
[6,{"$f":"'input data'!E14","v":3.32},"Cum",3.32,"MAT-0015 Cost of 12 mm HBG Metal ",{"$f":"'input data'!F14","v":{"v":1350,"d":"1350.00"}},"1Cum",{"v":4482,"d":"4482.00"},{"v":4482,"d":"4482.00"}]
[7,{"$f":"'input data'!E16","v":{"v":907.2,"d":"907.20"}},"Cum",{"$f":"B23-K23","v":{"v":907.2,"d":"907.20"}},"MAT-0040 Cost of Selected earth",{"$f":"'input data'!F16","v":384.05},"1Cum",{"$f":"ROUND(B23*F23,0)","v":{"v":348410,"d":"348410.00"}},{"$f":"H23-L23","v":{"v":348410,"d":"348410.00"}}]
[7,{"$f":"'input data'!E17","v":{"v":22.5,"d":"22.50"}},"Rm",{"$f":"B24-K24","v":{"v":22.5,"d":"22.50"}},"MAT-0040 NP3 pipes of 1000mm",{"$f":"'input data'!F17","v":9006.27},"1Rm",{"$f":"ROUND(B24*F24,0)","v":{"v":202641,"d":"202641.00"}},{"$f":"H24-L24","v":{"v":202641,"d":"202641.00"}}]
[7,{"$f":"'input data'!E18","v":{"v":0,"d":"0.00"}},"Rm",{"$f":"B25-K25","v":{"v":0,"d":"0.00"}},"MAT-0040 NP3 pipes of 600mm",{"$f":"'input data'!F18","v":3804.82},"1Rm",{"$f":"ROUND(B25*F25,0)","v":{"v":0,"d":"0.00"}},{"$f":"H25-L25","v":{"v":0,"d":"0.00"}}]
[7,{"$f":"'input data'!E15","v":{"v":672,"d":"672.00"}},"Cum",{"v":672,"d":"672.00"},"MAT-0030 Granular Material",{"$f":"'input data'!F15","v":2928.41},"1Cum",{"v":1967892,"d":"1967892.00"},{"v":1967892,"d":"1967892.00"}]
[8,{"$f":"'input data'!E19","v":{"v":27.810000000000002,"d":"27.81"}},"Cum",{"v":27.810000000000002,"d":"27.81"},"MAT-0060 Conveyance charges for Sand",{"$f":"'input data'!F19","v":{"v":1287.1899999999978,"d":"1287.19"}},"1Cum",{"v":35797,"d":"35797.00"},{"v":35797,"d":"35797.00"}]
[9,{"v":1,"d":"1.00"},"No",{"v":1,"d":"1.00"},"MAT-0061 Conveyance charges for Material",{"$f":"'input data'!G20","v":{"v":1993028,"d":"1993028.00"}},"1No",{"v":1993028,"d":"1993028.00"},{"v":1993028,"d":"1993028.00"}]
[9,{"v":1,"d":"1.00"},"No",{"$f":"B29-K29","v":{"v":1,"d":"1.00"}},"MAT-0062 GSt charges ",{"$f":"'input data'!G22","v":{"v":2004957,"d":"2004957.00"}},"1No",{"$f":"ROUND(B29*F29,0)","v":{"v":2004957,"d":"2004957.00"}},{"$f":"H29-L29","v":{"v":2004957,"d":"2004957.00"}}]
[9,{"v":1,"d":"1.00"},"No",{"$f":"B30-K30","v":{"v":1,"d":"1.00"}},"MAT-0063 Name board",{"$f":"'input data'!G21","v":{"v":0,"d":"0.00"}},"1No",{"$f":"ROUND(B30*F30,0)","v":{"v":0,"d":"0.00"}},{"$f":"H30-L30","v":{"v":0,"d":"0.00"}}]
[10,{"v":1,"d":"1.00"},"No",{"v":1,"d":"1.00"},"MAT-0064 work  file",{"$f":"'input data'!G23","v":{"v":0,"d":"0.00"}},"1No",{"v":0,"d":"0.00"},{"v":0,"d":"0.00"}]
[11,{"$f":"H32/F32","v":{"v":0.8724216462216613,"d":"0.87"}},"No",{"v":0.8724216462216613,"d":"0.87"},"MAT-0073 Contingency and unforeseen",{"$f":"'input data'!G26","v":{"v":6313767,"d":"6313767.00"}},"1No",{"$f":"'R-2'!O65","v":{"v":5508267,"d":"5508267.00"}},{"v":5508267,"d":"5508267.00"}]
[12,{"v":1,"d":"1.00"},"No",{"v":1,"d":"1.00"},"A11591-CW12 QC @ 0.50%",{"$f":"'input data'!G25","v":{"v":50892,"d":"50892.00"}},"1No",{"v":50892,"d":"50892.00"},{"v":50892,"d":"50892.00"}]
[13,{"v":1,"d":"1.00"},"No",{"v":1,"d":"1.00"},"A11591-CW13 Seigneorage charges",{"$f":"'input data'!G24","v":{"v":960158,"d":"960158.00"}},"1No",{"v":960158,"d":"960158.00"},{"v":960158,"d":"960158.00"}]
[]
[]
[]
[{"$nulls":4},"Total value o work done or suplies made to date ",null,"=",{"$f":"SUM(H16:H37)","v":{"v":13194500,"d":"13194500.00"}},{"$f":"SUM(I16:I37)","v":{"v":13194500,"d":"13194500.00"}},null,null,{"$f":"SUM(L18:L37)","v":{"v":0,"d":"0.00"}}]
[{"$nulls":4},"Deduct value of work supplies shown on last certificate. ",null,"=",{"$f":"L38","v":{"v":0,"d":"0.00"}}]
[{"$nulls":4},"Net value of work/supplies since lst certificate",null,"=",{"$f":"H38-H39","v":{"v":13194500,"d":"13194500.00"}}]
[null,"Signature of Contractor ",{"$nulls":5},"Date…………..……2024"]
[{"$nulls":3},"Certificate that the proceeding claim is correct that the necessary measurements have been made by me on 200         and record on pages …………..  of 80/A/ZP/23 of  and the work has been satisfactory performed ",null,"CHECK MEASUREMENT CERTIFICATE ",{"$nulls":4},{"$f":"[3]WORK!B60","v":0}]
[]
[{"$nulls":3},"Certified also that the materials billed for have been recived and brought to account.                                ",null,"Certified that the work and materials were duly Checked and Measured by me on (Date………….)"]
[{"$nulls":3},"Date………….. OFFICE INCHARGE",null,"Date………………2024",null,null,"DESIGNATION"]
[]
[{"$nulls":4},{"$f":"'lead 2025-26'!J37","v":"Assistant   Engineer"}]
[{"$nulls":4},{"$f":"'lead 2025-26'!J38","v":"Mandal Praja Parishad"}]
[{"$nulls":4},{"$f":"'lead 2025-26'!J39","v":"Pamuru"}]

{"sheet":"ccbc  (2)","index":24,"n_rows":59,"n_cols":10,"rows_kept":59,"hidden":true,"merged":[[0,0,0,3],[1,1,1,3],[2,1,2,6],[4,2,4,3],[5,2,5,3],[7,0,9,1],[8,2,8,3],[9,2,9,3],[14,2,14,3],[17,4,17,9],[18,4,18,10],[20,4,20,10],[21,0,21,1],[22,4,22,5],[24,0,24,1],[24,4,24,10],[26,4,26,10],[28,0,28,1],[28,4,28,10],[30,4,30,10],[31,6,31,8],[31,9,31,10],[32,1,32,9],[33,8,33,9],[34,8,34,10],[35,8,35,10],[36,8,36,10],[37,3,37,4],[37,9,37,10],[38,3,38,8],[39,1,39,9],[40,2,40,6],[41,2,41,9],[42,1,42,9],[43,2,43,9],[44,1,44,9],[45,1,45,9],[46,2,46,9],[47,1,47,9],[48,2,48,9],[49,1,49,9],[50,2,50,9],[51,1,51,9],[52,2,52,9],[53,1,53,9],[54,2,54,9],[55,1,55,9],[56,1,56,9],[57,2,57,9],[58,1,58,9]]}
["     MEMORANDUM OF PAYMENTS MADE",{"$nulls":5},"Rs.","P.","Rs.","P."]
[null,"Total value of work done"]
[null,"Amount of prevont payment from last certificate No…………………."]
[null,null,"of","Forward"]
[null,null,"With accouts for…………………………………"]
[null,null,"Fines and other deduction up to date"]
[]
["Payments now made",null,"By Cash"]
[null,null,"By Cheque No……………….."]
[null,null,"By Value of Stock supplied"]
[null,null,"Balance due"]
["Allotment of the year",null,null,"              Rs       P"]
["Expenditure included in this bill"]
[]
[null,null,"Balance availabe"]
[]
["PAY RUPEES (             ) RECEIVED (               )"]
[{"$nulls":4},"Only as final payments in settlement of all demands                                                                                                          "]
[{"$nulls":4},"………………………………………………………………………………."]
[]
[{"$nulls":4},"………………………………………………………………………………."]
[]
[{"$nulls":4},"Witness"]
[]
["Head Clerk",null,null,"Presented of","………………………………………………………………………………."]
[]
[{"$nulls":4},"………………………………………………………………………………."]
[]
["Head Account",null,null,"Engineer","………………………………………………………………………………."]
[]
[{"$nulls":4},"………………………………………………………………………………."]
[{"$nulls":6},"Date …………………………..",null,null,"Payee……………………"]
[]
[{"$nulls":8},"AUDIT ENFACEMENT"]
[{"$nulls":8},"Admitted Rs. …………………………."]
[{"$nulls":8},"Objected Rs. …………………………."]
[{"$nulls":8},"Total Rs. ………………..……………."]
[{"$nulls":3},"                                             Date",null,null,"200",null,null,"Auditor"]
[{"$nulls":3},"                               INVERNACULAR"]
[null,"DISTRICT ENGINEET'S REMARKS"]
[null,null,"                                                               NOTES"]
[null,null,"1. This form is intended for use in the case of running account i.e for works in progress or supplies in course  "]
[null,"of delivery when the liability is discharged in full single payment Form No. of A should be used."]
[null,null,"2. Payment will be made only up to nineteenth of the total value of the work done. The balance being returned"]
[null,"as a security both for the due performance of the contracts or to cover posible over payment which may be detected on                        cheque measurement in the case of work whose estimated cost does not exceed Rs. 50/- Payment may be made in full "]
[null,"on the measuring officer's certificate subject to subsequent check measurement by the proper check measuring authority."]
[null,null,"3. In calculating the amount of each item dur to the contractor in this bill, sums of five pieces or less shall be "]
[null,"omitted and sums exceeding five pieces shall be recorded."]
[null,null,"4. Payment made in case of sum exceeding Rs. 100/- should be attested by two witness and for smaller sum"]
[null,"by one witness payment made by cheque to recognised firms of institutions need not be so witnessed."]
[null,null,"5.  When the payee signs in the vernacullar the amount acknowledged should also noted in the some vernacullar "]
[null,"as well as in English."]
[null,null,"6. In the case of other than well known firms all parties must sign if there by more the on contractor or the payee "]
[null,"must produce a power of atorney from the firm."]
[null,null,"7. No contract certificate bearing no remarks should be accepted if any corrections are necessary the incorrect"]
[null,"figures should be neatly scored out and initialed by the officer concerned in the case of corrections made in the Engineers         office the Head Accountant may be authorised no attest those due to clerical errors Etc. But the Engineer should affix his "]
[null,"initials coare osnin the rate column as well as those in the total or the bill and the pass order. This rule applies MUIATIS MUTANDIS to payments from miscellaneous grants."]
[null,null,"8. In case in which the materials billed for are taken over charged an officer other than the officer sign in the "]
[null,"certificate from of the bill the names of the form should be noted in the remarks column of the bill necessary amendment                                   being made at the same time of the excluding portion of the certificate relating to materials."]

{"sheet":"seigneorage (2)","index":25,"n_rows":80,"n_cols":16,"rows_kept":80,"hidden":true,"merged":[[0,0,0,14],[1,0,1,14],[2,12,2,13],[3,1,3,5]]}
["SEIGNEORAGE STATEMENT"]
[{"$f":"'lead 2025-26'!B3&'lead 2025-26'!C3","v":"Name of the work : Providing BT Surface to the road from Inimerla SC colony to National Highway at Nuchupoda in Inimerla GP of Pamuru Mandal."}]
[{"$nulls":11},"Est Rs.",{"$f":"'lead 2025-26'!K4","v":"140.00 Lakhs"}]
["S.No","Description of Item",{"$nulls":5},"Earth","Sand","Granular sub base","40mm Metal","20mm Metal","12mm Metal","Other Metals","Cement"]
[5,"Embankment","Earth",{"$f":"MAIN!I21","v":{"v":0,"d":"0.00"}},null,null,"=",{"$f":"D5","v":{"v":0,"d":"0.00"}}]
[1,"carted earthwork","Earth",{"$f":"MAIN!I25","v":{"v":3360,"d":"3360.00"}},null,null,"=",{"$f":"D6","v":{"v":3360,"d":"3360.00"}}]
[2,"Granular sub base","Metal",{"$f":"MAIN!I47","v":{"v":672,"d":"672.00"}},"x",{"v":1.2,"d":"1.20"},"=",null,null,{"$f":"ROUND((D7*1.2)/1*1,2)","v":{"v":806.4,"d":"806.40"}}]
[3,"Wetmix","Metal",{"$f":"MAIN!I51","v":{"v":945,"d":"945.00"}},"x",1.33,"=",{"$nulls":6},{"$f":"ROUND((D8*1.33)/1*1,2)","v":1256.85}]
[4,"SDBC","Metal",{"$f":"MAIN!I73","v":{"v":157.5,"d":"157.50"}},"x",{"$f":"285/195","v":{"v":1.4615384615384615,"d":"1.46"}},"=",{"$nulls":6},{"$f":"ROUND((D9*1.46)/1*1,2)","v":229.95}]
[5,"Shoulders","Earth",{"$f":"MAIN!I77","v":{"v":907.2,"d":"907.20"}},null,null,"=",{"$f":"D10","v":{"v":907.2,"d":"907.20"}}]
[null,"Sub estimate"]
[6,"Earthwork","Earth",{"$f":"'SUB-1'!I19","v":{"v":0,"d":"0.00"}},null,null,"=",{"$f":"D12","v":{"v":0,"d":"0.00"}}]
[7,"PCC M-10 Grade","Metal",{"$f":"'SUB-1'!I26","v":{"v":0,"d":"0.00"}},"x",{"v":0.9,"d":"0.900"},"=",{"$nulls":3},{"$f":"ROUND(D13*F13,2)","v":{"v":0,"d":"0.00"}},{"$nulls":3},{"$f":"ROUND(D13*220/1000,2)","v":{"v":0,"d":"0.00"}}]
[null,null,"Sand",{"$f":"D13","v":{"v":0,"d":"0.00"}},"x",0.45,"=",null,{"$f":"ROUND(D14*F14,2)","v":{"v":0,"d":"0.00"}}]
[9,"PCC M-15 grade","Metal",{"$f":"'SUB-1'!I37","v":{"v":0,"d":"0.00"}},"x",{"v":0.48,"d":"0.480"},"=",{"$nulls":3},{"$f":"ROUND(D15*F15,2)","v":{"v":0,"d":"0.00"}},{"$nulls":3},{"$f":"ROUND(D15*275/1000,2)","v":{"v":0,"d":"0.00"}}]
[null,null,"Metal",{"$f":"D15","v":{"v":0,"d":"0.00"}},"x",{"v":0.24,"d":"0.240"},"=",{"$nulls":4},{"$f":"ROUND(D16*F16,2)","v":{"v":0,"d":"0.00"}}]
[null,null,"Metal",{"$f":"D16","v":{"v":0,"d":"0.00"}},"x",{"v":0.08,"d":"0.080"},"=",{"$nulls":5},{"$f":"ROUND(D17*F17,2)","v":{"v":0,"d":"0.00"}}]
[null,null,"Sand",{"$f":"D17","v":{"v":0,"d":"0.00"}},"x",0.48,"=",null,{"$f":"ROUND(D18*F18,2)","v":{"v":0,"d":"0.00"}}]
[10,"Guide posts","Metal",{"$f":"'SUB-1'!I42","v":{"v":0,"d":"0.00"}},"x",0.594,"=",{"$nulls":4},{"$f":"ROUND(D19*F19,2)","v":{"v":0,"d":"0.00"}},null,null,{"$f":"ROUND(D19*403/1000,2)","v":{"v":0,"d":"0.00"}},{"$f":"ROUND(D19*403/1000,2)","v":{"v":0,"d":"0.000"}}]
[null,null,"Metal",{"$f":"D19","v":{"v":0,"d":"0.00"}},"x",0.306,"=",{"$nulls":5},{"$f":"ROUND(D20*F20,2)","v":{"v":0,"d":"0.00"}}]
[null,null,"Sand",{"$f":"D20","v":{"v":0,"d":"0.00"}},"x",0.45,"=",null,{"$f":"ROUND(D21*F21,2)","v":{"v":0,"d":"0.00"}}]
[11,"CC Pavement M-20","Metal",{"$f":"'SUB-1'!I55","v":{"v":0,"d":"0.00"}},"x",0.594,"=",{"$nulls":4},{"$f":"ROUND(D22*F22,2)","v":{"v":0,"d":"0.00"}},null,null,{"$f":"ROUND(D22*330/1000,2)","v":{"v":0,"d":"0.00"}}]
[null,null,"Metal",{"$f":"D22","v":{"v":0,"d":"0.00"}},"x",0.306,{"$nulls":6},{"$f":"ROUND(D23*F23,2)","v":{"v":0,"d":"0.00"}}]
[null,null,"Sand",{"$f":"D23","v":{"v":0,"d":"0.00"}},"x",0.45,"=",null,{"$f":"ROUND(D24*F24,2)","v":{"v":0,"d":"0.00"}}]
[null,"Sub estimate"]
[12,"Earthwork","Earth",{"$f":"'SUB-2'!I15","v":{"v":0,"d":"0.00"}},null,null,"=",{"$f":"D26","v":{"v":0,"d":"0.00"}}]
[13,"PCC M-10 Grade","Metal",{"$f":"'SUB-2'!I27","v":{"v":0,"d":"0.00"}},"x",{"v":0.9,"d":"0.900"},"=",{"$nulls":3},{"$f":"ROUND(D27*F27,2)","v":{"v":0,"d":"0.00"}},{"$nulls":3},{"$f":"ROUND(D27*220/1000,2)","v":{"v":0,"d":"0.00"}}]
[null,null,"Sand",{"$f":"D27","v":{"v":0,"d":"0.00"}},"x",0.45,"=",null,{"$f":"ROUND(D28*F28,2)","v":{"v":0,"d":"0.00"}}]
[14,"PCC M-15 grade","Metal",{"$f":"'SUB-2'!I44","v":{"v":0,"d":"0.00"}},"x",{"v":0.48,"d":"0.480"},"=",{"$nulls":3},{"$f":"ROUND(D29*F29,2)","v":{"v":0,"d":"0.00"}},{"$nulls":3},{"$f":"ROUND(D29*275/1000,2)","v":{"v":0,"d":"0.00"}}]
[null,null,"Metal",{"$f":"D29","v":{"v":0,"d":"0.00"}},"x",{"v":0.24,"d":"0.240"},"=",{"$nulls":4},{"$f":"ROUND(D30*F30,2)","v":{"v":0,"d":"0.00"}}]
[null,null,"Metal",{"$f":"D30","v":{"v":0,"d":"0.00"}},"x",{"v":0.08,"d":"0.080"},"=",{"$nulls":5},{"$f":"ROUND(D31*F31,2)","v":{"v":0,"d":"0.00"}}]
[null,null,"Sand",{"$f":"D31","v":{"v":0,"d":"0.00"}},"x",0.48,"=",null,{"$f":"ROUND(D32*F32,2)","v":{"v":0,"d":"0.00"}}]
[15,"Guide posts","Metal",{"$f":"'SUB-2'!I48","v":{"v":0,"d":"0.00"}},"x",0.594,"=",{"$nulls":4},{"$f":"ROUND(D33*F33,2)","v":{"v":0,"d":"0.00"}},null,null,{"$f":"ROUND(D33*403/1000,2)","v":{"v":0,"d":"0.00"}},{"$f":"ROUND(D33*403/1000,2)","v":{"v":0,"d":"0.000"}}]
[null,null,"Metal",{"$f":"D33","v":{"v":0,"d":"0.00"}},"x",0.306,"=",{"$nulls":5},{"$f":"ROUND(D34*F34,2)","v":{"v":0,"d":"0.00"}}]
[null,null,"Sand",{"$f":"D34","v":{"v":0,"d":"0.00"}},"x",0.45,"=",null,{"$f":"ROUND(D35*F35,2)","v":{"v":0,"d":"0.00"}}]
[16,"CC Pavement M-20","Metal",{"$f":"'SUB-2'!I61","v":{"v":0,"d":"0.00"}},"x",0.594,"=",{"$nulls":4},{"$f":"ROUND(D36*F36,2)","v":{"v":0,"d":"0.00"}},null,null,{"$f":"ROUND(D36*330/1000,2)","v":{"v":0,"d":"0.00"}}]
[null,null,"Metal",{"$f":"D36","v":{"v":0,"d":"0.00"}},"x",0.306,{"$nulls":6},{"$f":"ROUND(D37*F37,2)","v":{"v":0,"d":"0.00"}}]
[null,null,"Sand",{"$f":"D37","v":{"v":0,"d":"0.00"}},"x",0.45,"=",null,{"$f":"ROUND(D38*F38,2)","v":{"v":0,"d":"0.00"}}]
[null,"Sub estimate"]
[17,"Earthwork","Earth",{"$f":"'SUB-3'!I12","v":78.24},null,null,"=",{"$f":"D40","v":78.24}]
[18,"PCC M-10 Grade","Metal",{"$f":"'SUB-3'!I22","v":17.53},"x",{"v":0.9,"d":"0.900"},"=",{"$nulls":3},{"$f":"ROUND(D41*F41,2)","v":15.78},{"$nulls":3},{"$f":"ROUND(D41*220/1000,2)","v":3.86}]
[null,null,"Sand",{"$f":"D41","v":17.53},"x",0.45,"=",null,{"$f":"ROUND(D42*F42,2)","v":7.89}]
[19,"PCC M-15 grade","Metal",{"$f":"'SUB-3'!I32","v":{"v":41.489999999999995,"d":"41.49"}},"x",{"v":0.48,"d":"0.480"},"=",{"$nulls":3},{"$f":"ROUND(D43*F43,2)","v":19.92},{"$nulls":3},{"$f":"ROUND(D43*275/1000,2)","v":11.41}]
[null,null,"Metal",{"$f":"D43","v":{"v":41.489999999999995,"d":"41.49"}},"x",{"v":0.24,"d":"0.240"},"=",{"$nulls":4},{"$f":"ROUND(D44*F44,2)","v":9.96}]
[null,null,"Metal",{"$f":"D44","v":{"v":41.489999999999995,"d":"41.49"}},"x",{"v":0.08,"d":"0.080"},"=",{"$nulls":5},{"$f":"ROUND(D45*F45,2)","v":3.32}]
[null,null,"Sand",{"$f":"D45","v":{"v":41.489999999999995,"d":"41.49"}},"x",0.48,"=",null,{"$f":"ROUND(D46*F46,2)","v":19.92}]
[20,"Guide posts","Metal",{"$f":"'SUB-3'!I36","v":{"v":0,"d":"0.00"}},"x",0.594,"=",{"$nulls":4},{"$f":"ROUND(D47*F47,2)","v":{"v":0,"d":"0.00"}},null,null,{"$f":"ROUND(D47*403/1000,2)","v":{"v":0,"d":"0.00"}},{"$f":"ROUND(D47*403/1000,2)","v":{"v":0,"d":"0.000"}}]
[null,null,"Metal",{"$f":"D47","v":{"v":0,"d":"0.00"}},"x",0.306,"=",{"$nulls":5},{"$f":"ROUND(D48*F48,2)","v":{"v":0,"d":"0.00"}}]
[null,null,"Sand",{"$f":"D48","v":{"v":0,"d":"0.00"}},"x",0.45,"=",null,{"$f":"ROUND(D49*F49,2)","v":{"v":0,"d":"0.00"}}]
[21,"CC Pavement M-20","Metal",{"$f":"'SUB-3'!I49","v":{"v":0,"d":"0.00"}},"x",0.594,"=",{"$nulls":4},{"$f":"ROUND(D50*F50,2)","v":{"v":0,"d":"0.00"}},null,null,{"$f":"ROUND(D50*330/1000,2)","v":{"v":0,"d":"0.00"}}]
[null,null,"Metal",{"$f":"D50","v":{"v":0,"d":"0.00"}},"x",0.306,{"$nulls":6},{"$f":"ROUND(D51*F51,2)","v":{"v":0,"d":"0.00"}}]
[null,null,"Sand",{"$f":"D51","v":{"v":0,"d":"0.00"}},"x",0.45,"=",null,{"$f":"ROUND(D52*F52,2)","v":{"v":0,"d":"0.00"}}]
[null,"Sub estimate"]
[22,"Earthwork","Earth",{"$f":"'SUB-4'!I12","v":{"v":0,"d":"0.00"}},null,null,"=",{"$f":"D54","v":{"v":0,"d":"0.00"}}]
[23,"PCC M-10 Grade","Metal",{"$f":"'SUB-4'!I22","v":{"v":0,"d":"0.00"}},"x",{"v":0.9,"d":"0.900"},"=",{"$nulls":3},{"$f":"ROUND(D55*F55,2)","v":{"v":0,"d":"0.00"}},{"$nulls":3},{"$f":"ROUND(D55*220/1000,2)","v":{"v":0,"d":"0.00"}}]
[null,null,"Sand",{"$f":"D55","v":{"v":0,"d":"0.00"}},"x",0.45,"=",null,{"$f":"ROUND(D56*F56,2)","v":{"v":0,"d":"0.00"}}]
[24,"PCC M-15 grade","Metal",{"$f":"'SUB-4'!I32","v":{"v":0,"d":"0.00"}},"x",{"v":0.48,"d":"0.480"},"=",{"$nulls":3},{"$f":"ROUND(D57*F57,2)","v":{"v":0,"d":"0.00"}},{"$nulls":3},{"$f":"ROUND(D57*275/1000,2)","v":{"v":0,"d":"0.00"}}]
[null,null,"Metal",{"$f":"D57","v":{"v":0,"d":"0.00"}},"x",{"v":0.24,"d":"0.240"},"=",{"$nulls":4},{"$f":"ROUND(D58*F58,2)","v":{"v":0,"d":"0.00"}}]
[null,null,"Metal",{"$f":"D58","v":{"v":0,"d":"0.00"}},"x",{"v":0.08,"d":"0.080"},"=",{"$nulls":5},{"$f":"ROUND(D59*F59,2)","v":{"v":0,"d":"0.00"}}]
[null,null,"Sand",{"$f":"D59","v":{"v":0,"d":"0.00"}},"x",0.48,"=",null,{"$f":"ROUND(D60*F60,2)","v":{"v":0,"d":"0.00"}}]
[25,"Guide posts","Metal",{"$f":"'SUB-4'!I36","v":{"v":0,"d":"0.00"}},"x",0.594,"=",{"$nulls":4},{"$f":"ROUND(D61*F61,2)","v":{"v":0,"d":"0.00"}},null,null,{"$f":"ROUND(D61*403/1000,2)","v":{"v":0,"d":"0.00"}},{"$f":"ROUND(D61*403/1000,2)","v":{"v":0,"d":"0.000"}}]
[null,null,"Metal",{"$f":"D61","v":{"v":0,"d":"0.00"}},"x",0.306,"=",{"$nulls":5},{"$f":"ROUND(D62*F62,2)","v":{"v":0,"d":"0.00"}}]
[null,null,"Sand",{"$f":"D62","v":{"v":0,"d":"0.00"}},"x",0.45,"=",null,{"$f":"ROUND(D63*F63,2)","v":{"v":0,"d":"0.00"}}]
[26,"CC Pavement M-20","Metal",{"$f":"'SUB-4'!I49","v":{"v":0,"d":"0.00"}},"x",0.594,"=",{"$nulls":4},{"$f":"ROUND(D64*F64,2)","v":{"v":0,"d":"0.00"}},null,null,{"$f":"ROUND(D64*330/1000,2)","v":{"v":0,"d":"0.00"}}]
[null,null,"Metal",{"$f":"D64","v":{"v":0,"d":"0.00"}},"x",0.306,{"$nulls":6},{"$f":"ROUND(D65*F65,2)","v":{"v":0,"d":"0.00"}}]
[null,null,"Sand",{"$f":"D65","v":{"v":0,"d":"0.00"}},"x",0.45,"=",null,{"$f":"ROUND(D66*F66,2)","v":{"v":0,"d":"0.00"}}]
[null,"Sub estimate"]
[27,"Earthwork","Earth",{"$f":"'sub-5'!I11","v":{"v":0,"d":"0.00"}},null,null,"=",{"$f":"D68","v":{"v":0,"d":"0.00"}}]
[28,"PCC M-10 Grade","Metal",{"$f":"'sub-5'!I18","v":{"v":0,"d":"0.00"}},"x",{"v":0.9,"d":"0.900"},"=",{"$nulls":3},{"$f":"ROUND(D69*F69,2)","v":{"v":0,"d":"0.00"}},{"$nulls":3},{"$f":"ROUND(D69*220/1000,2)","v":{"v":0,"d":"0.00"}}]
[null,null,"Sand",{"$f":"D69","v":{"v":0,"d":"0.00"}},"x",0.45,"=",null,{"$f":"ROUND(D70*F70,2)","v":{"v":0,"d":"0.00"}}]
[]
[{"$nulls":7},{"$f":"SUM(H5:H71)","v":4345.44},{"v":27.810000000000002,"d":"27.81"},{"v":806.4,"d":"806.40"},{"v":35.7,"d":"35.70"},9.96,3.32,{"v":1486.8,"d":"1486.80"},15.27]
[{"$nulls":7},{"v":45,"d":"45.00"},{"v":100,"d":"100.00"},{"v":90,"d":"90.00"},{"v":90,"d":"90.00"},{"v":90,"d":"90.00"},{"v":90,"d":"90.00"},{"v":90,"d":"90.00"},"MT"]
[{"$nulls":6},"=",{"$f":"ROUND(H72*H73,2)","v":{"v":195544.8,"d":"195544.80"}},{"v":0,"d":"0.00"},{"v":72576,"d":"72576.00"},{"v":3213,"d":"3213.00"},{"v":896.4,"d":"896.40"},{"v":298.8,"d":"298.80"},{"v":133812,"d":"133812.00"}]
[{"$nulls":4},"Total ",null,"=",{"$f":"SUM(H74:N74)","v":{"v":406341,"d":"406341.00"}},"Or",{"$f":"ROUND(H75,0)","v":{"v":406341,"d":"406341.0"}}]
[]
[]
[{"$nulls":8},{"$f":"'lead 2025-26'!G37","v":"Deputy Executive Engineer"},{"$nulls":3},{"$f":"'lead 2025-26'!J37","v":"Assistant   Engineer"}]
[{"$nulls":8},{"$f":"'lead 2025-26'!G38","v":"PRI Sub Division: Kanigiri"},{"$nulls":3},{"$f":"'lead 2025-26'!J38","v":"Mandal Praja Parishad"}]
[{"$nulls":12},{"$f":"'lead 2025-26'!J39","v":"Pamuru"}]

{"sheet":"CERTI ","index":26,"n_rows":25,"n_cols":8,"rows_kept":25,"hidden":true,"merged":[[0,2,0,8],[7,0,7,8],[9,1,9,8],[10,1,10,8],[11,1,11,8],[12,1,12,8],[13,1,13,8],[14,1,14,8],[16,1,16,8],[17,1,17,8]]}
["1) Name of the Work:",null,{"$f":"'lead 2025-26'!C3","v":"Providing BT Surface to the road from Inimerla SC colony to National Highway at Nuchupoda in Inimerla GP of Pamuru Mandal."}]
["2) Estimate Cost:",null,{"$f":"'lead 2025-26'!K4","v":"140.00 Lakhs"}]
["3) Grant:",null,{"$f":"'C-1'!C3","v":"MGNREGS Grant"}]
[]
[]
[]
[]
["CERTIFICATES"]
[]
[1,"Certified that the work is completed in all respect"]
[2,"Certified that the Contractor has accepted all measurements recorded"]
[3,"Certified that the Contractor has conveyed for all materials from the approved quarry for use on the work as per lead statement."]
[4,"Certified that the materials used the above work were brought from approved quarry"]
[5,"Certified to the effect that no recoveries are out standing against the Contractor"]
[6,"Certified that the contractor has engaged Technical persons Namely"]
[null,"1)",{"$nulls":4},"2)"]
[null,"and they are available through out the execution"]
[6,"Certified that there are no IR Paras/ Audit objections pending against this work."]
[]
[]
[]
[]
[{"$nulls":5},"Dy.Executive Engineer",null,{"$f":"'lead 2025-26'!J37","v":"Assistant   Engineer"}]
[{"$nulls":5},"PRI Sub Division",null,{"$f":"'lead 2025-26'!J38","v":"Mandal Praja Parishad"}]
[{"$nulls":5},"Kanigiri",null,{"$f":"'lead 2025-26'!J39","v":"Pamuru"}]

{"sheet":"RE-DE","index":27,"n_rows":10,"n_cols":7,"rows_kept":10,"hidden":true,"merged":[[0,0,0,8],[1,0,1,2],[1,3,1,8],[2,0,2,2],[2,3,2,8],[4,0,4,8]]}
["RELEASE AND DISCHARGE CERTIFICATE"]
["Name of the work",null,null,{"$f":"'lead 2025-26'!C3","v":"Providing BT Surface to the road from Inimerla SC colony to National Highway at Nuchupoda in Inimerla GP of Pamuru Mandal."}]
["Est,Rs,",null,null,{"$f":"'lead 2025-26'!K4","v":"140.00 Lakhs"}]
[]
["                            I do here by release and discharge with the Executive Engineer, PRI Division, Kandukur all claims and demand what so ever arising out of the work or contracts with the contract vide commencement letter  Dt 04.12.2015  with full and final settlement of my all claims and demands of the work"]
[]
[]
[]
[]
[{"$nulls":6},"Contractor"]

{"sheet":"voucer part","index":28,"n_rows":25,"n_cols":16,"rows_kept":25,"hidden":true,"merged":[[0,0,0,11],[1,0,1,11],[6,0,7,0],[6,1,7,1],[6,2,7,2],[6,3,7,3],[6,4,6,10],[6,11,7,11],[7,4,7,6],[7,7,7,8],[8,4,8,6],[8,7,8,8]]}
["STATEMENT OF VOUCHER WISE PARTCICULARS OF MGNREGS WORKS"]
[{"$f":"'lead 2025-26'!B3&'lead 2025-26'!C3","v":"Name of the work : Providing BT Surface to the road from Inimerla SC colony to National Highway at Nuchupoda in Inimerla GP of Pamuru Mandal."}]
["ID No",{"$f":"'CC f -2'!E2","v":0}]
["Mandal","Kanigiri"]
["Grant",{"$f":"'C-1'!C3","v":"MGNREGS Grant"},{"$nulls":7},"Estt. Rs ",{"$f":"'lead 2025-26'!K4","v":"140.00 Lakhs"}]
[{"$nulls":9},"Sub Division : Kanigiri"]
["S.No","M.B.No.","Description of Material","Executive Quantity","Voucher",{"$nulls":6},"Net Amount",{"$f":"[3]WORK!B39","v":0}]
[{"$nulls":4},"VO No. & Date",null,null,"Quantity",null,"Rate ","Amount"]
["1","2","3","4","5",null,null,"6",null,"7","8","9"]
["1",null,"Cement (OPC-53)",{"$f":"'CC f -2'!D18","v":{"v":15.27,"d":"15.270"}},{"$f":"A10","v":"1"},"/",null,{"$f":"N10","v":{"v":15.5,"d":"15.50"}},"MT",{"$f":"'CC f -2'!F18","v":{"v":4218.8,"d":"4218.80"}},{"$f":"ROUND(H10*J10,20)","v":{"v":65391.4,"d":"65391.40"}},{"$f":"'CC f -2'!I18","v":{"v":64421,"d":"64421.00"}},null,{"$f":"CEILING(D10,0.5)","v":{"v":15.5,"d":"15.50"}},null,{"$f":"K10-L10","v":{"v":970.4000000000015,"d":"970.40"}}]
["2",null,"Sand for Concrete",{"$f":"'CC f -2'!D19","v":{"v":27.810000000000002,"d":"27.81"}},{"$f":"A11","v":"2"},"/",null,{"$f":"CEILING(M11,0.5)","v":{"v":10,"d":"10.00"}},"Units",{"$f":"CEILING(N11,100)","v":{"v":3700,"d":"3700.00"}},{"$f":"ROUND(H11*J11,20)","v":{"v":37000,"d":"37000.00"}},{"$f":"'CC f -2'!I19+'CC f -2'!I27","v":{"v":35797,"d":"35797.00"}},{"$f":"D11/2.83","v":{"v":9.826855123674912,"d":"9.83"}},{"$f":"'lead 2025-26'!K9*2.83","v":{"v":3642.747699999994,"d":"3642.75"}},null,{"$f":"K11-L11","v":{"v":1203,"d":"1203.00"}}]
["3",null,"Granular Sub base",{"$f":"'CC f -2'!D26","v":{"v":672,"d":"672.00"}},{"$f":"A12","v":"3"},"/",null,{"v":237.5,"d":"237.50"},"Units",{"$f":"CEILING(N12,100)","v":{"v":8300,"d":"8300.00"}},{"$f":"ROUND(H12*J12,20)","v":{"v":1971250,"d":"1971250.00"}},{"$f":"'CC f -2'!I26","v":{"v":1967892,"d":"1967892.00"}},{"v":237.45583038869256,"d":"237.46"},{"$f":"'CC f -2'!F26*2.83","v":{"v":8287.4003,"d":"8287.40"}},null,{"v":3358,"d":"3358.00"}]
["3",null,"40MM HBG Metal",{"$f":"'CC f -2'!D20","v":{"v":35.7,"d":"35.70"}},{"$f":"A13","v":"3"},"/",null,{"v":13,"d":"13.00"},"Units",{"$f":"CEILING(N13,100)","v":{"v":6600,"d":"6600.00"}},{"$f":"ROUND(H13*J13,20)","v":{"v":85800,"d":"85800.00"}},{"$f":"ROUND(D13*'lead 2025-26'!K16,0)","v":{"v":83189,"d":"83189.00"}},{"v":12.614840989399294,"d":"12.61"},{"$f":"'lead 2025-26'!K16*2.83","v":{"v":6594.550899999995,"d":"6594.55"}},null,{"$f":"K13-L13","v":{"v":2611,"d":"2611.00"}}]
["4",null,"20MM HBG Metal",{"$f":"'CC f -2'!D21","v":9.96},{"$f":"A14","v":"4"},"/",null,{"v":4,"d":"4.00"},"Units",{"$f":"CEILING(N14,100)","v":{"v":8500,"d":"8500.00"}},{"v":34000,"d":"34000.00"},{"$f":"ROUND(D14*'lead 2025-26'!K12,0)","v":{"v":29621,"d":"29621.00"}},{"v":3.519434628975265,"d":"3.52"},{"$f":"'lead 2025-26'!K12*2.83","v":{"v":8416.363399999995,"d":"8416.36"}},null,{"v":4379,"d":"4379.00"}]
["5",null,"12MM HBG Metal",{"$f":"'CC f -2'!D22","v":3.32},"5","/",null,{"v":1.5,"d":"1.50"},"Units",{"v":7500,"d":"7500.00"},{"v":11250,"d":"11250.00"},{"$f":"ROUND(D15*'lead 2025-26'!K13,0)","v":{"v":8790,"d":"8790.00"}},{"v":1.1731448763250882,"d":"1.17"},{"$f":"'lead 2025-26'!K13*2.83","v":{"v":7493.075899999995,"d":"7493.08"}},null,{"v":2460,"d":"2460.00"}]
["3",null,"Wetmix mecadam",{"$f":"seigneorage!N9+seigneorage!N11","v":{"v":1486.8,"d":"1486.80"}},{"$f":"A16","v":"3"},"/",null,{"$f":"CEILING(M16,0.5)","v":{"v":525.5,"d":"525.50"}},"Units",{"$f":"CEILING(N16,100)","v":{"v":3700,"d":"3700.00"}},{"$f":"ROUND(H16*J16,20)","v":{"v":1944350,"d":"1944350.00"}},{"$f":"'R-2'!P10+'R-2'!P13","v":{"v":1929465,"d":"1929465.00"}},{"$f":"D16/2.83","v":{"v":525.3710247349823,"d":"525.37"}},{"$f":"(L16/D16)*2.83","v":{"v":3672.5759685230023,"d":"3672.58"}},null,{"$f":"K16-L16","v":{"v":14885,"d":"14885.00"}}]
["6",null,"Selected earth",{"$f":"'CC f -2'!D23","v":{"v":907.2,"d":"907.20"}},"6","/",null,{"v":321,"d":"321.00"},"Units",{"v":1100,"d":"1100.00"},{"v":353100,"d":"353100.00"},{"$f":"'CC f -2'!I23","v":{"v":348410,"d":"348410.00"}},{"v":320.565371024735,"d":"320.57"},{"$f":"'CC f -2'!F23*2.83","v":{"v":1086.8615,"d":"1086.86"}},null,{"v":4690,"d":"4690.00"}]
["6",null,"Other items",{"v":1,"d":"1.00"},"6","/",null,{"v":1,"d":"1.00"},"No",{"$f":"CEILING(L18,1000)","v":{"v":5711000,"d":"5711000.00"}},{"v":5711000,"d":"5711000.00"},{"$f":"'CC f -2'!I32+'CC f -2'!I24+'CC f -2'!I25+'CC f -2'!I30+'CC f -2'!I31","v":{"v":5710908,"d":"5710908.00"}},{"$nulls":3},{"v":92,"d":"92.00"}]
["7",null,"Labour component",{"$nulls":7},{"$f":"'CC f -2'!I17","v":{"v":0,"d":"0.00"}},{"$f":"K19","v":{"v":0,"d":"0.00"}},{"$nulls":3},{"v":0,"d":"0.00"}]
[{"$nulls":10},{"$f":"SUM(K10:K19)","v":{"v":10213141.4,"d":"10213141.40"}},{"$f":"SUM(L10:L19)","v":{"v":10178493,"d":"10178493.00"}},{"$f":"'CC f -2'!H40-'CC f -2'!I31-'CC f -2'!I33-'CC f -2'!I34-'CC f -2'!H29","v":{"v":10178493,"d":"10178493.00"}},{"$f":"L20-M20","v":{"v":0,"d":"0.00"}}]
[{"$nulls":12},{"$f":"K20-L20","v":{"v":34648.40000000037,"d":"34648.40"}}]
[]
[{"$nulls":4},{"$f":"'[4]lead 2023-24'!G21","v":"Deputy Executive Engineer"},{"$nulls":4},{"$f":"'lead 2025-26'!J37","v":"Assistant   Engineer"}]
[{"$nulls":4},{"$f":"'[4]lead 2023-24'!G22","v":"PRI Sub Division: Kanigiri"},{"$nulls":4},{"$f":"'lead 2025-26'!J38","v":"Mandal Praja Parishad"}]
[{"$nulls":9},{"$f":"'lead 2025-26'!J39","v":"Pamuru"}]

{"sheet":"1","index":29,"n_rows":19,"n_cols":9,"rows_kept":19,"hidden":true,"merged":[[0,0,0,8],[1,0,1,2],[1,5,1,8],[2,0,2,8],[3,0,3,3],[3,4,3,6],[17,0,17,8],[18,0,18,8]]}
["HAND RECEIPT"]
["       Received an amount of Rs ",null,null,{"$f":"'voucer part'!K11","v":{"v":37000,"d":"37000.00"}},"(Rupees","Eighteen thousand and two hundred only)"]
[{"$f":"\"Payment towards the work \"&'lead 2025-26'!C3&\" with Estimate cost for Rs. \"&'lead 2025-26'!K4&\" under MGNREGS (100%) Grant during the year 2024-25\"","v":"Payment towards the work Providing BT Surface to the road from Inimerla SC colony to National Highway at Nuchupoda in Inimerla GP of Pamuru Mandal. with Estimate cost for Rs. 140.00 Lakhs under MGNREGS (100%) Grant during the year 2024-25"}]
["purpose for which payment is made :",{"$nulls":3},"Sand for Concrete",null,null,{"$f":"'voucer part'!D11","v":{"v":27.810000000000002,"d":"27.81"}},"Cum"]
{"$rows_empty":8}
[null,"Payee",{"$nulls":5},"Receiver"]
[]
[]
[]
[]
["Certified that the item was recorded vide page no.      of M.B.No.  ……………………….  for the work"]
[{"$f":"\"\"&'lead 2025-26'!C3&'lead 2025-26'!K4&\" under MGNREGS (100%) Grant during the year 2024-25\"","v":"Providing BT Surface to the road from Inimerla SC colony to National Highway at Nuchupoda in Inimerla GP of Pamuru Mandal.140.00 Lakhs under MGNREGS (100%) Grant during the year 2024-25"}]

{"sheet":"2","index":30,"n_rows":19,"n_cols":9,"rows_kept":19,"hidden":true,"merged":[[0,0,0,8],[1,0,1,2],[1,5,1,8],[2,0,2,8],[3,0,3,3],[3,4,3,6],[17,0,17,8],[18,0,18,8]]}
["HAND RECEIPT"]
["       Received an amount of Rs ",null,null,{"$f":"'voucer part'!K17","v":{"v":353100,"d":"353100.00"}},"(Rupees","Twenty seven thousand six hundred and fifty only)"]
[{"$f":"\"Payment towards the work \"&'lead 2025-26'!C3&\" with Estimate cost for Rs. \"&'lead 2025-26'!K4&\" under MGNREGS (100%) Grant during the year 2024-25\"","v":"Payment towards the work Providing BT Surface to the road from Inimerla SC colony to National Highway at Nuchupoda in Inimerla GP of Pamuru Mandal. with Estimate cost for Rs. 140.00 Lakhs under MGNREGS (100%) Grant during the year 2024-25"}]
["purpose for which payment is made :",{"$nulls":3},"Selected Earth",null,null,{"$f":"'voucer part'!D17","v":{"v":907.2,"d":"907.20"}},"Cum"]
{"$rows_empty":8}
[null,"Payee",{"$nulls":5},"Receiver"]
[]
[]
[]
[]
["Certified that the item was recorded vide page no.      of M.B.No.  ……………………….  for the work"]
[{"$f":"\"\"&'lead 2025-26'!C3&'lead 2025-26'!K4&\" under MGNREGS (100%) Grant during the year 2024-25\"","v":"Providing BT Surface to the road from Inimerla SC colony to National Highway at Nuchupoda in Inimerla GP of Pamuru Mandal.140.00 Lakhs under MGNREGS (100%) Grant during the year 2024-25"}]

{"sheet":"3","index":31,"n_rows":19,"n_cols":8,"rows_kept":19,"hidden":true,"merged":[[0,0,0,8],[1,0,1,2],[1,5,1,8],[2,0,2,8],[3,0,3,3],[3,4,3,8],[17,0,17,8],[18,0,18,8]]}
["HAND RECEIPT"]
["       Received an amount of Rs ",null,null,{"$f":"'voucer part'!K18","v":{"v":5711000,"d":"5711000.00"}},"(Rupees","One lakh and three thousand  only)"]
[{"$f":"\"Payment towards the work \"&'lead 2025-26'!C3&\" with Estimate cost for Rs. \"&'lead 2025-26'!K4&\" under MGNREGS (100%) Grant during the year 2024-25\"","v":"Payment towards the work Providing BT Surface to the road from Inimerla SC colony to National Highway at Nuchupoda in Inimerla GP of Pamuru Mandal. with Estimate cost for Rs. 140.00 Lakhs under MGNREGS (100%) Grant during the year 2024-25"}]
["purpose for which payment is made :",{"$nulls":3},"Contingency and unforeseen items"]
{"$rows_empty":8}
[null,"Payee",{"$nulls":5},"Receiver"]
[]
[]
[]
[]
["Certified that the item was recorded vide page no.      of M.B.No.  ……………………….  for the work"]
[{"$f":"\"\"&'lead 2025-26'!C3&'lead 2025-26'!K4&\" under MGNREGS (100%) Grant during the year 2024-25\"","v":"Providing BT Surface to the road from Inimerla SC colony to National Highway at Nuchupoda in Inimerla GP of Pamuru Mandal.140.00 Lakhs under MGNREGS (100%) Grant during the year 2024-25"}]

{"sheet":"M-1 ","index":32,"n_rows":23,"n_cols":10,"rows_kept":23,"hidden":true,"merged":[[3,1,3,4],[3,6,3,9],[4,1,4,4],[4,6,4,9],[5,1,5,4],[5,6,5,9],[7,2,8,4],[7,7,8,9],[22,3,22,4],[22,8,22,9]]}
[]
[null,"No.                         Receipt:                       Date:",{"$nulls":4},"No.                         Receipt:                       Date:"]
[]
[null,"SRI VENKATESWARA LORRY SERVICE",{"$nulls":4},"SRI VENKATESWARA LORRY SERVICE"]
[null,"(SAI LAKSHMI STORE CRUSHERS)",{"$nulls":4},"(SAI LAKSHMI STORE CRUSHERS)"]
[null,"BUDAWADA, CHEEMAKURTHI MANDAL",{"$nulls":4},"RAMATHERDHAM, CHEEMAKURTHI MANDAL"]
[]
[null,"Party Name:",{"$f":"'C-1'!E13","v":0},{"$nulls":3},"Party Name:",{"$f":"C8","v":0}]
[]
[]
[null,"Sizes","Units","Rate","Amount",null,"Sizes","Units","Rate","Amount"]
[null,"40mm",{"$nulls":4},"40mm",{"$f":"'voucer part'!H13","v":{"v":13,"d":"13.00"}},{"$f":"'voucer part'!J13","v":{"v":6600,"d":"6600.00"}},{"$f":"'voucer part'!K13","v":{"v":85800,"d":"85800.00"}}]
[null,"20-12mm",{"$nulls":4},"wet mix",{"$f":"'voucer part'!H16","v":{"v":525.5,"d":"525.50"}},{"$f":"'voucer part'!J16","v":{"v":3700,"d":"3700.00"}},{"$f":"'voucer part'!K16","v":{"v":1944350,"d":"1944350.00"}}]
[null,"20MM",{"$nulls":4},"20MM",{"$f":"'voucer part'!H14","v":{"v":4,"d":"4.00"}},{"$f":"'voucer part'!J14","v":{"v":8500,"d":"8500.00"}},{"$f":"'voucer part'!K14","v":{"v":34000,"d":"34000.00"}}]
[null,"12MM",{"$nulls":4},"12MM",{"$f":"'voucer part'!H15","v":{"v":1.5,"d":"1.50"}},{"$f":"'voucer part'!J15","v":{"v":7500,"d":"7500.00"}},{"$f":"'voucer part'!K15","v":{"v":11250,"d":"11250.00"}}]
[null,"9.50 to 475mm",null,null,{"$f":"ROUND(C16*D16,0)","v":{"v":0,"d":"0.00"}},null,"9.50 to 475mm"]
[null,"4.75 to 2.36mm",{"$nulls":4},"4.75 to 2.36mm",{"$f":"'voucer part'!H12","v":{"v":237.5,"d":"237.50"}},{"$f":"'voucer part'!J12","v":{"v":8300,"d":"8300.00"}},{"$f":"'voucer part'!K12","v":{"v":1971250,"d":"1971250.00"}}]
[null,"Dust",{"$nulls":4},"Dust"]
[null,"Total",null,null,{"$f":"SUM(E12:E18)","v":{"v":0,"d":"0.00"}},null,"Total",null,null,{"$f":"SUM(J12:J18)","v":{"v":4046650,"d":"4046650.00"}}]
[]
[]
[]
[{"$nulls":3},"Signature",{"$nulls":4},"Signature"]

{"sheet":"M-2","index":33,"n_rows":2,"n_cols":7,"rows_kept":2,"hidden":true,"merged":[[0,1,0,4],[0,6,0,9],[1,1,1,4],[1,6,1,9],[2,1,2,4],[2,6,2,9]]}
[null,{"$f":"'3'!A18","v":"Certified that the item was recorded vide page no.      of M.B.No.  ……………………….  for the work"},{"$nulls":4},{"$f":"B1","v":"Certified that the item was recorded vide page no.      of M.B.No.  ……………………….  for the work"}]
[null,{"$f":"'2'!A19","v":"Providing BT Surface to the road from Inimerla SC colony to National Highway at Nuchupoda in Inimerla GP of Pamuru Mandal.140.00 Lakhs under MGNREGS (100%) Grant during the year 2024-25"},{"$nulls":4},{"$f":"B2","v":"Providing BT Surface to the road from Inimerla SC colony to National Highway at Nuchupoda in Inimerla GP of Pamuru Mandal.140.00 Lakhs under MGNREGS (100%) Grant during the year 2024-25"}]

{"sheet":"work list","index":34,"n_rows":40,"n_cols":10,"rows_kept":40,"hidden":true,"merged":[[0,0,0,6]]}
["LIST OF WORKS  UNDER MGNREGS IN KANIGIRI CONSTITUENCY"]
["S.No","Constituency","Name of the Mandal","Name of the GP","Habitation","Name of the work","Estimate ost in Rs.lakhs",null,"Sand","Metal"]
[1,"Kanigiri","Kanigiri","Bommireddipalli","Gundlapalem","Construction of Internal CC road from Kadapa Sudhakar house to Vinukonda Yerra Kondaiah house in Gundlapalem village of Bommireddypalli GP of Kanigiri Mandal.",{"v":5,"d":"5.00"},"5.00 Lakhs",{"v":50,"d":"50.00"},62]
[2,"Kanigiri","Kanigiri","Bommireddipalli","Regimanupalli","Construction of Internal CC road from Basireddy Prasad house to  Jakkireddy Nagaiah house in Regimanipalli village of Bommireddypalli GP of  Kanigiri Mandal.",{"v":5,"d":"5.00"},"5.00 Lakhs",{"v":50,"d":"50.00"},62]
[3,"Kanigiri","Kanigiri","Guruvajipeta","Buddayapalli","Construction of internal CC road in SC palem of Buddayapalli village of Guruvajipeta GP of Kanigiri Mandal.",{"v":5,"d":"5.00"},"5.00 Lakhs",{"v":63,"d":"63.00"},74]
[4,"Kanigiri","Kanigiri","Punugodu","Punugodu","Construction of internal balance CC road  in Punugodu village and GP of Kanigiri Mandal.",{"v":3,"d":"3.00"},"3.00 Lakhs",{"v":46,"d":"46.00"},58]
[5,"Kanigiri","Kanigiri","China Alavalapadu","Lingareddypalli","Construction of internal CC road from Nagarpamma temple to Kummari Bala nagu house in Lingareddypalli village of China Alavalapadu GP of Kanigiri Mandal.",{"v":3,"d":"3.00"},"3.00 Lakhs",{"v":38,"d":"38.00"},60]
[6,"Kanigiri","Kanigiri","Vangaadu","Yeguvapalli","Construction of internal cc roads in ST colony of Eguvapalli village of Vangapadu GP of Kanigiri Mandal.",{"v":3,"d":"3.00"},"3.00 Lakhs",{"v":65,"d":"65.00"},78]
[7,"Kanigiri","Kanigiri","Gosulaveedu","Gosulaveedu","Construction  of internal CC road from Nukathoti Venkataswamy house to Muddapadu road in SC colony of Gosulaveedu village and GP of Kanigiri Mandal.",{"v":3,"d":"3.00"},"3.00 Lakhs",{"v":65,"d":"65.00"},78]
[8,"Kanigiri","Kanigiri","Ballipalli","Ballipalli","Construction of internal CC road in SC colony of Ballipalli village and GP of Kanigiri Mandal.",{"v":3,"d":"3.00"},"3.00 Lakhs",{"v":55,"d":"55.00"},67]
[9,"Kanigiri","Kanigiri","Cheerladinne","Cheerladinne","Construction of internal CC road  in Cheerladinne GP of Kanigiri Mandal.",{"v":3,"d":"3.00"},"3.00 Lakhs",{"v":58,"d":"58.00"},70]
[10,"Kanigiri","Kanigiri","Gudipapdu","Gudipapdu","Construction of internal cc road  from R&B Road to MPP School in Kothapalem village of Gudipadu GP of Kanigiri Mandal.",{"v":5,"d":"5.00"},"5.00 Lakhs",{"v":62,"d":"62.00"},74]
[11,"Kanigiri","Kanigiri","Yeruvaripalli","Yeruvaripalli","Construction of internal cc road  at Ankalamma temple road in Yeruvaripalli village and GP of Kanigiri Mandal.",{"v":3,"d":"3.00"},"3.00 Lakhs",{"v":36,"d":"36.00"},62]
[12,"Kanigiri","Kanigiri","Chakirala","Chakirala","Construction of internal CC road from Kondru Kondamma gp house to Jonnagadda Prabhudas house in SC  Palem of Chakirala GP of Kanigiri Mandal.",{"v":3,"d":"3.00"},"3.00 Lakhs",{"v":43,"d":"43.00"},54]
[13,"Kanigiri","Kanigiri","Chakirala","Chakirala","Construction of internal cc road from Jonnagadda Prabhudas  house to Jonnagadda Prakasam house  in Sc  Palem of Chakirala GP of Kanigiri Mandal.",{"v":4,"d":"4.00"},"4.00 Lakhs",{"v":43,"d":"43.00"},54]
[14,"Kanigiri","Kanigiri","Chinairlapadu","Chinairlapadu","Construction of internal CC road in  Chinairlapadu GP of Kanigiri Mandal.",{"v":3,"d":"3.00"},"3.00 Lakhs",{"v":24,"d":"24.00"},70]
[15,"Kanigiri","Kanigiri","Yadavalli","Yadavalli","Construction of internal CC roads in Yadavalli GP of Kanigiri Mandal.",{"v":3,"d":"3.00"},"3.00 Lakhs",{"v":52,"d":"52.00"},45]
[16,"Kanigiri","P..C.Palli","Peda alavlaapdu","Vengalapuram","Construction of internal cc road from Bathula Malakondaiah house to Adhimulapu Ramanaiah house in Vengalapuram village of Peda Alavalapadu GP in P.C.Palli Mandal.",{"v":10,"d":"10.00"},"10.00 Lakhs",{"v":22,"d":"22.00"},{"v":66,"d":"66.00"}]
[17,"Kanigiri","P..C.Palli","Pedairlapadu","Kodandaramapuram","Construcion of culvert and cc roads in Kodandaramapuram village of Pedairlapadu GP in P.C.Palli Mandal.",{"v":5,"d":"5.00"},"5.00 Lakhs",{"v":40,"d":"40.00"},{"v":84,"d":"84.00"}]
[18,"Kanigiri","P..C.Palli","Muddapadu","Muddapadu","Improvements and Extenstion of wing walls to the culvert at Paletivagu on the road from Vakamvaripalli to Kotha muddapadu village of Muddapadu GP in P.C.Palli Mandal.",{"v":10,"d":"10.00"},"10.00 Lakhs",{"v":39,"d":"39.00"},{"v":70,"d":"70.00"}]
[19,"Kanigiri","P..C.Palli","Battupalli","Peda Battupalli","Construction of internal cc roads  in Peda Battupalli GP in P.C.Palli Mandal.",{"v":5,"d":"5.00"},"5.00 Lakhs",{"v":36,"d":"36.00"},{"v":67,"d":"67.00"}]
[20,"Kanigiri","P..C.Palli","PC Palli","PC Palli","Construction of balance internal cc roads in PC  palli village and GP in P.C.Palli Mandal.",{"v":5,"d":"5.00"},"5.00 Lakhs",{"v":30,"d":"30.00"},{"v":74,"d":"74.00"}]
[21,"Kanigiri","P..C.Palli","PC Palli","Gopavarapuvaripalli","Construction of balance internal cc roads in Gopavarapupalli village  of PC  palli  GP in P.C.Palli Mandal.",{"v":5,"d":"5.00"},"5.00 Lakhs",{"v":30,"d":"30.00"},{"v":74,"d":"74.00"}]
[22,"Kanigiri","P..C.Palli","PC Palli","Chavitipalli","Construction of  internal cc roads in Chavitipalli village  of PC  palli  GP in P.C.Palli Mandal.",{"v":5,"d":"5.00"},"5.00 Lakhs",{"v":30,"d":"30.00"},{"v":74,"d":"74.00"}]
[23,"Kanigiri","P..C.Palli","Pedirlapadu","Pedairlapadu","Construction of  internal cc roads  from Myla Mayadri house to Kadiri sreenu house in Pedairlapadu village and GP in P.C.Palli Mandal.",{"v":4,"d":"4.00"},"4.00 Lakhs",{"v":40,"d":"40.00"},{"v":84,"d":"84.00"}]
[24,"Kanigiri","P..C.Palli","Pedirlapadu","Pedairlapadu","Construction of  internal cc roads  from R&B road to Lankireddy Janaki Ramaiah house and others  in Pedairlapadu village and GP in P.C.Palli Mandal.",{"v":6,"d":"6.00"},"6.00 Lakhs",{"v":40,"d":"40.00"},{"v":84,"d":"84.00"}]
[25,"Kanigiri","P..C.Palli","Guntupalli","Mulevaripalli","Construction of internal cc road from R&B road to Mule Malayadri house  at Mulevaripalli village of Guntupalli GP",{"v":5,"d":"5.00"},"5.00 Lakhs",{"v":50,"d":"50.00"},{"v":94,"d":"94.00"}]
[26,"Kanigiri","H.M.Padu","Valicherla","Valicherla","Providing internal CC roads in Valicherla GP of H.M.Padu Mandal.",{"v":5,"d":"5.00"},"5.00 Lakhs",{"v":65,"d":"65.00"},{"v":73,"d":"73.00"}]
[27,"Kanigiri","H.M.Padu","Valicherla","Valicherla","Providing internal CC roads in Valicherla GP of H.M.Padu Mandal.",{"v":5,"d":"5.00"},"5.00 Lakhs",{"v":65,"d":"65.00"},{"v":73,"d":"73.00"}]
[28,"Kanigiri","H.M.Padu","H.M.Padu","H.M.Padu","Providing internal CC roads in Hanumanthunipadu GP of H.M.Padu Mandal.",{"v":5,"d":"5.00"},"5.00 Lakhs",{"v":50,"d":"50.00"},{"v":53,"d":"53.00"}]
[29,"Kanigiri","H.M.Padu","H.M.Padu","H.M.Padu","Providing internal CC roads in Hanumanthunipadu GP of H.M.Padu Mandal.",{"v":5,"d":"5.00"},"5.00 Lakhs",{"v":50,"d":"50.00"},{"v":53,"d":"53.00"}]
[30,"Kanigiri","H.M.Padu","Dasaripalli","Dasaripalli","Providing internal CC roads in Dasaripalli GP of H.M.Padu Mandal.",{"v":5,"d":"5.00"},"5.00 Lakhs",{"v":60,"d":"60.00"},{"v":53,"d":"53.00"}]
[31,"Kanigiri","H.M.Padu","Dasaripalli","Dasaripalli","Providing internal CC roads in Dasaripalli GP of H.M.Padu Mandal.",{"v":5,"d":"5.00"},"5.00 Lakhs",{"v":60,"d":"60.00"},{"v":53,"d":"53.00"}]
[32,"Kanigiri","H.M.Padu","Pedagollapalli","Pedagollapalli","Providing internal CC roads in Pedagollapalli GP of H.M.Padu Mandal.",{"v":5,"d":"5.00"},"5.00 Lakhs",{"v":61,"d":"61.00"},{"v":69,"d":"69.00"}]
[33,"Kanigiri","H.M.Padu","Pedagollapalli","Pedagollapalli","Providing internal CC roads in Pedagollapalli GP of H.M.Padu Mandal.",{"v":3,"d":"3.00"},"3.00 Lakhs",{"v":61,"d":"61.00"},{"v":69,"d":"69.00"}]
[34,"Kanigiri","H.M.Padu","H.M.Puram","H.M.Puram","Providing internal CC roads in Hanumanthapuram GP of H.M.Padu Mandal.",{"v":4,"d":"4.00"},"4.00 Lakhs",{"v":53,"d":"53.00"},{"v":70,"d":"70.00"}]
[35,"Kanigiri","H.M.Padu","H.M.Puram","H.M.Puram","Providing internal CC roads in Hanumanthapuram GP of H.M.Padu Mandal.",{"v":3,"d":"3.00"},"3.00 Lakhs",{"v":53,"d":"53.00"},{"v":70,"d":"70.00"}]
[36,"Kanigiri","H.M.Padu","Mittapalem","Mittapalem","Providing internal CC road from Mittapalem to Chakirala road in Mittapalem GP of H.M.Padu Mandal.",{"v":5,"d":"5.00"},"5.00 Lakhs",{"v":46,"d":"46.00"},{"v":58,"d":"58.00"}]
[37,"Kanigiri","H.M.Padu","Mittapalem","Mittapalem","Providing internal CC roads in Mittapalem GP of H.M.Padu Mandal.",{"v":5,"d":"5.00"},"5.00 Lakhs",{"v":46,"d":"46.00"},{"v":58,"d":"58.00"}]
[38,"Kanigiri","H.M.Padu","Gayamvaripalli","Gayamvaripalli","Providing CC road from R&B Road to Ramanareddy fields via Harizanawada in Gayamvaripalli village and GP of H.M.Padu Mandal.",{"v":5,"d":"5.00"},"5.00 Lakhs",{"v":62,"d":"62.00"},{"v":61,"d":"61.00"}]

{"sheet":"CON 2025-26","index":35,"n_rows":305,"n_cols":4,"rows_kept":305,"hidden":true,"merged":[[0,0,0,3],[1,1,1,3],[2,0,3,0]]}
["Conveyance charges-2025-26"]
[null,"As per Machinery"]
["Lead in KM","Earth/Sand/Gravel","Metal","Bricks"]
[null,"Initial lead Rete","Initial lead Rete","Initial lead Rete"]
[1,2,3,4]
[1,38.62,37.07,61.79]
[2,54.08,51.91,86.51]
[3,{"v":72.1,"d":"72.10"},69.21,115.34]
[4,87.55,84.04,140.06]
[5,{"v":103,"d":"103.00"},98.86,164.77]
[6,{"$f":"B10+15.45","v":118.45},{"$f":"C10+14.83","v":113.69},{"$f":"D10+24.72","v":189.49}]
[7,{"$f":"B11+15.45","v":{"v":133.9,"d":"133.90"}},{"$f":"C11+14.83","v":128.52},{"$f":"D11+24.72","v":214.21}]
[8,{"$f":"B12+15.45","v":149.35},{"v":143.35000000000002,"d":"143.35"},238.93]
[9,{"v":164.79999999999998,"d":"164.80"},{"v":158.18000000000004,"d":"158.18"},263.65]
[10,{"v":180.24999999999997,"d":"180.25"},{"v":173.01000000000005,"d":"173.01"},288.37]
[11,{"v":195.69999999999996,"d":"195.70"},{"v":187.84000000000006,"d":"187.84"},{"v":313.09000000000003,"d":"313.09"}]
[12,{"v":211.14999999999995,"d":"211.15"},{"v":202.67000000000007,"d":"202.67"},{"v":337.81000000000006,"d":"337.81"}]
[13,{"v":226.59999999999994,"d":"226.60"},{"v":217.50000000000009,"d":"217.50"},{"v":362.5300000000001,"d":"362.53"}]
[14,{"v":242.04999999999993,"d":"242.05"},{"v":232.3300000000001,"d":"232.33"},{"v":387.2500000000001,"d":"387.25"}]
[15,{"v":257.49999999999994,"d":"257.50"},{"v":247.1600000000001,"d":"247.16"},{"v":411.97000000000014,"d":"411.97"}]
[16,{"v":272.94999999999993,"d":"272.95"},{"v":261.9900000000001,"d":"261.99"},{"v":436.69000000000017,"d":"436.69"}]
[17,{"v":288.3999999999999,"d":"288.40"},{"v":276.8200000000001,"d":"276.82"},{"v":461.4100000000002,"d":"461.41"}]
[18,{"v":303.8499999999999,"d":"303.85"},{"v":291.6500000000001,"d":"291.65"},{"v":486.1300000000002,"d":"486.13"}]
[19,{"v":319.2999999999999,"d":"319.30"},{"v":306.4800000000001,"d":"306.48"},{"v":510.85000000000025,"d":"510.85"}]
[20,{"v":334.7499999999999,"d":"334.75"},{"v":321.31000000000006,"d":"321.31"},{"v":535.5700000000003,"d":"535.57"}]
[21,{"v":350.1999999999999,"d":"350.20"},{"v":336.14000000000004,"d":"336.14"},{"v":560.2900000000003,"d":"560.29"}]
[22,{"v":365.64999999999986,"d":"365.65"},350.97,{"v":585.0100000000003,"d":"585.01"}]
[23,{"v":381.09999999999985,"d":"381.10"},{"v":365.8,"d":"365.80"},{"v":609.7300000000004,"d":"609.73"}]
[24,{"v":396.54999999999984,"d":"396.55"},380.63,{"v":634.4500000000004,"d":"634.45"}]
[25,{"v":411.99999999999983,"d":"412.00"},395.46,{"v":659.1700000000004,"d":"659.17"}]
[26,{"v":427.4499999999998,"d":"427.45"},{"v":410.28999999999996,"d":"410.29"},{"v":683.8900000000004,"d":"683.89"}]
[27,{"v":442.8999999999998,"d":"442.90"},{"v":425.11999999999995,"d":"425.12"},{"v":708.6100000000005,"d":"708.61"}]
[28,{"v":458.3499999999998,"d":"458.35"},{"v":439.94999999999993,"d":"439.95"},{"v":733.3300000000005,"d":"733.33"}]
[29,{"v":473.7999999999998,"d":"473.80"},{"v":454.7799999999999,"d":"454.78"},{"v":758.0500000000005,"d":"758.05"}]
[30,{"v":489.2499999999998,"d":"489.25"},{"v":469.6099999999999,"d":"469.61"},{"v":782.7700000000006,"d":"782.77"}]
[31,{"$f":"B35+12.87","v":{"v":502.1199999999998,"d":"502.12"}},{"$f":"C35+12.36","v":{"v":481.9699999999999,"d":"481.97"}},{"$f":"D35+20.6","v":{"v":803.3700000000006,"d":"803.37"}}]
[32,{"$f":"B36+12.87","v":{"v":514.9899999999998,"d":"514.99"}},{"$f":"C36+12.36","v":{"v":494.3299999999999,"d":"494.33"}},{"$f":"D36+20.6","v":{"v":823.9700000000006,"d":"823.97"}}]
[33,{"v":527.8599999999998,"d":"527.86"},{"v":506.68999999999994,"d":"506.69"},{"v":844.5700000000006,"d":"844.57"}]
[34,{"v":540.7299999999998,"d":"540.73"},519.05,{"v":865.1700000000006,"d":"865.17"}]
[35,{"v":553.5999999999998,"d":"553.60"},531.41,{"v":885.7700000000007,"d":"885.77"}]
[36,{"v":566.4699999999998,"d":"566.47"},543.77,{"v":906.3700000000007,"d":"906.37"}]
[37,{"v":579.3399999999998,"d":"579.34"},556.13,{"v":926.9700000000007,"d":"926.97"}]
[38,{"v":592.2099999999998,"d":"592.21"},568.49,{"v":947.5700000000007,"d":"947.57"}]
[39,{"v":605.0799999999998,"d":"605.08"},580.85,{"v":968.1700000000008,"d":"968.17"}]
[40,{"v":617.9499999999998,"d":"617.95"},593.21,{"v":988.7700000000008,"d":"988.77"}]
[41,{"v":630.8199999999998,"d":"630.82"},605.57,{"v":1009.3700000000008,"d":"1009.37"}]
[42,{"v":643.6899999999998,"d":"643.69"},{"v":617.9300000000001,"d":"617.93"},{"v":1029.9700000000007,"d":"1029.97"}]
[43,{"v":656.5599999999998,"d":"656.56"},{"v":630.2900000000001,"d":"630.29"},{"v":1050.5700000000006,"d":"1050.57"}]
[44,{"v":669.4299999999998,"d":"669.43"},{"v":642.6500000000001,"d":"642.65"},{"v":1071.1700000000005,"d":"1071.17"}]
[45,{"v":682.2999999999998,"d":"682.30"},{"v":655.0100000000001,"d":"655.01"},{"v":1091.7700000000004,"d":"1091.77"}]
[46,{"v":695.1699999999998,"d":"695.17"},{"v":667.3700000000001,"d":"667.37"},{"v":1112.3700000000003,"d":"1112.37"}]
[47,{"v":708.0399999999998,"d":"708.04"},{"v":679.7300000000001,"d":"679.73"},{"v":1132.9700000000003,"d":"1132.97"}]
[48,{"v":720.9099999999999,"d":"720.91"},{"v":692.0900000000001,"d":"692.09"},{"v":1153.5700000000002,"d":"1153.57"}]
[49,{"v":733.7799999999999,"d":"733.78"},{"v":704.4500000000002,"d":"704.45"},1174.17]
[50,{"v":746.6499999999999,"d":"746.65"},{"v":716.8100000000002,"d":"716.81"},1194.77]
[51,{"v":759.5199999999999,"d":"759.52"},{"v":729.1700000000002,"d":"729.17"},1215.37]
[52,{"v":772.3899999999999,"d":"772.39"},{"v":741.5300000000002,"d":"741.53"},{"v":1235.9699999999998,"d":"1235.97"}]
[53,{"v":785.2599999999999,"d":"785.26"},{"v":753.8900000000002,"d":"753.89"},{"v":1256.5699999999997,"d":"1256.57"}]
[54,{"v":798.1299999999999,"d":"798.13"},{"v":766.2500000000002,"d":"766.25"},{"v":1277.1699999999996,"d":"1277.17"}]
[55,{"v":810.9999999999999,"d":"811.00"},{"v":778.6100000000002,"d":"778.61"},{"v":1297.7699999999995,"d":"1297.77"}]
[56,{"v":823.8699999999999,"d":"823.87"},{"v":790.9700000000003,"d":"790.97"},{"v":1318.3699999999994,"d":"1318.37"}]
[57,{"v":836.7399999999999,"d":"836.74"},{"v":803.3300000000003,"d":"803.33"},{"v":1338.9699999999993,"d":"1338.97"}]
[58,{"v":849.6099999999999,"d":"849.61"},{"v":815.6900000000003,"d":"815.69"},{"v":1359.5699999999993,"d":"1359.57"}]
[59,{"v":862.4799999999999,"d":"862.48"},{"v":828.0500000000003,"d":"828.05"},{"v":1380.1699999999992,"d":"1380.17"}]
[60,{"v":875.3499999999999,"d":"875.35"},{"v":840.4100000000003,"d":"840.41"},{"v":1400.769999999999,"d":"1400.77"}]
[61,{"v":888.2199999999999,"d":"888.22"},{"v":852.7700000000003,"d":"852.77"},{"v":1421.369999999999,"d":"1421.37"}]
[62,{"v":901.0899999999999,"d":"901.09"},{"v":865.1300000000003,"d":"865.13"},{"v":1441.969999999999,"d":"1441.97"}]
[63,{"v":913.9599999999999,"d":"913.96"},{"v":877.4900000000004,"d":"877.49"},{"v":1462.5699999999988,"d":"1462.57"}]
[64,{"v":926.8299999999999,"d":"926.83"},{"v":889.8500000000004,"d":"889.85"},{"v":1483.1699999999987,"d":"1483.17"}]
[65,{"v":939.6999999999999,"d":"939.70"},{"v":902.2100000000004,"d":"902.21"},{"v":1503.7699999999986,"d":"1503.77"}]
[66,{"v":952.5699999999999,"d":"952.57"},{"v":914.5700000000004,"d":"914.57"},{"v":1524.3699999999985,"d":"1524.37"}]
[67,{"v":965.4399999999999,"d":"965.44"},{"v":926.9300000000004,"d":"926.93"},{"v":1544.9699999999984,"d":"1544.97"}]
[68,978.31,{"v":939.2900000000004,"d":"939.29"},{"v":1565.5699999999983,"d":"1565.57"}]
[69,991.18,{"v":951.6500000000004,"d":"951.65"},{"v":1586.1699999999983,"d":"1586.17"}]
[70,1004.05,{"v":964.0100000000004,"d":"964.01"},{"v":1606.7699999999982,"d":"1606.77"}]
[71,1016.92,{"v":976.3700000000005,"d":"976.37"},{"v":1627.369999999998,"d":"1627.37"}]
[72,1029.79,{"v":988.7300000000005,"d":"988.73"},{"v":1647.969999999998,"d":"1647.97"}]
[73,{"v":1042.6599999999999,"d":"1042.66"},{"v":1001.0900000000005,"d":"1001.09"},{"v":1668.569999999998,"d":"1668.57"}]
[74,{"v":1055.5299999999997,"d":"1055.53"},{"v":1013.4500000000005,"d":"1013.45"},{"v":1689.1699999999978,"d":"1689.17"}]
[75,{"v":1068.3999999999996,"d":"1068.40"},{"v":1025.8100000000004,"d":"1025.81"},{"v":1709.7699999999977,"d":"1709.77"}]
[76,{"v":1081.2699999999995,"d":"1081.27"},{"v":1038.1700000000003,"d":"1038.17"},{"v":1730.3699999999976,"d":"1730.37"}]
[77,{"v":1094.1399999999994,"d":"1094.14"},{"v":1050.5300000000002,"d":"1050.53"},{"v":1750.9699999999975,"d":"1750.97"}]
[78,{"v":1107.0099999999993,"d":"1107.01"},1062.89,{"v":1771.5699999999974,"d":"1771.57"}]
[79,{"v":1119.8799999999992,"d":"1119.88"},1075.25,{"v":1792.1699999999973,"d":"1792.17"}]
[80,{"v":1132.749999999999,"d":"1132.75"},1087.61,{"v":1812.7699999999973,"d":"1812.77"}]
[81,{"v":1145.619999999999,"d":"1145.62"},{"v":1099.9699999999998,"d":"1099.97"},{"v":1833.3699999999972,"d":"1833.37"}]
[82,{"v":1158.4899999999989,"d":"1158.49"},{"v":1112.3299999999997,"d":"1112.33"},{"v":1853.969999999997,"d":"1853.97"}]
[83,{"v":1171.3599999999988,"d":"1171.36"},{"v":1124.6899999999996,"d":"1124.69"},{"v":1874.569999999997,"d":"1874.57"}]
[84,{"v":1184.2299999999987,"d":"1184.23"},{"v":1137.0499999999995,"d":"1137.05"},{"v":1895.169999999997,"d":"1895.17"}]
[85,{"v":1197.0999999999985,"d":"1197.10"},{"v":1149.4099999999994,"d":"1149.41"},{"v":1915.7699999999968,"d":"1915.77"}]
[86,{"v":1209.9699999999984,"d":"1209.97"},{"v":1161.7699999999993,"d":"1161.77"},{"v":1936.3699999999967,"d":"1936.37"}]
[87,{"v":1222.8399999999983,"d":"1222.84"},{"v":1174.1299999999992,"d":"1174.13"},{"v":1956.9699999999966,"d":"1956.97"}]
[88,{"v":1235.7099999999982,"d":"1235.71"},{"v":1186.489999999999,"d":"1186.49"},{"v":1977.5699999999965,"d":"1977.57"}]
[89,{"v":1248.579999999998,"d":"1248.58"},{"v":1198.849999999999,"d":"1198.85"},{"v":1998.1699999999964,"d":"1998.17"}]
[90,{"v":1261.449999999998,"d":"1261.45"},{"v":1211.209999999999,"d":"1211.21"},{"v":2018.7699999999963,"d":"2018.77"}]
[91,{"v":1274.319999999998,"d":"1274.32"},{"v":1223.5699999999988,"d":"1223.57"},{"v":2039.3699999999963,"d":"2039.37"}]
[92,{"v":1287.1899999999978,"d":"1287.19"},{"v":1235.9299999999987,"d":"1235.93"},{"v":2059.969999999996,"d":"2059.97"}]
[93,{"v":1300.0599999999977,"d":"1300.06"},{"v":1248.2899999999986,"d":"1248.29"},{"v":2080.569999999996,"d":"2080.57"}]
[94,{"v":1312.9299999999976,"d":"1312.93"},{"v":1260.6499999999985,"d":"1260.65"},{"v":2101.169999999996,"d":"2101.17"}]
[95,{"v":1325.7999999999975,"d":"1325.80"},{"v":1273.0099999999984,"d":"1273.01"},{"v":2121.769999999996,"d":"2121.77"}]
[96,{"$f":"B100+12.87","v":{"v":1338.6699999999973,"d":"1338.67"}},{"$f":"C100+12.36","v":{"v":1285.3699999999983,"d":"1285.37"}},{"$f":"D100+20.6","v":{"v":2142.369999999996,"d":"2142.37"}}]
[97,{"v":1351.5399999999972,"d":"1351.54"},{"v":1297.7299999999982,"d":"1297.73"},{"v":2162.9699999999957,"d":"2162.97"}]
[98,{"v":1364.4099999999971,"d":"1364.41"},{"v":1310.089999999998,"d":"1310.09"},{"v":2183.5699999999956,"d":"2183.57"}]
[99,{"v":1377.279999999997,"d":"1377.28"},{"v":1322.449999999998,"d":"1322.45"},{"v":2204.1699999999955,"d":"2204.17"}]
[100,{"v":1390.149999999997,"d":"1390.15"},{"v":1334.809999999998,"d":"1334.81"},{"v":2224.7699999999954,"d":"2224.77"}]
[101,{"v":1403.0199999999968,"d":"1403.02"},{"v":1347.1699999999978,"d":"1347.17"},{"v":2245.3699999999953,"d":"2245.37"}]
[102,{"v":1415.8899999999967,"d":"1415.89"},{"v":1359.5299999999977,"d":"1359.53"},{"v":2265.9699999999953,"d":"2265.97"}]
[103,{"v":1428.7599999999966,"d":"1428.76"},{"v":1371.8899999999976,"d":"1371.89"},{"v":2286.569999999995,"d":"2286.57"}]
[104,{"v":1441.6299999999965,"d":"1441.63"},{"v":1384.2499999999975,"d":"1384.25"},{"v":2307.169999999995,"d":"2307.17"}]
[105,{"v":1454.4999999999964,"d":"1454.50"},{"v":1396.6099999999974,"d":"1396.61"},{"v":2327.769999999995,"d":"2327.77"}]
[106,{"v":1467.3699999999963,"d":"1467.37"},{"v":1408.9699999999973,"d":"1408.97"},{"v":2348.369999999995,"d":"2348.37"}]
[107,{"v":1480.2399999999961,"d":"1480.24"},{"v":1421.3299999999972,"d":"1421.33"},{"v":2368.969999999995,"d":"2368.97"}]
[108,{"v":1493.109999999996,"d":"1493.11"},{"v":1433.689999999997,"d":"1433.69"},{"v":2389.5699999999947,"d":"2389.57"}]
[109,{"v":1505.979999999996,"d":"1505.98"},{"v":1446.049999999997,"d":"1446.05"},{"v":2410.1699999999946,"d":"2410.17"}]
[110,{"v":1518.8499999999958,"d":"1518.85"},{"v":1458.409999999997,"d":"1458.41"},{"v":2430.7699999999945,"d":"2430.77"}]
[111,{"v":1531.7199999999957,"d":"1531.72"},{"v":1470.7699999999968,"d":"1470.77"},{"v":2451.3699999999944,"d":"2451.37"}]
[112,{"v":1544.5899999999956,"d":"1544.59"},{"v":1483.1299999999967,"d":"1483.13"},{"v":2471.9699999999943,"d":"2471.97"}]
[113,{"v":1557.4599999999955,"d":"1557.46"},{"v":1495.4899999999966,"d":"1495.49"},{"v":2492.5699999999943,"d":"2492.57"}]
[114,{"v":1570.3299999999954,"d":"1570.33"},{"v":1507.8499999999965,"d":"1507.85"},{"v":2513.169999999994,"d":"2513.17"}]
[115,{"v":1583.1999999999953,"d":"1583.20"},{"v":1520.2099999999964,"d":"1520.21"},{"v":2533.769999999994,"d":"2533.77"}]
[116,{"v":1596.0699999999952,"d":"1596.07"},{"v":1532.5699999999963,"d":"1532.57"},{"v":2554.369999999994,"d":"2554.37"}]
[117,{"v":1608.939999999995,"d":"1608.94"},{"v":1544.9299999999962,"d":"1544.93"},{"v":2574.969999999994,"d":"2574.97"}]
[118,{"v":1621.809999999995,"d":"1621.81"},{"v":1557.289999999996,"d":"1557.29"},{"v":2595.569999999994,"d":"2595.57"}]
[119,{"v":1634.6799999999948,"d":"1634.68"},{"v":1569.649999999996,"d":"1569.65"},{"v":2616.1699999999937,"d":"2616.17"}]
[120,{"v":1647.5499999999947,"d":"1647.55"},{"v":1582.009999999996,"d":"1582.01"},{"v":2636.7699999999936,"d":"2636.77"}]
[121,{"v":1660.4199999999946,"d":"1660.42"},{"v":1594.3699999999958,"d":"1594.37"},{"v":2657.3699999999935,"d":"2657.37"}]
[122,{"v":1673.2899999999945,"d":"1673.29"},{"v":1606.7299999999957,"d":"1606.73"},{"v":2677.9699999999934,"d":"2677.97"}]
[123,{"v":1686.1599999999944,"d":"1686.16"},{"v":1619.0899999999956,"d":"1619.09"},{"v":2698.5699999999933,"d":"2698.57"}]
[124,{"v":1699.0299999999943,"d":"1699.03"},{"v":1631.4499999999955,"d":"1631.45"},{"v":2719.1699999999933,"d":"2719.17"}]
[125,{"v":1711.8999999999942,"d":"1711.90"},{"v":1643.8099999999954,"d":"1643.81"},{"v":2739.769999999993,"d":"2739.77"}]
[126,{"v":1724.769999999994,"d":"1724.77"},{"v":1656.1699999999953,"d":"1656.17"},{"v":2760.369999999993,"d":"2760.37"}]
[127,{"v":1737.639999999994,"d":"1737.64"},{"v":1668.5299999999952,"d":"1668.53"},{"v":2780.969999999993,"d":"2780.97"}]
[128,{"v":1750.5099999999939,"d":"1750.51"},{"v":1680.889999999995,"d":"1680.89"},{"v":2801.569999999993,"d":"2801.57"}]
[129,{"v":1763.3799999999937,"d":"1763.38"},{"v":1693.249999999995,"d":"1693.25"},{"v":2822.169999999993,"d":"2822.17"}]
[130,{"v":1776.2499999999936,"d":"1776.25"},{"v":1705.609999999995,"d":"1705.61"},{"v":2842.7699999999927,"d":"2842.77"}]
[131,{"v":1789.1199999999935,"d":"1789.12"},{"v":1717.9699999999948,"d":"1717.97"},{"v":2863.3699999999926,"d":"2863.37"}]
[132,{"v":1801.9899999999934,"d":"1801.99"},{"v":1730.3299999999947,"d":"1730.33"},{"v":2883.9699999999925,"d":"2883.97"}]
[133,{"v":1814.8599999999933,"d":"1814.86"},{"v":1742.6899999999946,"d":"1742.69"},{"v":2904.5699999999924,"d":"2904.57"}]
[134,{"v":1827.7299999999932,"d":"1827.73"},{"v":1755.0499999999945,"d":"1755.05"},{"v":2925.1699999999923,"d":"2925.17"}]
[135,{"v":1840.599999999993,"d":"1840.60"},{"v":1767.4099999999944,"d":"1767.41"},{"v":2945.7699999999923,"d":"2945.77"}]
[136,{"v":1853.469999999993,"d":"1853.47"},{"v":1779.7699999999943,"d":"1779.77"},{"v":2966.369999999992,"d":"2966.37"}]
[137,{"v":1866.3399999999929,"d":"1866.34"},{"v":1792.1299999999942,"d":"1792.13"},{"v":2986.969999999992,"d":"2986.97"}]
[138,{"v":1879.2099999999928,"d":"1879.21"},{"v":1804.489999999994,"d":"1804.49"},{"v":3007.569999999992,"d":"3007.57"}]
[139,{"v":1892.0799999999927,"d":"1892.08"},{"v":1816.849999999994,"d":"1816.85"},{"v":3028.169999999992,"d":"3028.17"}]
[140,{"v":1904.9499999999925,"d":"1904.95"},{"v":1829.209999999994,"d":"1829.21"},{"v":3048.769999999992,"d":"3048.77"}]
[141,{"v":1917.8199999999924,"d":"1917.82"},{"v":1841.5699999999938,"d":"1841.57"},{"v":3069.3699999999917,"d":"3069.37"}]
[142,{"v":1930.6899999999923,"d":"1930.69"},{"v":1853.9299999999937,"d":"1853.93"},{"v":3089.9699999999916,"d":"3089.97"}]
[143,{"v":1943.5599999999922,"d":"1943.56"},{"v":1866.2899999999936,"d":"1866.29"},{"v":3110.5699999999915,"d":"3110.57"}]
[144,{"v":1956.429999999992,"d":"1956.43"},{"v":1878.6499999999935,"d":"1878.65"},{"v":3131.1699999999914,"d":"3131.17"}]
[145,{"v":1969.299999999992,"d":"1969.30"},{"v":1891.0099999999934,"d":"1891.01"},{"v":3151.7699999999913,"d":"3151.77"}]
[146,{"v":1982.169999999992,"d":"1982.17"},{"v":1903.3699999999933,"d":"1903.37"},{"v":3172.3699999999913,"d":"3172.37"}]
[147,{"v":1995.0399999999918,"d":"1995.04"},{"v":1915.7299999999932,"d":"1915.73"},{"v":3192.969999999991,"d":"3192.97"}]
[148,{"v":2007.9099999999917,"d":"2007.91"},{"v":1928.089999999993,"d":"1928.09"},{"v":3213.569999999991,"d":"3213.57"}]
[149,{"v":2020.7799999999916,"d":"2020.78"},{"v":1940.449999999993,"d":"1940.45"},{"v":3234.169999999991,"d":"3234.17"}]
[150,{"v":2033.6499999999915,"d":"2033.65"},{"v":1952.809999999993,"d":"1952.81"},{"v":3254.769999999991,"d":"3254.77"}]
[151,{"v":2046.5199999999913,"d":"2046.52"},{"v":1965.1699999999928,"d":"1965.17"},{"v":3275.369999999991,"d":"3275.37"}]
[152,{"v":2059.3899999999912,"d":"2059.39"},{"v":1977.5299999999927,"d":"1977.53"},{"v":3295.9699999999907,"d":"3295.97"}]
[153,{"v":2072.259999999991,"d":"2072.26"},{"v":1989.8899999999926,"d":"1989.89"},{"v":3316.5699999999906,"d":"3316.57"}]
[154,{"v":2085.129999999991,"d":"2085.13"},{"v":2002.2499999999925,"d":"2002.25"},{"v":3337.1699999999905,"d":"3337.17"}]
[155,{"v":2097.999999999991,"d":"2098.00"},{"v":2014.6099999999924,"d":"2014.61"},{"v":3357.7699999999904,"d":"3357.77"}]
[156,{"v":2110.869999999991,"d":"2110.87"},{"v":2026.9699999999923,"d":"2026.97"},{"v":3378.3699999999903,"d":"3378.37"}]
[157,{"v":2123.7399999999907,"d":"2123.74"},{"v":2039.3299999999922,"d":"2039.33"},{"v":3398.9699999999903,"d":"3398.97"}]
[158,{"v":2136.6099999999906,"d":"2136.61"},{"v":2051.6899999999923,"d":"2051.69"},{"v":3419.56999999999,"d":"3419.57"}]
[159,{"v":2149.4799999999905,"d":"2149.48"},{"v":2064.0499999999925,"d":"2064.05"},{"v":3440.16999999999,"d":"3440.17"}]
[160,{"$f":"B164+12.87","v":{"v":2162.3499999999904,"d":"2162.35"}},{"$f":"C164+12.36","v":{"v":2076.4099999999926,"d":"2076.41"}},{"$f":"D164+20.6","v":{"v":3460.76999999999,"d":"3460.77"}}]
[161,{"v":2175.2199999999903,"d":"2175.22"},{"v":2088.7699999999927,"d":"2088.77"},{"v":3481.36999999999,"d":"3481.37"}]
[162,{"v":2188.08999999999,"d":"2188.09"},{"v":2101.129999999993,"d":"2101.13"},{"v":3501.96999999999,"d":"3501.97"}]
[163,{"v":2200.95999999999,"d":"2200.96"},{"v":2113.489999999993,"d":"2113.49"},{"v":3522.5699999999897,"d":"3522.57"}]
[164,{"v":2213.82999999999,"d":"2213.83"},{"v":2125.849999999993,"d":"2125.85"},{"v":3543.1699999999896,"d":"3543.17"}]
[165,{"v":2226.69999999999,"d":"2226.70"},{"v":2138.209999999993,"d":"2138.21"},{"v":3563.7699999999895,"d":"3563.77"}]
[166,{"v":2239.5699999999897,"d":"2239.57"},{"v":2150.5699999999933,"d":"2150.57"},{"v":3584.3699999999894,"d":"3584.37"}]
[167,{"v":2252.4399999999896,"d":"2252.44"},{"v":2162.9299999999935,"d":"2162.93"},{"v":3604.9699999999893,"d":"3604.97"}]
[168,{"v":2265.3099999999895,"d":"2265.31"},{"v":2175.2899999999936,"d":"2175.29"},{"v":3625.5699999999892,"d":"3625.57"}]
[169,{"v":2278.1799999999894,"d":"2278.18"},{"v":2187.6499999999937,"d":"2187.65"},{"v":3646.169999999989,"d":"3646.17"}]
[170,{"v":2291.0499999999893,"d":"2291.05"},{"v":2200.009999999994,"d":"2200.01"},{"v":3666.769999999989,"d":"3666.77"}]
[171,{"v":2303.919999999989,"d":"2303.92"},{"v":2212.369999999994,"d":"2212.37"},{"v":3687.369999999989,"d":"3687.37"}]
[172,{"v":2316.789999999989,"d":"2316.79"},{"v":2224.729999999994,"d":"2224.73"},{"v":3707.969999999989,"d":"3707.97"}]
[173,{"v":2329.659999999989,"d":"2329.66"},{"v":2237.0899999999942,"d":"2237.09"},{"v":3728.569999999989,"d":"3728.57"}]
[174,{"v":2342.529999999989,"d":"2342.53"},{"v":2249.4499999999944,"d":"2249.45"},{"v":3749.1699999999887,"d":"3749.17"}]
[175,{"v":2355.3999999999887,"d":"2355.40"},{"v":2261.8099999999945,"d":"2261.81"},{"v":3769.7699999999886,"d":"3769.77"}]
[176,{"v":2368.2699999999886,"d":"2368.27"},{"v":2274.1699999999946,"d":"2274.17"},{"v":3790.3699999999885,"d":"3790.37"}]
[177,{"v":2381.1399999999885,"d":"2381.14"},{"v":2286.5299999999947,"d":"2286.53"},{"v":3810.9699999999884,"d":"3810.97"}]
[178,{"v":2394.0099999999884,"d":"2394.01"},{"v":2298.889999999995,"d":"2298.89"},{"v":3831.5699999999883,"d":"3831.57"}]
[179,{"v":2406.8799999999883,"d":"2406.88"},{"v":2311.249999999995,"d":"2311.25"},{"v":3852.1699999999882,"d":"3852.17"}]
[180,{"v":2419.749999999988,"d":"2419.75"},{"v":2323.609999999995,"d":"2323.61"},{"v":3872.769999999988,"d":"3872.77"}]
[181,{"v":2432.619999999988,"d":"2432.62"},{"v":2335.9699999999953,"d":"2335.97"},{"v":3893.369999999988,"d":"3893.37"}]
[182,{"v":2445.489999999988,"d":"2445.49"},{"v":2348.3299999999954,"d":"2348.33"},{"v":3913.969999999988,"d":"3913.97"}]
[183,{"v":2458.359999999988,"d":"2458.36"},{"v":2360.6899999999955,"d":"2360.69"},{"v":3934.569999999988,"d":"3934.57"}]
[184,{"v":2471.2299999999877,"d":"2471.23"},{"v":2373.0499999999956,"d":"2373.05"},{"v":3955.169999999988,"d":"3955.17"}]
[185,{"v":2484.0999999999876,"d":"2484.10"},{"v":2385.4099999999958,"d":"2385.41"},{"v":3975.7699999999877,"d":"3975.77"}]
[186,{"v":2496.9699999999875,"d":"2496.97"},{"v":2397.769999999996,"d":"2397.77"},{"v":3996.3699999999876,"d":"3996.37"}]
[187,{"v":2509.8399999999874,"d":"2509.84"},{"v":2410.129999999996,"d":"2410.13"},{"v":4016.9699999999875,"d":"4016.97"}]
[188,{"v":2522.7099999999873,"d":"2522.71"},{"v":2422.489999999996,"d":"2422.49"},{"v":4037.5699999999874,"d":"4037.57"}]
[189,{"v":2535.579999999987,"d":"2535.58"},{"v":2434.8499999999963,"d":"2434.85"},{"v":4058.1699999999873,"d":"4058.17"}]
[190,{"v":2548.449999999987,"d":"2548.45"},{"v":2447.2099999999964,"d":"2447.21"},{"v":4078.7699999999872,"d":"4078.77"}]
[191,{"v":2561.319999999987,"d":"2561.32"},{"v":2459.5699999999965,"d":"2459.57"},{"v":4099.369999999987,"d":"4099.37"}]
[192,{"v":2574.189999999987,"d":"2574.19"},{"v":2471.9299999999967,"d":"2471.93"},{"v":4119.9699999999875,"d":"4119.97"}]
[193,{"v":2587.0599999999868,"d":"2587.06"},{"v":2484.289999999997,"d":"2484.29"},{"v":4140.569999999988,"d":"4140.57"}]
[194,{"v":2599.9299999999866,"d":"2599.93"},{"v":2496.649999999997,"d":"2496.65"},{"v":4161.169999999988,"d":"4161.17"}]
[195,{"v":2612.7999999999865,"d":"2612.80"},{"v":2509.009999999997,"d":"2509.01"},{"v":4181.769999999989,"d":"4181.77"}]
[196,{"v":2625.6699999999864,"d":"2625.67"},{"v":2521.369999999997,"d":"2521.37"},{"v":4202.369999999989,"d":"4202.37"}]
[197,{"v":2638.5399999999863,"d":"2638.54"},{"v":2533.7299999999973,"d":"2533.73"},{"v":4222.969999999989,"d":"4222.97"}]
[198,{"v":2651.409999999986,"d":"2651.41"},{"v":2546.0899999999974,"d":"2546.09"},{"v":4243.56999999999,"d":"4243.57"}]
[199,{"v":2664.279999999986,"d":"2664.28"},{"v":2558.4499999999975,"d":"2558.45"},{"v":4264.16999999999,"d":"4264.17"}]
[200,{"v":2677.149999999986,"d":"2677.15"},{"v":2570.8099999999977,"d":"2570.81"},{"v":4284.76999999999,"d":"4284.77"}]
[201,{"v":2690.019999999986,"d":"2690.02"},{"v":2583.169999999998,"d":"2583.17"},{"v":4305.369999999991,"d":"4305.37"}]
[202,{"v":2702.889999999986,"d":"2702.89"},{"v":2595.529999999998,"d":"2595.53"},{"v":4325.969999999991,"d":"4325.97"}]
[203,{"v":2715.7599999999857,"d":"2715.76"},{"v":2607.889999999998,"d":"2607.89"},{"v":4346.5699999999915,"d":"4346.57"}]
[204,{"v":2728.6299999999856,"d":"2728.63"},{"v":2620.249999999998,"d":"2620.25"},{"v":4367.169999999992,"d":"4367.17"}]
[205,{"v":2741.4999999999854,"d":"2741.50"},{"v":2632.6099999999983,"d":"2632.61"},{"v":4387.769999999992,"d":"4387.77"}]
[206,{"v":2754.3699999999853,"d":"2754.37"},{"v":2644.9699999999984,"d":"2644.97"},{"v":4408.369999999993,"d":"4408.37"}]
[207,{"v":2767.2399999999852,"d":"2767.24"},{"v":2657.3299999999986,"d":"2657.33"},{"v":4428.969999999993,"d":"4428.97"}]
[208,{"v":2780.109999999985,"d":"2780.11"},{"v":2669.6899999999987,"d":"2669.69"},{"v":4449.569999999993,"d":"4449.57"}]
[209,{"v":2792.979999999985,"d":"2792.98"},{"v":2682.049999999999,"d":"2682.05"},{"v":4470.169999999994,"d":"4470.17"}]
[210,{"v":2805.849999999985,"d":"2805.85"},{"v":2694.409999999999,"d":"2694.41"},{"v":4490.769999999994,"d":"4490.77"}]
[211,{"v":2818.719999999985,"d":"2818.72"},{"v":2706.769999999999,"d":"2706.77"},{"v":4511.369999999994,"d":"4511.37"}]
[212,{"v":2831.5899999999847,"d":"2831.59"},{"v":2719.129999999999,"d":"2719.13"},{"v":4531.969999999995,"d":"4531.97"}]
[213,{"v":2844.4599999999846,"d":"2844.46"},{"v":2731.4899999999993,"d":"2731.49"},{"v":4552.569999999995,"d":"4552.57"}]
[214,{"v":2857.3299999999845,"d":"2857.33"},{"v":2743.8499999999995,"d":"2743.85"},{"v":4573.1699999999955,"d":"4573.17"}]
[215,{"v":2870.1999999999844,"d":"2870.20"},{"v":2756.2099999999996,"d":"2756.21"},{"v":4593.769999999996,"d":"4593.77"}]
[216,{"v":2883.0699999999842,"d":"2883.07"},{"v":2768.5699999999997,"d":"2768.57"},{"v":4614.369999999996,"d":"4614.37"}]
[217,{"v":2895.939999999984,"d":"2895.94"},2780.93,{"v":4634.969999999997,"d":"4634.97"}]
[218,{"v":2908.809999999984,"d":"2908.81"},2793.29,{"v":4655.569999999997,"d":"4655.57"}]
[219,{"v":2921.679999999984,"d":"2921.68"},2805.65,{"v":4676.169999999997,"d":"4676.17"}]
[220,{"v":2934.549999999984,"d":"2934.55"},2818.01,{"v":4696.769999999998,"d":"4696.77"}]
[221,{"v":2947.4199999999837,"d":"2947.42"},{"v":2830.3700000000003,"d":"2830.37"},{"v":4717.369999999998,"d":"4717.37"}]
[222,{"v":2960.2899999999836,"d":"2960.29"},{"v":2842.7300000000005,"d":"2842.73"},{"v":4737.969999999998,"d":"4737.97"}]
[223,{"v":2973.1599999999835,"d":"2973.16"},{"v":2855.0900000000006,"d":"2855.09"},{"v":4758.569999999999,"d":"4758.57"}]
[224,{"$f":"B228+12.87","v":{"v":2986.0299999999834,"d":"2986.03"}},{"$f":"C228+12.36","v":{"v":2867.4500000000007,"d":"2867.45"}},{"$f":"D228+20.6","v":{"v":4779.169999999999,"d":"4779.17"}}]
[225,{"v":2998.8999999999833,"d":"2998.90"},{"v":2879.810000000001,"d":"2879.81"},{"v":4799.7699999999995,"d":"4799.77"}]
[226,{"v":3011.769999999983,"d":"3011.77"},{"v":2892.170000000001,"d":"2892.17"},4820.37]
[227,{"v":3024.639999999983,"d":"3024.64"},{"v":2904.530000000001,"d":"2904.53"},4840.97]
[228,{"v":3037.509999999983,"d":"3037.51"},{"v":2916.8900000000012,"d":"2916.89"},{"v":4861.570000000001,"d":"4861.57"}]
[229,{"v":3050.379999999983,"d":"3050.38"},{"v":2929.2500000000014,"d":"2929.25"},{"v":4882.170000000001,"d":"4882.17"}]
[230,{"v":3063.2499999999827,"d":"3063.25"},{"v":2941.6100000000015,"d":"2941.61"},{"v":4902.770000000001,"d":"4902.77"}]
[231,{"v":3076.1199999999826,"d":"3076.12"},{"v":2953.9700000000016,"d":"2953.97"},{"v":4923.370000000002,"d":"4923.37"}]
[232,{"v":3088.9899999999825,"d":"3088.99"},{"v":2966.3300000000017,"d":"2966.33"},{"v":4943.970000000002,"d":"4943.97"}]
[233,{"v":3101.8599999999824,"d":"3101.86"},{"v":2978.690000000002,"d":"2978.69"},{"v":4964.570000000002,"d":"4964.57"}]
[234,{"v":3114.7299999999823,"d":"3114.73"},{"v":2991.050000000002,"d":"2991.05"},{"v":4985.170000000003,"d":"4985.17"}]
[235,{"v":3127.599999999982,"d":"3127.60"},{"v":3003.410000000002,"d":"3003.41"},{"v":5005.770000000003,"d":"5005.77"}]
[236,{"v":3140.469999999982,"d":"3140.47"},{"v":3015.7700000000023,"d":"3015.77"},{"v":5026.3700000000035,"d":"5026.37"}]
[237,{"v":3153.339999999982,"d":"3153.34"},{"v":3028.1300000000024,"d":"3028.13"},{"v":5046.970000000004,"d":"5046.97"}]
[238,{"v":3166.209999999982,"d":"3166.21"},{"v":3040.4900000000025,"d":"3040.49"},{"v":5067.570000000004,"d":"5067.57"}]
[239,{"v":3179.0799999999817,"d":"3179.08"},{"v":3052.8500000000026,"d":"3052.85"},{"v":5088.170000000005,"d":"5088.17"}]
[240,{"v":3191.9499999999816,"d":"3191.95"},{"v":3065.2100000000028,"d":"3065.21"},{"v":5108.770000000005,"d":"5108.77"}]
[241,{"v":3204.8199999999815,"d":"3204.82"},{"v":3077.570000000003,"d":"3077.57"},{"v":5129.370000000005,"d":"5129.37"}]
[242,{"v":3217.6899999999814,"d":"3217.69"},{"v":3089.930000000003,"d":"3089.93"},{"v":5149.970000000006,"d":"5149.97"}]
[243,{"v":3230.5599999999813,"d":"3230.56"},{"v":3102.290000000003,"d":"3102.29"},{"v":5170.570000000006,"d":"5170.57"}]
[244,{"v":3243.429999999981,"d":"3243.43"},{"v":3114.6500000000033,"d":"3114.65"},{"v":5191.170000000006,"d":"5191.17"}]
[245,{"v":3256.299999999981,"d":"3256.30"},{"v":3127.0100000000034,"d":"3127.01"},{"v":5211.770000000007,"d":"5211.77"}]
[246,{"v":3269.169999999981,"d":"3269.17"},{"v":3139.3700000000035,"d":"3139.37"},{"v":5232.370000000007,"d":"5232.37"}]
[247,{"v":3282.039999999981,"d":"3282.04"},{"v":3151.7300000000037,"d":"3151.73"},{"v":5252.9700000000075,"d":"5252.97"}]
[248,{"v":3294.9099999999808,"d":"3294.91"},{"v":3164.090000000004,"d":"3164.09"},{"v":5273.570000000008,"d":"5273.57"}]
[249,{"v":3307.7799999999806,"d":"3307.78"},{"v":3176.450000000004,"d":"3176.45"},{"v":5294.170000000008,"d":"5294.17"}]
[250,{"v":3320.6499999999805,"d":"3320.65"},{"v":3188.810000000004,"d":"3188.81"},{"v":5314.770000000009,"d":"5314.77"}]
[251,{"v":3333.5199999999804,"d":"3333.52"},{"v":3201.170000000004,"d":"3201.17"},{"v":5335.370000000009,"d":"5335.37"}]
[252,{"v":3346.3899999999803,"d":"3346.39"},{"v":3213.5300000000043,"d":"3213.53"},{"v":5355.970000000009,"d":"5355.97"}]
[253,{"v":3359.25999999998,"d":"3359.26"},{"v":3225.8900000000044,"d":"3225.89"},{"v":5376.57000000001,"d":"5376.57"}]
[254,{"v":3372.12999999998,"d":"3372.13"},{"v":3238.2500000000045,"d":"3238.25"},{"v":5397.17000000001,"d":"5397.17"}]
[255,{"v":3384.99999999998,"d":"3385.00"},{"v":3250.6100000000047,"d":"3250.61"},{"v":5417.77000000001,"d":"5417.77"}]
[256,{"v":3397.86999999998,"d":"3397.87"},{"v":3262.970000000005,"d":"3262.97"},{"v":5438.370000000011,"d":"5438.37"}]
[257,{"v":3410.73999999998,"d":"3410.74"},{"v":3275.330000000005,"d":"3275.33"},{"v":5458.970000000011,"d":"5458.97"}]
[258,{"v":3423.6099999999797,"d":"3423.61"},{"v":3287.690000000005,"d":"3287.69"},{"v":5479.5700000000115,"d":"5479.57"}]
[259,{"v":3436.4799999999796,"d":"3436.48"},{"v":3300.050000000005,"d":"3300.05"},{"v":5500.170000000012,"d":"5500.17"}]
[260,{"v":3449.3499999999794,"d":"3449.35"},{"v":3312.4100000000053,"d":"3312.41"},{"v":5520.770000000012,"d":"5520.77"}]
[261,{"v":3462.2199999999793,"d":"3462.22"},{"v":3324.7700000000054,"d":"3324.77"},{"v":5541.370000000013,"d":"5541.37"}]
[262,{"v":3475.089999999979,"d":"3475.09"},{"v":3337.1300000000056,"d":"3337.13"},{"v":5561.970000000013,"d":"5561.97"}]
[263,{"v":3487.959999999979,"d":"3487.96"},{"v":3349.4900000000057,"d":"3349.49"},{"v":5582.570000000013,"d":"5582.57"}]
[264,{"v":3500.829999999979,"d":"3500.83"},{"v":3361.850000000006,"d":"3361.85"},{"v":5603.170000000014,"d":"5603.17"}]
[265,{"v":3513.699999999979,"d":"3513.70"},{"v":3374.210000000006,"d":"3374.21"},{"v":5623.770000000014,"d":"5623.77"}]
[266,{"v":3526.569999999979,"d":"3526.57"},{"v":3386.570000000006,"d":"3386.57"},{"v":5644.370000000014,"d":"5644.37"}]
[267,{"v":3539.4399999999787,"d":"3539.44"},{"v":3398.930000000006,"d":"3398.93"},{"v":5664.970000000015,"d":"5664.97"}]
[268,{"v":3552.3099999999786,"d":"3552.31"},{"v":3411.2900000000063,"d":"3411.29"},{"v":5685.570000000015,"d":"5685.57"}]
[269,{"v":3565.1799999999785,"d":"3565.18"},{"v":3423.6500000000065,"d":"3423.65"},{"v":5706.1700000000155,"d":"5706.17"}]
[270,{"v":3578.0499999999784,"d":"3578.05"},{"v":3436.0100000000066,"d":"3436.01"},{"v":5726.770000000016,"d":"5726.77"}]
[271,{"v":3590.9199999999782,"d":"3590.92"},{"v":3448.3700000000067,"d":"3448.37"},{"v":5747.370000000016,"d":"5747.37"}]
[272,{"v":3603.789999999978,"d":"3603.79"},{"v":3460.730000000007,"d":"3460.73"},{"v":5767.970000000017,"d":"5767.97"}]
[273,{"v":3616.659999999978,"d":"3616.66"},{"v":3473.090000000007,"d":"3473.09"},{"v":5788.570000000017,"d":"5788.57"}]
[274,{"v":3629.529999999978,"d":"3629.53"},{"v":3485.450000000007,"d":"3485.45"},{"v":5809.170000000017,"d":"5809.17"}]
[275,{"v":3642.399999999978,"d":"3642.40"},{"v":3497.810000000007,"d":"3497.81"},{"v":5829.770000000018,"d":"5829.77"}]
[276,{"v":3655.2699999999777,"d":"3655.27"},{"v":3510.1700000000073,"d":"3510.17"},{"v":5850.370000000018,"d":"5850.37"}]
[277,{"v":3668.1399999999776,"d":"3668.14"},{"v":3522.5300000000075,"d":"3522.53"},{"v":5870.970000000018,"d":"5870.97"}]
[278,{"v":3681.0099999999775,"d":"3681.01"},{"v":3534.8900000000076,"d":"3534.89"},{"v":5891.570000000019,"d":"5891.57"}]
[279,{"v":3693.8799999999774,"d":"3693.88"},{"v":3547.2500000000077,"d":"3547.25"},{"v":5912.170000000019,"d":"5912.17"}]
[280,{"v":3706.7499999999773,"d":"3706.75"},{"v":3559.610000000008,"d":"3559.61"},{"v":5932.7700000000195,"d":"5932.77"}]
[281,{"v":3719.619999999977,"d":"3719.62"},{"v":3571.970000000008,"d":"3571.97"},{"v":5953.37000000002,"d":"5953.37"}]
[282,{"v":3732.489999999977,"d":"3732.49"},{"v":3584.330000000008,"d":"3584.33"},{"v":5973.97000000002,"d":"5973.97"}]
[283,{"v":3745.359999999977,"d":"3745.36"},{"v":3596.6900000000082,"d":"3596.69"},{"v":5994.570000000021,"d":"5994.57"}]
[284,{"v":3758.229999999977,"d":"3758.23"},{"v":3609.0500000000084,"d":"3609.05"},{"v":6015.170000000021,"d":"6015.17"}]
[285,{"v":3771.0999999999767,"d":"3771.10"},{"v":3621.4100000000085,"d":"3621.41"},{"v":6035.770000000021,"d":"6035.77"}]
[286,{"v":3783.9699999999766,"d":"3783.97"},{"v":3633.7700000000086,"d":"3633.77"},{"v":6056.370000000022,"d":"6056.37"}]
[287,{"v":3796.8399999999765,"d":"3796.84"},{"v":3646.1300000000087,"d":"3646.13"},{"v":6076.970000000022,"d":"6076.97"}]
[288,{"$f":"B292+12.87","v":{"v":3809.7099999999764,"d":"3809.71"}},{"$f":"C292+12.36","v":{"v":3658.490000000009,"d":"3658.49"}},{"$f":"D292+20.6","v":{"v":6097.570000000022,"d":"6097.57"}}]
[289,{"v":3822.5799999999763,"d":"3822.58"},{"v":3670.850000000009,"d":"3670.85"},{"v":6118.170000000023,"d":"6118.17"}]
[290,{"v":3835.449999999976,"d":"3835.45"},{"v":3683.210000000009,"d":"3683.21"},{"v":6138.770000000023,"d":"6138.77"}]
[291,{"v":3848.319999999976,"d":"3848.32"},{"v":3695.5700000000093,"d":"3695.57"},{"v":6159.3700000000235,"d":"6159.37"}]
[292,{"v":3861.189999999976,"d":"3861.19"},{"v":3707.9300000000094,"d":"3707.93"},{"v":6179.970000000024,"d":"6179.97"}]
[293,{"v":3874.059999999976,"d":"3874.06"},{"v":3720.2900000000095,"d":"3720.29"},{"v":6200.570000000024,"d":"6200.57"}]
[294,{"v":3886.9299999999757,"d":"3886.93"},{"v":3732.6500000000096,"d":"3732.65"},{"v":6221.170000000025,"d":"6221.17"}]
[295,{"v":3899.7999999999756,"d":"3899.80"},{"v":3745.0100000000098,"d":"3745.01"},{"v":6241.770000000025,"d":"6241.77"}]
[296,{"v":3912.6699999999755,"d":"3912.67"},{"v":3757.37000000001,"d":"3757.37"},{"v":6262.370000000025,"d":"6262.37"}]
[297,{"v":3925.5399999999754,"d":"3925.54"},{"v":3769.73000000001,"d":"3769.73"},{"v":6282.970000000026,"d":"6282.97"}]
[298,{"v":3938.4099999999753,"d":"3938.41"},{"v":3782.09000000001,"d":"3782.09"},{"v":6303.570000000026,"d":"6303.57"}]
[299,{"v":3951.279999999975,"d":"3951.28"},{"v":3794.4500000000103,"d":"3794.45"},{"v":6324.170000000026,"d":"6324.17"}]
[300,{"v":3964.149999999975,"d":"3964.15"},{"v":3806.8100000000104,"d":"3806.81"},{"v":6344.770000000027,"d":"6344.77"}]

{"sheet":"CC f","index":36,"n_rows":30,"n_cols":12,"rows_kept":30,"hidden":true,"merged":[[0,0,0,9],[1,1,1,3],[1,6,1,9],[2,1,2,3],[2,6,2,9],[3,1,3,9],[4,1,4,9],[5,1,5,9],[6,1,6,9],[7,1,7,9],[8,1,8,9],[9,1,9,3],[9,4,9,5],[9,7,9,8],[10,1,10,3],[10,4,10,5],[10,7,10,8],[12,0,13,0],[12,1,12,3],[12,4,13,4],[12,5,13,5],[12,6,13,6],[12,7,12,8],[12,9,13,9],[13,1,13,2],[18,4,18,5],[19,4,19,5],[20,4,20,5],[20,8,20,9],[21,1,21,4],[21,7,21,9],[22,3,22,4],[22,5,22,9],[23,3,23,4],[24,3,24,4],[24,5,24,9],[25,3,25,4],[25,5,25,7],[25,8,25,9],[26,3,26,4],[26,5,26,6],[26,7,26,9]]}
["CONTRACT CERTIFICATE"]
[{"$nulls":6},"GP Grant"]
[]
[null,"Name of the work :Construction of internal CC road from Kasu Pakirreddy house to Poleramma gudi in Laddimallapuram GP of Kanigiri Mandal."]
[null,"Name of the Contractor : "]
[null,"Voucher : CC 1st & Final"]
[null,"Last Certificate if any : "]
[null,"Month :  "]
[null,"Number and month of the last schedule if any :- "]
[null,"Mandal : Kanigiri",null,null,"               Amount of estimate : Rs. 1.43 Lakhs",null,null,"Voucher No:"]
[null,"Overseer's No.",null,null,"Authority Covering list No.",null,null,"Schedule No."]
[]
["S.No","Quantity executed or Supplied",null,null,"Description of Items.","Rate in Rs.","Per","Amount",null,"Remarks"]
[null,"Upto Date",null,"Since last certificate",{"$nulls":3},"Upto Date in Rs.","Since last certificate in Rs."]
[1,{"$f":"MAIN!#REF!","v":{"$error":"#REF!"}},"Cum",null,"Removal of unsuitable / Unservieeble soil including excavation loading and disposal upto 1000Mts lead but excluding compaction gravel supporting embankment subgrade replacement by suitable soil which shall be paid seperately as per clause 303.5.2 as per technical specification clause 303.3.11 MORD/ 301 MORTH (Average depth 100mm to 200mm)",{"$f":"MAIN!#REF!","v":{"$error":"#REF!"}},"1Cum",{"$f":"ROUND(B15*F15,2)","v":{"$error":"#REF!"}}]
[2,{"$f":"MAIN!I47","v":{"v":672,"d":"672.00"}},"Cum",null,"Construction of Granular Sub Base using well graded material, spreading in uniform layers with tractor  mounted grader on prepared surface , mixing by mix in place  method with   rotovator at OMC and compacting  with Smooth wheel roller  to achive the desired  density , Complete as per technical speficaction clause 401 of MORD",{"$f":"MAIN!K47","v":2928.41},"1Cum",{"$f":"ROUND(B16*F16,2)","v":1967891.52}]
[3,{"$f":"MAIN!#REF!","v":{"$error":"#REF!"}},"Cum",null,"Plain cement concrete for CC  pavement, thickness as per design, over a prepared sub base, with 43 grade cement or any other type as per Clause 1501.2.2 M20 (Grade), coarse and fine aggregates conforming to IS : 383, maximum in a concrete mixer of not less than 0.2 cum capacity and appropeiate weigh batcher using approved mix design, laid in approved fixed side formwork (steel channel, laying and fixing of 125 mictron thick polythene film, wedges, steel plates including levelling the formwork as per drawing), spreading the concrete with sholvels, rakes, compacted using needle, scareed and plate vibrators and finished in continuous operation including provision of contraction and expansion, construction joints, applying debonding strips, primer, sealant, dowel bars, near approaches to bridge / culvert and construction joints, admixtures as approved, curing of concrete slabs for 28- days, curing compound (where specified) and water finishing to lines and grade as per drawing  and Technical Specification Clause 1501 MORD",{"$f":"MAIN!#REF!","v":{"$error":"#REF!"}},"1Cum",{"$error":"#REF!"}]
[]
[{"$nulls":4},"Total value o work done or suplies made to date ",null,"=",{"$f":"SUM(H15:H18)","v":{"$error":"#REF!"}},{"$nulls":3},{"$f":"SUM(L15:L18)","v":{"v":0,"d":"0.00"}}]
[{"$nulls":4},"Deduct value of work supplies shown on last certificate. ",null,"=",{"$f":"L19","v":{"v":0,"d":"0.00"}}]
[{"$nulls":4},"Net value of work/supplies since lst certificate",null,"=",{"$f":"H19-H20","v":{"$error":"#REF!"}},{"$f":"ROUND(H21,0)","v":{"$error":"#REF!"}}]
[null,"Signature of Contractor ",{"$nulls":5},"Date…………..……2020"]
[{"$nulls":3},"Certificate that the proceeding claim is correct that the necessary measurements have been made by me on 200         and record on page ………………………………… ……………………….. and the work has been satisfactory performed ",null,"CHECK MEASUREMENT CERTIFICATE "]
[]
[{"$nulls":3},"Certified also that the materials billed for have been recived and brought to account.                                ",null,"Certified that the work and materials were duly Checked and Measured by me on (Date………….)"]
[{"$nulls":3},"Date………….. OFFICE INCHARGE",null,"Date………………2020",null,null,"DESIGNATION"]
[]
[{"$nulls":4},"Assistant   Engineer"]
[{"$nulls":4},"Mandal Praja Parishad"]
[{"$nulls":4},"Kanigiri"]

{"sheet":"ccbc ","index":37,"n_rows":59,"n_cols":10,"rows_kept":59,"hidden":true,"merged":[[0,0,0,3],[1,1,1,3],[2,1,2,6],[4,2,4,3],[5,2,5,3],[7,0,9,1],[8,2,8,3],[9,2,9,3],[14,2,14,3],[17,4,17,9],[18,4,18,10],[20,4,20,10],[21,0,21,1],[22,4,22,5],[24,0,24,1],[24,4,24,10],[26,4,26,10],[28,0,28,1],[28,4,28,10],[30,4,30,10],[31,6,31,8],[31,9,31,10],[32,1,32,9],[33,8,33,9],[34,8,34,10],[35,8,35,10],[36,8,36,10],[37,3,37,4],[37,9,37,10],[38,3,38,8],[39,1,39,9],[40,2,40,6],[41,2,41,9],[42,1,42,9],[43,2,43,9],[44,1,44,9],[45,1,45,9],[46,2,46,9],[47,1,47,9],[48,2,48,9],[49,1,49,9],[50,2,50,9],[51,1,51,9],[52,2,52,9],[53,1,53,9],[54,2,54,9],[55,1,55,9],[56,1,56,9],[57,2,57,9],[58,1,58,9]]}
["     MEMORANDUM OF PAYMENTS MADE",{"$nulls":5},"Rs.","P.","Rs.","P."]
[null,"Total value of work done"]
[null,"Amount of prevont payment from last certificate No…………………."]
[null,null,"of","Forward"]
[null,null,"With accouts for…………………………………"]
[null,null,"Fines and other deduction up to date"]
[]
["Payments now made",null,"By Cash"]
[null,null,"By Cheque No……………….."]
[null,null,"By Value of Stock supplied"]
[null,null,"Balance due"]
["Allotment of the year",null,null,"              Rs       P"]
["Expenditure included in this bill"]
[]
[null,null,"Balance availabe"]
[]
["PAY RUPEES (             ) RECEIVED (               )"]
[{"$nulls":4},"Only as final payments in settlement of all demands                                                                                                          "]
[{"$nulls":4},"………………………………………………………………………………."]
[]
[{"$nulls":4},"………………………………………………………………………………."]
[]
[{"$nulls":4},"Witness"]
[]
["Head Clerk",null,null,"Presented of","………………………………………………………………………………."]
[]
[{"$nulls":4},"………………………………………………………………………………."]
[]
["Head Account",null,null,"Engineer","………………………………………………………………………………."]
[]
[{"$nulls":4},"………………………………………………………………………………."]
[{"$nulls":6},"Date …………………………..",null,null,"Payee……………………"]
[]
[{"$nulls":8},"AUDIT ENFACEMENT"]
[{"$nulls":8},"Admitted Rs. …………………………."]
[{"$nulls":8},"Objected Rs. …………………………."]
[{"$nulls":8},"Total Rs. ………………..……………."]
[{"$nulls":3},"                                             Date",null,null,"200",null,null,"Auditor"]
[{"$nulls":3},"                               INVERNACULAR"]
[null,"DISTRICT ENGINEET'S REMARKS"]
[null,null,"                                                               NOTES"]
[null,null,"1. This form is intended for use in the case of running account i.e for works in progress or supplies in course  "]
[null,"of delivery when the liability is discharged in full single payment Form No. of A should be used."]
[null,null,"2. Payment will be made only up to nineteenth of the total value of the work done. The balance being returned"]
[null,"as a security both for the due performance of the contracts or to cover posible over payment which may be detected on                        cheque measurement in the case of work whose estimated cost does not exceed Rs. 50/- Payment may be made in full "]
[null,"on the measuring officer's certificate subject to subsequent check measurement by the proper check measuring authority."]
[null,null,"3. In calculating the amount of each item dur to the contractor in this bill, sums of five pieces or less shall be "]
[null,"omitted and sums exceeding five pieces shall be recorded."]
[null,null,"4. Payment made in case of sum exceeding Rs. 100/- should be attested by two witness and for smaller sum"]
[null,"by one witness payment made by cheque to recognised firms of institutions need not be so witnessed."]
[null,null,"5.  When the payee signs in the vernacullar the amount acknowledged should also noted in the some vernacullar "]
[null,"as well as in English."]
[null,null,"6. In the case of other than well known firms all parties must sign if there by more the on contractor or the payee "]
[null,"must produce a power of atorney from the firm."]
[null,null,"7. No contract certificate bearing no remarks should be accepted if any corrections are necessary the incorrect"]
[null,"figures should be neatly scored out and initialed by the officer concerned in the case of corrections made in the Engineers         office the Head Accountant may be authorised no attest those due to clerical errors Etc. But the Engineer should affix his "]
[null,"initials coare osnin the rate column as well as those in the total or the bill and the pass order. This rule applies MUIATIS MUTANDIS to payments from miscellaneous grants."]
[null,null,"8. In case in which the materials billed for are taken over charged an officer other than the officer sign in the "]
[null,"certificate from of the bill the names of the form should be noted in the remarks column of the bill necessary amendment                                   being made at the same time of the excluding portion of the certificate relating to materials."]